(ランダム20問)駅名→よみ - Statistics

General Stats
  • This quiz has been taken 1,458 times
  • The average score is 16 of 20
Answer Stats
駅名 市区町村 Answer % Correct
愛・地球博記念公園駅 長久手市 あい・ちきゅうはくきねんこうえん
100%
相生駅 相生市 あいおい
100%
相老駅 桐生市 あいおい
100%
相賀駅 紀北町 あいが
100%
相川駅 大阪市 あいかわ
100%
愛環梅坪駅 豊田市 あいかんうめつぼ
100%
愛甲石田駅 厚木市 あいこういしだ
100%
愛大医学部南口駅 東温市 あいだいいがくぶみなみぐち
100%
愛知大学前駅 豊橋市 あいちだいがくまえ
100%
会津荒海駅 南会津町 あいづあらかい
100%
相月駅 浜松市 あいづき
100%
会津坂本駅 会津坂下町 あいづさかもと
100%
会津下郷駅 下郷町 あいづしもごう
100%
会津高田駅 会津美里町 あいづたかだ
100%
会津坂下駅 会津坂下町 あいづばんげ
100%
会津桧原駅 三島町 あいづひのはら
100%
会津本郷駅 会津若松市 あいづほんごう
100%
逢妻駅 刈谷市 あいづま
100%
会津水沼駅 金山町 あいづみずぬま
100%
会津宮下駅 三島町 あいづみやした
100%
会津横田駅 金山町 あいづよこた
100%
会津若松駅 会津若松市 あいづわかまつ
100%
愛野駅 袋井市 あいの
100%
相ノ木駅 上市町 あいのき
100%
あいの里公園駅 札幌市 あいのさとこうえん
100%
相野々駅 横手市 あいのの
100%
愛別駅 愛別町 あいべつ
100%
藍本駅 三田市 あいもと
100%
愛本駅 黒部市 あいもと
100%
青井駅 足立区 あおい
100%
青井岳駅 都城市 あおいだけ
100%
粟生津駅 燕市 あおうづ
100%
青倉駅 朝来市 あおくら
100%
青野ケ原駅 小野市 あおのがはら
100%
青野山駅 津和野町 あおのやま
100%
青葉台駅 横浜市 あおばだい
100%
青葉通一番町駅 仙台市 あおばどおりいちばんちょう
100%
青堀駅 富津市 あおほり
100%
青物横丁駅 品川区 あおものよこちょう
100%
青森駅 青森市 あおもり
100%
青谷駅 鳥取市 あおや
100%
青山駅 新潟市 あおやま
100%
青山一丁目駅 港区 あおやまいっちょうめ
100%
青山町駅 伊賀市 あおやまちょう
100%
赤駅 赤村 あか
100%
赤井駅 いわき市 あかい
100%
赤井川駅 森町 あかいがわ
100%
赤岩口停留場 豊橋市 あかいわぐち
100%
あかおか駅 香南市 あかおか
100%
赤川駅 むつ市 あかがわ
100%
赤城駅 みどり市 あかぎ
100%
赤倉温泉駅 最上町 あかくらおんせん
100%
赤坂駅 港区 あかさか
100%
赤坂上駅 上田市 あかさかうえ
100%
あかぢ駅 小竹町 あかぢ
100%
暁学園前駅 四日市市 あかつきがくえんまえ
100%
赤土小学校前駅 荒川区 あかどしょうがっこうまえ
100%
吾野駅 飯能市 あがの
100%
赤羽駅 北区 あかばね
100%
赤渕駅 雫石町 あかぶち
100%
英賀保駅 姫路市 あがほ
100%
赤星駅 四国中央市 あかぼし
100%
赤水駅 阿蘇市 あかみず
100%
赤嶺駅 那覇市 あかみね
100%
赤目口駅 名張市 あかめぐち
100%
安芸阿賀駅 呉市 あきあが
100%
安芸川尻駅 呉市 あきかわじり
100%
昭島駅 昭島市 あきしま
100%
あき総合病院前駅 安芸市 あきそうごうびょういんまえ
100%
あきた白神駅 八峰町 あきたしらかみ
100%
秋津駅 東村山市 あきつ
100%
安芸長浜駅 竹原市 あきながはま
100%
秋葉原駅 千代田区 あきはばら
100%
阿倉川駅 四日市市 あくらがわ
100%
明智駅 可児市 あけち
100%
安子ケ島駅 郡山市 あこがしま
100%
阿漕駅 津市 あこぎ
100%
厚狭駅 山陽小野田市 あさ
100%
阿佐ケ谷駅 杉並区 あさがや
100%
浅香山駅 堺市 あさかやま
100%
朝霧駅 明石市 あさぎり
100%
あさぎり駅 あさぎり町 あさぎり
100%
浅草橋駅 台東区 あさくさばし
100%
朝倉駅前停留場 高知市 あさくらえきまえ
100%
旭駅前通停留場 高知市 あさひえきまえどおり
100%
朝日大塚駅 東近江市 あさひおおつか
100%
旭ケ丘駅 延岡市 あさひがおか
100%
旭ヶ丘停留場 高岡市 あさひがおか
100%
朝日ヶ丘駅 松江市 あさひがおか
100%
旭川四条駅 旭川市 あさひかわよじょう
100%
朝日通停留場 鹿児島市 あさひどおり
100%
朝日野駅 東近江市 あさひの
100%
旭前駅 尾張旭市 あさひまえ
100%
旭町一丁目停留場 高知市 あさひまちいっちょうめ
100%
旭町三丁目停留場 高知市 あさひまちさんちょうめ
100%
麻生駅 札幌市 あさぶ
100%
阿左美駅 みどり市 あざみ
100%
あざみ野駅 横浜市 あざみの
100%
足尾駅 日光市 あしお
100%
足利駅 足利市 あしかが
100%
あしかがフラワーパーク駅 足利市 あしかがふらわーぱーく
100%
鰺ケ沢駅 鰺ヶ沢町 あじがさわ
100%
芦川駅 市川三郷町 あしがわ
100%
安治川口駅 大阪市 あじかわぐち
100%
味坂駅 小郡市 あじさか
100%
芦沢駅 尾花沢市 あしさわ
100%
足立駅 新見市 あしだち
100%
芦野公園駅 五所川原市 あしのこうえん
100%
芦ノ牧温泉駅 会津若松市 あしのまきおんせん
100%
芦原駅 豊橋市 あしはら
100%
芦原橋駅 大阪市 あしはらばし
100%
芦屋駅 芦屋市 あしや
100%
芦屋川駅 芦屋市 あしやがわ
100%
飛鳥駅 明日香村 あすか
100%
梓橋駅 安曇野市 あずさばし
100%
あすなろう四日市駅 四日市市 あすなろうよっかいち
100%
アスモ前駅 湖西市 あすもまえ
100%
足羽山公園口駅 福井市 あすわやまこうえんぐち
100%
阿曽駅 大紀町 あそ
100%
阿蘇駅 阿蘇市 あそ
100%
阿蘇白川駅 南阿蘇村 あそしらかわ
100%
厚木駅 海老名市 あつぎ
100%
熱田駅 名古屋市 あつた
100%
吾妻駅 雲仙市 あづま
100%
あつみ温泉駅 鶴岡市 あつみおんせん
100%
穴川駅 志摩市 あながわ
100%
穴吹駅 美馬市 あなぶき
100%
穴水駅 穴水町 あなみず
100%
穴山駅 韮崎市 あなやま
100%
阿南駅 阿南市 あなん
100%
兄畑駅 八幡平市 あにはた
100%
姉ケ崎駅 市原市 あねがさき
100%
網走駅 網走市 あばしり
100%
我孫子前駅 大阪市 あびこまえ
100%
あぶくま駅 丸森町 あぶくま
100%
油川駅 青森市 あぶらかわ
100%
安倍川駅 静岡市 あべかわ
100%
阿倍野駅 大阪市 あべの
100%
安部山公園駅 北九州市 あべやまこうえん
100%
網干駅 姫路市 あぼし
100%
海士有木駅 市原市 あまありき
100%
尼崎センタープール前駅 尼崎市 あまがさきせんたーぷーるまえ
100%
天ケ瀬駅 日田市 あまがせ
100%
尼ヶ辻駅 奈良市 あまがつじ
100%
甘木駅 朝倉市 あまぎ
100%
天橋立駅 宮津市 あまのはしだて
100%
余目駅 庄内町 あまるめ
100%
網野駅 京丹後市 あみの
100%
綾織駅 遠野市 あやおり
100%
綾瀬駅 足立区 あやせ
100%
綾羅木駅 下関市 あやらぎ
100%
鮎川駅 由利本荘市 あゆかわ
100%
荒井駅 仙台市 あらい
100%
荒川沖駅 土浦市 あらかわおき
100%
荒川七丁目停留場 荒川区 あらかわななちょうめ
100%
荒川遊園地前停留場 荒川区 あらかわゆうえんちまえ
100%
荒木駅 久留米市 あらき
100%
荒子駅 名古屋市 あらこ
100%
荒島駅 安来市 あらしま
100%
嵐山駅 京都市 あらしやま
100%
荒瀬駅 北秋田市 あらせ
100%
荒田八幡停留場 鹿児島市 あらたはちまん
100%
荒砥駅 白鷹町 あらと
100%
荒畑駅 名古屋市 あらはた
100%
荒町停留場 富山市 あらまち
100%
荒屋新町駅 八幡平市 あらやしんまち
100%
有明駅 安曇野市 ありあけ
100%
有井駅 熊野市 ありい
100%
有岡駅 四万十市 ありおか
100%
有壁駅 栗原市 ありかべ
100%
有栖川駅 京都市 ありすがわ
100%
有田駅 有田町 ありた
100%
有戸駅 野辺地町 ありと
100%
有畑駅 横浜町 ありはた
100%
有馬温泉駅 神戸市 ありまおんせん
100%
有間川駅 上越市 ありまがわ
100%
有馬口駅 神戸市 ありまぐち
100%
有峰口駅 富山市 ありみねぐち
100%
粟井駅 松山市 あわい
100%
阿波池田駅 三好市 あわいけだ
100%
阿波大谷駅 鳴門市 あわおおたに
100%
粟ヶ崎駅 内灘町 あわがさき
100%
安房勝山駅 鋸南町 あわかつやま
100%
阿波加茂駅 東みよし町 あわかも
100%
あわくら温泉駅 西粟倉村 あわくらおんせん
100%
淡路駅 大阪市 あわじ
100%
淡路町駅 千代田区 あわじちょう
100%
粟津駅 大津市 あわづ
100%
粟野駅 敦賀市 あわの
100%
阿波半田駅 つるぎ町 あわはんだ
100%
阿波福井駅 阿南市 あわふくい
100%
あわら湯のまち駅 あわら市 あわらゆのまち
100%
安善駅 横浜市 あんぜん
100%
飯岡駅 旭市 いいおか
100%
飯倉駅 匝瑳市 いいぐら
100%
飯森駅 白馬村 いいもり
100%
飯山駅 飯山市 いいやま
100%
家中駅 栃木市 いえなか
100%
家山駅 島田市 いえやま
100%
井荻駅 杉並区 いおぎ
100%
伊賀駅 粕屋町 いが
100%
伊賀上野駅 伊賀市 いがうえの
100%
伊上駅 長門市 いがみ
100%
伊賀屋駅 佐賀市 いがや
100%
井川さくら駅 井川町 いかわさくら
100%
生田原駅 遠軽町 いくたはら
100%
生野屋駅 下松市 いくのや
100%
井倉駅 新見市 いくら
100%
池下駅 名古屋市 いけした
100%
池田駅 池田町 いけだ
100%
池月駅 大崎市 いけづき
100%
池の浦駅 鳥羽市 いけのうら
100%
池袋駅 豊島区 いけぶくろ
100%
池部駅 河合町 いけべ
100%
諫早駅 諫早市 いさはや
100%
石和温泉駅 笛吹市 いさわおんせん
100%
石井駅 石井町 いしい
100%
石打駅 南魚沼市 いしうち
100%
石打ダム駅 宇城市 いしうちだむ
100%
石岡駅 石岡市 いしおか
100%
石蟹駅 新見市 いしが
100%
石上駅 藤沢市 いしがみ
100%
石神前駅 青梅市 いしがみまえ
100%
石狩沼田駅 沼田町 いしかりぬまた
100%
石川台駅 大田区 いしかわだい
100%
石川町駅 横浜市 いしかわちょう
100%
石切駅 東大阪市 いしきり
100%
石倉駅 森町 いしくら
100%
石下駅 常総市 いしげ
100%
石越駅 登米市 いしこし
100%
石地駅 柏崎市 いしじ
100%
石田駅 北九州市 いしだ
100%
石橋停留場 長崎市 いしばし
100%
石橋阪大前駅 池田市 いしばしはんだいまえ
100%
石浜駅 東浦町 いしはま
100%
石原町駅 北九州市 いしはらまち
100%
石部駅 湖南市 いしべ
100%
石仏駅 岩倉市 いしぼとけ
100%
石屋川駅 神戸市 いしやがわ
100%
石山駅 大津市 いしやま
100%
石山寺駅 大津市 いしやまでら
100%
井尻駅 福岡市 いじり
100%
伊豆稲取駅 東伊豆町 いずいなとり
100%
いずえ駅 井原市 いずえ
100%
伊豆大川駅 東伊豆町 いずおおかわ
100%
伊豆急下田駅 下田市 いずきゅうしもだ
100%
伊豆長岡駅 伊豆の国市 いずながおか
100%
伊豆仁田駅 函南町 いずにった
100%
泉駅 いわき市 いずみ
100%
泉大津駅 泉大津市 いずみおおつ
100%
和泉大宮駅 岸和田市 いずみおおみや
100%
泉ケ丘駅 堺市 いずみがおか
100%
泉佐野駅 泉佐野市 いずみさの
100%
泉沢駅 木古内町 いずみさわ
100%
和泉砂川駅 泉南市 いずみすながわ
100%
泉田駅 新庄市 いずみた
100%
泉体育館駅 立川市 いずみたいいくかん
100%
泉中央駅 仙台市 いずみちゅうおう
100%
いずみ野駅 横浜市 いずみの
100%
和泉橋本駅 貝塚市 いずみはしもと
100%
和泉府中駅 和泉市 いずみふちゅう
100%
出雲科学館パークタウン前駅 出雲市 いずもかがくかんぱーくたうんまえ
100%
出雲坂根駅 奥出雲町 いずもさかね
100%
出雲崎駅 出雲崎町 いずもざき
100%
出雲大社前駅 出雲市 いずもたいしゃまえ
100%
出雲横田駅 奥出雲町 いずもよこた
100%
石動駅 小矢部市 いするぎ
100%
伊勢朝日駅 朝日町 いせあさひ
100%
伊勢石橋駅 津市 いせいしばし
100%
伊勢上野駅 津市 いせうえの
100%
伊勢奥津駅 津市 いせおきつ
100%
伊勢柏崎駅 大紀町 いせかしわざき
100%
伊勢川口駅 津市 いせかわぐち
100%
伊勢崎駅 伊勢崎市 いせさき
100%
伊勢佐木長者町駅 横浜市 いせざきちょうじゃまち
100%
伊勢田駅 宇治市 いせだ
100%
伊勢竹原駅 津市 いせたけはら
100%
伊勢中川駅 松阪市 いせなかがわ
100%
伊勢中原駅 松阪市 いせなかはら
100%
伊勢松本駅 四日市市 いせまつもと
100%
伊勢八知駅 津市 いせやち
100%
五十猛駅 大田市 いそたけ
100%
磯ノ浦駅 和歌山市 いそのうら
100%
磯原駅 北茨城市 いそはら
100%
磯山駅 鈴鹿市 いそやま
100%
井高野駅 大阪市 いたかの
100%
板野駅 板野町 いたの
100%
板橋本町駅 板橋区 いたばしほんちょう
100%
伊丹駅 伊丹市 いたみ
100%
板宿駅 神戸市 いたやど
100%
市尾駅 高取町 いちお
100%
市が尾駅 横浜市 いちがお
100%
市川駅 市川市 いちかわ
100%
市川塩浜駅 市川市 いちかわしおはま
100%
市川真間駅 市川市 いちかわまま
100%
市来駅 いちき串木野市 いちき
100%
一志駅 津市 いちし
100%
市島駅 丹波市 いちじま
100%
一乗寺駅 京都市 いちじょうじ
100%
一乗谷駅 福井市 いちじょうだに
100%
市田駅 高森町 いちだ
100%
市坪駅 松山市 いちつぼ
100%
市波駅 福井市 いちなみ
100%
一之江駅 江戸川区 いちのえ
100%
一ノ関駅 一関市 いちのせき
100%
一の鳥居駅 川西市 いちのとりい
100%
一戸駅 一戸町 いちのへ
100%
一宮駅 高松市 いちのみや
100%
一の渡駅 宮古市 いちのわたり
100%
一ノ割駅 春日部市 いちのわり
100%
市場駅 小野市 いちば
100%
市原駅 京都市 いちはら
100%
一武駅 錦町 いちぶ
100%
市振駅 糸魚川市 いちぶり
100%
五日町駅 南魚沼市 いつかまち
100%
一本松駅 香春町 いっぽんまつ
100%
井戸駅 三木町 いど
100%
糸魚川駅 糸魚川市 いといがわ
100%
糸崎駅 三原市 いとざき
100%
糸島高校前駅 糸島市 いとしまこうこうまえ
100%
糸田駅 糸田町 いとだ
100%
伊奈駅 豊川市 いな
100%
稲枝駅 彦根市 いなえ
100%
伊那大島駅 松川町 いなおおしま
100%
田舎館駅 田舎館村 いなかだて
100%
伊那上郷駅 飯田市 いなかみさと
100%
稲城長沼駅 稲城市 いなぎながぬま
100%
稲毛駅 千葉市 いなげ
100%
伊那市駅 伊那市 いなし
100%
稲田駅 笠間市 いなだ
100%
伊那田島駅 中川村 いなたじま
100%
稲戸井駅 取手市 いなとい
100%
稲野駅 伊丹市 いなの
100%
伊那福岡駅 駒ヶ根市 いなふくおか
100%
伊那本郷駅 飯島町 いなほんごう
100%
伊那松島駅 箕輪町 いなまつしま
100%
伊那八幡駅 飯田市 いなやわた
100%
稲荷駅 京都市 いなり
100%
稲荷町停留場 広島市 いなりまち
100%
稲荷山駅 長野市 いなりやま
100%
稲荷山公園駅 狭山市 いなりやまこうえん
100%
猪苗代湖畔駅 猪苗代町 いなわしろこはん
100%
犬飼駅 豊後大野市 いぬかい
100%
犬川駅 川西町 いぬかわ
100%
井野駅 高崎市 いの
100%
伊野駅 いの町 いの
100%
伊野停留場 いの町 いの
100%
井の頭公園駅 三鷹市 いのかしらこうえん
100%
伊野商業前停留場 いの町 いのしょうぎょうまえ
100%
猪谷駅 富山市 いのたに
100%
井原駅 井原市 いばら
100%
井原市駅 広島市 いばらいち
100%
茨木駅 茨木市 いばらき
100%
茨木市駅 茨木市 いばらきし
100%
茨目駅 柏崎市 いばらめ
100%
揖斐駅 揖斐川町 いび
100%
伊比井駅 日南市 いびい
100%
指宿駅 指宿市 いぶすき
100%
伊保駅 高砂市 いほ
100%
今泉駅 長井市 いまいずみ
100%
今井浜海岸駅 河津町 いまいはまかいがん
100%
今川駅 村上市 いまがわ
100%
今川河童駅 行橋市 いまがわかっぱ
100%
今宿駅 福岡市 いまじゅく
100%
今庄駅 南越前町 いまじょう
100%
今津駅 中津市 いまづ
100%
今出川駅 京都市 いまでがわ
100%
今治駅 今治市 いまばり
100%
今福駅 松浦市 いまぶく
100%
今別駅 今別町 いまべつ
100%
今宮戎駅 大阪市 いまみやえびす
100%
揖屋駅 松江市 いや
100%
伊予出石駅 大洲市 いよいずし
100%
伊予大洲駅 大洲市 いよおおず
100%
伊予亀岡駅 今治市 いよかめおか
100%
伊予小松駅 西条市 いよこまつ
100%
伊予西条駅 西条市 いよさいじょう
100%
伊予桜井駅 今治市 いよさくらい
100%
伊予市駅 伊予市 いよし
100%
伊予白滝駅 大洲市 いよしらたき
100%
伊予立川駅 内子町 いよたちかわ
100%
いよ立花駅 松山市 いよたちばな
100%
伊予土居駅 四国中央市 いよどい
100%
伊予長浜駅 大洲市 いよながはま
100%
伊予平野駅 大洲市 いよひらの
100%
伊予宮野下駅 宇和島市 いよみやのした
100%
伊里駅 備前市 いり
100%
入広瀬駅 魚沼市 いりひろせ
100%
医療センター駅 神戸市 いりょうせんたー
100%
岩井駅 南房総市 いわい
100%
磐城石井駅 矢祭町 いわきいしい
100%
磐城塙駅 塙町 いわきはなわ
100%
岩城みなと駅 由利本荘市 いわきみなと
100%
岩切駅 仙台市 いわきり
100%
岩国駅 岩国市 いわくに
100%
岩倉駅 山口市 いわくら
100%
岩島駅 東吾妻町 いわしま
100%
岩宿駅 みどり市 いわじゅく
100%
岩瀬浜駅 富山市 いわせはま
100%
岩田駅 光市 いわた
100%
岩滝口駅 宮津市 いわたきぐち
100%
岩塚駅 名古屋市 いわつか
100%
岩槻駅 さいたま市 いわつき
100%
岩出駅 岩出市 いわで
100%
岩手飯岡駅 盛岡市 いわていいおか
100%
岩手川口駅 岩手町 いわてかわぐち
100%
岩手船越駅 山田町 いわてふなこし
100%
石刀駅 一宮市 いわと
100%
岩波駅 裾野市 いわなみ
100%
巌根駅 木更津市 いわね
100%
岩ノ下駅 一関市 いわのした
100%
岩野目駅 北秋田市 いわのめ
100%
岩原駅 南足柄市 いわはら
100%
岩美駅 岩美町 いわみ
100%
石見駅 三宅町 いわみ
100%
石見津田駅 益田市 いわみつだ
100%
石見横田駅 益田市 いわみよこた
100%
岩村駅 恵那市 いわむら
100%
岩村田駅 佐久市 いわむらだ
100%
岩本駅 沼田市 いわもと
100%
岩屋駅 唐津市 いわや
100%
岩山駅 新見市 いわやま
100%
インテック本社前停留場 富山市 いんてっくほんしゃまえ
100%
院内駅 湯沢市 いんない
100%
印場駅 尾張旭市 いんば
100%
印旛日本医大駅 印西市 いんばにほんいだい
100%
植木駅 熊本市 うえき
100%
ウェスパ椿山駅 深浦町 うぇすぱつばきやま
100%
植田駅 いわき市 うえだ
100%
上田駅 上田市 うえだ
100%
植大駅 阿久比町 うえだい
100%
植苗駅 苫小牧市 うえなえ
100%
上野御徒町駅 台東区 うえのおかちまち
100%
上野原駅 上野原市 うえのはら
100%
上野広小路駅 台東区 うえのひろこうじ
100%
植松駅 岡山市 うえまつ
100%
魚市場通停留場 函館市 うおいちばどおり
100%
魚住駅 明石市 うおずみ
100%
魚沼丘陵駅 南魚沼市 うおぬまきゅうりょう
100%
鵜飼駅 府中市 うかい
100%
宇賀本郷駅 下関市 うかほんごう
100%
鶯野駅 大仙市 うぐいすの
100%
有家駅 洋野町 うげ
100%
羽後飯塚駅 潟上市 うごいいづか
100%
羽後岩谷駅 由利本荘市 うごいわや
100%
羽後牛島駅 秋田市 うごうしじま
100%
羽後太田駅 仙北市 うごおおた
100%
羽後中里駅 仙北市 うごなかざと
100%
羽後長戸呂駅 仙北市 うごながとろ
100%
羽後長野駅 大仙市 うごながの
100%
宇佐駅 宇佐市 うさ
100%
宇佐美駅 伊東市 うさみ
100%
宇治駅 宇治市 うじ
100%
氏家駅 さくら市 うじいえ
100%
牛久駅 牛久市 うしく
100%
牛田駅 足立区 うしだ
100%
宇品三丁目停留場 広島市 うじなさんちょうめ
100%
宇品二丁目停留場 広島市 うじなにちょうめ
100%
牛ノ谷駅 あわら市 うしのや
100%
牛渕団地前駅 東温市 うしぶちだんちまえ
100%
牛山駅 春日井市 うしやま
100%
太秦広隆寺駅 京都市 うずまさこうりゅうじ
100%
羽前金沢駅 中山町 うぜんかねざわ
100%
羽前小松駅 川西町 うぜんこまつ
100%
羽前豊里駅 鮭川村 うぜんとよさと
100%
羽前長崎駅 中山町 うぜんながさき
100%
羽前中山駅 上山市 うぜんなかやま
100%
羽前成田駅 長井市 うぜんなりた
100%
羽前山辺駅 山辺町 うぜんやまべ
100%
宇田郷駅 阿武町 うたごう
100%
宇多野駅 京都市 うたの
100%
内海駅 宮崎市 うちうみ
100%
内子駅 内子町 うちこ
100%
内郷駅 いわき市 うちごう
100%
打越駅 熊本市 うちごし
100%
内宿駅 伊奈町 うちじゅく
100%
内田駅 赤村 うちだ
100%
打出駅 芦屋市 うちで
100%
内灘駅 内灘町 うちなだ
100%
内野駅 新潟市 うちの
100%
内之田駅 日南市 うちのだ
100%
内野西が丘駅 新潟市 うちのにしがおか
100%
内原駅 水戸市 うちはら
100%
内山駅 黒部市 うちやま
100%
ウッディタウン中央駅 三田市 うっでぃたうんちゅうおう
100%
宇都宮大学陽東キャンパス停留場 宇都宮市 うつのみやだいがくようとうきゃんぱす
100%
宇頭駅 岡崎市 うとう
100%
宇奈月駅 黒部市 うなづき
100%
宇奈月温泉駅 黒部市 うなづきおんせん
100%
鵜沼駅 各務原市 うぬま
100%
有年駅 赤穂市 うね
100%
宇野気駅 かほく市 うのけ
100%
姥堂駅 喜多方市 うばどう
100%
宇部新川駅 宇部市 うべしんかわ
100%
馬堀駅 亀岡市 うまほり
100%
宇美駅 宇美町 うみ
100%
海芝浦駅 横浜市 うみしばうら
100%
海の公園柴口駅 横浜市 うみのこうえんしばぐち
100%
梅ヶ丘駅 世田谷区 うめがおか
100%
梅ケ沢駅 登米市 うめがさわ
100%
梅小路京都西駅 京都市 うめこうじきょうとにし
100%
梅郷駅 野田市 うめさと
100%
梅坪駅 豊田市 うめつぼ
100%
梅の辻停留場 高知市 うめのつじ
100%
梅屋敷駅 大田区 うめやしき
100%
梅山駅 美濃市 うめやま
100%
敬川駅 江津市 うやがわ
100%
浦賀駅 横須賀市 うらが
100%
浦上駅 長崎市 うらかみ
100%
浦上駅前停留場 長崎市 うらかみえきまえ
100%
浦上車庫停留場 長崎市 うらかみしゃこ
100%
うらがわら駅 上越市 うらがわら
100%
浦佐駅 南魚沼市 うらさ
100%
浦ノ崎駅 伊万里市 うらのさき
100%
浦幌駅 浦幌町 うらほろ
100%
浦山駅 黒部市 うらやま
100%
浦山口駅 秩父市 うらやまぐち
100%
浦和駅 さいたま市 うらわ
100%
浦和美園駅 さいたま市 うらわみその
100%
蔚山町停留場 熊本市 うるさんまち
100%
宇和島駅 宇和島市 うわじま
100%
運河駅 流山市 うんが
100%
雲州平田駅 出雲市 うんしゅうひらた
100%
運動公園駅 宮崎市 うんどうこうえん
100%
運動公園前駅 弘前市 うんどうこうえんまえ
100%
運動公園前停留場 豊橋市 うんどうこうえんまえ
100%
永和駅 愛西市 えいわ
100%
永覚駅 豊田市 えかく
100%
駅東公園前停留場 宇都宮市 えきひがしこうえんまえ
100%
駅前停留場 豊橋市 えきまえ
100%
江口駅 東みよし町 えぐち
100%
江坂駅 吹田市 えさか
100%
江崎駅 萩市 えさき
100%
江島駅 豊川市 えじま
100%
江尻停留場 高岡市 えじり
100%
江住駅 すさみ町 えすみ
100%
江田駅 いわき市 えだ
100%
越後赤塚駅 新潟市 えちごあかつか
100%
越後石山駅 新潟市 えちごいしやま
100%
越後岩沢駅 小千谷市 えちごいわさわ
100%
えちご押上ひすい海岸駅 糸魚川市 えちごおしあげひすいかいがん
100%
越後片貝駅 関川村 えちごかたかい
100%
越後金丸駅 関川村 えちごかなまる
100%
越後川口駅 長岡市 えちごかわぐち
100%
越後寒川駅 村上市 えちごかんがわ
100%
越後下関駅 関川村 えちごしもせき
100%
越後曽根駅 新潟市 えちごそね
100%
越後田沢駅 十日町市 えちごたざわ
100%
越後中里駅 湯沢町 えちごなかざと
100%
越後早川駅 村上市 えちごはやかわ
100%
越後広瀬駅 魚沼市 えちごひろせ
100%
越後湯沢駅 湯沢町 えちごゆざわ
100%
越前大宮駅 福井市 えちぜんおおみや
100%
越前島橋駅 福井市 えちぜんしまばし
100%
越前田野駅 大野市 えちぜんたの
100%
越前東郷駅 福井市 えちぜんとうごう
100%
越前富田駅 大野市 えちぜんとみだ
100%
越前野中駅 永平寺町 えちぜんのなか
100%
越中荏原駅 富山市 えっちゅうえばら
100%
越中三郷駅 富山市 えっちゅうさんごう
100%
越中島駅 江東区 えっちゅうじま
100%
越中大門駅 射水市 えっちゅうだいもん
100%
越中中川駅 高岡市 えっちゅうなかがわ
100%
越中中島駅 富山市 えっちゅうなかじま
100%
越中舟橋駅 舟橋村 えっちゅうふなはし
100%
越中山田駅 南砺市 えっちゅうやまだ
100%
江戸川駅 江戸川区 えどがわ
100%
江戸川台駅 流山市 えどがわだい
100%
江戸川橋駅 文京区 えどがわばし
100%
江戸橋駅 津市 えどばし
100%
榎井駅 琴平町 えない
100%
江の浦駅 みやま市 えのうら
100%
江ノ島駅 藤沢市 えのしま
100%
江原駅 豊岡市 えばら
100%
荏原町駅 品川区 えばらまち
100%
海老江駅 大阪市 えびえ
100%
恵比寿駅 渋谷区 えびす
100%
恵比須駅 三木市 えびす
100%
海老名駅 海老名市 えびな
100%
えびの飯野駅 えびの市 えびのいいの
100%
江別駅 江別市 えべつ
100%
江見駅 鴨川市 えみ
100%
襟野々駅 佐川町 えりのの
100%
遠軽駅 遠軽町 えんがる
100%
遠州岩水寺駅 浜松市 えんしゅうがんすいじ
100%
遠州小林駅 浜松市 えんしゅうこばやし
100%
遠州芝本駅 浜松市 えんしゅうしばもと
100%
遠州西ヶ崎駅 浜松市 えんしゅうにしがさき
100%
円町駅 京都市 えんまち
100%
老津駅 豊橋市 おいつ
100%
扇大橋駅 足立区 おうぎおおはし
100%
扇田駅 大館市 おうぎた
100%
扇町駅 川崎市 おうぎまち
100%
近江今津駅 高島市 おうみいまづ
100%
青海川駅 柏崎市 おうみがわ
100%
近江長岡駅 米原市 おうみながおか
100%
近江中庄駅 高島市 おうみなかしょう
100%
近江舞子駅 大津市 おうみまいこ
100%
大麻生駅 熊谷市 おおあそう
100%
大網駅 大網白里市 おおあみ
100%
大池駅 神戸市 おおいけ
100%
大石駅 神戸市 おおいし
100%
大石田駅 大石田町 おおいしだ
100%
大泉駅 伊達市 おおいずみ
100%
大泉学園駅 練馬区 おおいずみがくえん
100%
大分駅 大分市 おおいた
100%
大分大学前駅 大分市 おおいただいがくまえ
100%
大井町駅 品川区 おおいまち
100%
大浦駅 松山市 おおうら
100%
大浦海岸通停留場 長崎市 おおうらかいがんどおり
100%
大浦天主堂停留場 長崎市 おおうらてんしゅどう
100%
大江高校前駅 福知山市 おおえこうこうまえ
100%
大江橋駅 大阪市 おおえばし
100%
大岡駅 沼津市 おおおか
100%
大街道停留場 松山市 おおかいどう
100%
大垣駅 大垣市 おおがき
100%
大金駅 那須烏山市 おおがね
100%
大川駅 川崎市 おおかわ
100%
大川ダム公園駅 会津若松市 おおかわだむこうえん
100%
大河内駅 周南市 おおかわち
100%
大川野駅 伊万里市 おおかわの
100%
大河原駅 大河原町 おおがわら
100%
大岸駅 豊浦町 おおきし
100%
大久喜駅 八戸市 おおくき
100%
大草駅 諫早市 おおくさ
100%
大口駅 横浜市 おおぐち
100%
大久保駅 潟上市 おおくぼ
100%
逢隈駅 亘理町 おおくま
100%
大倉山駅 横浜市 おおくらやま
100%
大桑駅 大桑村 おおくわ
100%
大在駅 大分市 おおざい
100%
大阪駅 大阪市 おおさか
100%
大阪阿部野橋駅 大阪市 おおさかあべのばし
100%
大阪上本町駅 大阪市 おおさかうえほんまち
100%
大阪教育大前駅 柏原市 おおさかきょういくだいまえ
100%
大阪港駅 大阪市 おおさかこう
100%
大阪城公園駅 大阪市 おおさかじょうこうえん
100%
大阪天満宮駅 大阪市 おおさかてんまんぐう
100%
大崎広小路駅 品川区 おおさきひろこうじ
100%
大佐倉駅 佐倉市 おおさくら
100%
大里駅 稲沢市 おおさと
100%
大篠津町駅 米子市 おおしのづちょう
100%
大清水駅 豊橋市 おおしみず
100%
大須観音駅 名古屋市 おおすかんのん
100%
大住駅 京田辺市 おおすみ
100%
大堰駅 大刀洗町 おおぜき
100%
大曽根駅 名古屋市 おおぞね
100%
太田川駅 東海市 おおたがわ
100%
大多喜駅 大多喜町 おおたき
100%
大滝温泉駅 大館市 おおたきおんせん
100%
大竹駅 大竹市 おおたけ
100%
大田郷駅 筑西市 おおたごう
100%
大谷駅 かつらぎ町 おおたに
100%
太田部駅 佐久市 おおたべ
100%
大塚駅 豊島区 おおつか
100%
大塚・帝京大学駅 八王子市 おおつか・ていきょうだいがく
100%
大津京駅 大津市 おおつきょう
100%
大津港駅 北茨城市 おおつこう
100%
大津市役所前駅 大津市 おおつしやくしょまえ
100%
大槌駅 大槌町 おおつち
100%
大手町駅 千代田区 おおてまち
100%
大手モール停留場 富山市 おおてもーる
100%
大寺駅 出雲市 おおてら
100%
大歳駅 山口市 おおとし
100%
大鳥羽駅 若狭町 おおとば
100%
大外羽駅 大垣市 おおとば
100%
鳳駅 堺市 おおとり
100%
大鳥居駅 大田区 おおとりい
100%
大中山駅 七飯町 おおなかやま
100%
大西駅 今治市 おおにし
100%
大貫駅 富津市 おおぬき
100%
大沼駅 七飯町 おおぬま
100%
大野浦駅 廿日市市 おおのうら
100%
大野城駅 大野城市 おおのじょう
100%
大野台駅 北秋田市 おおのだい
100%
大野原駅 秩父市 おおのはら
100%
大野町駅 常滑市 おおのまち
100%
大橋停留場 長崎市 おおはし
100%
大橋通停留場 高知市 おおはしどおり
100%
大羽根園駅 菰野町 おおばねえん
100%
大原駅 いすみ市 おおはら
100%
大袋駅 越谷市 おおぶくろ
100%
大保駅 小郡市 おおほ
100%
大堀駅 最上町 おおほり
100%
大曲駅 大仙市 おおまがり
100%
大町駅 大町町 おおまち
100%
大間々駅 みどり市 おおまま
100%
大海駅 新城市 おおみ
100%
大溝駅 大木町 おおみぞ
100%
大三駅 津市 おおみつ
100%
大宮駅 さいたま市 おおみや
100%
大宮公園駅 さいたま市 おおみやこうえん
100%
大村駅 大村市 おおむら
100%
大元駅 岡山市 おおもと
100%
大森駅 大田区 おおもり
100%
大森海岸駅 品川区 おおもりかいがん
100%
大矢駅 郡上市 おおや
100%
大山駅 指宿市 おおやま
100%
大和田駅 さいたま市 おおわだ
100%
岡駅 角田市 おか
100%
男鹿駅 男鹿市 おが
100%
小垣江駅 刈谷市 おがきえ
100%
岡崎駅 岡崎市 おかざき
100%
岡地駅 浜松市 おかじ
100%
岡田駅 丸亀市 おかだ
100%
緒方駅 豊後大野市 おがた
100%
岡場駅 神戸市 おかば
100%
岡部駅 深谷市 おかべ
100%
岡町駅 豊中市 おかまち
100%
岡見駅 浜田市 おかみ
100%
岡本駅 宇都宮市 おかもと
100%
岡山駅 岡山市 おかやま
100%
岡山駅前停留場 岡山市 おかやまえきまえ
100%
小川郷駅 いわき市 おがわごう
100%
小川町駅 小川町 おがわまち
100%
荻窪駅 杉並区 おぎくぼ
100%
荻野駅 喜多方市 おぎの
100%
小木ノ城駅 出雲崎町 おぎのじょう
100%
尾久駅 北区 おく
100%
奥泉駅 川根本町 おくいずみ
100%
奥沢駅 世田谷区 おくさわ
100%
小串郷駅 川棚町 おぐしごう
100%
奥田駅 稲沢市 おくだ
100%
奥田中学校前駅 富山市 おくだちゅうがっこうまえ
100%
奥町駅 一宮市 おくちょう
100%
奥津軽いまべつ駅 今別町 おくつがるいまべつ
100%
奥洞海駅 北九州市 おくどうかい
100%
奥内駅 青森市 おくない
100%
小国駅 小国町 おぐに
100%
小倉台駅 千葉市 おぐらだい
100%
桶川駅 桶川市 おけがわ
100%
小郡駅 小郡市 おごおり
100%
おごと温泉駅 大津市 おごとおんせん
100%
長駅 加西市 おさ
100%
尾崎駅 阪南市 おざき
100%
筬島駅 音威子府村 おさしま
100%
長都駅 千歳市 おさつ
100%
押切駅 長岡市 おしきり
100%
押野駅 野々市市 おしの
100%
押部谷駅 神戸市 おしべだに
100%
小島駅 美馬市 おしま
100%
小島谷駅 長岡市 おじまや
100%
小田駅 出雲市 おだ
100%
小台停留場 荒川区 おだい
100%
お台場海浜公園駅 港区 おだいばかいひんこうえん
100%
小高駅 南相馬市 おだか
100%
小田急永山駅 多摩市 おだきゅうながやま
100%
小田渕駅 豊川市 おだぶち
100%
落合駅 新宿区 おちあい
100%
落合川駅 中津川市 おちあいがわ
100%
落合南長崎駅 新宿区 おちあいみなみながさき
100%
御茶ノ水駅 千代田区 おちゃのみず
100%
落部駅 八雲町 おとしべ
100%
尾奈駅 浜松市 おな
100%
鬼越駅 市川市 おにごえ
100%
小野駅 辰野町 おの
100%
小野上駅 渋川市 おのがみ
100%
小野上温泉駅 渋川市 おのがみおんせん
100%
小野田港駅 山陽小野田市 おのだこう
100%
尾道駅 尾道市 おのみち
100%
小幡緑地駅 名古屋市 おばたりょくち
100%
お花茶屋駅 葛飾区 おはなぢゃや
100%
御花畑駅 秩父市 おはなばたけ
100%
小原駅 美咲町 おばら
100%
帯広駅 帯広市 おびひろ
100%
小布施駅 小布施町 おぶせ
100%
小村神社前駅 日高村 おむらじんじゃまえ
100%
おもちゃのまち駅 壬生町 おもちゃのまち
100%
表参道駅 港区 おもてさんどう
100%
尾盛駅 川根本町 おもり
100%
おもろまち駅 那覇市 おもろまち
100%
親鼻駅 皆野町 おやはな
100%
小山駅 小山市 おやま
100%
小山田駅 花巻市 おやまだ
100%
おゆみ野駅 千葉市 おゆみの
100%
織笠駅 山田町 おりかさ
100%
折口駅 阿久根市 おりぐち
100%
おりはた駅 南陽市 おりはた
100%
折原駅 寄居町 おりはら
100%
織部駅 本巣市 おりべ
100%
尾鷲駅 尾鷲市 おわせ
100%
尾張瀬戸駅 瀬戸市 おわりせと
100%
尾張星の宮駅 清須市 おわりほしのみや
100%
尾張森岡駅 東浦町 おわりもりおか
100%
尾張横須賀駅 東海市 おわりよこすか
100%
御宿駅 御宿町 おんじゅく
100%
恩田駅 横浜市 おんだ
100%
御嶽山駅 大田区 おんたけさん
100%
音別駅 釧路市 おんべつ
100%
甲斐上野駅 市川三郷町 かいうえの
100%
甲斐大泉駅 北杜市 かいおおいずみ
100%
海岸寺駅 多度津町 かいがんじ
100%
海岸通停留場 広島市 かいがんどおり
100%
甲斐小泉駅 北杜市 かいこいずみ
100%
海崎駅 佐伯市 かいざき
100%
海瀬駅 佐久穂町 かいぜ
100%
開成駅 開成町 かいせい
100%
貝田駅 国見町 かいだ
100%
海田市駅 海田町 かいたいち
100%
貝津駅 豊田市 かいづ
100%
香川駅 茅ヶ崎市 かがわ
100%
柿生駅 川崎市 かきお
100%
柿ケ島駅 大野市 かきがしま
100%
柿崎駅 上越市 かきざき
100%
柿下温泉口駅 香春町 かきしたおんせんぐち
100%
加木屋中ノ池駅 東海市 かぎやなかのいけ
100%
賀来駅 大分市 かく
100%
学駅 吉野川市 がく
100%
学園都市駅 神戸市 がくえんとし
100%
学園前駅 千葉市 がくえんまえ
100%
学芸大学駅 目黒区 がくげいだいがく
100%
角田駅 角田市 かくだ
100%
楽田駅 犬山市 がくでん
100%
岳南原田駅 富士市 がくなんはらだ
100%
学門駅 御坊市 がくもん
100%
神楽岡駅 旭川市 かぐらおか
100%
神楽坂駅 新宿区 かぐらざか
100%
掛川駅 掛川市 かけがわ
100%
掛川市役所前駅 掛川市 かけがわしやくしょまえ
100%
花月総持寺駅 横浜市 かげつそうじじ
100%
影野駅 四万十町 かげの
100%
影森駅 秩父市 かげもり
100%
佳景山駅 石巻市 かけやま
100%
鹿児停留場 高知市 かこ
100%
鹿児島駅 鹿児島市 かごしま
100%
鹿児島中央駅前停留場 鹿児島市 かごしまちゅうおうえきまえ
100%
籠原駅 熊谷市 かごはら
100%
葛西臨海公園駅 江戸川区 かさいりんかいこうえん
100%
笠岡駅 笠岡市 かさおか
100%
挿頭丘駅 綾川町 かざしがおか
100%
笠師保駅 七尾市 かさしほ
100%
加佐登駅 鈴鹿市 かさど
100%
笠縫駅 田原本町 かさぬい
100%
笠幡駅 川越市 かさはた
100%
風祭駅 小田原市 かざまつり
100%
香椎宮前駅 福岡市 かしいみやまえ
100%
加治木駅 姶良市 かじき
100%
賢島駅 志摩市 かしこじま
100%
梶田駅 三次市 かじた
100%
かしの森公園前停留場 芳賀町 かしのもりこうえんまえ
100%
橿原神宮西口駅 橿原市 かしはらじんぐうにしぐち
100%
橿原神宮前駅 橿原市 かしはらじんぐうまえ
100%
加島駅 大阪市 かしま
100%
鹿島旭駅 鉾田市 かしまあさひ
100%
鹿島大野駅 鹿嶋市 かしまおおの
100%
鹿島サッカースタジアム駅 鹿嶋市 かしまさっかーすたじあむ
100%
鹿島田駅 川崎市 かしまだ
100%
鹿島台駅 大崎市 かしまだい
100%
鹿島灘駅 鹿嶋市 かしまなだ
100%
梶屋敷駅 糸魚川市 かじやしき
100%
柏駅 柏市 かしわ
100%
柏木町停留場 函館市 かしわぎちょう
100%
柏たなか駅 柏市 かしわたなか
100%
柏の葉キャンパス駅 柏市 かしわのはきゃんぱす
100%
柏原駅 米原市 かしわばら
100%
柏森駅 扶桑町 かしわもり
100%
柏原南口駅 柏原市 かしわらみなみぐち
100%
春日駅 春日市 かすが
100%
春日井駅 春日井市 かすがい
100%
春日川駅 高松市 かすががわ
100%
春日原駅 春日市 かすがばる
100%
上総一ノ宮駅 一宮町 かずさいちのみや
100%
上総大久保駅 市原市 かずさおおくぼ
100%
上総興津駅 勝浦市 かずさおきつ
100%
上総久保駅 市原市 かずさくぼ
100%
上総中野駅 大多喜町 かずさなかの
100%
上総湊駅 富津市 かずさみなと
100%
香住駅 香美町 かすみ
100%
霞ヶ丘駅 生駒市 かすみがおか
100%
霞ヶ関駅 川越市 かすみがせき
100%
加須駅 加須市 かぞ
100%
賀田駅 尾鷲市 かた
100%
片倉町駅 横浜市 かたくらちょう
100%
堅下駅 柏原市 かたしも
100%
片瀬江ノ島駅 藤沢市 かたせえのしま
100%
片瀬白田駅 東伊豆町 かたせしらた
100%
堅田駅 大津市 かたた
100%
形原駅 蒲郡市 かたはら
100%
片原町停留場 高岡市 かたはらまち
100%
片原町駅 高松市 かたはらまち
100%
勝川駅 春日井市 かちがわ
100%
勝どき駅 中央区 かちどき
100%
勝浦駅 勝浦市 かつうら
100%
学研奈良登美ヶ丘駅 奈良市 がっけんならとみがおか
100%
学校前駅 久留米市 がっこうまえ
100%
合戦場駅 栃木市 かっせんば
100%
勝沼ぶどう郷駅 甲州市 かつぬまぶどうきょう
100%
勝山町停留場 松山市 かつやまちょう
100%
桂駅 京都市 かつら
100%
桂台駅 網走市 かつらだい
100%
桂根駅 秋田市 かつらね
100%
加斗駅 小浜市 かと
100%
門沢橋駅 海老名市 かどさわばし
100%
門真市駅 門真市 かどまし
100%
金石原駅 伊万里市 かないしはら
100%
神奈川新町駅 横浜市 かながわしんまち
100%
金沢駅 金沢市 かなざわ
100%
金沢文庫駅 横浜市 かなざわぶんこ
100%
金島駅 渋川市 かなしま
100%
金町駅 葛飾区 かなまち
100%
要田駅 田村市 かなめた
100%
要町駅 豊島区 かなめちょう
100%
金谷駅 島田市 かなや
100%
金谷川駅 福島市 かなやがわ
100%
金谷沢駅 むつ市 かなやさわ
100%
鹿沼駅 鹿沼市 かぬま
100%
金上駅 ひたちなか市 かねあげ
100%
金ケ崎駅 金ケ崎町 かねがさき
100%
鐘ヶ淵駅 墨田区 かねがふち
100%
金丸駅 中能登町 かねまる
100%
鹿又駅 石巻市 かのまた
100%
神畑駅 上田市 かばたけ
100%
加太駅 亀山市 かぶと
100%
かぶと山駅 京丹後市 かぶとやま
100%
加布里駅 糸島市 かふり
100%
鎌倉駅 鎌倉市 かまくら
100%
鎌倉高校前駅 鎌倉市 かまくらこうこうまえ
100%
蒲郡競艇場前駅 蒲郡市 がまごおりきょうていじょうまえ
100%
蒲須坂駅 さくら市 かますさか
100%
蒲田駅 大田区 かまた
100%
鎌手駅 益田市 かまて
100%
鎌取駅 千葉市 かまとり
100%
釜ノ鼻駅 諫早市 かまのはな
100%
釜谷駅 木古内町 かまや
100%
加美駅 大阪市 かみ
100%
上有住駅 住田町 かみありす
100%
上飯島駅 秋田市 かみいいじま
100%
上飯田駅 名古屋市 かみいいだ
100%
上板橋駅 板橋区 かみいたばし
100%
上市場駅 浜松市 かみいちば
100%
上今井駅 中野市 かみいまい
100%
上今市駅 日光市 かみいまいち
100%
上石見駅 日南町 かみいわみ
100%
上宇和駅 西予市 かみうわ
100%
上大井駅 大井町 かみおおい
100%
上大月駅 大月市 かみおおつき
100%
上小川駅 大子町 かみおがわ
100%
上嘉川駅 山口市 かみかがわ
100%
上片桐駅 松川町 かみかたぎり
100%
上北沢駅 世田谷区 かみきたざわ
100%
上北台駅 東大和市 かみきただい
100%
上熊本停留場 熊本市 かみくまもと
100%
上郷駅 山口市 かみごう
100%
上強羅駅 箱根町 かみごうら
100%
上郡駅 上郡町 かみごおり
100%
上狛駅 木津川市 かみこま
100%
上境駅 飯山市 かみさかい
100%
上塩屋停留場 鹿児島市 かみしおや
100%
上島駅 浜松市 かみじま
100%
上石神井駅 練馬区 かみしゃくじい
100%
上条駅 魚沼市 かみじょう
100%
上新庄駅 大阪市 かみしんじょう
100%
神杉駅 三次市 かみすぎ
100%
上菅駅 日野町 かみすげ
100%
上諏訪駅 諏訪市 かみすわ
100%
上川内駅 薩摩川内市 かみせんだい
100%
上田浦駅 芦北町 かみたのうら
100%
上鳥羽口駅 京都市 かみとばぐち
100%
上中駅 若狭町 かみなか
100%
上永谷駅 横浜市 かみながや
100%
神ノ木停留場 大阪市 かみのき
100%
上野毛駅 世田谷区 かみのげ
100%
上ノ庄駅 松阪市 かみのしょう
100%
上野尻駅 西会津町 かみのじり
100%
上浜駅 にかほ市 かみはま
100%
上福岡駅 ふじみ野市 かみふくおか
100%
上富良野駅 上富良野町 かみふらの
100%
上星川駅 横浜市 かみほしかわ
100%
上堀駅 富山市 かみほり
100%
上本町停留場 富山市 かみほんまち
100%
上松川駅 福島市 かみまつかわ
100%
上溝駅 相模原市 かみみぞ
100%
神村学園前駅 いちき串木野市 かみむらがくえんまえ
100%
上牧駅 みなかみ町 かみもく
100%
神谷駅 富士市 かみや
100%
上夜久野駅 福知山市 かみやくの
100%
上社駅 名古屋市 かみやしろ
100%
神谷町駅 港区 かみやちょう
100%
紙屋町停留場 広島市 かみやちょう
100%
神山駅 阿賀野市 かみやま
100%
上山口駅 山口市 かみやまぐち
100%
上湯沢駅 湯沢市 かみゆざわ
100%
上涌谷駅 涌谷町 かみわくや
100%
亀有駅 葛飾区 かめあり
100%
亀井駅 熊本市 かめい
100%
亀戸駅 江東区 かめいど
100%
亀戸水神駅 江東区 かめいどすいじん
100%
亀岡駅 亀岡市 かめおか
100%
亀川駅 別府市 かめがわ
100%
亀崎駅 半田市 かめざき
100%
亀島駅 名古屋市 かめじま
100%
亀田駅 新潟市 かめだ
100%
亀山駅 亀山市 かめやま
100%
加茂駅 加茂市 かも
100%
鴨池停留場 鹿児島市 かもいけ
100%
蒲生四丁目駅 大阪市 がもうよんちょうめ
100%
鴨方駅 浅口市 かもがた
100%
鴨川駅 坂出市 かもがわ
100%
鴨島駅 吉野川市 かもじま
100%
加茂中駅 雲南市 かもなか
100%
加茂野駅 美濃加茂市 かもの
100%
鴨部停留場 高知市 かもべ
100%
萱草駅 北秋田市 かやくさ
100%
茅沼駅 標茶町 かやぬま
100%
唐笠駅 泰阜村 からかさ
100%
唐木田駅 多摩市 からきだ
100%
烏丸駅 京都市 からすま
100%
烏丸御池駅 京都市 からすまおいけ
100%
烏山駅 那須烏山市 からすやま
100%
狩生駅 佐伯市 かりう
100%
狩川駅 庄内町 かりかわ
100%
狩場沢駅 平内町 かりばさわ
100%
刈羽駅 刈羽村 かりわ
100%
刈和野駅 大仙市 かりわの
100%
川井駅 奥多摩町 かわい
100%
河合駅 常陸太田市 かわい
100%
川角駅 毛呂山町 かわかど
100%
河口湖駅 富士河口湖町 かわぐちこ
100%
川倉駅 五所川原市 かわくら
100%
河毛駅 長浜市 かわけ
100%
河佐駅 府中市 かわさ
100%
川崎新町駅 川崎市 かわさきしんまち
100%
川崎大師駅 川崎市 かわさきだいし
100%
川島駅 筑西市 かわしま
100%
川尻駅 熊本市 かわしり
100%
川棚駅 川棚町 かわたな
100%
河内天美駅 松原市 かわちあまみ
100%
河内磐船駅 交野市 かわちいわふね
100%
河内永和駅 東大阪市 かわちえいわ
100%
河内長野駅 河内長野市 かわちながの
100%
河内森駅 交野市 かわちもり
100%
河津駅 河津町 かわづ
100%
川奈駅 伊東市 かわな
100%
川西駅 岩国市 かわにし
100%
川西池田駅 川西市 かわにしいけだ
100%
川根小山駅 川根本町 かわねこやま
100%
川根両国駅 川根本町 かわねりょうごく
100%
川端駅 由仁町 かわばた
100%
川部駅 田舎館村 かわべ
100%
川辺沖駅 玉川村 かわべおき
100%
川辺宿駅 倉敷市 かわべじゅく
100%
川前駅 いわき市 かわまえ
100%
川俣駅 明和町 かわまた
100%
川村駅 名古屋市 かわむら
100%
河山駅 岩国市 かわやま
100%
川湯温泉駅 弟子屈町 かわゆおんせん
100%
川原石駅 呉市 かわらいし
100%
瓦ヶ浜駅 大津市 かわらがはま
100%
川原町駅 四日市市 かわらまち
100%
河原町駅 仙台市 かわらまち
100%
瓦町駅 高松市 かわらまち
100%
河原町停留場 熊本市 かわらまち
100%
川和町駅 横浜市 かわわちょう
100%
観音寺駅 観音寺市 かんおんじ
100%
韓々坂駅 熊本市 かんかんざか
100%
観月橋駅 京都市 かんげつきょう
100%
観光通停留場 長崎市 かんこうどおり
100%
関西空港駅 田尻町 かんさいくうこう
100%
神崎川駅 大阪市 かんざきがわ
100%
神田駅 千代田区 かんだ
100%
関大前駅 吹田市 かんだいまえ
100%
神辺駅 福山市 かんなべ
100%
函南駅 函南町 かんなみ
100%
観音駅 銚子市 かんのん
100%
観音町駅 永平寺町 かんのんまち
100%
蒲原駅 静岡市 かんばら
100%
関門海峡めかり駅 北九州市 かんもんかいきょうめかり
100%
紀伊駅 和歌山市 きい
100%
紀伊有田駅 串本町 きいありた
100%
紀伊内原駅 日高町 きいうちはら
100%
紀伊浦神駅 那智勝浦町 きいうらがみ
100%
紀伊神谷駅 高野町 きいかみや
100%
紀伊御坊駅 御坊市 きいごぼう
100%
紀伊佐野駅 新宮市 きいさの
100%
紀伊清水駅 橋本市 きいしみず
100%
紀伊新庄駅 田辺市 きいしんじょう
100%
紀伊天満駅 那智勝浦町 きいてんま
100%
紀伊富田駅 白浜町 きいとんだ
100%
紀伊長島駅 紀北町 きいながしま
100%
紀伊長田駅 紀の川市 きいながた
100%
紀伊中ノ島駅 和歌山市 きいなかのしま
100%
紀伊日置駅 白浜町 きいひき
100%
紀伊細川駅 高野町 きいほそかわ
100%
紀伊由良駅 由良町 きいゆら
100%
喜入駅 鹿児島市 きいれ
100%
祇園新橋北駅 広島市 ぎおんしんばしきた
100%
気賀駅 浜松市 きが
100%
喜々津駅 諫早市 ききつ
100%
桔梗駅 函館市 ききょう
100%
桔梗が丘駅 名張市 ききょうがおか
100%
企救丘駅 北九州市 きくがおか
100%
菊川駅 菊川市 きくがわ
100%
菊水駅 札幌市 きくすい
100%
菊名駅 横浜市 きくな
100%
木古内駅 木古内町 きこない
100%
岸里駅 大阪市 きしのさと
100%
岸辺駅 吹田市 きしべ
100%
岸本駅 伯耆町 きしもと
100%
義塾高校前駅 弘前市 ぎじゅくこうこうまえ
100%
岸和田駅 岸和田市 きしわだ
100%
衣摺加美北駅 東大阪市 きずりかみきた
100%
木曽川堤駅 一宮市 きそがわづつみ
100%
木曽平沢駅 塩尻市 きそひらさわ
100%
木曽福島駅 木曽町 きそふくしま
100%
喜多駅 宮津市 きた
100%
木田駅 あま市 きだ
100%
北朝霞駅 朝霞市 きたあさか
100%
北綾瀬駅 足立区 きたあやせ
100%
北新井駅 妙高市 きたあらい
100%
北安城駅 安城市 きたあんじょう
100%
北池野駅 池田町 きたいけの
100%
北池袋駅 豊島区 きたいけぶくろ
100%
北伊丹駅 伊丹市 きたいたみ
100%
北伊予駅 松前町 きたいよ
100%
北宇智駅 五條市 きたうち
100%
北内停留場 いの町 きたうち
100%
北浦停留場 高知市 きたうら
100%
北浦湖畔駅 鉾田市 きたうらこはん
100%
北浦和駅 さいたま市 きたうらわ
100%
北宇和島駅 宇和島市 きたうわじま
100%
北大路駅 京都市 きたおおじ
100%
北大野駅 大野市 きたおおの
100%
北大曲駅 大仙市 きたおおまがり
100%
北岡崎駅 岡崎市 きたおかざき
100%
北小谷駅 小谷村 きたおたり
100%
北加賀屋駅 大阪市 きたかがや
100%
北春日部駅 春日部市 きたかすかべ
100%
喜多方駅 喜多方市 きたかた
100%
北方駅 武雄市 きたがた
100%
北鎌倉駅 鎌倉市 きたかまくら
100%
北熊本駅 熊本市 きたくまもと
100%
北久米駅 松山市 きたくめ
100%
北府駅 越前市 きたご
100%
北郷駅 日南市 きたごう
100%
北鴻巣駅 鴻巣市 きたこうのす
100%
北越谷駅 越谷市 きたこしがや
100%
北小松駅 大津市 きたこまつ
100%
北佐世保駅 佐世保市 きたさせぼ
100%
北鯖江駅 鯖江市 きたさばえ
100%
北34条駅 札幌市 きたさんじゅうよじょう
100%
北三条駅 三条市 きたさんじょう
100%
北13条東駅 札幌市 きたじゅうさんじょうひがし
100%
北18条駅 札幌市 きたじゅうはちじょう
100%
北白川駅 白石市 きたしらかわ
100%
北新横浜駅 横浜市 きたしんよこはま
100%
北助松駅 泉大津市 きたすけまつ
100%
北千束駅 大田区 きたせんぞく
100%
北仙台駅 仙台市 きたせんだい
100%
北千里駅 吹田市 きたせんり
100%
北秩父別駅 秩父別町 きたちっぷべつ
100%
北天下茶屋停留場 大阪市 きたてんがちゃや
100%
北戸田駅 戸田市 きたとだ
100%
北長岡駅 長岡市 きたながおか
100%
北中込駅 佐久市 きたなかごみ
100%
北長瀬駅 岡山市 きたながせ
100%
北長野駅 長野市 きたながの
100%
北永山駅 旭川市 きたながやま
100%
北習志野駅 船橋市 きたならしの
100%
北野田駅 堺市 きたのだ
100%
北野白梅町駅 京都市 きたのはくばいちょう
100%
北延岡駅 延岡市 きたのべおか
100%
北野辺地駅 野辺地町 きたのへじ
100%
北畠停留場 大阪市 きたばたけ
100%
北八王子駅 八王子市 きたはちおうじ
100%
北初富駅 鎌ケ谷市 きたはつとみ
100%
北花田駅 堺市 きたはなだ
100%
北浜駅 網走市 きたはま
100%
木太東口駅 高松市 きたひがしぐち
100%
北広島駅 北広島市 きたひろしま
100%
北藤岡駅 藤岡市 きたふじおか
100%
北府中駅 府中市 きたふちゅう
100%
北舟岡駅 伊達市 きたふなおか
100%
北堀之内駅 魚沼市 きたほりのうち
100%
北間駅 金沢市 きたま
100%
北松本駅 松本市 きたまつもと
100%
北丸森駅 丸森町 きたまるもり
100%
北見駅 北見市 きたみ
100%
喜多見駅 世田谷区 きたみ
100%
北本駅 北本市 きたもと
100%
北山停留場 いの町 きたやま
100%
北山田駅 玖珠町 きたやまだ
100%
北吉田駅 燕市 きたよしだ
100%
北吉原駅 白老町 きたよしはら
100%
北与野駅 さいたま市 きたよの
100%
木津川駅 大阪市 きづがわ
100%
木津川台駅 木津川市 きづがわだい
100%
城戸南蔵院前駅 篠栗町 きどなんぞういんまえ
100%
岐南駅 岐南町 ぎなん
100%
鬼怒川公園駅 日光市 きぬがわこうえん
100%
絹延橋駅 川西市 きぬのべばし
100%
木野駅 京都市 きの
100%
紀ノ川駅 和歌山市 きのかわ
100%
木ノ下駅 箕輪町 きのした
100%
来宮駅 熱海市 きのみや
100%
木野山駅 高梁市 きのやま
100%
木場駅 江東区 きば
100%
吉備津駅 岡山市 きびつ
100%
儀保駅 那覇市 ぎぼ
100%
希望ヶ丘駅 横浜市 きぼうがおか
100%
希望が丘高校前駅 中間市 きぼうがおかこうこうまえ
100%
紀三井寺駅 和歌山市 きみいでら
100%
君ヶ浜駅 銚子市 きみがはま
100%
君津駅 君津市 きみつ
100%
紀見峠駅 橋本市 きみとうげ
100%
急患医療センター前停留場 高岡市 きゅうかんいりょうせんたーまえ
100%
旧居留地・大丸前駅 神戸市 きゅうきょりゅうち・だいまるまえ
100%
九州工大前駅 北九州市 きゅうしゅうこうだいまえ
100%
球泉洞駅 球磨村 きゅうせんどう
100%
九大学研都市駅 福岡市 きゅうだいがっけんとし
100%
京ケ瀬駅 阿賀野市 きょうがせ
100%
京口駅 姫路市 きょうぐち
100%
行啓通停留場 札幌市 ぎょうけいどおり
100%
行田駅 行田市 ぎょうだ
100%
京丹後大宮駅 京丹後市 きょうたんごおおみや
100%
競艇場前駅 府中市 きょうていじょうまえ
100%
京都駅 京都市 きょうと
100%
京都河原町駅 京都市 きょうとかわらまち
100%
行徳駅 市川市 ぎょうとく
100%
京都市役所前駅 京都市 きょうとしやくしょまえ
100%
共和駅 大府市 きょうわ
100%
清川駅 庄内町 きよかわ
100%
清川口駅 北斗市 きよかわぐち
100%
玉桂寺前駅 甲賀市 ぎょくけいじまえ
100%
清里駅 北杜市 きよさと
100%
清荒神駅 宝塚市 きよしこうじん
100%
清澄白河駅 江東区 きよすみしらかわ
100%
清瀬駅 清瀬市 きよせ
100%
清水五条駅 京都市 きよみずごじょう
100%
切石駅 飯田市 きりいし
100%
吉里吉里駅 大槌町 きりきり
100%
霧島温泉駅 霧島市 きりしまおんせん
100%
霧島神宮駅 霧島市 きりしまじんぐう
100%
切通駅 岐阜市 きりどおし
100%
切目駅 印南町 きりめ
100%
桐生球場前駅 桐生市 きりゅうきゅうじょうまえ
100%
紀和駅 和歌山市 きわ
100%
銀座駅 中央区 ぎんざ
100%
銀水駅 大牟田市 ぎんすい
100%
金田一温泉駅 二戸市 きんたいちおんせん
100%
近鉄郡山駅 大和郡山市 きんてつこおりやま
100%
近鉄新庄駅 葛城市 きんてつしんじょう
100%
近鉄丹波橋駅 京都市 きんてつたんばばし
100%
近鉄富田駅 四日市市 きんてつとみだ
100%
近鉄長島駅 桑名市 きんてつながしま
100%
近鉄名古屋駅 名古屋市 きんてつなごや
100%
近鉄奈良駅 奈良市 きんてつなら
100%
近鉄日本橋駅 大阪市 きんてつにっぽんばし
100%
近鉄弥富駅 弥富市 きんてつやとみ
100%
近鉄四日市駅 四日市市 きんてつよっかいち
100%
金野駅 飯田市 きんの
100%
くいな橋駅 京都市 くいなばし
100%
空港第2ビル駅 成田市 くうこうだいにびる
100%
久我原駅 大多喜町 くがはら
100%
久我山駅 杉並区 くがやま
100%
九鬼駅 尾鷲市 くき
100%
久々原駅 早島町 くぐはら
100%
久下田駅 真岡市 くげた
100%
鵠沼駅 藤沢市 くげぬま
100%
鵠沼海岸駅 藤沢市 くげぬまかいがん
100%
久下村駅 丹波市 くげむら
100%
草江駅 宇部市 くさえ
100%
日下駅 日高村 くさか
100%
久崎駅 佐用町 くざき
100%
草野駅 いわき市 くさの
100%
朽網駅 北九州市 くさみ
100%
串駅 伊予市 くし
100%
久地駅 川崎市 くじ
100%
串木野駅 いちき串木野市 くしきの
100%
櫛田神社前駅 福岡市 くしだじんじゃまえ
100%
串間駅 串間市 くしま
100%
串本駅 串本町 くしもと
100%
九条駅 大和郡山市 くじょう
100%
釧路湿原駅 釧路町 くしろしつげん
100%
楠駅 四日市市 くす
100%
葛駅 御所市 くず
100%
葛生駅 佐野市 くずう
100%
葛岡駅 仙台市 くずおか
100%
楠久駅 伊万里市 くすく
100%
薬水駅 大淀町 くすりみず
100%
九頭竜湖駅 大野市 くずりゅうこ
100%
久谷駅 新温泉町 くたに
100%
九段下駅 千代田区 くだんした
100%
沓掛駅 志摩市 くつかけ
100%
久津川駅 城陽市 くつかわ
100%
九度山駅 九度山町 くどやま
100%
国定駅 伊勢崎市 くにさだ
100%
国見駅 仙台市 くにみ
100%
くぬぎ山駅 鎌ケ谷市 くぬぎやま
100%
玖波駅 大竹市 くば
100%
久原駅 伊万里市 くばら
100%
久保田駅 佐賀市 くぼた
100%
九品寺交差点停留場 熊本市 くほんじこうさてん
100%
熊西駅 北九州市 くまにし
100%
熊野前駅 荒川区 くまのまえ
100%
熊本駅 熊本市 くまもと
100%
玖村駅 広島市 くむら
100%
久米川駅 東村山市 くめがわ
100%
雲井駅 甲賀市 くもい
100%
苦楽園口駅 西宮市 くらくえんぐち
100%
倉敷市駅 倉敷市 くらしきし
100%
倉永駅 大牟田市 くらなが
100%
倉橋駅 旭市 くらはし
100%
鞍馬駅 京都市 くらま
100%
鞍馬口駅 京都市 くらまぐち
100%
倉見駅 寒川町 くらみ
100%
蔵本駅 徳島市 くらもと
100%
倉吉駅 倉吉市 くらよし
100%
グランド通停留場 高知市 ぐらんどどおり
100%
グランドプラザ前停留場 富山市 ぐらんどぷらざまえ
100%
グリーンスタジアム前停留場 宇都宮市 ぐりーんすたじあむまえ
100%
倶利伽羅駅 津幡町 くりから
100%
栗野駅 湧水町 くりの
100%
栗平駅 川崎市 くりひら
100%
久留米駅 久留米市 くるめ
100%
久留里駅 君津市 くるり
100%
呉羽駅 富山市 くれは
100%
呉ポートピア駅 呉市 くれぽーとぴあ
100%
黒石駅 黒石市 くろいし
100%
黒磯駅 那須塩原市 くろいそ
100%
黒井村駅 下関市 くろいむら
100%
九郎原駅 飯塚市 くろうばる
100%
黒江駅 海南市 くろえ
100%
黒川駅 まんのう町 くろかわ
100%
黒坂駅 日野町 くろさか
100%
黒崎駅 北九州市 くろさき
100%
黒崎駅前駅 北九州市 くろさきえきまえ
100%
黒沢駅 横手市 くろさわ
100%
黒田原駅 那須町 くろだはら
100%
黒姫駅 信濃町 くろひめ
100%
黒松内駅 黒松内町 くろまつない
100%
黒山駅 新潟市 くろやま
100%
桑川駅 村上市 くわがわ
100%
桑名駅 桑名市 くわな
100%
桑名川駅 飯山市 くわながわ
100%
郡中駅 伊予市 ぐんちゅう
100%
郡中港駅 伊予市 ぐんちゅうこう
100%
群馬大津駅 長野原町 ぐんまおおつ
100%
群馬藤岡駅 藤岡市 ぐんまふじおか
100%
京王稲田堤駅 川崎市 けいおういなだづつみ
100%
京王多摩川駅 調布市 けいおうたまがわ
100%
京王多摩センター駅 多摩市 けいおうたませんたー
100%
京王永山駅 多摩市 けいおうながやま
100%
京王八王子駅 八王子市 けいおうはちおうじ
100%
京王よみうりランド駅 稲城市 けいおうよみうりらんど
100%
京急蒲田駅 大田区 けいきゅうかまた
100%
京急新子安駅 横浜市 けいきゅうしんこやす
100%
京急田浦駅 横須賀市 けいきゅうたうら
100%
京急東神奈川駅 横浜市 けいきゅうひがしかながわ
100%
警察署前停留場 松山市 けいさつしょまえ
100%
京成稲毛駅 千葉市 けいせいいなげ
100%
京成上野駅 台東区 けいせいうえの
100%
京成臼井駅 佐倉市 けいせいうすい
100%
京成大久保駅 習志野市 けいせいおおくぼ
100%
京成大和田駅 八千代市 けいせいおおわだ
100%
京成小岩駅 江戸川区 けいせいこいわ
100%
京成佐倉駅 佐倉市 けいせいさくら
100%
京成高砂駅 葛飾区 けいせいたかさご
100%
京成津田沼駅 習志野市 けいせいつだぬま
100%
京成成田駅 成田市 けいせいなりた
100%
京成西船駅 船橋市 けいせいにしふな
100%
京成船橋駅 船橋市 けいせいふなばし
100%
京成幕張駅 千葉市 けいせいまくはり
100%
京成幕張本郷駅 千葉市 けいせいまくはりほんごう
100%
京成八幡駅 市川市 けいせいやわた
100%
芸大通駅 長久手市 げいだいどおり
100%
競馬場前駅 北九州市 けいばじょうまえ
100%
京阪大津京駅 大津市 けいはんおおつきょう
100%
競輪場前駅 富山市 けいりんじょうまえ
100%
気仙沼駅 気仙沼市 けせんぬま
100%
けやき台駅 基山町 けやきだい
100%
下呂駅 下呂市 げろ
100%
健軍交番前停留場 熊本市 けんぐんこうばんまえ
100%
健軍町停留場 熊本市 けんぐんまち
100%
県庁通り停留場 岡山市 けんちょうどおり
100%
県庁前駅 千葉市 けんちょうまえ
100%
県庁前停留場 富山市 けんちょうまえ
100%
源道寺駅 富士宮市 げんどうじ
100%
原爆ドーム前停留場 広島市 げんばくどーむまえ
100%
県立体育館前停留場 熊本市 けんりつたいいくかんまえ
100%
県立美術館前駅 静岡市 けんりつびじゅつかんまえ
100%
五井駅 市原市 ごい
100%
恋ヶ窪駅 国分寺市 こいがくぼ
100%
小井川駅 中央市 こいかわ
100%
小泉駅 多治見市 こいずみ
100%
古泉駅 松前町 こいずみ
100%
小泉町駅 大泉町 こいずみまち
100%
小出駅 魚沼市 こいで
100%
恋山形駅 智頭町 こいやまがた
100%
小岩駅 江戸川区 こいわ
100%
小岩井駅 滝沢市 こいわい
100%
小岩川駅 鶴岡市 こいわがわ
100%
広域公園前駅 広島市 こういきこうえんまえ
100%
公園西駅 長久手市 こうえんにし
100%
公園東口駅 吹田市 こうえんひがしぐち
100%
甲賀駅 甲賀市 こうか
100%
広貫堂前停留場 富山市 こうかんどうまえ
100%
工機前駅 ひたちなか市 こうきまえ
100%
工業団地駅 宿毛市 こうぎょうだんち
100%
高座渋谷駅 大和市 こうざしぶや
100%
郷沢駅 蓬田村 ごうさわ
100%
甲子園駅 西宮市 こうしえん
100%
甲子園口駅 西宮市 こうしえんぐち
100%
甲州街道駅 日野市 こうしゅうかいどう
100%
甲西駅 湖南市 こうせい
100%
高蔵寺駅 春日井市 こうぞうじ
100%
高速神戸駅 神戸市 こうそくこうべ
100%
幸田駅 幸田町 こうだ
100%
高知駅 高知市 こうち
100%
高知駅前停留場 高知市 こうちえきまえ
100%
高知商業前駅 高知市 こうちしょうぎょうまえ
100%
交通センター前駅 和歌山市 こうつうせんたーまえ
100%
上月駅 佐用町 こうづき
100%
甲東園駅 西宮市 こうとうえん
100%
豪徳寺駅 世田谷区 ごうとくじ
100%
甲南駅 甲賀市 こうなん
100%
港南台駅 横浜市 こうなんだい
100%
港南中央駅 横浜市 こうなんちゅうおう
100%
甲南山手駅 神戸市 こうなんやまて
100%
甲奴駅 三次市 こうぬ
100%
鴻池新田駅 東大阪市 こうのいけしんでん
100%
コウノトリの郷駅 豊岡市 こうのとりのさと
100%
甲府駅 甲府市 こうふ
100%
光風台駅 市原市 こうふうだい
100%
神戸駅 神戸市 こうべ
100%
神戸空港駅 神戸市 こうべくうこう
100%
神戸三宮駅 神戸市 こうべさんのみや
100%
港北駅 名古屋市 こうほく
100%
好摩駅 盛岡市 こうま
100%
小海駅 小海町 こうみ
100%
光明寺駅 永平寺町 こうみょうじ
100%
荒野台駅 鹿嶋市 こうやだい
100%
甲陽園駅 西宮市 こうようえん
100%
小浦駅 佐々町 こうら
100%
後楽園駅 文京区 こうらくえん
100%
公立病院前駅 多良木町 こうりつびょういんまえ
100%
香呂駅 姫路市 こうろ
100%
河和口駅 美浜町 こうわぐち
100%
郡山駅 郡山市 こおりやま
100%
古河駅 古河市 こが
100%
古賀駅 古賀市 こが
100%
五箇荘駅 東近江市 ごかしょう
100%
小金井駅 下野市 こがねい
100%
黄金町駅 横浜市 こがねちょう
100%
国際会館駅 京都市 こくさいかいかん
100%
国際会議場前停留場 富山市 こくさいかいぎじょうまえ
100%
国際センター駅 仙台市 こくさいせんたー
100%
国際展示場駅 江東区 こくさいてんじじょう
100%
小串駅 下関市 こぐし
100%
国道駅 横浜市 こくどう
100%
国分駅 高松市 こくぶ
100%
国府多賀城駅 多賀城市 こくふたがじょう
100%
国分寺駅 国分寺市 こくぶんじ
100%
国母駅 昭和町 こくぼ
100%
小倉駅 北九州市 こくら
100%
極楽駅 恵那市 ごくらく
100%
極楽寺駅 鎌倉市 ごくらくじ
100%
極楽橋駅 高野町 ごくらくばし
100%
国領駅 調布市 こくりょう
100%
苔縄駅 上郡町 こけなわ
100%
小牛田駅 美里町 こごた
100%
小坂井駅 豊川市 こざかい
100%
小佐野駅 釜石市 こさの
100%
小沢駅 共和町 こざわ
100%
後三年駅 美郷町 ごさんねん
100%
越ケ浜駅 萩市 こしがはま
100%
越部駅 大淀町 こしべ
100%
児島駅 倉敷市 こじま
100%
小島新田駅 川崎市 こじましんでん
100%
越水駅 つがる市 こしみず
100%
五条駅 五條市 ごじょう
100%
虎杖浜駅 白老町 こじょうはま
100%
小杉駅 富山市 こすぎ
100%
コスモスクエア駅 大阪市 こすもすくえあ
100%
後台駅 那珂市 ごだい
100%
小竹駅 小竹町 こたけ
100%
小竹向原駅 練馬区 こたけむかいはら
100%
五反田駅 品川区 ごたんだ
100%
五反野駅 足立区 ごたんの
100%
五知駅 志摩市 ごち
100%
御着駅 姫路市 ごちゃく
100%
古津賀駅 四万十市 こつか
100%
小机駅 横浜市 こづくえ
100%
木津用水駅 扶桑町 こつようすい
100%
小手指駅 所沢市 こてさし
100%
御殿場駅 御殿場市 ごてんば
100%
五島町停留場 長崎市 ごとうまち
100%
琴芝駅 宇部市 ことしば
100%
琴電琴平駅 琴平町 ことでんことひら
100%
琴電屋島駅 高松市 ことでんやしま
100%
琴似駅 札幌市 ことに
100%
琴平駅 琴平町 ことひら
100%
こどもの国駅 横浜市 こどものくに
100%
小中野駅 八戸市 こなかの
100%
五農校前駅 五所川原市 ごのうこうまえ
100%
五ノ三駅 弥富市 ごのさん
100%
小橋停留場 岡山市 こばし
100%
小波渡駅 鶴岡市 こばと
100%
五百川駅 本宮市 ごひゃくがわ
100%
呉服町停留場 熊本市 ごふくまち
100%
小渕駅 北秋田市 こぶち
100%
古部駅 雲仙市 こべ
100%
御坊駅 御坊市 ごぼう
100%
小舞子駅 白山市 こまいこ
100%
駒形駅 前橋市 こまがた
100%
駒ケ根駅 駒ヶ根市 こまがね
100%
駒川中野駅 大阪市 こまがわなかの
100%
小牧駅 小牧市 こまき
100%
小牧口駅 小牧市 こまきぐち
100%
小牧原駅 小牧市 こまきはら
100%
駒込駅 豊島区 こまごめ
100%
駒沢大学駅 世田谷区 こまざわだいがく
100%
狛田駅 精華町 こまだ
100%
小松川駅 横手市 こまつかわ
100%
駒野駅 海津市 こまの
100%
駒場車庫前停留場 函館市 こまばしゃこまえ
100%
小湊駅 平内町 こみなと
100%
小室駅 船橋市 こむろ
100%
米野駅 名古屋市 こめの
100%
米ノ津駅 出水市 こめのつ
100%
後免駅 南国市 ごめん
100%
後免中町停留場 南国市 ごめんなかまち
100%
後免町駅 南国市 ごめんまち
100%
小本駅 名古屋市 こもと
100%
小屋浦駅 坂町 こやうら
100%
子安駅 横浜市 こやす
100%
小屋の畑駅 八幡平市 こやのはた
100%
古里駅 奥多摩町 こり
100%
御領駅 南九州市 ごりょう
100%
五稜郭駅 函館市 ごりょうかく
100%
御陵前停留場 堺市 ごりょうまえ
100%
是政駅 府中市 これまさ
100%
五郎丸駅 久留米市 ごろうまる
100%
金剛駅 大阪狭山市 こんごう
100%
権堂駅 長野市 ごんどう
100%
昆布駅 蘭越町 こんぶ
100%
西郷駅 雲仙市 さいごう
100%
再春医療センター前駅 合志市 さいしゅんいりょうせんたーまえ
100%
さいたま新都心駅 さいたま市 さいたましんとしん
100%
蔵王駅 山形市 ざおう
100%
坂駅 坂町 さか
100%
佐賀駅 佐賀市 さが
100%
堺駅 堺市 さかい
100%
堺筋本町駅 大阪市 さかいすじほんまち
100%
堺田駅 最上町 さかいだ
100%
堺東駅 堺市 さかいひがし
100%
境町駅 伊勢崎市 さかいまち
100%
境松駅 黒石市 さかいまつ
100%
境港駅 境港市 さかいみなと
100%
栄駅 名古屋市 さかえ
100%
寒河江駅 寒河江市 さがえ
100%
栄町停留場 北区 さかえちょう
100%
坂城駅 坂城町 さかき
100%
坂北駅 筑北村 さかきた
100%
榊原温泉口駅 津市 さかきばらおんせんぐち
100%
佐賀公園駅 黒潮町 さがこうえん
100%
坂下駅 中津川市 さかした
100%
酒田駅 酒田市 さかた
100%
坂田駅 米原市 さかた
100%
坂戸駅 坂戸市 さかど
100%
坂根駅 新見市 さかね
100%
坂部駅 阿久比町 さかべ
100%
坂町駅 村上市 さかまち
100%
相模大野駅 相模原市 さがみおおの
100%
相模金子駅 大井町 さがみかねこ
100%
相模原駅 相模原市 さがみはら
100%
坂本比叡山口駅 大津市 さかもとひえいざんぐち
100%
佐川駅 佐川町 さかわ
100%
鷺沼駅 川崎市 さぎぬま
100%
鷺ノ宮駅 中野区 さぎのみや
100%
咲花駅 五泉市 さきはな
100%
崎守駅 室蘭市 さきもり
100%
佐久駅 中川町 さく
100%
作草部駅 千葉市 さくさべ
100%
佐久平駅 佐久市 さくだいら
100%
佐久広瀬駅 南牧村 さくひろせ
100%
佐倉駅 佐倉市 さくら
100%
桜駅 名古屋市 さくら
100%
桜岡駅 旭川市 さくらおか
100%
桜街道駅 東大和市 さくらかいどう
100%
桜ヶ丘駅 大和市 さくらがおか
100%
桜木駅 千葉市 さくらぎ
100%
桜木町駅 横浜市 さくらぎちょう
100%
桜沢駅 寄居町 さくらざわ
100%
桜島駅 大阪市 さくらじま
100%
桜島桟橋通停留場 鹿児島市 さくらじまさんばしどおり
100%
桜新町駅 世田谷区 さくらしんまち
100%
桜台駅 練馬区 さくらだい
100%
桜田門駅 千代田区 さくらだもん
100%
桜並木駅 福岡市 さくらなみき
100%
桜橋停留場 富山市 さくらばし
100%
桜町駅 飯田市 さくらまち
100%
桜水駅 福島市 さくらみず
100%
桜山駅 名古屋市 さくらやま
100%
さくらんぼ東根駅 東根市 さくらんぼひがしね
100%
佐古駅 徳島市 さこ
100%
佐々駅 佐々町 さざ
100%
笹川駅 東庄町 ささがわ
100%
佐々木駅 新発田市 ささき
100%
笹木野駅 福島市 ささきの
100%
笹子駅 大月市 ささご
100%
ささしまライブ駅 名古屋市 ささしまらいぶ
100%
笹塚駅 渋谷区 ささづか
100%
笹谷駅 福島市 ささや
100%
貞光駅 つるぎ町 さだみつ
100%
幸浦駅 横浜市 さちうら
100%
佐津駅 香美町 さつ
100%
札苅駅 木古内町 さつかり
100%
札内駅 幕別町 さつない
100%
札幌駅 札幌市 さっぽろ
100%
さっぽろ駅 札幌市 さっぽろ
100%
サッポロビール庭園駅 恵庭市 さっぽろびーるていえん
100%
薩摩板敷駅 枕崎市 さつまいたしき
100%
薩摩今和泉駅 指宿市 さつまいまいずみ
100%
薩摩川尻駅 指宿市 さつまかわしり
100%
薩摩松元駅 鹿児島市 さつままつもと
100%
里駅 伊万里市 さと
100%
里見駅 市原市 さとみ
100%
佐土原駅 宮崎市 さどわら
100%
佐那具駅 伊賀市 さなぐ
100%
讃岐相生駅 東かがわ市 さぬきあいおい
100%
讃岐塩屋駅 丸亀市 さぬきしおや
100%
讃岐府中駅 坂出市 さぬきふちゅう
100%
讃岐牟礼駅 高松市 さぬきむれ
100%
佐野駅 佐野市 さの
100%
佐野のわたし駅 高崎市 さののわたし
100%
鯖江駅 鯖江市 さばえ
100%
鯖瀬駅 海陽町 さばせ
100%
寒川駅 寒川町 さむかわ
100%
鮫駅 八戸市 さめ
100%
醒ケ井駅 米原市 さめがい
100%
鮫洲駅 品川区 さめず
100%
佐屋駅 愛西市 さや
100%
狭山駅 大阪狭山市 さやま
100%
狭山市駅 狭山市 さやまし
100%
佐用駅 佐用町 さよ
100%
佐里駅 唐津市 さり
100%
猿橋駅 大月市 さるはし
100%
猿和田駅 五泉市 さるわだ
100%
佐和駅 ひたちなか市 さわ
100%
沢駅 箕輪町 さわ
100%
沢井駅 青梅市 さわい
100%
沢尻駅 大館市 さわじり
100%
沢中山駅 立山町 さわなかやま
100%
沢ノ町駅 大阪市 さわのちょう
100%
沢間駅 川根本町 さわま
100%
佐原駅 香取市 さわら
100%
沢良宜駅 茨木市 さわらぎ
100%
沢渡駅 伊那市 さわんど
100%
三ヶ森駅 北九州市 さんがもり
100%
産業振興センター駅 横浜市 さんぎょうしんこうせんたー
100%
参宮橋駅 渋谷区 さんぐうばし
100%
三条駅 三条市 さんじょう
100%
三条京阪駅 京都市 さんじょうけいはん
100%
三ノ宮駅 神戸市 さんのみや
100%
桟橋通五丁目停留場 高知市 さんばしどおりごちょうめ
100%
桟橋通三丁目停留場 高知市 さんばしどおりさんちょうめ
100%
桟橋通二丁目停留場 高知市 さんばしどおりにちょうめ
100%
桟橋通四丁目停留場 高知市 さんばしどおりよんちょうめ
100%
三枚橋駅 太田市 さんまいばし
100%
山陽女学園前駅 廿日市市 さんようじょがくえんまえ
100%
山陽須磨駅 神戸市 さんようすま
100%
山陽曽根駅 高砂市 さんようそね
100%
山陽天満駅 姫路市 さんようてんま
100%
山陽姫路駅 姫路市 さんようひめじ
100%
三里木駅 菊陽町 さんりぎ
100%
三陸駅 大船渡市 さんりく
100%
思案橋停留場 長崎市 しあんばし
100%
志井駅 北九州市 しい
100%
志井公園駅 北九州市 しいこうえん
100%
JR小倉駅 宇治市 じぇいあーるおぐら
100%
JR河内永和駅 東大阪市 じぇいあーるかわちえいわ
100%
JR五位堂駅 香芝市 じぇいあーるごいどう
100%
JR総持寺駅 茨木市 じぇいあーるそうじじ
100%
JR長瀬駅 東大阪市 じぇいあーるながせ
100%
JR野江駅 大阪市 じぇいあーるのえ
100%
JR藤森駅 京都市 じぇいあーるふじのもり
100%
JR松山駅前停留場 松山市 じぇいあーるまつやまえきまえ
100%
自衛隊前駅 札幌市 じえいたいまえ
100%
塩釜駅 塩竈市 しおがま
100%
塩狩駅 和寒町 しおかり
100%
塩郷駅 川根本町 しおごう
100%
塩崎駅 甲斐市 しおざき
100%
塩田町駅 上田市 しおだまち
100%
汐留駅 港区 しおどめ
100%
塩之沢駅 身延町 しおのさわ
100%
汐ノ宮駅 河内長野市 しおのみや
100%
塩町駅 三次市 しおまち
100%
潮見駅 江東区 しおみ
100%
塩谷駅 小樽市 しおや
100%
志賀駅 大津市 しが
100%
滋賀里駅 大津市 しがさと
100%
飾磨駅 姫路市 しかま
100%
信楽駅 甲賀市 しがらき
100%
紫香楽宮跡駅 甲賀市 しがらきぐうし
100%
志紀駅 八尾市 しき
100%
志木駅 新座市 しき
100%
敷島駅 渋川市 しきしま
100%
敷戸駅 大分市 しきど
100%
敷浪駅 宝達志水町 しきなみ
100%
鴫野駅 大阪市 しぎの
100%
四季の郷駅 白鷹町 しきのさと
100%
志貴野中学校前停留場 高岡市 しきのちゅうがっこうまえ
100%
繁藤駅 香美市 しげとう
100%
重富駅 姶良市 しげとみ
100%
地御前駅 廿日市市 じごぜん
100%
ししぶ駅 古賀市 ししぶ
100%
四十九駅 伊賀市 しじゅく
100%
四条駅 京都市 しじょう
100%
静駅 那珂市 しず
100%
酒々井駅 酒々井町 しすい
100%
静狩駅 長万部町 しずかり
100%
静和駅 栃木市 しずわ
100%
自然園前駅 郡上市 しぜんえんまえ
100%
地蔵橋駅 徳島市 じぞうばし
100%
地蔵町駅 松前町 じぞうまち
100%
下段駅 立山町 しただん
100%
自治医大駅 下野市 じちいだい
100%
七軒茶屋駅 広島市 しちけんぢゃや
100%
七条駅 京都市 しちじょう
100%
尻手駅 川崎市 しって
100%
四天王寺前夕陽ヶ丘駅 大阪市 してんのうじまえゆうひがおか
100%
自動車学校前駅 浜松市 じどうしゃがっこうまえ
100%
品川駅 港区 しながわ
100%
信濃追分駅 軽井沢町 しなのおいわけ
100%
信濃大町駅 大町市 しなのおおまち
100%
信濃川上駅 川上村 しなのかわかみ
100%
信濃川島駅 辰野町 しなのかわしま
100%
信濃平駅 飯山市 しなのたいら
100%
信濃竹原駅 中野市 しなのたけはら
100%
信濃常盤駅 大町市 しなのときわ
100%
信濃町駅 新宿区 しなのまち
100%
信濃松川駅 松川村 しなのまつかわ
100%
篠崎駅 江戸川区 しのざき
100%
信太山駅 和泉市 しのだやま
100%
篠塚駅 邑楽町 しのづか
100%
篠ノ井駅 長野市 しののい
100%
東雲駅 江東区 しののめ
100%
篠原駅 近江八幡市 しのはら
100%
篠原停留場 南国市 しのはら
100%
四宮駅 京都市 しのみや
100%
篠目駅 山口市 しのめ
100%
芝浦ふ頭駅 港区 しばうらふとう
100%
芝公園駅 港区 しばこうえん
100%
柴崎駅 調布市 しばさき
100%
柴崎体育館駅 立川市 しばさきたいいくかん
100%
柴宿駅 一関市 しばじゅく
100%
新発田駅 新発田市 しばた
100%
柴田駅 名古屋市 しばた
100%
柴平駅 鹿角市 しばひら
100%
渋川駅 渋川市 しぶかわ
100%
渋木駅 長門市 しぶき
100%
地福駅 山口市 じふく
100%
志布志駅 志布志市 しぶし
100%
渋谷駅 渋谷区 しぶや
100%
志文駅 岩見沢市 しぶん
100%
標茶駅 標茶町 しべちゃ
100%
士別駅 士別市 しべつ
100%
志摩赤崎駅 鳥羽市 しまあかさき
100%
志摩磯部駅 志摩市 しまいそべ
100%
島氏永駅 稲沢市 しまうじなが
100%
島内駅 松本市 しまうち
100%
島尾駅 氷見市 しまお
100%
志摩神明駅 志摩市 しましんめい
100%
島ノ関駅 大津市 しまのせき
100%
島原駅 島原市 しまばら
100%
島本駅 島本町 しまもと
100%
清水駅 静岡市 しみず
100%
清水公園駅 野田市 しみずこうえん
100%
清水町停留場 松山市 しみずまち
100%
市民公園前駅 各務原市 しみんこうえんまえ
100%
市民広場駅 神戸市 しみんひろば
100%
志村坂上駅 板橋区 しむらさかうえ
100%
志村三丁目駅 板橋区 しむらさんちょうめ
100%
志茂駅 北区 しも
100%
下天津駅 福知山市 しもあまづ
100%
下飯田駅 横浜市 しもいいだ
100%
下井草駅 杉並区 しもいぐさ
100%
下井阪駅 紀の川市 しもいさか
100%
下泉駅 川根本町 しもいずみ
100%
下伊田駅 田川市 しもいた
100%
下市駅 大山町 しもいち
100%
下今市駅 日光市 しもいまいち
100%
下総神崎駅 神崎町 しもうさこうざき
100%
下総橘駅 東庄町 しもうさたちばな
100%
下総豊里駅 銚子市 しもうさとよさと
100%
下浦駅 石井町 しもうら
100%
下宇和駅 西予市 しもうわ
100%
下大利駅 大野城市 しもおおり
100%
下小川駅 常陸大宮市 しもおがわ
100%
下小田井駅 清須市 しもおたい
100%
下鴨生駅 嘉麻市 しもかもお
100%
下里駅 那智勝浦町 しもさと
100%
下地駅 豊橋市 しもじ
100%
下志比駅 永平寺町 しもしい
100%
下島駅 伊那市 しもじま
100%
下諏訪駅 下諏訪町 しもすわ
100%
下館駅 筑西市 しもだて
100%
下津駅 海南市 しもつ
100%
下野大沢駅 日光市 しもつけおおさわ
100%
下灘駅 伊予市 しもなだ
100%
下沼駅 幌延町 しもぬま
100%
下庄駅 亀山市 しものしょう
100%
下浜駅 秋田市 しもはま
100%
下北条駅 北栄町 しもほうじょう
100%
下溝駅 相模原市 しもみぞ
100%
下夜久野駅 福知山市 しもやくの
100%
下山口駅 所沢市 しもやまぐち
100%
下山村駅 飯田市 しもやまむら
100%
下湯沢駅 湯沢市 しもゆざわ
100%
下和知駅 三次市 しもわち
100%
市役所停留場 長崎市 しやくしょ
100%
市役所前停留場 函館市 しやくしょまえ
100%
社台駅 白老町 しゃだい
100%
ジヤトコ前駅 富士市 じやとこまえ
100%
十王駅 日立市 じゅうおう
100%
自由が丘駅 目黒区 じゆうがおか
100%
十九条駅 瑞穂市 じゅうくじょう
100%
十条駅 北区 じゅうじょう
100%
修大協創中高前駅 広島市 しゅうだいきょうそうちゅうこうまえ
100%
十二湖駅 深浦町 じゅうにこ
100%
十文字駅 横手市 じゅうもんじ
100%
聚楽園駅 東海市 しゅうらくえん
100%
夙川駅 西宮市 しゅくがわ
100%
宿川原駅 大鰐町 しゅくがわら
100%
修善寺駅 伊豆市 しゅぜんじ
100%
首里駅 那覇市 しゅり
100%
純心学園前停留場 鹿児島市 じゅんしんがくえんまえ
100%
松陰神社前駅 世田谷区 しょういんじんじゃまえ
100%
商業高校前停留場 熊本市 しょうぎょうこうこうまえ
100%
上下駅 府中市 じょうげ
100%
上下浜駅 上越市 じょうげはま
100%
商工会議所前駅 福井市 しょうこうかいぎしょまえ
100%
商工センター入口駅 広島市 しょうこうせんたーいりぐち
100%
上州一ノ宮駅 富岡市 じょうしゅういちのみや
100%
上州富岡駅 富岡市 じょうしゅうとみおか
100%
上州福島駅 甘楽町 じょうしゅうふくしま
100%
浄心駅 名古屋市 じょうしん
100%
浄水駅 豊田市 じょうすい
100%
生田駅 仙北市 しょうでん
100%
聖天坂停留場 大阪市 しょうてんさか
100%
上道駅 岡山市 じょうとう
100%
庄内駅 由布市 しょうない
100%
庄内通駅 名古屋市 しょうないどおり
100%
庄内緑地公園駅 名古屋市 しょうないりょくちこうえん
100%
湘南江の島駅 藤沢市 しょうなんえのしま
100%
湘南台駅 藤沢市 しょうなんだい
100%
湘南深沢駅 鎌倉市 しょうなんふかさわ
100%
湘南町屋駅 鎌倉市 しょうなんまちや
100%
城野駅 北九州市 じょうの
100%
荘原駅 出雲市 しょうばら
100%
城北駅 広島市 じょうほく
100%
城陽駅 城陽市 じょうよう
100%
上呂駅 下呂市 じょうろ
100%
昭和駅 川崎市 しょうわ
100%
昭和橋停留場 函館市 しょうわばし
100%
女学院前停留場 広島市 じょがくいんまえ
100%
白市駅 東広島市 しらいち
100%
白糸台駅 府中市 しらいとだい
100%
白岡駅 白岡市 しらおか
100%
白河駅 白河市 しらかわ
100%
白川口駅 白川町 しらかわぐち
100%
白木駅 鳥羽市 しらき
100%
白木山駅 広島市 しらきやま
100%
白坂駅 白河市 しらさか
100%
白鷺駅 堺市 しらさぎ
100%
白沢駅 大館市 しらさわ
100%
白沢渓谷駅 名古屋市 しらさわけいこく
100%
白滝駅 遠軽町 しらたき
100%
白塚駅 津市 しらつか
100%
市立病院前停留場 鹿児島市 しりつびょういんまえ
100%
市立病院前駅 那覇市 しりつびょういんまえ
100%
知床斜里駅 斜里町 しれとこしゃり
100%
白石駅 札幌市 しろいし
100%
四郎ケ原駅 美祢市 しろうがはら
100%
白銀駅 八戸市 しろがね
100%
白金台駅 港区 しろかねだい
100%
城下停留場 岡山市 しろした
100%
白丸駅 奥多摩町 しろまる
100%
志和口駅 広島市 しわぐち
100%
志和地駅 三次市 しわち
100%
仁愛女子高校駅 福井市 じんあいじょしこうこう
100%
新旭駅 高島市 しんあさひ
100%
新旭川駅 旭川市 しんあさひかわ
100%
新安城駅 安城市 しんあんじょう
100%
新飯塚駅 飯塚市 しんいいづか
100%
新伊勢崎駅 伊勢崎市 しんいせさき
100%
新伊丹駅 伊丹市 しんいたみ
100%
新市駅 福山市 しんいち
100%
新今宮駅 大阪市 しんいまみや
100%
新今宮駅前停留場 大阪市 しんいまみやえきまえ
100%
新魚津駅 魚津市 しんうおづ
100%
新鵜沼駅 各務原市 しんうぬま
100%
新浦安駅 浦安市 しんうらやす
100%
新江古田駅 中野区 しんえごた
100%
新大阪駅 大阪市 しんおおさか
100%
新大津駅 横須賀市 しんおおつ
100%
新大塚駅 文京区 しんおおつか
100%
新大平下駅 栃木市 しんおおひらした
100%
新大宮駅 奈良市 しんおおみや
100%
新柏駅 柏市 しんかしわ
100%
新金岡駅 堺市 しんかなおか
100%
新可児駅 可児市 しんかに
100%
新加納駅 各務原市 しんかのう
100%
新鎌ヶ谷駅 鎌ケ谷市 しんかまがや
100%
新加美駅 大阪市 しんかみ
100%
新川崎駅 川崎市 しんかわさき
100%
新川町停留場 函館市 しんかわちょう
100%
新川橋駅 清須市 しんかわばし
100%
新木曽川駅 一宮市 しんきそがわ
100%
新桐生駅 桐生市 しんきりゅう
100%
新宮駅 新宮市 しんぐう
100%
神宮寺駅 大仙市 じんぐうじ
100%
新宮中央駅 新宮町 しんぐうちゅうおう
100%
神宮丸太町駅 京都市 じんぐうまるたまち
100%
新倉敷駅 倉敷市 しんくらしき
100%
新検見川駅 千葉市 しんけみがわ
100%
新小岩駅 葛飾区 しんこいわ
100%
新高円寺駅 杉並区 しんこうえんじ
100%
新古河駅 加須市 しんこが
100%
新小金井駅 小金井市 しんこがねい
100%
新越谷駅 越谷市 しんこしがや
100%
新小平駅 小平市 しんこだいら
100%
新子安駅 横浜市 しんこやす
100%
新西大寺町筋停留場 岡山市 しんさいだいじちょうすじ
100%
新桜台駅 練馬区 しんさくらだい
100%
新さっぽろ駅 札幌市 しんさっぽろ
100%
新三田駅 三田市 しんさんだ
100%
宍道駅 松江市 しんじ
100%
新静岡駅 静岡市 しんしずおか
100%
新芝浦駅 横浜市 しんしばうら
100%
新柴又駅 葛飾区 しんしばまた
100%
新宿御苑前駅 新宿区 しんじゅくぎょえんまえ
100%
新宿西口駅 新宿区 しんじゅくにしぐち
100%
新正駅 四日市市 しんしょう
100%
新庄田中駅 富山市 しんじょうたなか
100%
新所原駅 湖西市 しんじょはら
100%
新白河駅 西郷村 しんしらかわ
100%
新杉田駅 横浜市 しんすぎた
100%
新整備場駅 大田区 しんせいびじょう
100%
新関駅 新潟市 しんせき
100%
神泉駅 渋谷区 しんせん
100%
心臓血管センター駅 前橋市 しんぞうけっかんせんたー
100%
新高岡駅 高岡市 しんたかおか
100%
新高島駅 横浜市 しんたかしま
100%
新高徳駅 日光市 しんたかとく
100%
新田老駅 宮古市 しんたろう
100%
新地駅 新地町 しんち
100%
新地中華街停留場 長崎市 しんちちゅうかがい
100%
新千葉駅 千葉市 しんちば
100%
新津田沼駅 習志野市 しんつだぬま
100%
神鉄道場駅 神戸市 しんてつどうじょう
100%
神鉄六甲駅 神戸市 しんてつろっこう
100%
新堂駅 伊賀市 しんどう
100%
新道東駅 札幌市 しんどうひがし
100%
新得駅 新得町 しんとく
100%
新所沢駅 所沢市 しんところざわ
100%
新栃木駅 栃木市 しんとちぎ
100%
新富山口駅 富山市 しんとやまぐち
100%
新豊洲駅 江東区 しんとよす
100%
新豊津駅 みやこ町 しんとよつ
100%
新那加駅 各務原市 しんなか
100%
新中野駅 中野区 しんなかの
100%
新習志野駅 習志野市 しんならしの
100%
新西金沢駅 金沢市 しんにしかなざわ
100%
新日本橋駅 中央区 しんにほんばし
100%
新函館北斗駅 北斗市 しんはこだてほくと
100%
新羽島駅 羽島市 しんはしま
100%
新花巻駅 花巻市 しんはなまき
100%
新疋田駅 敦賀市 しんひきだ
100%
新平野駅 小浜市 しんひらの
100%
新広駅 呉市 しんひろ
100%
新府駅 韮崎市 しんぷ
100%
新福井駅 福井市 しんふくい
100%
新福島駅 大阪市 しんふくしま
100%
新富士駅 釧路市 しんふじ
100%
新船橋駅 船橋市 しんふなばし
100%
神保町駅 千代田区 じんぼうちょう
100%
新舞子駅 知多市 しんまいこ
100%
新町口駅 射水市 しんまちぐち
100%
新松田駅 松田町 しんまつだ
100%
新丸子駅 川崎市 しんまるこ
100%
新三郷駅 三郷市 しんみさと
100%
新水俣駅 水俣市 しんみなまた
100%
新森古市駅 大阪市 しんもりふるいち
100%
新屋敷停留場 鹿児島市 しんやしき
100%
新夕張駅 夕張市 しんゆうばり
100%
新百合ヶ丘駅 川崎市 しんゆりがおか
100%
新吉野駅 浦幌町 しんよしの
100%
水郷駅 香取市 すいごう
100%
瑞光四丁目駅 大阪市 ずいこうよんちょうめ
100%
水前寺駅 熊本市 すいぜんじ
100%
水族館口停留場 鹿児島市 すいぞくかんぐち
100%
吹田駅 吹田市 すいた
100%
水道橋駅 千代田区 すいどうばし
100%
水原駅 阿賀野市 すいばら
100%
須恵駅 須恵町 すえ
100%
すえたちばな駅 佐世保市 すえたちばな
100%
末広町駅 千代田区 すえひろちょう
100%
巣鴨駅 豊島区 すがも
100%
巣鴨新田停留場 豊島区 すがもしんでん
100%
杉河内駅 日田市 すぎかわち
100%
杉崎駅 飛騨市 すぎさき
100%
杉田駅 二本松市 すぎた
100%
杉原駅 飛騨市 すぎはら
100%
杉山駅 豊橋市 すぎやま
100%
宿毛駅 宿毛市 すくも
100%
スクリーン駅 彦根市 すくりーん
100%
巣子駅 滝沢市 すご
100%
須坂駅 須坂市 すざか
100%
須崎駅 須崎市 すさき
100%
周参見駅 すさみ町 すさみ
100%
鈴鹿駅 鈴鹿市 すずか
100%
すずかけ台駅 町田市 すずかけだい
100%
鈴鹿市駅 鈴鹿市 すずかし
100%
鈴木町駅 川崎市 すずきちょう
100%
すすきの駅 札幌市 すすきの
100%
鈴蘭台駅 神戸市 すずらんだい
100%
すずらんの里駅 富士見町 すずらんのさと
100%
裾野駅 裾野市 すその
100%
須津駅 富士市 すど
100%
砂田橋駅 名古屋市 すなだばし
100%
洲原駅 美濃市 すはら
100%
スポーツ公園駅 越前市 すぽーつこうえん
100%
スポーツセンター駅 千葉市 すぽーつせんたー
100%
須磨浦公園駅 神戸市 すまうらこうえん
100%
須磨海浜公園駅 神戸市 すまかいひんこうえん
100%
須磨寺駅 神戸市 すまでら
100%
墨染駅 京都市 すみぞめ
100%
住ノ江駅 大阪市 すみのえ
100%
住之江公園駅 大阪市 すみのえこうえん
100%
住吉駅 神戸市 すみよし
100%
住吉大社駅 大阪市 すみよしたいしゃ
100%
住吉鳥居前停留場 大阪市 すみよしとりいまえ
100%
須屋駅 合志市 すや
100%
駿河小山駅 小山町 するがおやま
100%
駿河徳山駅 川根本町 するがとくやま
100%
諏訪駅 大村市 すわ
100%
諏訪川原停留場 富山市 すわのかわら
100%
諏訪ノ平駅 南部町 すわのたいら
100%
諏訪ノ森駅 堺市 すわのもり
100%
成城学園前駅 世田谷区 せいじょうがくえんまえ
100%
整備場駅 大田区 せいびじょう
100%
西武園ゆうえんち駅 所沢市 せいぶえんゆうえんち
100%
西武立川駅 立川市 せいぶたちかわ
100%
西武秩父駅 秩父市 せいぶちちぶ
100%
清峰高校前駅 佐々町 せいほうこうこうまえ
100%
清流みはらし駅 岩国市 せいりゅうみはらし
100%
清陵高校前停留場 宇都宮市 せいりょうこうこうまえ
100%
関ケ原駅 関ケ原町 せきがはら
100%
関川駅 四国中央市 せきがわ
100%
積志駅 浜松市 せきし
100%
関市役所前駅 関市 せきしやくしょまえ
100%
赤十字病院前停留場 松山市 せきじゅうじびょういんまえ
100%
せきてらす前駅 関市 せきてらすまえ
100%
関都駅 猪苗代町 せきと
100%
関富岡駅 関市 せきとみおか
100%
関ノ宮駅 津市 せきのみや
100%
関目駅 大阪市 せきめ
100%
関屋駅 新潟市 せきや
100%
瀬々串駅 鹿児島市 せせくし
100%
世田谷駅 世田谷区 せたがや
100%
摂待駅 宮古市 せったい
100%
摂津市駅 摂津市 せっつし
100%
摂津富田駅 高槻市 せっつとんだ
100%
瀬戸駅 岡山市 せと
100%
瀬戸口駅 瀬戸市 せとぐち
100%
瀬戸市駅 瀬戸市 せとし
100%
瀬戸瀬駅 遠軽町 せとせ
100%
瀬野駅 広島市 せの
100%
瀬峰駅 栗原市 せみね
100%
瀬谷駅 横浜市 せや
100%
膳駅 前橋市 ぜん
100%
泉岳寺駅 港区 せんがくじ
100%
千川駅 豊島区 せんかわ
100%
せんげん台駅 越谷市 せんげんだい
100%
浅間町駅 名古屋市 せんげんちょう
100%
善光寺駅 甲府市 ぜんこうじ
100%
善光寺下駅 長野市 ぜんこうじした
100%
千石駅 文京区 せんごく
100%
禅昌寺駅 下呂市 ぜんしょうじ
100%
千畳敷駅 深浦町 せんじょうじき
100%
センター北駅 横浜市 せんたーきた
100%
センター南駅 横浜市 せんたーみなみ
100%
仙台駅 仙台市 せんだい
100%
仙台空港駅 名取市 せんだいくうこう
100%
千平駅 富岡市 せんだいら
100%
千駄ケ谷駅 渋谷区 せんだがや
100%
千丁駅 八代市 せんちょう
100%
善通寺駅 善通寺市 ぜんつうじ
100%
千徳駅 宮古市 せんとく
100%
洗馬橋停留場 熊本市 せんばばし
100%
千林大宮駅 大阪市 せんばやしおおみや
100%
泉福寺駅 佐世保市 せんぷくじ
100%
仙北町駅 盛岡市 せんぼくちょう
100%
千里中央駅 豊中市 せんりちゅうおう
100%
千里山駅 吹田市 せんりやま
100%
早雲山駅 箱根町 そううんざん
100%
総合運動公園駅 神戸市 そうごううんどうこうえん
100%
総持寺駅 茨木市 そうじじ
100%
総社駅 総社市 そうじゃ
100%
蔵宿駅 有田町 ぞうしゅく
100%
造田駅 さぬき市 ぞうだ
100%
相武台下駅 相模原市 そうぶだいした
100%
相武台前駅 座間市 そうぶだいまえ
100%
相馬駅 相馬市 そうま
100%
添田駅 添田町 そえだ
100%
蘇我駅 千葉市 そが
100%
曽山寺駅 宮崎市 そさんじ
100%
ソシオ流通センター駅 熊谷市 そしおりゅうつうせんたー
100%
曽谷駅 白山市 そだに
100%
袖ケ浦駅 袖ケ浦市 そでがうら
100%
袖崎駅 村山市 そでさき
100%
曽根駅 高砂市 そね
100%
園駅 出雲市 その
100%
園田駅 尼崎市 そのだ
100%
蘇原駅 各務原市 そはら
100%
大安寺駅 岡山市 だいあんじ
100%
第一通り駅 浜松市 だいいちどおり
100%
大開駅 神戸市 だいかい
100%
大学病院停留場 長崎市 だいがくびょういん
100%
代官町駅 島田市 だいかんちょう
100%
醍醐駅 横手市 だいご
100%
太閤通駅 名古屋市 たいこうどおり
100%
大国町駅 大阪市 だいこくちょう
100%
太子堂駅 仙台市 たいしどう
100%
大師橋駅 川崎市 だいしばし
100%
太子橋今市駅 大阪市 たいしばしいまいち
100%
大師前駅 足立区 だいしまえ
100%
大正駅 大阪市 たいしょう
100%
大山口駅 大山町 だいせんぐち
100%
大善寺駅 久留米市 だいぜんじ
100%
太東駅 いすみ市 たいとう
100%
大塔駅 佐世保市 だいとう
100%
大道駅 防府市 だいどう
100%
だいどう豊里駅 大阪市 だいどうとよさと
100%
大日駅 守口市 だいにち
100%
大入駅 糸島市 だいにゅう
100%
田井ノ瀬駅 和歌山市 たいのせ
100%
田井ノ浜駅 美波町 たいのはま
100%
台場駅 港区 だいば
100%
大福駅 桜井市 だいふく
100%
太平駅 札幌市 たいへい
100%
大宝駅 下妻市 だいほう
100%
大雄山駅 南足柄市 だいゆうざん
100%
大洋駅 鉾田市 たいよう
100%
田浦駅 横須賀市 たうら
100%
高駅 庄原市 たか
100%
高井田駅 柏原市 たかいだ
100%
高井田中央駅 東大阪市 たかいだちゅうおう
100%
高岡駅 高岡市 たかおか
100%
高岡駅停留場 高岡市 たかおかえき
100%
高岡やぶなみ駅 高岡市 たかおかやぶなみ
100%
高尾野駅 出水市 たかおの
100%
高木駅 府中市 たかぎ
100%
高子駅 伊達市 たかこ
100%
高坂駅 東松山市 たかさか
100%
高崎問屋町駅 高崎市 たかさきとんやまち
100%
高師駅 豊橋市 たかし
100%
高科駅 揖斐川町 たかしな
100%
高島駅 岡山市 たかしま
100%
鷹島口駅 松浦市 たかしまぐち
100%
高島平駅 板橋区 たかしまだいら
100%
高須停留場 高知市 たかす
100%
高田駅 大和高田市 たかだ
100%
高田市駅 大和高田市 たかだし
100%
田県神社前駅 小牧市 たがたじんじゃまえ
100%
高田馬場駅 新宿区 たかだのばば
100%
高田本山駅 津市 たかだほんざん
100%
高茶屋駅 津市 たかちゃや
100%
高津駅 綾部市 たかつ
100%
高塚駅 浜松市 たかつか
100%
高月駅 長浜市 たかつき
100%
高槻駅 高槻市 たかつき
100%
高槻市駅 高槻市 たかつきし
100%
高角駅 四日市市 たかつの
100%
鷹取駅 神戸市 たかとり
100%
高取駅 広島市 たかとり
100%
高鍋駅 高鍋町 たかなべ
100%
高輪ゲートウェイ駅 港区 たかなわげーとうぇい
100%
高輪台駅 港区 たかなわだい
100%
高野駅 津山市 たかの
100%
鷹巣駅 北秋田市 たかのす
100%
高の原駅 奈良市 たかのはら
100%
高ノ宮駅 松江市 たかのみや
100%
高萩駅 高萩市 たかはぎ
100%
高幡不動駅 日野市 たかはたふどう
100%
高浜駅 石岡市 たかはま
100%
高浜港駅 高浜市 たかはまみなと
100%
高松駅 かほく市 たかまつ
100%
高松築港駅 高松市 たかまつちっこう
100%
高松町駅 境港市 たかまつちょう
100%
田上駅 田上町 たがみ
100%
田神駅 岐阜市 たがみ
100%
高水駅 周南市 たかみず
100%
高見ノ里駅 松原市 たかみのさと
100%
高見橋停留場 鹿児島市 たかみばし
100%
高見馬場停留場 鹿児島市 たかみばば
100%
高屋駅 戸沢村 たかや
100%
高安駅 八尾市 たかやす
100%
高柳駅 柏市 たかやなぎ
100%
高横須賀駅 東海市 たかよこすか
100%
宝塚駅 宝塚市 たからづか
100%
宝塚南口駅 宝塚市 たからづかみなみぐち
100%
財部駅 曽於市 たからべ
100%
田川伊田駅 田川市 たがわいた
100%
高鷲駅 羽曳野市 たかわし
100%
滝駅 那須烏山市 たき
100%
滝川駅 滝川市 たきかわ
100%
滝野駅 加東市 たきの
100%
滝野川一丁目停留場 北区 たきのがわいっちょうめ
100%
滝ノ間駅 八峰町 たきのま
100%
多喜浜駅 新居浜市 たきはま
100%
滝原駅 大台町 たきはら
100%
滝部駅 下関市 たきべ
100%
滝谷駅 柳津町 たきや
100%
滝山駅 川西市 たきやま
100%
田切駅 飯島町 たぎり
100%
拓北駅 札幌市 たくほく
100%
竹浦駅 白老町 たけうら
100%
武雄温泉駅 武雄市 たけおおんせん
100%
武川駅 深谷市 たけかわ
100%
武里駅 春日部市 たけさと
100%
竹沢駅 小川町 たけざわ
100%
竹下駅 福岡市 たけした
100%
武田尾駅 宝塚市 たけだお
100%
武豊駅 武豊町 たけとよ
100%
竹中駅 大分市 たけなか
100%
武並駅 恵那市 たけなみ
100%
竹野駅 豊岡市 たけの
100%
竹ノ塚駅 足立区 たけのつか
100%
竹橋駅 千代田区 たけばし
100%
竹鼻駅 羽島市 たけはな
100%
竹原駅 竹原市 たけはら
100%
たけふ新駅 越前市 たけふしん
100%
竹松駅 大村市 たけまつ
100%
竹村駅 豊田市 たけむら
100%
田子駅 串本町 たこ
100%
蛸地蔵駅 岸和田市 たこじぞう
100%
田崎橋停留場 熊本市 たさきばし
100%
田沢駅 安曇野市 たざわ
100%
田沢湖駅 仙北市 たざわこ
100%
駄科駅 飯田市 だしな
100%
田島駅 佐野市 たじま
100%
但馬駅 三宅町 たじま
100%
多治見駅 多治見市 たじみ
100%
田添駅 立山町 たぞえ
100%
忠岡駅 忠岡町 ただおか
100%
只見駅 只見町 ただみ
100%
立川北駅 立川市 たちかわきた
100%
立川南駅 立川市 たちかわみなみ
100%
立小路駅 最上町 たちこうじ
100%
立花駅 尼崎市 たちばな
100%
立間駅 宇和島市 たちま
100%
龍岡城駅 佐久市 たつおかじょう
100%
竜田駅 楢葉町 たつた
100%
竜田川駅 平群町 たつたがわ
100%
竜田口駅 熊本市 たつたぐち
100%
辰野駅 辰野町 たつの
100%
竜野駅 たつの市 たつの
100%
辰巳駅 江東区 たつみ
100%
伊達駅 伊達市 だて
100%
立石駅 杵築市 たていし
100%
立川目駅 北上市 たてかわめ
100%
館腰駅 名取市 たてこし
100%
立田駅 南国市 たてだ
100%
立場駅 横浜市 たてば
100%
伊達紋別駅 伊達市 だてもんべつ
100%
多度津駅 多度津町 たどつ
100%
田奈駅 横浜市 たな
100%
田中駅 東御市 たなか
100%
田中口駅 和歌山市 たなかぐち
100%
多奈川駅 岬町 たながわ
100%
棚倉駅 木津川市 たなくら
100%
田辺駅 大阪市 たなべ
100%
谷上駅 神戸市 たにがみ
100%
谷川駅 丹波市 たにかわ
100%
谷之口駅 日南市 たにのくち
100%
谷町九丁目駅 大阪市 たにまちきゅうちょうめ
100%
谷町四丁目駅 大阪市 たにまちよんちょうめ
100%
狸小路停留場 札幌市 たぬきこうじ
100%
田沼駅 佐野市 たぬま
100%
種市駅 洋野町 たねいち
100%
種差海岸駅 八戸市 たねさしかいがん
100%
田野駅 宮崎市 たの
100%
たのうら御立岬公園駅 芦北町 たのうらおたちみさきこうえん
100%
田野倉駅 都留市 たのくら
100%
田端駅 北区 たばた
100%
田原駅 加西市 たはら
100%
たびら平戸口駅 平戸市 たびらひらどぐち
100%
田布施駅 田布施町 たぶせ
100%
多磨駅 府中市 たま
100%
玉江駅 萩市 たまえ
100%
玉川学園前駅 町田市 たまがわがくえんまえ
100%
玉川上水駅 立川市 たまがわじょうすい
100%
玉川村駅 常陸大宮市 たまがわむら
100%
多摩境駅 町田市 たまさかい
100%
玉手駅 御所市 たまで
100%
多摩動物公園駅 日野市 たまどうぶつこうえん
100%
玉野駅 一宮市 たまの
100%
玉之江駅 西条市 たまのえ
100%
たまプラーザ駅 横浜市 たまぷらーざ
100%
玉村駅 常総市 たまむら
100%
玉淀駅 寄居町 たまよど
100%
田村駅 長浜市 たむら
100%
溜池山王駅 千代田区 ためいけさんのう
100%
田本駅 泰阜村 たもと
100%
田山駅 八幡平市 たやま
100%
多良駅 太良町 たら
100%
多良木駅 多良木町 たらぎ
100%
垂井駅 垂井町 たるい
100%
樽井駅 泉南市 たるい
100%
垂水駅 神戸市 たるみ
100%
樽見駅 本巣市 たるみ
100%
太郎坊宮前駅 東近江市 たろぼうぐうまえ
100%
田原本駅 川西町 たわらもと
100%
段駅 八代市 だん
100%
丹後神崎駅 舞鶴市 たんごかんざき
100%
誕生寺駅 久米南町 たんじょうじ
100%
丹波口駅 京都市 たんばぐち
100%
地下鉄成増駅 板橋区 ちかてつなります
100%
近永駅 鬼北町 ちかなが
100%
筑後草野駅 久留米市 ちくごくさの
100%
筑後船小屋駅 筑後市 ちくごふなごや
100%
筑後吉井駅 うきは市 ちくごよしい
100%
筑前植木駅 直方市 ちくぜんうえき
100%
筑前内野駅 飯塚市 ちくぜんうちの
100%
筑前庄内駅 飯塚市 ちくぜんしょうない
100%
筑前大分駅 飯塚市 ちくぜんだいぶ
100%
筑前深江駅 糸島市 ちくぜんふかえ
100%
筑前前原駅 糸島市 ちくぜんまえばる
100%
筑前山家駅 筑紫野市 ちくぜんやまえ
100%
筑豊中間駅 中間市 ちくほうなかま
100%
筑豊直方駅 直方市 ちくほうのおがた
100%
千里駅 富山市 ちさと
100%
秩父駅 秩父市 ちちぶ
100%
地鉄ビル前停留場 富山市 ちてつびるまえ
100%
千年駅 弘前市 ちとせ
100%
千歳烏山駅 世田谷区 ちとせからすやま
100%
千鳥駅 古賀市 ちどり
100%
千鳥橋駅 大阪市 ちどりばし
100%
千葉駅 千葉市 ちば
100%
千葉ニュータウン中央駅 印西市 ちばにゅーたうんちゅうおう
100%
千葉みなと駅 千葉市 ちばみなと
100%
千早駅 福岡市 ちはや
100%
ちはら台駅 市原市 ちはらだい
100%
千船駅 大阪市 ちぶね
100%
茶臼山駅 新城市 ちゃうすやま
100%
茶山駅 福岡市 ちゃやま
100%
中央市場前駅 神戸市 ちゅうおういちばまえ
100%
中央区役所前停留場 札幌市 ちゅうおうくやくしょまえ
100%
中央大学・明星大学駅 八王子市 ちゅうおうだいがく・めいせいだいがく
100%
中央病院前停留場 函館市 ちゅうおうびょういんまえ
100%
中央林間駅 大和市 ちゅうおうりんかん
100%
中学校駅 佐倉市 ちゅうがっこう
100%
中国勝山駅 真庭市 ちゅうごくかつやま
100%
中部天竜駅 浜松市 ちゅうぶてんりゅう
100%
銚子駅 銚子市 ちょうし
100%
長者ヶ浜潮騒はまなす公園前駅 鹿嶋市 ちょうじゃがはましおさいはまなすこうえんまえ
100%
長者原駅 粕屋町 ちょうじゃばる
100%
長者町駅 いすみ市 ちょうじゃまち
100%
千代ヶ岡駅 旭川市 ちよがおか
100%
千代台停留場 函館市 ちよがだい
100%
千代川駅 亀岡市 ちよかわ
100%
千代県庁口駅 福岡市 ちよけんちょうぐち
100%
千代崎駅 鈴鹿市 ちよざき
100%
知寄町一丁目停留場 高知市 ちよりちょういっちょうめ
100%
知寄町二丁目停留場 高知市 ちよりちょうにちょうめ
100%
知立駅 知立市 ちりゅう
100%
津駅 津市
100%
塚田駅 船橋市 つかだ
100%
塚西停留場 大阪市 つかにし
100%
塚原駅 南足柄市 つかはら
100%
塚本駅 大阪市 つかもと
100%
津軽大沢駅 弘前市 つがるおおさわ
100%
津軽新城駅 青森市 つがるしんじょう
100%
津軽宮田駅 青森市 つがるみやた
100%
津川駅 阿賀町 つがわ
100%
月岡駅 新発田市 つきおか
100%
月崎駅 市原市 つきざき
100%
月島駅 中央区 つきしま
100%
築山駅 大和高田市 つきやま
100%
津久井浜駅 横須賀市 つくいはま
100%
つくし野駅 町田市 つくしの
100%
佃駅 三好市 つくだ
100%
辻堂駅 藤沢市 つじどう
100%
津島駅 津島市 つしま
100%
津新町駅 津市 つしんまち
100%
津田駅 枚方市 つだ
100%
津田沼駅 習志野市 つだぬま
100%
津田山駅 川崎市 つだやま
100%
土崎駅 秋田市 つちざき
100%
土沢駅 花巻市 つちざわ
100%
土山駅 播磨町 つちやま
100%
筒井駅 大和郡山市 つつい
100%
筒石駅 糸魚川市 つついし
100%
つつじヶ丘駅 調布市 つつじがおか
100%
津奈木駅 津奈木町 つなぎ
100%
津南駅 津南町 つなん
100%
都農駅 都農町 つの
100%
津ノ井駅 鳥取市 つのい
100%
津ノ森駅 松江市 つのもり
100%
椿駅 白浜町 つばき
100%
燕駅 燕市 つばめ
100%
燕三条駅 三条市 つばめさんじょう
100%
津福駅 久留米市 つぶく
100%
坪井駅 津山市 つぼい
100%
壺川駅 那覇市 つぼがわ
100%
坪尻駅 三好市 つぼじり
100%
妻崎駅 宇部市 つまざき
100%
津守駅 大阪市 つもり
100%
津谷駅 戸沢村 つや
100%
津山駅 津山市 つやま
100%
津山口駅 津山市 つやまぐち
100%
敦賀駅 敦賀市 つるが
100%
鶴ケ丘駅 大阪市 つるがおか
100%
鶴ケ坂駅 青森市 つるがさか
100%
鶴ヶ島駅 鶴ヶ島市 つるがしま
100%
鶴川駅 町田市 つるかわ
100%
鶴崎駅 大分市 つるさき
100%
鶴里駅 名古屋市 つるさと
100%
都留市駅 都留市 つるし
100%
鶴瀬駅 富士見市 つるせ
100%
鶴田駅 宇都宮市 つるた
100%
都留文科大学前駅 都留市 つるぶんかだいがくまえ
100%
鶴間駅 大和市 つるま
100%
鶴舞駅 名古屋市 つるまい
100%
鶴巻温泉駅 秦野市 つるまきおんせん
100%
鶴見小野駅 横浜市 つるみおの
100%
鶴見緑地駅 大阪市 つるみりょくち
100%
手稲駅 札幌市 ていね
100%
手柄駅 姫路市 てがら
100%
テクノさかき駅 坂城町 てくのさかき
100%
天塩中川駅 中川町 てしおなかがわ
100%
てだこ浦西駅 浦添市 てだこうらにし
100%
帝塚山駅 大阪市 てづかやま
100%
鉄道博物館駅 さいたま市 てつどうはくぶつかん
100%
手ノ子駅 飯豊町 てのこ
100%
出屋敷駅 尼崎市 でやしき
100%
寺内駅 真岡市 てらうち
100%
寺前駅 神河町 てらまえ
100%
寺町停留場 広島市 てらまち
100%
寺本駅 知多市 てらもと
100%
テレコムセンター駅 江東区 てれこむせんたー
100%
田園調布駅 大田区 でんえんちょうふ
100%
電気ビル前停留場 富山市 でんきびるまえ
100%
電車事業所前停留場 札幌市 でんしゃじぎょうしょまえ
100%
天神駅 福岡市 てんじん
100%
天神橋筋六丁目駅 大阪市 てんじんばしすじろくちょうめ
100%
天神南駅 福岡市 てんじんみなみ
100%
電鉄出雲市駅 出雲市 でんてついずもし
100%
電鉄黒部駅 黒部市 でんてつくろべ
100%
電鉄富山駅 富山市 でんてつとやま
100%
天王寺駅前停留場 大阪市 てんのうじえきまえ
100%
天王宿駅 桐生市 てんのうじゅく
100%
天王台駅 我孫子市 てんのうだい
100%
伝法駅 大阪市 でんぽう
100%
天満駅 大阪市 てんま
100%
天満橋駅 大阪市 てんまばし
100%
天理駅 天理市 てんり
100%
天竜川駅 浜松市 てんりゅうがわ
100%
天竜峡駅 飯田市 てんりゅうきょう
100%
天和駅 赤穂市 てんわ
100%
土合駅 みなかみ町 どあい
100%
遠浅駅 安平町 とあさ
100%
土井駅 福岡市 どい
100%
土居駅 守口市 どい
100%
問寒別駅 幌延町 といかんべつ
100%
土市駅 十日町市 どいち
100%
東海駅 東海村 とうかい
100%
東海大学前駅 秦野市 とうかいだいがくまえ
100%
東金駅 東金市 とうがね
100%
東京国際クルーズターミナル駅 江東区 とうきょうこくさいくるーずたーみなる
100%
東京テレポート駅 江東区 とうきょうてれぽーと
100%
峠駅 米沢市 とうげ
100%
東光寺駅 三条市 とうこうじ
100%
道後公園停留場 松山市 どうごこうえん
100%
陶磁資料館南駅 豊田市 とうじしりょうかんみなみ
100%
堂島駅 会津若松市 どうじま
100%
東上駅 豊川市 とうじょう
100%
東城駅 庄原市 とうじょう
100%
道場駅 神戸市 どうじょう
100%
道成寺駅 御坊市 どうじょうじ
100%
動植物園入口停留場 熊本市 どうしょくぶつえんいりぐち
100%
唐人町駅 福岡市 とうじんまち
100%
洞泉駅 釜石市 どうせん
100%
東大前駅 文京区 とうだいまえ
100%
塔のへつり駅 下郷町 とうのへつり
100%
東部市場前駅 大阪市 とうぶしじょうまえ
100%
東武動物公園駅 宮代町 とうぶどうぶつこうえん
100%
東武ワールドスクウェア駅 日光市 とうぶわーるどすくうぇあ
100%
当別駅 当別町 とうべつ
100%
道法寺駅 白山市 どうほうじ
100%
当麻駅 当麻町 とうま
100%
東陽町駅 江東区 とうようちょう
100%
十日町駅 十日町市 とおかまち
100%
ドーム前駅 大阪市 どーむまえ
100%
ドーム前千代崎駅 大阪市 どーむまえちよざき
100%
遠矢駅 釧路町 とおや
100%
戸頭駅 取手市 とがしら
100%
十勝清水駅 清水町 とかちしみず
100%
斗賀野駅 佐川町 とがの
100%
戸狩野沢温泉駅 飯山市 とがりのざわおんせん
100%
外川駅 銚子市 とかわ
100%
時庭駅 長井市 ときにわ
100%
常盤平駅 松戸市 ときわだいら
100%
徳庵駅 東大阪市 とくあん
100%
徳沢駅 西会津町 とくさわ
100%
徳重駅 名古屋市 とくしげ
100%
徳田駅 七尾市 とくだ
100%
徳永駅 郡上市 とくなが
100%
徳益駅 柳川市 とくます
100%
徳丸駅 八頭町 とくまる
100%
徳山駅 周南市 とくやま
100%
戸倉駅 千曲市 とぐら
100%
徳力公団前駅 北九州市 とくりきこうだんまえ
100%
床波駅 宇部市 とこなみ
100%
常葉大学前駅 浜松市 とこはだいがくまえ
100%
所沢駅 所沢市 ところざわ
100%
土佐一宮駅 高知市 とさいっく
100%
土佐入野駅 黒潮町 とさいりの
100%
土佐大津駅 高知市 とさおおつ
100%
土佐上川口駅 黒潮町 とさかみかわぐち
100%
土佐加茂駅 佐川町 とさかも
100%
土佐白浜駅 黒潮町 とさしらはま
100%
土佐新荘駅 須崎市 とさしんじょう
100%
土佐長岡駅 南国市 とさながおか
100%
戸沢駅 仙北市 とざわ
100%
利別駅 池田町 としべつ
100%
豊島園駅 練馬区 としまえん
100%
戸田駅 戸田市 とだ
100%
戸田公園駅 戸田市 とだこうえん
100%
栃木駅 栃木市 とちぎ
100%
栃原駅 大台町 とちはら
100%
栃屋駅 黒部市 とちや
100%
都庁前駅 新宿区 とちょうまえ
100%
戸塚安行駅 川口市 とづかあんぎょう
100%
鳥取駅 鳥取市 とっとり
100%
鳥取大学前駅 鳥取市 とっとりだいがくまえ
100%
都電雑司ヶ谷停留場 豊島区 とでんぞうしがや
100%
驫木駅 深浦町 とどろき
100%
等々力駅 世田谷区 とどろき
100%
殿山駅 ひたちなか市 とのやま
100%
鳥羽駅 鳥羽市 とば
100%
土橋停留場 広島市 どばし
100%
戸畑駅 北九州市 とばた
100%
鳥羽中駅 鯖江市 とばなか
100%
飛田給駅 調布市 とびたきゅう
100%
飛山城跡停留場 宇都宮市 とびやまじょうあと
100%
土深井駅 鹿角市 どぶかい
100%
十府ヶ浦海岸駅 野田村 とふがうらかいがん
100%
都府楼前駅 太宰府市 とふろうまえ
100%
斗米駅 二戸市 とまい
100%
富浦駅 登別市 とみうら
100%
富雄駅 奈良市 とみお
100%
富岡前駅 犬山市 とみおかまえ
100%
富加駅 富加町 とみか
100%
富田駅 足利市 とみた
100%
富根駅 能代市 とみね
100%
富原駅 真庭市 とみはら
100%
十村駅 若狭町 とむら
100%
伴駅 広島市 とも
100%
友江駅 大垣市 ともえ
100%
土本駅 川根本町 どもと
100%
富山駅 富山市 とやま
100%
富山大学前停留場 富山市 とやまだいがくまえ
100%
豊浦駅 豊浦町 とようら
100%
豊川稲荷駅 豊川市 とよかわいなり
100%
豊頃駅 豊頃町 とよころ
100%
豊四季駅 柏市 とよしき
100%
豊科駅 安曇野市 とよしな
100%
豊洲駅 江東区 とよす
100%
豊田駅 日野市 とよだ
100%
豊田市駅 豊田市 とよたし
100%
豊津駅 吹田市 とよつ
100%
豊津上野駅 津市 とよつうえの
100%
豊中駅 豊中市 とよなか
100%
豊永駅 大豊町 とよなが
100%
豊沼駅 砂川市 とよぬま
100%
豊橋駅 豊橋市 とよはし
100%
豊橋公園前停留場 豊橋市 とよはしこうえんまえ
100%
豊原駅 那須町 とよはら
100%
豊春駅 春日部市 とよはる
100%
豊間根駅 山田町 とよまね
100%
虎ノ門ヒルズ駅 港区 とらのもんひるず
100%
東浪見駅 一宮町 とらみ
100%
鳥居駅 新城市 とりい
100%
鳥居前駅 生駒市 とりいまえ
100%
鳥形駅 能代市 とりがた
100%
鳥沢駅 大月市 とりさわ
100%
都立家政駅 中野区 とりつかせい
100%
都立大学駅 目黒区 とりつだいがく
100%
鳥浜駅 横浜市 とりはま
100%
土呂駅 さいたま市 とろ
100%
トロッコ嵐山駅 京都市 とろっこあらしやま
100%
トロッコ嵯峨駅 京都市 とろっこさが
100%
富田林駅 富田林市 とんだばやし
100%
苗穂駅 札幌市 なえぼ
100%
直江駅 出雲市 なおえ
100%
直川駅 佐伯市 なおかわ
100%
那加駅 各務原市 なか
100%
中愛別駅 愛別町 なかあいべつ
100%
中井駅 新宿区 なかい
100%
長池駅 城陽市 ながいけ
100%
長泉なめり駅 長泉町 ながいずみなめり
100%
中板橋駅 板橋区 なかいたばし
100%
中浦駅 新発田市 なかうら
100%
長浦駅 袖ケ浦市 ながうら
100%
長江駅 松江市 ながえ
100%
永尾駅 武雄市 ながお
100%
長岡駅 長岡市 ながおか
100%
中岡崎駅 岡崎市 なかおかざき
100%
中小国駅 外ヶ浜町 なかおぐに
100%
中加積駅 滑川市 なかかづみ
100%
中神駅 昭島市 なかがみ
100%
中軽井沢駅 軽井沢町 なかかるいざわ
100%
中川駅 南陽市 なかがわ
100%
中川原駅 四日市市 なかがわら
100%
中公園駅 神戸市 なかこうえん
100%
中強羅駅 箱根町 なかごうら
100%
中郡停留場 鹿児島市 なかごおり
100%
長坂駅 北杜市 ながさか
100%
長崎駅 長崎市 ながさき
100%
長崎駅前停留場 長崎市 ながさきえきまえ
100%
中佐世保駅 佐世保市 なかさせぼ
100%
中佐都駅 佐久市 なかさと
100%
長篠城駅 新城市 ながしのじょう
100%
中庄駅 倉敷市 なかしょう
100%
中条駅 胎内市 なかじょう
100%
中新湊駅 射水市 なかしんみなと
100%
長洲駅 長洲町 ながす
100%
長瀬駅 東大阪市 ながせ
100%
中瀬古駅 鈴鹿市 なかせこ
100%
長滝駅 泉佐野市 ながたき
100%
中多久駅 多久市 なかたく
100%
中津駅 中津市 なかつ
100%
長津田駅 横浜市 ながつた
100%
中土駅 小谷村 なかつち
100%
中角駅 福井市 なかつの
100%
中津幡駅 津幡町 なかつばた
100%
長門粟野駅 下関市 ながとあわの
100%
長門長沢駅 宇部市 ながとながさわ
100%
長門二見駅 下関市 ながとふたみ
100%
長門三隅駅 長門市 ながとみすみ
100%
長鳥駅 柏崎市 ながとり
100%
中根駅 ひたちなか市 なかね
100%
中野駅 中野区 なかの
100%
長野駅 長野市 ながの
100%
中野坂上駅 中野区 なかのさかうえ
100%
中野島駅 川崎市 なかのしま
100%
中の島駅 札幌市 なかのしま
100%
中之条駅 中之条町 なかのじょう
100%
中野新橋駅 中野区 なかのしんばし
100%
仲ノ町駅 銚子市 なかのちょう
100%
長野原草津口駅 長野原町 ながのはらくさつぐち
100%
中野東駅 広島市 なかのひがし
100%
中野富士見町駅 中野区 なかのふじみちょう
100%
中野松川駅 中野市 なかのまつかわ
100%
中萩駅 新居浜市 なかはぎ
100%
中畑駅 府中市 なかはた
100%
中浜駅 境港市 なかはま
100%
長浜駅 長浜市 ながはま
100%
永原駅 長浜市 ながはら
100%
中判田駅 大分市 なかはんだ
100%
中福良駅 霧島市 なかふくら
100%
中舟生駅 常陸大宮市 なかふにゅう
100%
仲町台駅 横浜市 なかまちだい
100%
長町南駅 仙台市 ながまちみなみ
100%
中松江駅 和歌山市 なかまつえ
100%
中水野駅 瀬戸市 なかみずの
100%
中三田駅 広島市 なかみた
100%
長峰駅 大鰐町 ながみね
100%
中三依温泉駅 日光市 なかみよりおんせん
100%
中村公園駅 名古屋市 なかむらこうえん
100%
中村日赤駅 名古屋市 なかむらにっせき
100%
中村橋駅 練馬区 なかむらばし
100%
中目黒駅 目黒区 なかめぐろ
100%
中八木駅 明石市 なかやぎ
100%
中山駅 横浜市 なかやま
100%
中山停留場 いの町 なかやま
100%
長山駅 豊川市 ながやま
100%
中山香駅 杵築市 なかやまが
100%
中山口駅 大山町 なかやまぐち
100%
中山宿駅 郡山市 なかやまじゅく
100%
中山寺駅 宝塚市 なかやまでら
100%
長与駅 長与町 ながよ
100%
流山駅 流山市 ながれやま
100%
流山おおたかの森駅 流山市 ながれやまおおたかのもり
100%
長和駅 伊達市 ながわ
100%
那岐駅 智頭町 なぎ
100%
渚駅 高山市 なぎさ
100%
南木曽駅 南木曽町 なぎそ
100%
勿来駅 いわき市 なこそ
100%
ナゴヤドーム前矢田駅 名古屋市 なごやどーむまえやだ
100%
名島駅 福岡市 なじま
100%
那須塩原駅 那須塩原市 なすしおばら
100%
奈多駅 福岡市 なた
100%
灘駅 神戸市 なだ
100%
名立駅 上越市 なだち
100%
那智駅 那智勝浦町 なち
100%
名取駅 名取市 なとり
100%
七井駅 益子町 なない
100%
七飯駅 七飯町 ななえ
100%
七重浜駅 北斗市 ななえはま
100%
七久保駅 飯島町 ななくぼ
100%
七里駅 さいたま市 ななさと
100%
七塚駅 庄原市 ななつか
100%
七ツ屋駅 金沢市 ななつや
100%
七和駅 桑名市 ななわ
100%
鍋倉駅 山口市 なべくら
100%
鍋島駅 佐賀市 なべしま
100%
生麦駅 横浜市 なまむぎ
100%
波方駅 今治市 なみかた
100%
並木中央駅 横浜市 なみきちゅうおう
100%
涙橋停留場 鹿児島市 なみだばし
100%
波野駅 阿蘇市 なみの
100%
滑津駅 佐久市 なめづ
100%
奈良駅 奈良市 なら
100%
奈良井駅 塩尻市 ならい
100%
那良口駅 球磨村 ならぐち
100%
習志野駅 船橋市 ならしの
100%
楢原駅 美作市 ならはら
100%
平城山駅 奈良市 ならやま
100%
成岩駅 半田市 ならわ
100%
成田空港駅 成田市 なりたくうこう
100%
成田湯川駅 成田市 なりたゆかわ
100%
成増駅 板橋区 なります
100%
鳴石駅 伊万里市 なるいし
100%
鳴沢駅 鰺ヶ沢町 なるさわ
100%
成島駅 米沢市 なるしま
100%
成瀬駅 町田市 なるせ
100%
鳴門駅 鳴門市 なると
100%
鳴海駅 名古屋市 なるみ
100%
名和駅 大山町 なわ
100%
南港口駅 大阪市 なんこうぐち
100%
南郷18丁目駅 札幌市 なんごうじゅうはっちょうめ
100%
南郷7丁目駅 札幌市 なんごうななちょうめ
100%
南港東駅 大阪市 なんこうひがし
100%
難波駅 大阪市 なんば
100%
新井駅 朝来市 にい
100%
新潟駅 新潟市 にいがた
100%
新潟大学前駅 新潟市 にいがただいがくまえ
100%
新座駅 新座市 にいざ
100%
二井田駅 伊達市 にいだ
100%
新月駅 一関市 にいつき
100%
新鶴駅 会津美里町 にいつる
100%
新治駅 筑西市 にいはり
100%
新見駅 新見市 にいみ
100%
新村駅 松本市 にいむら
100%
新谷駅 大洲市 にいや
100%
贄川駅 塩尻市 にえかわ
100%
二階堂駅 天理市 にかいどう
100%
苦竹駅 仙台市 にがたけ
100%
仁木駅 仁木町 にき
100%
二軒屋駅 徳島市 にけんや
100%
西青山駅 伊賀市 にしあおやま
100%
西明石駅 明石市 にしあかし
100%
西新井駅 足立区 にしあらい
100%
西有田駅 有田町 にしありた
100%
西泉駅 金沢市 にしいずみ
100%
西出水駅 出水市 にしいずみ
100%
西岩国駅 岩国市 にしいわくに
100%
西上田駅 上田市 にしうえだ
100%
西梅田駅 大阪市 にしうめだ
100%
西浦駅 蒲郡市 にしうら
100%
西浦和駅 さいたま市 にしうらわ
100%
西永福駅 杉並区 にしえいふく
100%
西大井駅 品川区 にしおおい
100%
西大垣駅 大垣市 にしおおがき
100%
西大路駅 京都市 にしおおじ
100%
西大路御池駅 京都市 にしおおじおいけ
100%
西大島駅 江東区 にしおおじま
100%
西大塚駅 川西町 にしおおつか
100%
西大橋駅 大阪市 にしおおはし
100%
西大原駅 いすみ市 にしおおはら
100%
西大宮駅 さいたま市 にしおおみや
100%
西大家駅 坂戸市 にしおおや
100%
西大山駅 指宿市 にしおおやま
100%
西岡崎駅 岡崎市 にしおかざき
100%
西尾口駅 西尾市 にしおぐち
100%
西帯広駅 帯広市 にしおびひろ
100%
西神楽駅 旭川市 にしかぐら
100%
西掛川駅 掛川市 にしかけがわ
100%
西笠松駅 笠松町 にしかさまつ
100%
西片上駅 備前市 にしかたかみ
100%
西金沢駅 金沢市 にしかなざわ
100%
西ケ原駅 北区 にしがはら
100%
西ヶ原四丁目停留場 北区 にしがはらよんちょうめ
100%
西鎌倉駅 鎌倉市 にしかまくら
100%
西唐津駅 唐津市 にしからつ
100%
西川口駅 川口市 にしかわぐち
100%
西川田駅 宇都宮市 にしかわだ
100%
錦駅 大津市 にしき
100%
西気賀駅 浜松市 にしきが
100%
西岸駅 七尾市 にしぎし
100%
西北見駅 北見市 にしきたみ
100%
錦町駅 岩国市 にしきちょう
100%
西木津駅 木津川市 にしきづ
100%
西京極駅 京都市 にしきょうごく
100%
西桐生駅 桐生市 にしきりゅう
100%
西九条駅 大阪市 にしくじょう
100%
西栗栖駅 たつの市 にしくりす
100%
西桑名駅 桑名市 にしくわな
100%
西国分寺駅 国分寺市 にしこくぶんじ
100%
西小倉駅 北九州市 にしこくら
100%
西小山駅 品川区 にしこやま
100%
西佐川駅 佐川町 にしさかわ
100%
西三荘駅 門真市 にしさんそう
100%
西新発田駅 新発田市 にししばた
100%
西11丁目駅 札幌市 にしじゅういっちょうめ
100%
西新町駅 明石市 にししんまち
100%
西巣鴨駅 豊島区 にしすがも
100%
西鈴蘭台駅 神戸市 にしすずらんだい
100%
西聖和駅 旭川市 にしせいわ
100%
西線11条停留場 札幌市 にしせんじゅういちじょう
100%
西線16条停留場 札幌市 にしせんじゅうろくじょう
100%
西線6条停留場 札幌市 にしせんろくじょう
100%
西添田駅 添田町 にしそえだ
100%
西台駅 板橋区 にしだい
100%
西高蔵駅 名古屋市 にしたかくら
100%
西高島平駅 板橋区 にしたかしまだいら
100%
西高須停留場 高知市 にしたかす
100%
西鷹巣駅 北秋田市 にしたかのす
100%
西田辺駅 大阪市 にしたなべ
100%
西田原本駅 田原本町 にしたわらもと
100%
西千葉駅 千葉市 にしちば
100%
西調布駅 調布市 にしちょうふ
100%
西敦賀駅 敦賀市 にしつるが
100%
西鉄小郡駅 小郡市 にしてつおごおり
100%
西鉄銀水駅 大牟田市 にしてつぎんすい
100%
西鉄久留米駅 久留米市 にしてつくるめ
100%
西鉄五条駅 太宰府市 にしてつごじょう
100%
西鉄千早駅 福岡市 にしてつちはや
100%
西鉄福岡(天神)駅 福岡市 にしてつふくおか(てんじん)
100%
西所沢駅 所沢市 にしところざわ
100%
西富井駅 倉敷市 にしとみい
100%
西富岡駅 富岡市 にしとみおか
100%
西富山駅 富山市 にしとやま
100%
西取手駅 取手市 にしとりで
100%
西中駅 中富良野町 にしなか
100%
西長田ゆりの里駅 坂井市 にしながたゆりのさと
100%
西中野停留場 富山市 にしなかの
100%
西長堀駅 大阪市 にしながほり
100%
西那須野駅 那須塩原市 にしなすの
100%
西灘駅 神戸市 にしなだ
100%
西28丁目駅 札幌市 にしにじゅうはっちょうめ
100%
西日暮里駅 荒川区 にしにっぽり
100%
西入善駅 入善町 にしにゅうぜん
100%
西ノ口駅 常滑市 にしのくち
100%
西ノ庄駅 和歌山市 にしのしょう
100%
西野尻駅 いなべ市 にしのじり
100%
虹ノ松原駅 唐津市 にじのまつばら
100%
西八王子駅 八王子市 にしはちおうじ
100%
西8丁目停留場 札幌市 にしはっちょうめ
100%
西浜田駅 浜田市 にしはまだ
100%
西原駅 阿南市 にしばら
100%
西春江ハートピア駅 坂井市 にしはるえはーとぴあ
100%
西人吉駅 人吉市 にしひとよし
100%
西平内駅 平内町 にしひらない
100%
西広島駅 広島市 にしひろしま
100%
西袋駅 庄内町 にしぶくろ
100%
西富士宮駅 富士宮市 にしふじのみや
100%
西藤原駅 いなべ市 にしふじわら
100%
西船橋駅 船橋市 にしふなばし
100%
西別院駅 福井市 にしべついん
100%
西別所駅 桑名市 にしべっしょ
100%
西舞鶴駅 舞鶴市 にしまいづる
100%
西前田駅 高松市 にしまえだ
100%
西松井田駅 安中市 にしまついだ
100%
西三次駅 三次市 にしみよし
100%
西向日駅 向日市 にしむこう
100%
西牟田駅 筑後市 にしむた
100%
西目駅 由利本荘市 にしめ
100%
西女満別駅 大空町 にしめまんべつ
100%
西谷駅 横浜市 にしや
100%
西山駅 柏崎市 にしやま
100%
西山口駅 紀の川市 にしやまぐち
100%
西山公園駅 鯖江市 にしやまこうえん
100%
西山天王山駅 長岡京市 にしやまてんのうざん
100%
西山名駅 高崎市 にしやまな
100%
二十四軒駅 札幌市 にじゅうよんけん
100%
二上山駅 香芝市 にじょうざん
100%
二条城前駅 京都市 にじょうじょうまえ
100%
二上神社口駅 葛城市 にじょうじんじゃぐち
100%
西横浜駅 横浜市 にしよこはま
100%
西米沢駅 米沢市 にしよねざわ
100%
西脇市駅 西脇市 にしわきし
100%
西早稲田駅 新宿区 にしわせだ
100%
西和田駅 根室市 にしわだ
100%
ニセコ駅 ニセコ町 にせこ
100%
似内駅 花巻市 にたない
100%
日光駅 日光市 にっこう
100%
日進駅 名寄市 にっしん
100%
日赤病院前停留場 広島市 にっせきびょういんまえ
100%
新田駅 登米市 にった
100%
新田塚駅 福井市 にったづか
100%
二ノ瀬駅 京都市 にのせ
100%
二戸駅 二戸市 にのへ
100%
二宮駅 二宮町 にのみや
100%
仁豊野駅 姫路市 にぶの
100%
仁保津駅 山口市 にほづ
100%
二本木駅 上越市 にほんぎ
100%
日本橋駅 中央区 にほんばし
100%
日本へそ公園駅 西脇市 にほんへそこうえん
100%
入野駅 東広島市 にゅうの
100%
韮川駅 太田市 にらがわ
100%
韮崎駅 韮崎市 にらさき
100%
楡木駅 鹿沼市 にれぎ
100%
庭坂駅 福島市 にわさか
100%
人形町駅 中央区 にんぎょうちょう
100%
額田駅 那珂市 ぬかだ
100%
温田駅 泰阜村 ぬくた
100%
布崎駅 出雲市 ぬのざき
100%
沼久保駅 富士宮市 ぬまくぼ
100%
沼津駅 沼津市 ぬまづ
100%
沼袋駅 中野区 ぬまぶくろ
100%
沼部駅 大田区 ぬまべ
100%
根岸駅 会津美里町 ねぎし
100%
根知駅 糸魚川市 ねち
100%
根府川駅 小田原市 ねぶかわ
100%
根室駅 根室市 ねむろ
100%
寝屋川公園駅 寝屋川市 ねやがわこうえん
100%
寝屋川市駅 寝屋川市 ねやがわし
100%
練馬駅 練馬区 ねりま
100%
能町駅 高岡市 のうまち
100%
能町口停留場 高岡市 のうまちぐち
100%
野江駅 大阪市 のえ
100%
ノーフォーク広場駅 北九州市 のーふぉーくひろば
100%
野方駅 中野区 のがた
100%
野上駅 長瀞町 のがみ
100%
野上原駅 常陸大宮市 のがみはら
100%
乃木駅 松江市 のぎ
100%
乃木坂駅 港区 のぎざか
100%
野木沢駅 石川町 のぎさわ
100%
野崎駅 大田原市 のざき
100%
野志駅 恵那市 のし
100%
野島公園駅 横浜市 のじまこうえん
100%
能瀬駅 津幡町 のせ
100%
及位駅 真室川町 のぞき
100%
野田駅 大阪市 のだ
100%
野田郷駅 出水市 のだごう
100%
野田新町駅 刈谷市 のだしんまち
100%
野田玉川駅 野田村 のだたまがわ
100%
野田阪神駅 大阪市 のだはんしん
100%
野幌駅 江別市 のっぽろ
100%
能登鹿島駅 穴水町 のとかしま
100%
能登川駅 東近江市 のとがわ
100%
能登中島駅 七尾市 のとなかじま
100%
能登部駅 中能登町 のとべ
100%
野内駅 青森市 のない
100%
野中駅 佐世保市 のなか
100%
野並駅 名古屋市 のなみ
100%
野々市工大前駅 野々市市 ののいちこうだいまえ
100%
野々口駅 岡山市 ののくち
100%
のの岳駅 涌谷町 ののだけ
100%
登戸駅 川崎市 のぼりと
100%
登別駅 登別市 のぼりべつ
100%
野間駅 美浜町 のま
100%
野町駅 金沢市 のまち
100%
ハーバーランド駅 神戸市 はーばーらんど
100%
梅林駅 広島市 ばいりん
100%
芳賀・高根沢工業団地停留場 芳賀町 はが・たかねざわこうぎょうだんち
100%
博多駅 福岡市 はかた
100%
芳賀台停留場 芳賀町 はがだい
100%
博多南駅 春日市 はかたみなみ
100%
萩浦小学校前駅 富山市 はぎうらしょうがっこうまえ
100%
萩ノ茶屋駅 大阪市 はぎのちゃや
100%
萩原天神駅 堺市 はぎはらてんじん
100%
萩山駅 東村山市 はぎやま
100%
萩原駅 一宮市 はぎわら
100%
白山駅 新潟市 はくさん
100%
柏農高校前駅 平川市 はくのうこうこうまえ
100%
白馬大池駅 小谷村 はくばおおいけ
100%
波久礼駅 長瀞町 はぐれ
100%
羽黒駅 桜川市 はぐろ
100%
羽黒下駅 佐久穂町 はぐろした
100%
箱石駅 宮古市 はこいし
100%
箱崎駅 福岡市 はこざき
100%
箱崎宮前駅 福岡市 はこざきみやまえ
100%
函館駅 函館市 はこだて
100%
箱根板橋駅 小田原市 はこねいたばし
100%
狭間駅 八王子市 はざま
100%
土師駅 智頭町 はじ
100%
箸尾駅 広陵町 はしお
100%
箸蔵駅 三好市 はしくら
100%
波止浜駅 今治市 はしはま
100%
橋本駅 相模原市 はしもと
100%
馬車道駅 横浜市 ばしゃみち
100%
蓮沼駅 大田区 はすぬま
100%
長谷駅 神河町 はせ
100%
葉多駅 小野市 はた
100%
波多浦駅 宇城市 はたうら
100%
波多江駅 糸島市 はたえ
100%
波高島駅 身延町 はだかじま
100%
端間駅 小郡市 はたま
100%
八王子みなみ野駅 八王子市 はちおうじみなみの
100%
八軒駅 札幌市 はちけん
100%
八浜駅 玉野市 はちはま
100%
八本松駅 東広島市 はちほんまつ
100%
八森駅 八峰町 はちもり
100%
八郎潟駅 八郎潟町 はちろうがた
100%
初石駅 流山市 はついし
100%
抜海駅 稚内市 ばっかい
100%
廿日市駅 廿日市市 はつかいち
100%
初狩駅 大月市 はつかり
100%
発寒駅 札幌市 はっさむ
100%
発寒南駅 札幌市 はっさむみなみ
100%
初芝駅 堺市 はつしば
100%
八田駅 名古屋市 はった
100%
初台駅 渋谷区 はつだい
100%
八丁馬場停留場 熊本市 はっちょうばば
100%
八丁堀停留場 広島市 はっちょうぼり
100%
八丁牟田駅 大木町 はっちょうむた
100%
初富駅 鎌ケ谷市 はつとみ
100%
羽鳥駅 小美玉市 はとり
100%
花泉駅 一関市 はないずみ
100%
花隈駅 神戸市 はなくま
100%
花小金井駅 小平市 はなこがねい
100%
花園駅 京都市 はなぞの
100%
花園町駅 大阪市 はなぞのちょう
100%
放出駅 大阪市 はなてん
100%
花畑駅 久留米市 はなばたけ
100%
花巻駅 花巻市 はなまき
100%
はなみずき通駅 長久手市 はなみずきどおり
100%
花山駅 神戸市 はなやま
100%
花輪駅 みどり市 はなわ
100%
羽根尾駅 長野原町 はねお
100%
羽田空港第1・第2ターミナル駅 大田区 はねだくうこうだいいち・だいにたーみなる
100%
羽場駅 辰野町 はば
100%
馬場崎町駅 境港市 ばばさきちょう
100%
浜金谷駅 富津市 はまかなや
100%
浜北駅 浜松市 はまきた
100%
浜小清水駅 小清水町 はまこしみず
100%
浜坂駅 新温泉町 はまさか
100%
浜田駅 浜田市 はまだ
100%
浜寺公園駅 堺市 はまでらこうえん
100%
浜中駅 浜中町 はまなか
100%
浜名湖佐久米駅 浜松市 はまなこさくめ
100%
浜松町駅 港区 はままつちょう
100%
羽村駅 羽村市 はむら
100%
早川駅 小田原市 はやかわ
100%
早口駅 大館市 はやぐち
100%
林崎駅 藤崎町 はやしざき
100%
早島駅 早島町 はやしま
100%
早瀬駅 浜松市 はやせ
100%
早月加積駅 滑川市 はやつきかづみ
100%
隼人駅 霧島市 はやと
100%
早通駅 新潟市 はやどおり
100%
速星駅 富山市 はやほし
100%
払川駅 宮古市 はらいがわ
100%
原市駅 上尾市 はらいち
100%
腹帯駅 宮古市 はらたい
100%
原ノ町駅 南相馬市 はらのまち
100%
針中野駅 大阪市 はりなかの
100%
はりまや橋停留場 高知市 はりまやばし
100%
バルーンさが駅 佐賀市 ばるーんさが
100%
春江駅 坂井市 はるえ
100%
春木駅 岸和田市 はるき
100%
晴山駅 花巻市 はるやま
100%
播州赤穂駅 赤穂市 ばんしゅうあこう
100%
阪神国道駅 西宮市 はんしんこくどう
100%
半蔵門駅 千代田区 はんぞうもん
100%
磐梯熱海駅 郡山市 ばんだいあたみ
100%
阪大病院前駅 茨木市 はんだいびょういんまえ
100%
半田口駅 半田市 はんだぐち
100%
板東駅 鳴門市 ばんどう
100%
飯能駅 飯能市 はんのう
100%
万博記念公園駅 つくば市 ばんぱくきねんこうえん
100%
美瑛駅 美瑛町 びえい
100%
比叡山坂本駅 大津市 ひえいざんさかもと
100%
日岡駅 加古川市 ひおか
100%
東相内駅 北見市 ひがしあいのない
100%
東赤坂駅 神戸町 ひがしあかさか
100%
東吾野駅 飯能市 ひがしあがの
100%
東旭川駅 旭川市 ひがしあさひかわ
100%
東あずま駅 墨田区 ひがしあずま
100%
東諫早駅 諫早市 ひがしいさはや
100%
東岩槻駅 さいたま市 ひがしいわつき
100%
東梅田駅 大阪市 ひがしうめだ
100%
東浦駅 東浦町 ひがしうら
100%
東青梅駅 青梅市 ひがしおうめ
100%
東大垣駅 大垣市 ひがしおおがき
100%
東大崎駅 大崎市 ひがしおおさき
100%
東大館駅 大館市 ひがしおおだて
100%
東大更駅 八幡平市 ひがしおおぶけ
100%
東大宮駅 さいたま市 ひがしおおみや
100%
東岡崎駅 岡崎市 ひがしおかざき
100%
東岡山駅 岡山市 ひがしおかやま
100%
東尾久三丁目停留場 荒川区 ひがしおぐさんちょうめ
100%
東尾道駅 尾道市 ひがしおのみち
100%
東貝塚駅 貝塚市 ひがしかいづか
100%
東柏崎駅 柏崎市 ひがしかしわざき
100%
東桂駅 都留市 ひがしかつら
100%
東神奈川駅 横浜市 ひがしかながわ
100%
東北沢駅 世田谷区 ひがしきたざわ
100%
東行田駅 行田市 ひがしぎょうだ
100%
東銀座駅 中央区 ひがしぎんざ
100%
東釧路駅 釧路市 ひがしくしろ
100%
東区役所前駅 札幌市 ひがしくやくしょまえ
100%
東小泉駅 大泉町 ひがしこいずみ
100%
東工業前停留場 南国市 ひがしこうぎょうまえ
100%
東小金井駅 小金井市 ひがしこがねい
100%
東小諸駅 小諸市 ひがしこもろ
100%
東酒田駅 酒田市 ひがしさかた
100%
東札幌駅 札幌市 ひがしさっぽろ
100%
東佐野駅 泉佐野市 ひがしさの
100%
東静岡駅 静岡市 ひがししずおか
100%
東十条駅 北区 ひがしじゅうじょう
100%
東白石駅 白石市 ひがししろいし
100%
東新木停留場 高知市 ひがししんぎ
100%
東新庄駅 富山市 ひがししんじょう
100%
東新町駅 新城市 ひがししんまち
100%
東逗子駅 逗子市 ひがしずし
100%
東須磨駅 神戸市 ひがしすま
100%
東仙台駅 仙台市 ひがしせんだい
100%
東高須駅 広島市 ひがしたかす
100%
東多久駅 多久市 ひがしたく
100%
東田子の浦駅 富士市 ひがしたごのうら
100%
東玉出停留場 大阪市 ひがしたまで
100%
東千葉駅 千葉市 ひがしちば
100%
東中央町停留場 岡山市 ひがしちゅうおうちょう
100%
東都農駅 都農町 ひがしつの
100%
東津山駅 津山市 ひがしつやま
100%
東富岡駅 富岡市 ひがしとみおか
100%
東富山駅 富山市 ひがしとやま
100%
東長沢駅 舟形町 ひがしながさわ
100%
東中野駅 中野区 ひがしなかの
100%
東長原駅 会津若松市 ひがしながはら
100%
東中間駅 中間市 ひがしなかま
100%
東中山駅 船橋市 ひがしなかやま
100%
東名古屋港駅 名古屋市 ひがしなごやこう
100%
東滑川駅 滑川市 ひがしなめりかわ
100%
東鳴尾駅 西宮市 ひがしなるお
100%
東根室駅 根室市 ひがしねむろ
100%
東野尻駅 砺波市 ひがしのじり
100%
東八森駅 八峰町 ひがしはちもり
100%
東花園駅 東大阪市 ひがしはなぞの
100%
東花輪駅 中央市 ひがしはなわ
100%
東浜駅 岩美町 ひがしはま
100%
東比恵駅 福岡市 ひがしひえ
100%
東福間駅 福津市 ひがしふくま
100%
東福山駅 福山市 ひがしふくやま
100%
東伏見駅 西東京市 ひがしふしみ
100%
東別院駅 名古屋市 ひがしべついん
100%
東舞鶴駅 舞鶴市 ひがしまいづる
100%
東松江駅 松江市 ひがしまつえ
100%
東松戸駅 松戸市 ひがしまつど
100%
東松山駅 東松山市 ひがしまつやま
100%
東水戸駅 水戸市 ひがしみと
100%
東美浜駅 美浜町 ひがしみはま
100%
東宮原駅 さいたま市 ひがしみやはら
100%
東村山駅 東村山市 ひがしむらやま
100%
東毛呂駅 毛呂山町 ひがしもろ
100%
東門前駅 川崎市 ひがしもんぜん
100%
東八尾駅 富山市 ひがしやつお
100%
東山公園駅 米子市 ひがしやまこうえん
100%
東大和市駅 東大和市 ひがしやまとし
100%
東林間駅 相模原市 ひがしりんかん
100%
干潟駅 旭市 ひがた
100%
光駅 光市 ひかり
100%
光の森駅 熊本市 ひかりのもり
100%
曳舟駅 墨田区 ひきふね
100%
日切駅 島田市 ひぎり
100%
樋口駅 長瀞町 ひぐち
100%
肥後伊倉駅 玉名市 ひごいくら
100%
肥後田浦駅 芦北町 ひごたのうら
100%
彦根駅 彦根市 ひこね
100%
彦根口駅 彦根市 ひこねぐち
100%
久居駅 津市 ひさい
100%
久ノ浜駅 いわき市 ひさのはま
100%
日出駅 日出町 ひじ
100%
比治山下停留場 広島市 ひじやました
100%
比治山橋停留場 広島市 ひじやまばし
100%
毘沙門駅 五所川原市 びしゃもん
100%
美術館図書館前駅 福島市 びじゅつかんとしょかんまえ
100%
備前片上駅 備前市 びぜんかたかみ
100%
肥前久保駅 唐津市 ひぜんくぼ
100%
肥前白石駅 白石町 ひぜんしろいし
100%
肥前長田駅 諫早市 ひぜんながた
100%
備前西市駅 岡山市 びぜんにしいち
100%
備前福河駅 赤穂市 びぜんふくかわ
100%
肥前麓駅 鳥栖市 ひぜんふもと
100%
備前三門駅 岡山市 びぜんみかど
100%
肥前竜王駅 白石町 ひぜんりゅうおう
100%
飛騨一ノ宮駅 高山市 ひだいちのみや
100%
飛騨国府駅 高山市 ひだこくふ
100%
常陸青柳駅 ひたちなか市 ひたちあおやぎ
100%
常陸太田駅 常陸太田市 ひたちおおた
100%
常陸大宮駅 常陸大宮市 ひたちおおみや
100%
常陸鴻巣駅 那珂市 ひたちこうのす
100%
常陸津田駅 ひたちなか市 ひたちつだ
100%
比立内駅 北秋田市 ひたちない
100%
飛騨萩原駅 下呂市 ひだはぎわら
100%
飛騨古川駅 飛騨市 ひだふるかわ
100%
飛騨細江駅 飛騨市 ひだほそえ
100%
飛騨宮田駅 下呂市 ひだみやだ
100%
比津駅 津市 ひつ
100%
備中川面駅 高梁市 びっちゅうかわも
100%
備中高梁駅 高梁市 びっちゅうたかはし
100%
備中広瀬駅 高梁市 びっちゅうひろせ
100%
備中箕島駅 岡山市 びっちゅうみしま
100%
比布駅 比布町 ぴっぷ
100%
日出塩駅 塩尻市 ひでしお
100%
比土駅 伊賀市 ひど
100%
一ツ木駅 刈谷市 ひとつぎ
100%
人見駅 福智町 ひとみ
100%
日長駅 知多市 ひなが
100%
日生駅 備前市 ひなせ
100%
日野駅 日野市 ひの
100%
日の出駅 港区 ひので
100%
日野春駅 北杜市 ひのはる
100%
美唄駅 美唄市 びばい
100%
美馬牛駅 美瑛町 びばうし
100%
比婆山駅 庄原市 ひばやま
100%
日比野駅 愛西市 ひびの
100%
日比谷駅 千代田区 ひびや
100%
美深駅 美深町 びふか
100%
美幌駅 美幌町 びほろ
100%
氷見駅 氷見市 ひみ
100%
姫駅 多治見市 ひめ
100%
姫路駅 姫路市 ひめじ
100%
姫島駅 大阪市 ひめじま
100%
姫松停留場 大阪市 ひめまつ
100%
姫宮駅 宮代町 ひめみや
100%
日向駅 山武市 ひゅうが
100%
日向市駅 日向市 ひゅうがし
100%
日向庄内駅 都城市 ひゅうがしょうない
100%
日向住吉駅 宮崎市 ひゅうがすみよし
100%
兵庫駅 神戸市 ひょうご
100%
日吉駅 南丹市 ひよし
100%
日吉本町駅 横浜市 ひよしほんちょう
100%
鵯越駅 神戸市 ひよどりごえ
100%
平井駅 江戸川区 ひらい
100%
平磯駅 ひたちなか市 ひらいそ
100%
平岩駅 糸魚川市 ひらいわ
100%
平賀駅 平川市 ひらか
100%
平川駅 鹿児島市 ひらかわ
100%
平木駅 三木町 ひらぎ
100%
平倉駅 遠野市 ひらくら
100%
平子駅 庄原市 ひらこ
100%
平田駅 松本市 ひらた
100%
平滝駅 栄村 ひらたき
100%
平戸橋駅 豊田市 ひらとばし
100%
平沼橋駅 横浜市 ひらぬまばし
100%
平野駅 大阪市 ひらの
100%
平原駅 小諸市 ひらはら
100%
平松駅 姫路市 ひらまつ
100%
ひらんだ駅 川根本町 ひらんだ
100%
美留和駅 弟子屈町 びるわ
100%
広駅 呉市 ひろ
100%
広尾駅 港区 ひろお
100%
広丘駅 塩尻市 ひろおか
100%
広川ビーチ駅 広川町 ひろかわびーち
100%
広小路停留場 高岡市 ひろこうじ
100%
広小路駅 伊賀市 ひろこうじ
100%
弘高下駅 弘前市 ひろこうした
100%
弘前駅 弘前市 ひろさき
100%
弘前学院大前駅 弘前市 ひろさきがくいんだいまえ
100%
広島駅 広島市 ひろしま
100%
広島駅停留場 広島市 ひろしまえき
100%
広瀬通駅 仙台市 ひろせどおり
100%
広電阿品駅 廿日市市 ひろでんあじな
100%
広電五日市駅 広島市 ひろでんいつかいち
100%
広電本社前停留場 広島市 ひろでんほんしゃまえ
100%
広戸駅 深浦町 ひろと
100%
広野ゴルフ場前駅 三木市 ひろのごるふじょうまえ
100%
広畑駅 姫路市 ひろはた
100%
びわ湖浜大津駅 大津市 びわこはまおおつ
100%
日和佐駅 美波町 ひわさ
100%
枇杷島駅 清須市 びわじま
100%
備後三川駅 世羅町 びんごみかわ
100%
備後安田駅 三次市 びんごやすだ
100%
ファミリー公園前駅 大和郡山市 ふぁみりーこうえんまえ
100%
風連駅 名寄市 ふうれん
100%
フェリーターミナル駅 大阪市 ふぇりーたーみなる
100%
深井駅 堺市 ふかい
100%
深川駅 深川市 ふかがわ
100%
深田駅 鬼北町 ふかた
100%
深谷駅 深谷市 ふかや
100%
ふかや花園駅 深谷市 ふかやはなぞの
100%
福駅 大阪市 ふく
100%
福居駅 足利市 ふくい
100%
福井駅停留場 福井市 ふくいえき
100%
福井城址大名町駅 福井市 ふくいじょうしだいみょうまち
100%
福浦駅 横浜市 ふくうら
100%
福江駅 下関市 ふくえ
100%
福崎駅 福崎町 ふくさき
100%
福島口駅 伊万里市 ふくしまぐち
100%
福島高松駅 串間市 ふくしまたかまつ
100%
福島町停留場 広島市 ふくしまちょう
100%
福住駅 札幌市 ふくずみ
100%
福大前駅 福岡市 ふくだいまえ
100%
福大前西福井駅 福井市 ふくだいまえにしふくい
100%
福俵駅 東金市 ふくたわら
100%
福地駅 西尾市 ふくち
100%
福知山市民病院口駅 福知山市 ふくちやましみんびょういんぐち
100%
福部駅 鳥取市 ふくべ
100%
福間駅 福津市 ふくま
100%
福山駅 福山市 ふくやま
100%
福用駅 島田市 ふくよう
100%
袋駅 水俣市 ふくろ
100%
袋井駅 袋井市 ふくろい
100%
袋田駅 大子町 ふくろだ
100%
布佐駅 我孫子市 ふさ
100%
仏子駅 入間市 ぶし
100%
藤井駅 若狭町 ふじい
100%
藤井寺駅 藤井寺市 ふじいでら
100%
藤江駅 明石市 ふじえ
100%
富士岡駅 御殿場市 ふじおか
100%
藤岡駅 栃木市 ふじおか
100%
藤が丘駅 横浜市 ふじがおか
100%
富士川駅 富士市 ふじかわ
100%
藤川駅 岡崎市 ふじかわ
100%
伏木駅 高岡市 ふしき
100%
富士急ハイランド駅 富士河口湖町 ふじきゅうはいらんど
100%
不二越駅 富山市 ふじこし
100%
藤阪駅 枚方市 ふじさか
100%
藤沢駅 藤沢市 ふじさわ
100%
富士山駅 富士吉田市 ふじさん
100%
藤島駅 鶴岡市 ふじしま
100%
藤代駅 取手市 ふじしろ
100%
藤田駅 国見町 ふじた
100%
フジテック前駅 彦根市 ふじてっくまえ
100%
藤並駅 有田川町 ふじなみ
100%
藤浪駅 愛西市 ふじなみ
100%
藤根駅 北上市 ふじね
100%
富士根駅 富士市 ふじね
100%
藤野駅 相模原市 ふじの
100%
藤の牛島駅 春日部市 ふじのうしじま
100%
富士宮駅 富士宮市 ふじのみや
100%
藤森駅 京都市 ふじのもり
100%
富士フイルム前駅 南足柄市 ふじふいるむまえ
100%
富士松駅 刈谷市 ふじまつ
100%
富士見駅 富士見町 ふじみ
100%
伏見稲荷駅 京都市 ふしみいなり
100%
富士見ヶ丘駅 杉並区 ふじみがおか
100%
富士見台駅 練馬区 ふじみだい
100%
伏見桃山駅 京都市 ふしみももやま
100%
富士山下駅 桐生市 ふじやました
100%
武州荒木駅 行田市 ぶしゅうあらき
100%
武州唐沢駅 越生町 ぶしゅうからさわ
100%
武州日野駅 秩父市 ぶしゅうひの
100%
布施駅 東大阪市 ふせ
100%
豊前大熊駅 糸田町 ぶぜんおおくま
100%
豊前川崎駅 川崎町 ぶぜんかわさき
100%
豊前長洲駅 宇佐市 ぶぜんながす
100%
扶桑駅 扶桑町 ふそう
100%
布田駅 調布市 ふだ
100%
双岩駅 八幡浜市 ふたいわ
100%
二子駅 一宮市 ふたご
100%
二子新地駅 川崎市 ふたこしんち
100%
二田駅 潟上市 ふただ
100%
双葉駅 双葉町 ふたば
100%
二股駅 長万部町 ふたまた
100%
二俣駅 福知山市 ふたまた
100%
二俣川駅 横浜市 ふたまたがわ
100%
二和向台駅 船橋市 ふたわむこうだい
100%
淵野辺駅 相模原市 ふちのべ
100%
府中駅 府中市 ふちゅう
100%
婦中鵜坂駅 富山市 ふちゅううさか
100%
府中本町駅 府中市 ふちゅうほんまち
100%
二日市駅 筑紫野市 ふつかいち
100%
福工大前駅 福岡市 ふっこうだいまえ
100%
福生駅 福生市 ふっさ
100%
不動前駅 品川区 ふどうまえ
100%
船尾停留場 堺市 ふなお
100%
船岡駅 柴田町 ふなおか
100%
舟形駅 舟形町 ふながた
100%
船越駅 男鹿市 ふなこし
100%
船津駅 紀北町 ふなつ
100%
船戸駅 岩出市 ふなと
100%
舟戸停留場 高知市 ふなと
100%
船橋駅 船橋市 ふなばし
100%
船橋競馬場駅 船橋市 ふなばしけいばじょう
100%
船橋日大前駅 船橋市 ふなばしにちだいまえ
100%
船橋法典駅 船橋市 ふなばしほうてん
100%
船平山駅 山口市 ふなひらやま
100%
船堀駅 江戸川区 ふなぼり
100%
船町駅 豊橋市 ふなまち
100%
船町口駅 西脇市 ふなまちぐち
100%
分倍河原駅 府中市 ぶばいがわら
100%
文の里駅 大阪市 ふみのさと
100%
府屋駅 村上市 ふや
100%
富良野駅 富良野市 ふらの
100%
フラワータウン駅 三田市 ふらわーたうん
100%
古市橋駅 広島市 ふるいちばし
100%
フルーツパーク駅 浜松市 ふるーつぱーく
100%
古川駅 大崎市 ふるかわ
100%
ふるさと公園駅 下郷町 ふるさとこうえん
100%
古島駅 那覇市 ふるじま
100%
古高松南駅 高松市 ふるたかまつみなみ
100%
古間駅 信濃町 ふるま
100%
不破一色駅 羽島市 ふわいしき
100%
文化の森駅 徳島市 ぶんかのもり
100%
豊後清川駅 豊後大野市 ぶんごきよかわ
100%
豊後国分駅 大分市 ぶんごこくぶ
100%
豊後中川駅 日田市 ぶんごなかがわ
100%
豊後中村駅 九重町 ぶんごなかむら
100%
豊後三芳駅 日田市 ぶんごみよし
100%
分水駅 燕市 ぶんすい
100%
平安通駅 名古屋市 へいあんどおり
100%
平和駅 札幌市 へいわ
100%
平和公園停留場 長崎市 へいわこうえん
100%
平和島駅 大田区 へいわじま
100%
平和通一丁目停留場 松山市 へいわどおりいっちょうめ
100%
碧南駅 碧南市 へきなん
100%
碧南中央駅 碧南市 へきなんちゅうおう
100%
平群駅 平群町 へぐり
100%
戸坂駅 広島市 へさか
100%
別院前停留場 広島市 べついんまえ
100%
別府大学駅 別府市 べっぷだいがく
100%
別保駅 釧路町 べっぽ
100%
艫作駅 深浦町 へなし
100%
蛇田駅 石巻市 へびた
100%
弁天町駅 大阪市 べんてんちょう
100%
弁天橋駅 横浜市 べんてんばし
100%
宝永町停留場 高知市 ほうえいちょう
100%
法界院駅 岡山市 ほうかいいん
100%
伯耆溝口駅 伯耆町 ほうきみぞぐち
100%
宝山寺駅 生駒市 ほうざんじ
100%
坊城駅 橿原市 ぼうじょう
100%
法善寺駅 柏原市 ほうぜんじ
100%
宝殿駅 高砂市 ほうでん
100%
蓬萊駅 大津市 ほうらい
100%
宝来町停留場 函館市 ほうらいちょう
100%
法隆寺駅 斑鳩町 ほうりゅうじ
100%
ポートターミナル駅 神戸市 ぽーとたーみなる
100%
ポートタウン西駅 大阪市 ぽーとたうんにし
100%
星ヶ丘駅 枚方市 ほしがおか
100%
星田駅 交野市 ほしだ
100%
ほしみ駅 札幌市 ほしみ
100%
布施屋駅 和歌山市 ほしや
100%
細井川停留場 大阪市 ほそいがわ
100%
細岡駅 釧路町 ほそおか
100%
細畑駅 岐阜市 ほそばた
100%
細谷駅 太田市 ほそや
100%
螢田駅 小田原市 ほたるだ
100%
北海道医療大学駅 当別町 ほっかいどういりょうだいがく
100%
保津峡駅 亀岡市 ほづきょう
100%
法華口駅 加西市 ほっけぐち
100%
発坂駅 勝山市 ほっさか
100%
ほっとゆだ駅 西和賀町 ほっとゆだ
100%
穂積駅 瑞穂市 ほづみ
100%
保土ケ谷駅 横浜市 ほどがや
100%
程久保駅 日野市 ほどくぼ
100%
保々駅 四日市市 ほぼ
100%
保見駅 豊田市 ほみ
100%
堀内公園駅 安城市 ほりうちこうえん
100%
堀川駅 熊本市 ほりかわ
100%
堀川町停留場 函館市 ほりかわちょう
100%
堀切菖蒲園駅 葛飾区 ほりきりしょうぶえん
100%
堀詰停留場 高知市 ほりづめ
100%
堀ノ内駅 横須賀市 ほりのうち
100%
甫嶺駅 大船渡市 ほれい
100%
幌向駅 岩見沢市 ほろむい
100%
本厚木駅 厚木市 ほんあつぎ
100%
本川越駅 川越市 ほんかわごえ
100%
本郷三丁目駅 文京区 ほんごうさんちょうめ
100%
本駒込駅 文京区 ほんこまごめ
100%
本庄駅 本庄市 ほんじょう
100%
本城駅 北九州市 ほんじょう
100%
本荘駅 あわら市 ほんじょう
100%
本陣駅 名古屋市 ほんじん
100%
本竜野駅 たつの市 ほんたつの
100%
本千葉駅 千葉市 ほんちば
100%
本名駅 金山町 ほんな
100%
本長篠駅 新城市 ほんながしの
100%
本中野駅 邑楽町 ほんなかの
100%
本納駅 茂原市 ほんのう
100%
本八戸駅 八戸市 ほんはちのへ
100%
本俣賀駅 益田市 ほんまたが
100%
本町一丁目停留場 松山市 ほんまちいっちょうめ
100%
本町五丁目停留場 松山市 ほんまちごちょうめ
100%
本町三丁目停留場 松山市 ほんまちさんちょうめ
100%
本町六丁目停留場 松山市 ほんまちろくちょうめ
100%
本妙寺入口停留場 熊本市 ほんみょうじいりぐち
100%
本牟田部駅 唐津市 ほんむたべ
100%
本由良駅 山口市 ほんゆら
100%
舞岡駅 横浜市 まいおか
100%
舞子駅 神戸市 まいこ
100%
舞子公園駅 神戸市 まいここうえん
100%
舞阪駅 浜松市 まいさか
100%
米原駅 米原市 まいばら
100%
前沢駅 奥州市 まえさわ
100%
前空駅 廿日市市 まえぞら
100%
前田南駅 北秋田市 まえだみなみ
100%
前之浜駅 鹿児島市 まえのはま
100%
前橋駅 前橋市 まえばし
100%
前橋大島駅 前橋市 まえばしおおしま
100%
前畑停留場 豊橋市 まえはた
100%
前浜駅 松浦市 まえはま
100%
前原駅 船橋市 まえばら
100%
前谷地駅 石巻市 まえやち
100%
前山駅 北秋田市 まえやま
100%
曲沢駅 由利本荘市 まがりさわ
100%
牧駅 大分市 まき
100%
牧志駅 那覇市 まきし
100%
牧野駅 枚方市 まきの
100%
牧山駅 岡山市 まきやま
100%
幕張駅 千葉市 まくはり
100%
幕張豊砂駅 千葉市 まくはりとよすな
100%
幕張本郷駅 千葉市 まくはりほんごう
100%
幕別駅 幕別町 まくべつ
100%
真駒内駅 札幌市 まこまない
100%
益子駅 益子町 ましこ
100%
間島駅 村上市 まじま
100%
摩周駅 弟子屈町 ましゅう
100%
鱒浦駅 網走市 ますうら
100%
枡形停留場 高知市 ますがた
100%
鱒沢駅 遠野市 ますざわ
100%
町方駅 愛西市 まちかた
100%
町田駅 町田市 まちだ
100%
町屋二丁目停留場 荒川区 まちやにちょうめ
100%
松井山手駅 京田辺市 まついやまて
100%
松浦駅 松浦市 まつうら
100%
松浦発電所前駅 松浦市 まつうらはつでんしょまえ
100%
松江しんじ湖温泉駅 松江市 まつえしんじこおんせん
100%
松尾駅 山武市 まつお
100%
松尾大社駅 京都市 まつおたいしゃ
100%
松ケ浦駅 南九州市 まつがうら
100%
松ヶ崎駅 松阪市 まつがさき
100%
松風町停留場 函館市 まつかぜちょう
100%
松草駅 宮古市 まつくさ
100%
松倉駅 釜石市 まつくら
100%
松阪駅 松阪市 まつさか
100%
松崎駅 湯梨浜町 まつざき
100%
松島駅 松島町 まつしま
100%
松島二丁目駅 高松市 まつしまにちょうめ
100%
松田駅 松田町 まつだ
100%
真土駅 松野町 まつち
100%
松戸新田駅 松戸市 まつどしんでん
100%
松永駅 福山市 まつなが
100%
松尾寺駅 舞鶴市 まつのおでら
100%
松ノ浜駅 泉大津市 まつのはま
100%
松葉駅 仙北市 まつば
100%
松原駅 大村市 まつばら
100%
松丸駅 松野町 まつまる
100%
松虫停留場 大阪市 まつむし
100%
松本駅 松本市 まつもと
100%
まつもと町屋駅 福井市 まつもとまちや
100%
松森駅 美濃市 まつもり
100%
松山駅 松山市 まつやま
100%
松山市駅 松山市 まつやまし
100%
松山市駅前停留場 松山市 まつやましえきまえ
100%
松屋町駅 大阪市 まつやまち
100%
的場駅 川越市 まとば
100%
間内駅 春日井市 まない
100%
馬堀海岸駅 横須賀市 まぼりかいがん
100%
マリンパーク駅 神戸市 まりんぱーく
100%
丸尾駅 宇部市 まるお
100%
丸亀駅 丸亀市 まるがめ
100%
丸太町駅 京都市 まるたまち
100%
丸森駅 丸森町 まるもり
100%
丸山駅 伊奈町 まるやま
100%
丸山下駅 桐生市 まるやました
100%
万願寺駅 日野市 まんがんじ
100%
万石浦駅 石巻市 まんごくうら
100%
万座・鹿沢口駅 嬬恋村 まんざ・かざわぐち
100%
御井駅 久留米市 みい
100%
三井野原駅 奥出雲町 みいのはら
100%
三浦駅 津山市 みうら
100%
三浦海岸駅 三浦市 みうらかいがん
100%
三会駅 島原市 みえ
100%
美江寺駅 瑞穂市 みえじ
100%
美栄橋駅 那覇市 みえばし
100%
三重町駅 豊後大野市 みえまち
100%
三方駅 若狭町 みかた
100%
御門台駅 静岡市 みかどだい
100%
三加茂駅 東みよし町 みかも
100%
三川駅 由仁町 みかわ
100%
美川駅 白山市 みかわ
100%
三河安城駅 安城市 みかわあんじょう
100%
三河一宮駅 豊川市 みかわいちのみや
100%
三河大塚駅 蒲郡市 みかわおおつか
100%
三河鹿島駅 蒲郡市 みかわかしま
100%
三河川合駅 新城市 みかわかわい
100%
三河高浜駅 高浜市 みかわたかはま
100%
三河知立駅 知立市 みかわちりゅう
100%
三河鳥羽駅 西尾市 みかわとば
100%
三河豊田駅 豊田市 みかわとよた
100%
三河三谷駅 蒲郡市 みかわみや
100%
三木駅 三木市 みき
100%
三木上の丸駅 三木市 みきうえのまる
100%
三国神社駅 坂井市 みくにじんじゃ
100%
三雲駅 湖南市 みくも
100%
三毛門駅 豊前市 みけかど
100%
美咲が丘駅 糸島市 みさきがおか
100%
三崎口駅 三浦市 みさきぐち
100%
みさき公園駅 岬町 みさきこうえん
100%
美佐島駅 十日町市 みさしま
100%
美里駅 小諸市 みさと
100%
三里駅 いなべ市 みさと
100%
三島駅 三島市 みしま
100%
三島広小路駅 三島市 みしまひろこうじ
100%
三島二日町駅 三島市 みしまふつかまち
100%
水居駅 坂井市 みずい
100%
瑞江駅 江戸川区 みずえ
100%
水落駅 鯖江市 みずおち
100%
水田駅 高松市 みずた
100%
瑞浪駅 瑞浪市 みずなみ
100%
水沼駅 桐生市 みずぬま
100%
瑞穂駅 士別市 みずほ
100%
瑞穂区役所駅 名古屋市 みずほくやくしょ
100%
水間観音駅 貝塚市 みずまかんのん
100%
水巻駅 水巻町 みずまき
100%
三角駅 宇城市 みすみ
100%
三瀬谷駅 大台町 みせだに
100%
溝口駅 姫路市 みぞぐち
100%
味噌天神前停留場 熊本市 みそてんじんまえ
100%
美園駅 札幌市 みその
100%
溝の口駅 川崎市 みぞのくち
100%
三田駅 港区 みた
100%
三鷹台駅 三鷹市 みたかだい
100%
三滝駅 広島市 みたき
100%
御嶽駅 青梅市 みたけ
100%
御岳堂駅 登米市 みたけどう
100%
美田園駅 名取市 みたぞの
100%
三谷駅 山口市 みたに
100%
乱川駅 天童市 みだれがわ
100%
道川駅 由利本荘市 みちかわ
100%
三津駅 松山市 みつ
100%
三石駅 備前市 みついし
100%
三岡駅 小諸市 みつおか
100%
三日市駅 鈴鹿市 みっかいち
100%
三日市町駅 河内長野市 みっかいちちょう
100%
水海道駅 常総市 みつかいどう
100%
見附駅 見附市 みつけ
100%
三ツ沢下町駅 横浜市 みつざわしもちょう
100%
三つ峠駅 西桂町 みつとうげ
100%
三津浜駅 松山市 みつはま
100%
三菱自工前駅 倉敷市 みつびしじこうまえ
100%
三ツ松駅 貝塚市 みつまつ
100%
三ツ屋駅 金沢市 みつや
100%
みつわ台駅 千葉市 みつわだい
100%
弥刀駅 東大阪市 みと
100%
三苫駅 福岡市 みとま
100%
緑川駅 宇土市 みどりかわ
100%
みどりの駅 つくば市 みどりの
100%
水上駅 みなかみ町 みなかみ
100%
水無瀬駅 島本町 みなせ
100%
湊川駅 神戸市 みなとがわ
100%
湊川公園駅 神戸市 みなとがわこうえん
100%
みなとじま駅 神戸市 みなとじま
100%
みなとみらい駅 横浜市 みなとみらい
100%
南部駅 みなべ町 みなべ
100%
水俣駅 水俣市 みなまた
100%
南荒尾駅 荒尾市 みなみあらお
100%
南荒子駅 名古屋市 みなみあらこ
100%
南生駒駅 生駒市 みなみいこま
100%
南茨木駅 茨木市 みなみいばらき
100%
南伊予駅 伊予市 みなみいよ
100%
南岩国駅 岩国市 みなみいわくに
100%
南ウッディタウン駅 三田市 みなみうっでぃたうん
100%
南浦和駅 さいたま市 みなみうらわ
100%
南大沢駅 八王子市 みなみおおさわ
100%
南大塚駅 川越市 みなみおおつか
100%
南小樽駅 小樽市 みなみおたる
100%
南小野田駅 山陽小野田市 みなみおのだ
100%
南が丘駅 津市 みなみがおか
100%
南加木屋駅 東海市 みなみかぎや
100%
南鹿児島駅 鹿児島市 みなみかごしま
100%
南鹿児島駅前停留場 鹿児島市 みなみかごしまえきまえ
100%
南行徳駅 市川市 みなみぎょうとく
100%
南草津駅 草津市 みなみくさつ
100%
南熊本駅 熊本市 みなみくまもと
100%
南栗橋駅 久喜市 みなみくりはし
100%
南久留米駅 久留米市 みなみくるめ
100%
南甲府駅 甲府市 みなみこうふ
100%
南小倉駅 北九州市 みなみこくら
100%
南越谷駅 越谷市 みなみこしがや
100%
南御殿場駅 御殿場市 みなみごてんば
100%
南栄駅 豊橋市 みなみさかえ
100%
南滋賀駅 大津市 みなみしが
100%
南宍道駅 松江市 みなみしんじ
100%
南吹田駅 吹田市 みなみすいた
100%
南仙台駅 仙台市 みなみせんだい
100%
南千里駅 吹田市 みなみせんり
100%
南高崎駅 高崎市 みなみたかさき
100%
南巽駅 大阪市 みなみたつみ
100%
南鳥海駅 酒田市 みなみちょうかい
100%
南中郷駅 北茨城市 みなみなかごう
100%
南流山駅 流山市 みなみながれやま
100%
南直方御殿口駅 直方市 みなみのおがたごてんぐち
100%
南羽咋駅 羽咋市 みなみはくい
100%
南橋本駅 相模原市 みなみはしもと
100%
南羽生駅 羽生市 みなみはにゅう
100%
南彦根駅 彦根市 みなみひこね
100%
南日永駅 四日市市 みなみひなが
100%
南日向駅 日向市 みなみひゅうが
100%
南平岸駅 札幌市 みなみひらぎし
100%
南福岡駅 福岡市 みなみふくおか
100%
南福島駅 福島市 みなみふくしま
100%
南船橋駅 船橋市 みなみふなばし
100%
南古谷駅 川越市 みなみふるや
100%
南町停留場 松山市 みなみまち
100%
南町田グランベリーパーク駅 町田市 みなみまちだぐらんべりーぱーく
100%
南松本駅 松本市 みなみまつもと
100%
南宮崎駅 宮崎市 みなみみやざき
100%
南矢代駅 丹波篠山市 みなみやしろ
100%
南行橋駅 行橋市 みなみゆくはし
100%
南四日市駅 四日市市 みなみよっかいち
100%
南林間駅 大和市 みなみりんかん
100%
南稚内駅 稚内市 みなみわっかない
100%
見奈良駅 東温市 みなら
100%
三縄駅 三好市 みなわ
100%
見沼代親水公園駅 足立区 みぬまだいしんすいこうえん
100%
美祢駅 美祢市 みね
100%
峰山駅 京丹後市 みねやま
100%
みの駅 三豊市 みの
100%
箕浦駅 観音寺市 みのうら
100%
美濃白鳥駅 郡上市 みのしろとり
100%
三野瀬駅 紀北町 みのせ
100%
美濃津屋駅 海津市 みのつや
100%
身延駅 身延町 みのぶ
100%
美濃本郷駅 池田町 みのほんごう
100%
美濃山崎駅 海津市 みのやまざき
100%
三ノ輪橋停留場 荒川区 みのわばし
100%
美旗駅 名張市 みはた
100%
美浜駅 美浜町 みはま
100%
美浜緑苑駅 美浜町 みはまりょくえん
100%
三原駅 三原市 みはら
100%
美作追分駅 真庭市 みまさかおいわけ
100%
美作大崎駅 津山市 みまさかおおさき
100%
美作落合駅 真庭市 みまさかおちあい
100%
三股駅 三股町 みまた
100%
宮内駅 長岡市 みやうち
100%
宮城野原駅 仙台市 みやぎのはら
100%
宮口駅 浜松市 みやぐち
100%
宮古駅 宮古市 みやこ
100%
都島駅 大阪市 みやこじま
100%
都田駅 浜松市 みやこだ
100%
宮崎空港駅 宮崎市 みやざきくうこう
100%
宮崎神宮駅 宮崎市 みやざきじんぐう
100%
宮地駅 阿蘇市 みやじ
100%
宮島口駅 廿日市市 みやじまぐち
100%
宮島ボートレース場駅 廿日市市 みやじまぼーとれーすじょう
100%
宮田駅 宮田村 みやだ
100%
宮津駅 宮津市 みやづ
100%
宮野駅 山口市 みやの
100%
宮の奥停留場 高知市 みやのおく
100%
宮ノ越駅 木曽町 みやのこし
100%
宮の坂駅 世田谷区 みやのさか
100%
宮之阪駅 枚方市 みやのさか
100%
宮の沢駅 札幌市 みやのさわ
100%
宮の陣駅 久留米市 みやのじん
100%
宮ノ平駅 青梅市 みやのひら
100%
宮ノ前停留場 荒川区 みやのまえ
100%
宮原駅 さいたま市 みやはら
100%
宮前平駅 川崎市 みやまえだいら
100%
宮町駅 伊勢市 みやまち
100%
妙音通駅 名古屋市 みょうおんどおり
100%
茗荷谷駅 文京区 みょうがだに
100%
妙見口駅 豊能町 みょうけんぐち
100%
妙高高原駅 妙高市 みょうこうこうげん
100%
妙国寺前停留場 堺市 みょうこくじまえ
100%
妙寺駅 かつらぎ町 みょうじ
100%
明星駅 明和町 みょうじょう
100%
明神駅 日光市 みょうじん
100%
妙典駅 市川市 みょうでん
100%
妙法寺駅 長岡市 みょうほうじ
100%
妙蓮寺駅 横浜市 みょうれんじ
100%
三好ヶ丘駅 みよし市 みよしがおか
100%
みらい平駅 つくばみらい市 みらいだいら
100%
見老津駅 すさみ町 みろづ
100%
三輪駅 桜井市 みわ
100%
六日町駅 南魚沼市 むいかまち
100%
向島駅 京都市 むかいじま
100%
向洋駅 府中町 むかいなだ
100%
向能代駅 能代市 むかいのしろ
100%
向之原駅 由布市 むかいのはる
100%
向原駅 安芸高田市 むかいはら
100%
向井原駅 伊予市 むかいばら
100%
牟岐駅 牟岐町 むぎ
100%
向ヶ丘駅 豊橋市 むこうがおか
100%
武蔵浦和駅 さいたま市 むさしうらわ
100%
武蔵小金井駅 小金井市 むさしこがねい
100%
武蔵小杉駅 川崎市 むさしこすぎ
100%
武蔵白石駅 川崎市 むさししらいし
100%
武蔵高萩駅 日高市 むさしたかはぎ
100%
武蔵中原駅 川崎市 むさしなかはら
100%
武蔵新田駅 大田区 むさしにった
100%
武蔵藤沢駅 入間市 むさしふじさわ
100%
武蔵増戸駅 あきる野市 むさしますこ
100%
武蔵溝ノ口駅 川崎市 むさしみぞのくち
100%
武蔵大和駅 東村山市 むさしやまと
100%
武蔵横手駅 日高市 むさしよこて
100%
武蔵嵐山駅 嵐山町 むさしらんざん
100%
虫川大杉駅 上越市 むしがわおおすぎ
100%
陸奥赤石駅 鰺ヶ沢町 むつあかいし
100%
陸奥岩崎駅 深浦町 むついわさき
100%
陸奥白浜駅 八戸市 むつしらはま
100%
陸奥鶴田駅 鶴田町 むつつるだ
100%
六名駅 岡崎市 むつな
100%
六実駅 松戸市 むつみ
100%
陸奥湊駅 八戸市 むつみなと
100%
陸奥横浜駅 横浜町 むつよこはま
100%
村崎野駅 北上市 むらさきの
100%
村山駅 村山市 むらやま
100%
室駅 大垣市 むろ
100%
明治神宮前駅 渋谷区 めいじじんぐうまえ
100%
明大前駅 世田谷区 めいだいまえ
100%
名鉄一宮駅 一宮市 めいてついちのみや
100%
名電赤坂駅 豊川市 めいでんあかさか
100%
名電長沢駅 豊川市 めいでんながさわ
100%
名電山中駅 岡崎市 めいでんやまなか
100%
姪浜駅 福岡市 めいのはま
100%
夫婦石駅 有田町 めおといし
100%
女鹿駅 遊佐町 めが
100%
恵み野駅 恵庭市 めぐみの
100%
目白駅 豊島区 めじろ
100%
メディカルセンター停留場 長崎市 めでぃかるせんたー
100%
目時駅 三戸町 めとき
100%
目名駅 蘭越町 めな
100%
女満別駅 大空町 めまんべつ
100%
芽室駅 芽室町 めむろ
100%
免田駅 宝達志水町 めんでん
100%
茂市駅 宮古市 もいち
100%
門司駅 北九州市 もじ
100%
門司港駅 北九州市 もじこう
100%
茂尻駅 赤平市 もしり
100%
百舌鳥駅 堺市 もず
100%
百舌鳥八幡駅 堺市 もずはちまん
100%
妹背牛駅 妹背牛町 もせうし
100%
茂木駅 茂木町 もてぎ
100%
元宇品口停留場 広島市 もとうじなぐち
100%
本笠寺駅 名古屋市 もとかさでら
100%
元加治駅 入間市 もとかじ
100%
本巣駅 本巣市 もとす
100%
元住吉駅 川崎市 もとすみよし
100%
本楯駅 酒田市 もとたて
100%
元田中駅 京都市 もとたなか
100%
本銚子駅 銚子市 もとちょうし
100%
本星崎駅 名古屋市 もとほしざき
100%
元町駅 札幌市 もとまち
100%
本宮駅 本宮市 もとみや
100%
本山駅 三豊市 もとやま
100%
元山駅 松戸市 もとやま
100%
本八幡駅 市川市 もとやわた
100%
物井駅 四街道市 ものい
100%
茂原駅 茂原市 もばら
100%
樅山駅 鹿沼市 もみやま
100%
桃内駅 南相馬市 ももうち
100%
桃山駅 京都市 ももやま
100%
盛岡駅 盛岡市 もりおか
100%
森口駅 松本市 もりぐち
100%
守口駅 守口市 もりぐち
100%
森田駅 福井市 もりた
100%
森岳駅 三種町 もりたけ
100%
森ノ宮駅 大阪市 もりのみや
100%
茂里町停留場 長崎市 もりまち
100%
森宮野原駅 栄村 もりみやのはら
100%
守山自衛隊前駅 名古屋市 もりやまじえいたいまえ
100%
茂林寺前駅 館林市 もりんじまえ
100%
門静駅 厚岸町 もんしず
100%
門前仲町駅 江東区 もんぜんなかちょう
100%
矢板駅 矢板市 やいた
100%
八尾駅 八尾市 やお
100%
八乙女駅 仙台市 やおとめ
100%
八尾南駅 八尾市 やおみなみ
100%
谷峨駅 山北町 やが
100%
矢賀駅 広島市 やが
100%
矢神駅 新見市 やがみ
100%
矢川駅 国立市 やがわ
100%
八木原駅 渋川市 やぎはら
100%
八木山動物公園駅 仙台市 やぎやまどうぶつこうえん
100%
柳生橋駅 豊橋市 やぎゅうばし
100%
薬院大通駅 福岡市 やくいんおおどおり
100%
薬園台駅 船橋市 やくえんだい
100%
厄神駅 加古川市 やくじん
100%
やぐま台駅 田原市 やぐまだい
100%
八栗駅 高松市 やくり
100%
矢向駅 横浜市 やこう
100%
矢越駅 一関市 やごし
100%
八事駅 名古屋市 やごと
100%
矢島駅 由利本荘市 やしま
100%
屋代高校前駅 千曲市 やしろこうこうまえ
100%
矢代田駅 新潟市 やしろだ
100%
夜須駅 香南市 やす
100%
安浦駅 呉市 やすうら
100%
安国駅 遠軽町 やすくに
100%
安田駅 柏崎市 やすだ
100%
安東駅 広島市 やすひがし
100%
矢岳駅 人吉市 やたけ
100%
矢田前駅 青森市 やだまえ
100%
八千穂駅 佐久穂町 やちほ
100%
八街駅 八街市 やちまた
100%
八千代台駅 八千代市 やちよだい
100%
八千代町停留場 長崎市 やちよまち
100%
八代駅 八代市 やつしろ
100%
柳井駅 柳井市 やない
100%
柳井港駅 柳井市 やないみなと
100%
柳川停留場 岡山市 やながわ
100%
やながわ希望の森公園前駅 伊達市 やながわきぼうのもりこうえんまえ
100%
柳駅 鈴鹿市 やなぎ
100%
柳ケ浦駅 宇佐市 やなぎがうら
100%
柳田駅 横手市 やなぎた
100%
柳原駅 北上市 やなぎはら
100%
柳本駅 天理市 やなぎもと
100%
柳瀬川駅 志木市 やなせがわ
100%
矢作駅 弥彦村 やはぎ
100%
矢作橋駅 岡崎市 やはぎばし
100%
八幡駅 北九州市 やはた
100%
矢場町駅 名古屋市 やばちょう
100%
矢幅駅 矢巾町 やはば
100%
矢原駅 山口市 やばら
100%
八広駅 墨田区 やひろ
100%
矢吹駅 矢吹町 やぶき
100%
藪塚駅 太田市 やぶづか
100%
矢部駅 相模原市 やべ
100%
山家駅 綾部市 やまが
100%
山形駅 山形市 やまがた
100%
山川駅 指宿市 やまかわ
100%
山北駅 山北町 やまきた
100%
山口駅 山口市 やまぐち
100%
山口団地駅 宮古市 やまぐちだんち
100%
山崎駅 八雲町 やまさき
100%
山郷駅 智頭町 やまさと
100%
山科駅 京都市 やましな
100%
山城駅 四日市市 やまじょう
100%
山田川駅 精華町 やまだがわ
100%
大和駅 桜川市 やまと
100%
大和川停留場 堺市 やまとがわ
100%
大和小泉駅 大和郡山市 やまとこいずみ
100%
大和新庄駅 葛城市 やまとしんじょう
100%
大和二見駅 五條市 やまとふたみ
100%
大和八木駅 橿原市 やまとやぎ
100%
山名駅 高崎市 やまな
100%
山梨市駅 山梨市 やまなしし
100%
山西駅 松山市 やまにし
100%
山ノ内駅 庄原市 やまのうち
100%
山之口駅 都城市 やまのくち
100%
山の街駅 神戸市 やまのまち
100%
山鼻9条停留場 札幌市 やまはなくじょう
100%
山吹駅 高森町 やまぶき
100%
山前駅 足利市 やままえ
100%
山本駅 唐津市 やまもと
100%
矢本駅 東松島市 やもと
100%
弥生台駅 横浜市 やよいだい
100%
八幡宿駅 市原市 やわたじゅく
100%
八幡新田駅 東海市 やわたしんでん
100%
八幡浜駅 八幡浜市 やわたはま
100%
湯浅駅 湯浅町 ゆあさ
100%
由比ヶ浜駅 鎌倉市 ゆいがはま
100%
ユーカリが丘駅 佐倉市 ゆーかりがおか
100%
勇払駅 苫小牧市 ゆうふつ
100%
湯江駅 諫早市 ゆえ
100%
由岐駅 美波町 ゆき
100%
雪が谷大塚駅 大田区 ゆきがやおおつか
100%
行橋駅 行橋市 ゆくはし
100%
湯里駅 大田市 ゆさと
100%
湯沢駅 湯沢市 ゆざわ
100%
柚須駅 粕屋町 ゆす
100%
ゆだ錦秋湖駅 西和賀町 ゆだきんしゅうこ
100%
ゆだ高原駅 西和賀町 ゆだこうげん
100%
湯田中駅 山ノ内町 ゆだなか
100%
湯玉駅 下関市 ゆたま
100%
由仁駅 由仁町 ゆに
100%
ユニバーサルシティ駅 大阪市 ゆにばーさるしてぃ
100%
湯の川温泉停留場 函館市 ゆのかわおんせん
100%
湯の山温泉駅 菰野町 ゆのやまおんせん
100%
由布院駅 由布市 ゆふいん
100%
ゆめが丘駅 横浜市 ゆめがおか
100%
夢洲駅 大阪市 ゆめしま
100%
ゆめみ野駅 取手市 ゆめみの
100%
湯本駅 いわき市 ゆもと
100%
湯谷温泉駅 新城市 ゆやおんせん
100%
百合ヶ丘駅 川崎市 ゆりがおか
100%
百合が原駅 札幌市 ゆりがはら
100%
夜明駅 日田市 よあけ
100%
余市駅 余市町 よいち
100%
用賀駅 世田谷区 ようが
100%
八日市場駅 匝瑳市 ようかいちば
100%
養鱒公園駅 下郷町 ようそんこうえん
100%
用土駅 寄居町 ようど
100%
養老駅 養老町 ようろう
100%
余呉駅 長浜市 よご
100%
横江駅 立山町 よこえ
100%
横川目駅 北上市 よこかわめ
100%
横河原駅 東温市 よこがわら
100%
横芝駅 横芝光町 よこしば
100%
横須賀駅 横須賀市 よこすか
100%
横須賀中央駅 横須賀市 よこすかちゅうおう
100%
横瀬駅 横瀬町 よこぜ
100%
横手駅 横手市 よこて
100%
横屋駅 瑞穂市 よこや
100%
吉井駅 高崎市 よしい
100%
吉浦駅 呉市 よしうら
100%
吉尾駅 芦北町 よしお
100%
吉川駅 吉川市 よしかわ
100%
良川駅 中能登町 よしかわ
100%
吉沢駅 由利本荘市 よしざわ
100%
吉名駅 竹原市 よしな
100%
吉永駅 備前市 よしなが
100%
吉野駅 大牟田市 よしの
100%
吉野口駅 御所市 よしのぐち
100%
吉野原駅 さいたま市 よしのはら
100%
吉松駅 湧水町 よしまつ
100%
吉見駅 下関市 よしみ
100%
吉水駅 佐野市 よしみず
100%
吉見ノ里駅 田尻町 よしみのさと
100%
吉原本町駅 富士市 よしわらほんちょう
100%
四日市駅 四日市市 よっかいち
100%
四ツ木駅 葛飾区 よつぎ
100%
四ツ倉駅 いわき市 よつくら
100%
四ツ橋駅 大阪市 よつばし
100%
淀駅 京都市 よど
100%
淀川駅 大阪市 よどがわ
100%
米子駅 米子市 よなご
100%
米沢駅 米沢市 よねざわ
100%
米山駅 柏崎市 よねやま
100%
与野本町駅 さいたま市 よのほんまち
100%
余部駅 姫路市 よべ
100%
代々木駅 渋谷区 よよぎ
100%
代々木上原駅 渋谷区 よよぎうえはら
100%
代々木公園駅 渋谷区 よよぎこうえん
100%
寄畑駅 南部町 よりはた
100%
鎧駅 香美町 よろい
100%
榎原駅 日南市 よわら
100%
楽々園駅 広島市 らくらくえん
100%
ラベンダー畑駅 中富良野町 らべんだーばたけ
100%
蘭越駅 蘭越町 らんこし
100%
蘭島駅 小樽市 らんしま
100%
嵐電天神川駅 京都市 らんでんてんじんがわ
100%
陸前稲井駅 石巻市 りくぜんいない
100%
陸前大塚駅 東松島市 りくぜんおおつか
100%
陸前山王駅 多賀城市 りくぜんさんのう
100%
陸前高砂駅 仙台市 りくぜんたかさご
100%
陸前富山駅 松島町 りくぜんとみやま
100%
陸前原ノ町駅 仙台市 りくぜんはらのまち
100%
陸前谷地駅 美里町 りくぜんやち
100%
陸中宇部駅 久慈市 りくちゅううべ
100%
陸中大橋駅 釜石市 りくちゅうおおはし
100%
陸中松川駅 一関市 りくちゅうまつかわ
100%
陸中八木駅 洋野町 りくちゅうやぎ
100%
陸中山田駅 山田町 りくちゅうやまだ
100%
利府駅 利府町 りふ
100%
龍王峡駅 日光市 りゅうおうきょう
100%
竜ヶ崎駅 龍ケ崎市 りゅうがさき
100%
流通センター駅 大田区 りゅうつうせんたー
100%
両石駅 釜石市 りょういし
100%
両国駅 墨田区 りょうごく
100%
綾里駅 大船渡市 りょうり
100%
緑園都市駅 横浜市 りょくえんとし
100%
緑地公園駅 豊中市 りょくちこうえん
100%
林間田園都市駅 橋本市 りんかんでんえんとし
100%
りんくうタウン駅 泉佐野市 りんくうたうん
100%
留辺蘂駅 北見市 るべしべ
100%
連坊駅 仙台市 れんぼう
100%
ロイズタウン駅 当別町 ろいずたうん
100%
ロープウェイ入口停留場 札幌市 ろーぷうぇいいりぐち
100%
芦花公園駅 世田谷区 ろかこうえん
100%
六地蔵駅 京都市 ろくじぞう
100%
六条駅 福井市 ろくじょう
100%
六丁の目駅 仙台市 ろくちょうのめ
100%
六原駅 金ケ崎町 ろくはら
100%
六番町駅 名古屋市 ろくばんちょう
100%
六甲駅 神戸市 ろっこう
100%
六本木一丁目駅 港区 ろっぽんぎいっちょうめ
100%
六本松駅 福岡市 ろっぽんまつ
100%
若井駅 四万十町 わかい
100%
若栗駅 黒部市 わかぐり
100%
若桜駅 若桜町 わかさ
100%
若狭高浜駅 高浜町 わかさたかはま
100%
若狭本郷駅 おおい町 わかさほんごう
100%
若狭和田駅 高浜町 わかさわだ
100%
和賀仙人駅 北上市 わかせんにん
100%
若林駅 世田谷区 わかばやし
100%
若松駅 北九州市 わかまつ
100%
若松河田駅 新宿区 わかまつかわだ
100%
和歌山駅 和歌山市 わかやま
100%
和歌山港駅 和歌山市 わかやまこう
100%
和歌山大学前駅 和歌山市 わかやまだいがくまえ
100%
和木駅 和木町 わき
100%
脇田停留場 鹿児島市 わきだ
100%
涌谷駅 涌谷町 わくや
100%
和気駅 和気町 わけ
100%
和光市駅 和光市 わこうし
100%
和佐駅 日高川町 わさ
100%
和食駅 芸西村 わじき
100%
鷲塚針原駅 福井市 わしづかはりばら
100%
早稲田停留場 新宿区 わせだ
100%
和田駅 秋田市 わだ
100%
和田浦駅 南房総市 わだうら
100%
渡辺橋駅 大阪市 わたなべばし
100%
和田浜駅 米子市 わだはま
100%
和田岬駅 神戸市 わだみさき
100%
渡駅 球磨村 わたり
100%
和知駅 京丹波町 わち
100%
稚内駅 稚内市 わっかない
100%
和寒駅 和寒町 わっさむ
100%
和戸駅 宮代町 わど
100%
和銅黒谷駅 秩父市 わどうくろや
100%
輪西駅 室蘭市 わにし
100%
和深駅 串本町 わぶか
100%
益田駅 益田市 ますだ
86%
南与野駅 さいたま市 みなみよの
86%
大船駅 鎌倉市 おおふな
83%
深江橋駅 大阪市 ふかえばし
83%
青島駅 宮崎市 あおしま
80%
海尻駅 南牧村 うみじり
80%
上三緒駅 飯塚市 かみみお
80%
小柳駅 青森市 こやなぎ
80%
しんざ駅 十日町市 しんざ
80%
多賀城駅 多賀城市 たがじょう
80%
豊田本町駅 名古屋市 とよだほんまち
80%
那珂湊駅 ひたちなか市 なかみなと
80%
幡生駅 下関市 はたぶ
80%
青砥駅 葛飾区 あおと
75%
足ケ瀬駅 遠野市 あしがせ
75%
阿田和駅 御浜町 あたわ
75%
五日市駅 広島市 いつかいち
75%
岩鼻駅 宇部市 いわはな
75%
鶯の森駅 川西市 うぐいすのもり
75%
宇部駅 宇部市 うべ
75%
大内山駅 大紀町 おおうちやま
75%
大釜駅 滝沢市 おおかま
75%
大鰐温泉駅 大鰐町 おおわにおんせん
75%
小田栄駅 川崎市 おださかえ
75%
笠寺駅 名古屋市 かさでら
75%
兜駅 伊達市 かぶと
75%
上磯駅 北斗市 かみいそ
75%
上川口駅 福知山市 かみかわぐち
75%
上丸渕駅 稲沢市 かみまるぶち
75%
かるが浜駅 呉市 かるがはま
75%
鬼無駅 高松市 きなし
75%
鬼怒川温泉駅 日光市 きぬがわおんせん
75%
京成酒々井駅 酒々井町 けいせいしすい
75%
小網町停留場 広島市 こあみちょう
75%
小泉町停留場 富山市 こいずみまち
75%
護国寺駅 文京区 ごこくじ
75%
小佐越駅 日光市 こさごえ
75%
湖北駅 我孫子市 こほく
75%
胡麻駅 南丹市 ごま
75%
坂下町停留場 高岡市 さかしたまち
75%
地名駅 川根本町 じな
75%
白神岳登山口駅 深浦町 しらかみだけとざんぐち
75%
市立体育館前停留場 熊本市 しりつたいいくかんまえ
75%
助信駅 浜松市 すけのぶ
75%
千頭駅 川根本町 せんず
75%
善導寺駅 久留米市 ぜんどうじ
75%
丹波竹田駅 丹波市 たんばたけだ
75%
都賀駅 千葉市 つが
75%
鶴原駅 泉佐野市 つるはら
75%
手樽駅 松島町 てたる
75%
天矢場駅 茂木町 てんやば
75%
土佐久礼駅 中土佐町 とさくれ
75%
富沢駅 仙台市 とみざわ
75%
豊明駅 豊明市 とよあけ
75%
中浦和駅 さいたま市 なかうらわ
75%
中小田井駅 名古屋市 なかおたい
75%
花崎駅 加須市 はなさき
75%
羽田空港第1ターミナル駅 大田区 はねだくうこうだいいちたーみなる
75%
半田駅 半田市 はんだ
75%
彦崎駅 岡山市 ひこさき
75%
姫川駅 糸魚川市 ひめかわ
75%
ひめじ別所駅 姫路市 ひめじべっしょ
75%
福光駅 南砺市 ふくみつ
75%
二子玉川駅 世田谷区 ふたこたまがわ
75%
淵垣駅 綾部市 ふちがき
75%
碧海古井駅 安城市 へきかいふるい
75%
堀田駅 名古屋市 ほりた
75%
三国港駅 坂井市 みくにみなと
75%
六浦駅 横浜市 むつうら
75%
桃園駅 津市 ももぞの
75%
明科駅 安曇野市 あかしな
67%
赤湯駅 南陽市 あかゆ
67%
阿木駅 中津川市 あぎ
67%
安芸中野駅 広島市 あきなかの
67%
朝地駅 豊後大野市 あさじ
67%
麻布十番駅 港区 あざぶじゅうばん
67%
浅海井駅 佐伯市 あざむい
67%
足滝駅 津南町 あしだき
67%
愛宕橋駅 仙台市 あたごばし
67%
熱海駅 熱海市 あたみ
67%
左沢駅 大江町 あてらざわ
67%
菖蒲池駅 奈良市 あやめいけ
67%
鮎貝駅 白鷹町 あゆかい
67%
阿波川島駅 吉野川市 あわかわしま
67%
飯羽間駅 恵那市 いいばま
67%
諫早東高校駅 諫早市 いさはやひがしこうこう
67%
石巻あゆみ野駅 石巻市 いしのまきあゆみの
67%
伊豆熱川駅 東伊豆町 いずあたがわ
67%
市布駅 諫早市 いちぬの
67%
一分駅 生駒市 いちぶ
67%
稲原駅 印南町 いなはら
67%
入山瀬駅 富士市 いりやませ
67%
磐城常葉駅 田村市 いわきときわ
67%
上野市駅 伊賀市 うえのし
67%
浮間舟渡駅 北区 うきまふなど
67%
内船駅 南部町 うつぶな
67%
海の王迎駅 黒潮町 うみのおうむかえ
67%
浦添前田駅 浦添市 うらそえまえだ
67%
駅家駅 福山市 えきや
67%
江曽島駅 宇都宮市 えそじま
67%
越後岩塚駅 長岡市 えちごいわつか
67%
榎戸駅 八街市 えのきど
67%
延徳駅 中野市 えんとく
67%
大阪梅田駅 大阪市 おおさかうめだ
67%
大濠公園駅 福岡市 おおほりこうえん
67%
奥中山高原駅 一戸町 おくなかやまこうげん
67%
小野町駅 小野市 おのまち
67%
小幡駅 名古屋市 おばた
67%
蚕ノ社駅 京都市 かいこのやしろ
67%
替佐駅 中野市 かえさ
67%
鰍沢口駅 市川三郷町 かじかざわぐち
67%
梶原停留場 北区 かじわら
67%
鹿妻駅 東松島市 かづま
67%
金武駅 伊万里市 かなたけ
67%
鎌ヶ谷駅 鎌ケ谷市 かまがや
67%
上芦別駅 芦別市 かみあしべつ
67%
上小田井駅 名古屋市 かみおたい
67%
神沢駅 名古屋市 かみさわ
67%
神城駅 白馬村 かみしろ
67%
上の町駅 倉敷市 かみのちょう
67%
冠着駅 筑北村 かむりき
67%
唐津駅 唐津市 からつ
67%
川口元郷駅 川口市 かわぐちもとごう
67%
川西能勢口駅 川西市 かわにしのせぐち
67%
神埼駅 神埼市 かんざき
67%
甘露寺前駅 紀の川市 かんろじまえ
67%
岸根公園駅 横浜市 きしねこうえん
67%
北赤羽駅 北区 きたあかばね
67%
北大町駅 大町市 きたおおまち
67%
北参道駅 渋谷区 きたさんどう
67%
北田辺駅 大阪市 きたたなべ
67%
木津駅 木津川市 きづ
67%
貴船口駅 京都市 きぶねぐち
67%
清洲駅 稲沢市 きよす
67%
欽明路駅 岩国市 きんめいじ
67%
久寿川駅 西宮市 くすがわ
67%
下松駅 下松市 くだまつ
67%
栗熊駅 丸亀市 くりくま
67%
黒髪町駅 熊本市 くろかみまち
67%
群馬総社駅 前橋市 ぐんまそうじゃ
67%
京成曳舟駅 墨田区 けいせいひきふね
67%
競輪場前停留場 豊橋市 けいりんじょうまえ
67%
剣吉駅 南部町 けんよし
67%
高速長田駅 神戸市 こうそくながた
67%
国府津駅 小田原市 こうづ
67%
郡元駅 鹿児島市 こおりもと
67%
郡山富田駅 郡山市 こおりやまとみた
67%
湖遊館新駅駅 出雲市 こゆうかんしんえき
67%
五稜郭公園前停留場 函館市 ごりょうかくこうえんまえ
67%
佐伯駅 佐伯市 さいき*
67%
坂之上駅 鹿児島市 さかのうえ
67%
侍浜駅 久慈市 さむらいはま
67%
寺家駅 東広島市 じけ
67%
下市口駅 大淀町 しもいちぐち
67%
下郡駅 君津市 しもごおり
67%
下曽根駅 北九州市 しもそね
67%
下平駅 高森町 しもだいら
67%
白糠駅 白糠町 しらぬか
67%
神領駅 春日井市 じんりょう
67%
周防花岡駅 下松市 すおうはなおか
67%
寸座駅 浜松市 すんざ
67%
清輝橋停留場 岡山市 せいきばし
67%
瀬見温泉駅 最上町 せみおんせん
67%
雑色駅 大田区 ぞうしき
67%
高滝駅 市原市 たかたき
67%
高森駅 高森町 たかもり
67%
滝の茶屋駅 神戸市 たきのちゃや
67%
滝水駅 阿蘇市 たきみず
67%
立木駅 京丹波町 たちき
67%
立飛駅 立川市 たちひ
67%
反町駅 横浜市 たんまち
67%
千路駅 羽咋市 ちじ
67%
千歳町停留場 函館市 ちとせちょう
67%
通洞駅 日光市 つうどう
67%
津軽飯詰駅 五所川原市 つがるいいづめ
67%
月寒中央駅 札幌市 つきさむちゅうおう
67%
天応駅 呉市 てんのう
67%
等持院・立命館大学衣笠キャンパス前駅 京都市 とうじいん・りつめいかんだいがくきぬがさきゃんぱすまえ
67%
東武和泉駅 足利市 とうぶいずみ
67%
東武竹沢駅 小川町 とうぶたけざわ
67%
十日市場駅 横浜市 とおかいちば
67%
豊島駅 田原市 としま
67%
直江津駅 上越市 なおえつ
67%
中妻駅 常総市 なかつま
67%
中之郷駅 鳥羽市 なかのごう
67%
中松駅 南阿蘇村 なかまつ
67%
中山平温泉駅 大崎市 なかやまだいらおんせん
67%
名寄駅 名寄市 なよろ
67%
鳴滝駅 京都市 なるたき
67%
新居浜駅 新居浜市 にいはま
67%
西新井大師西駅 足立区 にしあらいだいしにし
67%
西一宮駅 一宮市 にしいちのみや
67%
西頴娃駅 南九州市 にしえい
67%
西大滝駅 飯山市 にしおおたき
67%
野木駅 野木町 のぎ
67%
野跡駅 名古屋市 のせき
67%
野矢駅 九重町 のや
67%
計石駅 福井市 はかりいし
67%
葉木駅 八代市 はき
67%
蓮根駅 板橋区 はすね
67%
発寒中央駅 札幌市 はっさむちゅうおう
67%
八東駅 八頭町 はっとう
67%
浜加積駅 滑川市 はまかづみ
67%
原向駅 日光市 はらむこう
67%
東刈谷駅 刈谷市 ひがしかりや
67%
東別府駅 別府市 ひがしべっぷ
67%
東向島駅 墨田区 ひがしむこうじま
67%
東横田駅 袖ケ浦市 ひがしよこた
67%
東鷲宮駅 久喜市 ひがしわしのみや
67%
樋越駅 前橋市 ひごし
67%
毘沙門台駅 広島市 びしゃもんだい
67%
肥前鹿島駅 鹿島市 ひぜんかしま
67%
ひたち野うしく駅 牛久市 ひたちのうしく
67%
枚方市駅 枚方市 ひらかたし
67%
平林駅 村上市 ひらばやし
67%
深日町駅 岬町 ふけちょう
67%
伏石駅 高松市 ふせいし
67%
二見浦駅 伊勢市 ふたみのうら
67%
船引駅 田村市 ふねひき
67%
豊後森駅 玖珠町 ぶんごもり
67%
平和通駅 北九州市 へいわどおり
67%
真幸駅 えびの市 まさき
67%
松ノ馬場駅 大津市 まつのばんば
67%
瑞穂運動場西駅 名古屋市 みずほうんどうじょうにし
67%
南大東駅 雲南市 みなみだいとう
67%
南富山駅 富山市 みなみとやま
67%
南延岡駅 延岡市 みなみのべおか
67%
美乃坂本駅 中津川市 みのさかもと
67%
目白山下駅 藤沢市 めじろやました
67%
桃山台駅 吹田市 ももやまだい
67%
守谷駅 守谷市 もりや
67%
文珠通停留場 高知市 もんじゅどおり
67%
野州大塚駅 栃木市 やしゅうおおつか
67%
野洲駅 野洲市 やす
67%
谷塚駅 草加市 やつか
67%
八次駅 三次市 やつぎ
67%
谷保駅 国立市 やほ
67%
山瀬駅 吉野川市 やませ
67%
由比駅 静岡市 ゆい
67%
郵便局前停留場 岡山市 ゆうびんきょくまえ
67%
油島駅 一関市 ゆしま
67%
湯之元駅 日置市 ゆのもと
67%
横堀駅 湯沢市 よこぼり
67%
洛西口駅 京都市 らくさいぐち
67%
陸前落合駅 仙台市 りくぜんおちあい
67%
陸前小野駅 東松島市 りくぜんおの
67%
陸前豊里駅 登米市 りくぜんとよさと
67%
陸中野田駅 野田村 りくちゅうのだ
67%
竜舞駅 太田市 りゅうまい
67%
龍安寺駅 京都市 りょうあんじ
67%
鹿王院駅 京都市 ろくおういん
67%
六合駅 島田市 ろくごう
67%
和倉温泉駅 七尾市 わくらおんせん
67%
和邇駅 大津市 わに
67%
会津中川駅 金山町 あいづなかがわ
60%
奥武山公園駅 那覇市 おうのやまこうえん
60%
杵築駅 杵築市 きつき
60%
天竜二俣駅 浜松市 てんりゅうふたまた
60%
備中神代駅 新見市 びっちゅうこうじろ
60%
渡川駅 山口市 わたりがわ
60%
公園上駅 箱根町 こうえんかみ
57%
秋鹿町駅 松江市 あいかまち
50%
愛知御津駅 豊川市 あいちみと
50%
会津山村道場駅 南会津町 あいづさんそんどうじょう
50%
会津柳津駅 柳津町 あいづやないづ
50%
藍那駅 神戸市 あいな
50%
相内駅 北見市 あいのない
50%
姶良駅 姶良市 あいら
50%
アイランドセンター駅 神戸市 あいらんどせんたー
50%
粟生駅 小野市 あお
50%
青柳町停留場 函館市 あおやぎちょう
50%
赤野駅 安芸市 あかの
50%
赤羽橋駅 港区 あかばねばし
50%
阿久比駅 阿久比町 あぐい
50%
曙町停留場 高知市 あけぼのちょう
50%
阿品東駅 廿日市市 あじなひがし
50%
芦ノ牧温泉南駅 会津若松市 あしのまきおんせんみなみ
50%
味鋺駅 名古屋市 あじま
50%
愛宕駅 松島町 あたご
50%
足立小台駅 足立区 あだちおだい
50%
熱田神宮西駅 名古屋市 あつたじんぐうにし
50%
厚別駅 札幌市 あつべつ
50%
安登駅 呉市 あと
50%
穴内駅 安芸市 あなない
50%
姉別駅 浜中町 あねべつ
50%
穴生駅 北九州市 あのお
50%
阿母崎駅 雲仙市 あぼざき
50%
尼子駅 甲良町 あまご
50%
甘地駅 市川町 あまじ
50%
あまや駅 会津若松市 あまや
50%
餘部駅 香美町 あまるべ
50%
阿波海南駅 海陽町 あわかいなん
50%
阿波川端駅 板野町 あわかわばた
50%
飯詰駅 美郷町 いいづめ
50%
家城駅 津市 いえき
50%
家地川駅 四万十町 いえぢがわ
50%
石嶺駅 那覇市 いしみね
50%
五十鈴川駅 伊勢市 いすずがわ
50%
泉崎駅 泉崎村 いずみざき
50%
泉外旭川駅 秋田市 いずみそとあさひかわ
50%
和泉中央駅 和泉市 いずみちゅうおう
50%
和泉鳥取駅 阪南市 いずみとっとり
50%
出雲大東駅 雲南市 いずもだいとう
50%
磯分内駅 標茶町 いそぶんない
50%
板谷駅 米沢市 いたや
50%
板柳駅 板柳町 いたやなぎ
50%
市ケ谷駅 千代田区 いちがや
50%
市塙駅 市貝町 いちはな
50%
伊那新町駅 辰野町 いなしんまち
50%
稲梓駅 下田市 いなずさ
50%
因幡船岡駅 八頭町 いなばふなおか
50%
井口駅 白山市 いのくち
50%
動橋駅 加賀市 いぶりはし
50%
今隈駅 小郡市 いまぐま
50%
祖谷口駅 三好市 いやぐち
50%
伊予石城駅 西予市 いよいわき
50%
伊予上灘駅 伊予市 いよかみなだ
50%
伊予北条駅 松山市 いよほうじょう
50%
伊予和気駅 松山市 いよわけ
50%
入曽駅 狭山市 いりそ
50%
岩泉小本駅 岩泉町 いわいずみおもと
50%
磐城石川駅 石川町 いわきいしかわ
50%
岩船町駅 村上市 いわふねまち
50%
石見福光駅 大田市 いわみふくみつ
50%
印西牧の原駅 印西市 いんざいまきのはら
50%
宇久井駅 那智勝浦町 うくい*
50%
羽後本荘駅 由利本荘市 うごほんじょう
50%
牛浜駅 福生市 うしはま
50%
宇治山田駅 伊勢市 うじやまだ
50%
後潟駅 青森市 うしろがた
50%
永平寺口駅 永平寺町 えいへいじぐち
50%
江木駅 前橋市 えぎ
50%
榎町駅 立山町 えのきまち
50%
大池遊園駅 紀の川市 おいけゆうえん
50%
追分駅 安平町 おいわけ
50%
王子駅前停留場 北区 おうじえきまえ
50%
大阿太駅 大淀町 おおあだ
50%
大蔵谷駅 明石市 おおくらだに
50%
大堂津駅 日南市 おおどうつ
50%
大戸瀬駅 深浦町 おおどせ
50%
多ノ郷駅 須崎市 おおのごう
50%
大波止停留場 長崎市 おおはと
50%
大間越駅 深浦町 おおまごし
50%
大町停留場 函館市 おおまち
50%
大森・金城学院前駅 名古屋市 おおもり・きんじょうがくいんまえ
50%
大森台駅 千葉市 おおもりだい
50%
大谷地駅 札幌市 おおやち
50%
大矢知駅 四日市市 おおやち
50%
笑内駅 北秋田市 おかしない
50%
奥新川駅 仙台市 おくにっかわ
50%
刑部駅 新見市 おさかべ
50%
渡島当別駅 北斗市 おしまとうべつ
50%
小樽築港駅 小樽市 おたるちっこう
50%
落石駅 根室市 おちいし
50%
小奴可駅 庄原市 おぬか
50%
尾上の松駅 加古川市 おのえのまつ
50%
小波瀬西工大前駅 苅田町 おばせにしこうだいまえ
50%
帯織駅 三条市 おびおり
50%
帯解駅 奈良市 おびとけ
50%
小俣駅 足利市 おまた
50%
御室仁和寺駅 京都市 おむろにんなじ
50%
遠賀川駅 遠賀町 おんががわ
50%
海路駅 芦北町 かいじ
50%
甲斐住吉駅 甲府市 かいすみよし
50%
偕楽園駅 水戸市 かいらくえん
50%
蚊爪駅 金沢市 かがつめ
50%
各務原市役所前駅 各務原市 かかみがはらしやくしょまえ
50%
覚王山駅 名古屋市 かくおうざん
50%
笠松駅 笠松町 かさまつ
50%
加治屋町停留場 鹿児島市 かじやちょう
50%
春日居町駅 笛吹市 かすがいちょう
50%
上総亀山駅 君津市 かずさかめやま
50%
学研北生駒駅 生駒市 がっけんきたいこま
50%
門島駅 泰阜村 かどしま
50%
可児駅 可児市 かに
50%
金浜駅 八戸市 かねはま
50%
釜淵駅 真室川町 かまぶち
50%
上泉駅 前橋市 かみいずみ
50%
上伊万里駅 伊万里市 かみいまり
50%
上川立駅 三次市 かみかわたち
50%
上北町駅 東北町 かみきたちょう
50%
上中里駅 北区 かみなかざと
50%
上之郷駅 志摩市 かみのごう
50%
上野目駅 大崎市 かみのめ
50%
上桧木内駅 仙北市 かみひのきない
50%
上町一丁目停留場 高知市 かみまちいっちょうめ
50%
上町五丁目停留場 高知市 かみまちごちょうめ
50%
上安駅 広島市 かみやす
50%
萱町六丁目停留場 松山市 かやまちろくちょうめ
50%
観音町停留場 広島市 かんおんまち
50%
関内駅 横浜市 かんない
50%
紀伊勝浦駅 那智勝浦町 きいかつうら
50%
喜久田駅 郡山市 きくた
50%
岸里玉出駅 大阪市 きしのさとたまで
50%
北美瑛駅 美瑛町 きたびえい
50%
北俣駅 曽於市 きたまた
50%
城崎温泉駅 豊岡市 きのさきおんせん
50%
木花駅 宮崎市 きばな
50%
久宝寺駅 八尾市 きゅうほうじ
50%
教育大前駅 宗像市 きょういくだいまえ
50%
吉礼駅 和歌山市 きれ
50%
岐波駅 宇部市 きわ
50%
国吉駅 いすみ市 くによし
50%
九品仏駅 世田谷区 くほんぶつ
50%
熊ケ根駅 仙台市 くまがね
50%
久米田駅 岸和田市 くめだ
50%
久留米高校前駅 久留米市 くるめこうこうまえ
50%
京急久里浜駅 横須賀市 けいきゅうくりはま
50%
京成関屋駅 足立区 けいせいせきや
50%
京阪膳所駅 大津市 けいはんぜぜ
50%
検見川浜駅 千葉市 けみがわはま
50%
剣淵駅 剣淵町 けんぶち
50%
漕代駅 松阪市 こいしろ
50%
五位野駅 鹿児島市 ごいの
50%
公園下駅 箱根町 こうえんしも
50%
豪渓駅 総社市 ごうけい
50%
剛志駅 伊勢崎市 ごうし
50%
郷戸駅 柳津町 ごうど
50%
鴻巣駅 鴻巣市 こうのす
50%
幸谷駅 松戸市 こうや
50%
強羅駅 箱根町 ごうら
50%
香櫨園駅 西宮市 こうろえん
50%
河和駅 美浜町 こうわ
50%
小金城趾駅 松戸市 こがねじょうし
50%
御器所駅 名古屋市 ごきそ
50%
小篭通停留場 南国市 こごめどおり
50%
小滝駅 糸魚川市 こたき
50%
琴電志度駅 さぬき市 ことでんしど
50%
寿駅 富士吉田市 ことぶき
50%
小長井駅 諫早市 こながい
50%
小塙駅 那須烏山市 こばな
50%
小針駅 新潟市 こばり
50%
木場茶屋駅 薩摩川内市 こばんちゃや
50%
小涌谷駅 箱根町 こわきだに
50%
金蔵寺駅 善通寺市 こんぞうじ
50%
採銅所駅 香春町 さいどうしょ
50%
菜園場町停留場 高知市 さえんばちょう
50%
酒殿駅 粕屋町 さかど
50%
崎平駅 川根本町 さきだいら
50%
佐久海ノ口駅 南牧村 さくうみのくち
50%
作並駅 仙台市 さくなみ
50%
篠栗駅 篠栗町 ささぐり
50%
笹津駅 富山市 ささづ
50%
笹部駅 川西市 ささべ
50%
佐奈駅 多気町 さな
50%
猿投駅 豊田市 さなげ
50%
讃岐財田駅 三豊市 さぬきさいだ
50%
佐羽根駅 宮古市 さばね
50%
三宮駅 神戸市 さんのみや
50%
山陽垂水駅 神戸市 さんようたるみ
50%
塩屋駅 神戸市 しおや
50%
信貴山口駅 八尾市 しぎさんぐち
50%
敷地駅 磐田市 しきじ
50%
志都美駅 香芝市 しずみ
50%
舌山駅 黒部市 したやま
50%
信濃白鳥駅 栄村 しなのしらとり
50%
忍ケ丘駅 四條畷市 しのぶがおか
50%
渋民駅 盛岡市 しぶたみ
50%
島ケ原駅 伊賀市 しまがはら
50%
占冠駅 占冠村 しむかっぷ
50%
下赤塚駅 板橋区 しもあかつか
50%
下川合駅 浜松市 しもかわい
50%
甚目寺駅 あま市 じもくじ
50%
下神明駅 品川区 しもしんめい
50%
下曽我駅 小田原市 しもそが
50%
下土狩駅 長泉町 しもとがり
50%
十二所駅 大館市 じゅうにしょ
50%
宿戸駅 洋野町 しゅくのへ
50%
俊徳道駅 東大阪市 しゅんとくみち
50%
常永駅 昭和町 じょうえい
50%
少路駅 豊中市 しょうじ
50%
上州新屋駅 甘楽町 じょうしゅうにいや
50%
城端駅 南砺市 じょうはな
50%
勝幡駅 愛西市 しょばた
50%
白井海岸駅 普代村 しらいかいがん
50%
白子駅 鈴鹿市 しろこ
50%
新御茶ノ水駅 千代田区 しんおちゃのみず
50%
新河岸駅 川越市 しんがし
50%
新川町駅 碧南市 しんかわまち
50%
新木屋瀬駅 北九州市 しんこやのせ
50%
新大工町停留場 長崎市 しんだいくまち
50%
新守谷駅 守谷市 しんもりや
50%
新八柱駅 松戸市 しんやはしら
50%
新山口駅 山口市 しんやまぐち
50%
新利府駅 利府町 しんりふ
50%
末恒駅 鳥取市 すえつね
50%
末広町停留場 函館市 すえひろちょう
50%
周防久保駅 下松市 すおうくぼ
50%
周防高森駅 岩国市 すおうたかもり
50%
菅谷駅 田村市 すがや
50%
須佐駅 萩市 すさ
50%
住道駅 大東市 すみのどう
50%
聖蹟桜ヶ丘駅 多摩市 せいせきさくらがおか
50%
勢浜駅 小浜市 せいはま
50%
世田谷代田駅 世田谷区 せたがやだいた
50%
接岨峡温泉駅 川根本町 せっそきょうおんせん
50%
瀬上駅 福島市 せのうえ
50%
善師野駅 犬山市 ぜんじの
50%
寒河駅 備前市 そうご
50%
磯鶏駅 宮古市 そけい
50%
彼杵駅 東彼杵町 そのぎ
50%
第一イン新湊 クロスベイ前駅 射水市 だいいちいんしんみなと くろすべいまえ
50%
高原駅 高原町 たかはる
50%
高安山駅 八尾市 たかやすやま
50%
田儀駅 出雲市 たぎ
50%
滝谷不動駅 富田林市 たきだにふどう
50%
武志駅 出雲市 たけし
50%
田鶴浜駅 七尾市 たつるはま
50%
立町停留場 広島市 たてまち
50%
田畑駅 南箕輪村 たばた
50%
茅ケ崎駅 茅ヶ崎市 ちがさき
50%
近田駅 福山市 ちかた
50%
千鳥町駅 大田区 ちどりちょう
50%
茅野駅 茅野市 ちの
50%
千葉公園駅 千葉市 ちばこうえん
50%
中央弘前駅 弘前市 ちゅうおうひろさき
50%
中書島駅 京都市 ちゅうしょじま
50%
知寄町三丁目停留場 高知市 ちよりちょうさんちょうめ
50%
塚目駅 大崎市 つかのめ
50%
津軽湯の沢駅 平川市 つがるゆのさわ
50%
築地市場駅 中央区 つきじしじょう
50%
津久野駅 堺市 つくの
50%
柘植駅 伊賀市 つげ
50%
綱島駅 横浜市 つなしま
50%
常澄駅 水戸市 つねずみ
50%
津幡駅 津幡町 つばた
50%
鶴ヶ峰駅 横浜市 つるがみね
50%
鶴来駅 白山市 つるぎ
50%
鶴丸駅 湧水町 つるまる
50%
鶴見市場駅 横浜市 つるみいちば
50%
鶴羽駅 さぬき市 つるわ
50%
手力駅 岐阜市 てぢから
50%
寺庄駅 甲賀市 てらしょう
50%
天空橋駅 大田区 てんくうばし
50%
天王駅 潟上市 てんのう
50%
東海学園前駅 熊本市 とうかいがくえんまえ
50%
東海通駅 名古屋市 とうかいどおり
50%
東照宮駅 仙台市 とうしょうぐう
50%
東武日光駅 日光市 とうぶにっこう
50%
道明寺駅 藤井寺市 どうみょうじ
50%
洞爺駅 洞爺湖町 とうや
50%
遠野駅 遠野市 とおの
50%
鳥栖駅 鳥栖市 とす
50%
獨協大学前駅 草加市 どっきょうだいがくまえ
50%
富木駅 高石市 とのき
50%
富野荘駅 城陽市 とのしょう
50%
鳥羽街道駅 京都市 とばかいどう
50%
砥堀駅 姫路市 とほり
50%
豊田町駅 磐田市 とよだちょう
50%
虎姫駅 長浜市 とらひめ
50%
取手駅 取手市 とりで
50%
富田林西口駅 富田林市 とんだばやしにしぐち
50%
長岡京駅 長岡京市 ながおかきょう
50%
中河原駅 府中市 なかがわら
50%
中洲通停留場 鹿児島市 なかすどおり
50%
中田平駅 平戸市 なかたびら
50%
長門本山駅 山陽小野田市 ながともとやま
50%
中埠頭駅 神戸市 なかふとう
50%
中百舌鳥駅 堺市 なかもず
50%
名古屋港駅 名古屋市 なごやこう
50%
七光台駅 野田市 ななこうだい
50%
なにわ橋駅 大阪市 なにわばし
50%
七日町駅 会津若松市 なぬかまち
50%
生瀬駅 西宮市 なまぜ
50%
浪江駅 浪江町 なみえ
50%
南部市場駅 横浜市 なんぶしじょう
50%
仁井田駅 高根沢町 にいた
50%
西吾野駅 飯能市 にしあがの
50%
西大洲駅 大洲市 にしおおず
50%
西方駅 薩摩川内市 にしかた
50%
西鯖江駅 鯖江市 にしさばえ
50%
西田平駅 平戸市 にしたびら
50%
西鉄平尾駅 福岡市 にしてつひらお
50%
西都城駅 都城市 にしみやこのじょう
50%
西留辺蘂駅 北見市 にしるべしべ
50%
仁保駅 山口市 にほ
50%
二本木口停留場 熊本市 にほんぎぐち
50%
壬生川駅 西条市 にゅうがわ
50%
入善駅 入善町 にゅうぜん
50%
布忍駅 松原市 ぬのせ
50%
練馬春日町駅 練馬区 ねりまかすがちょう
50%
梅津寺駅 松山市 ばいしんじ
50%
白島駅 広島市 はくしま
50%
白馬駅 白馬村 はくば
50%
柏矢町駅 安曇野市 はくやちょう
50%
蓮池町通停留場 高知市 はすいけまちどおり
50%
蓮町(馬場記念公園前)駅 富山市 はすまち(ばばきねんこうえんまえ)
50%
波田駅 松本市 はた
50%
畑田駅 綾川町 はただ
50%
羽立駅 男鹿市 はだち
50%
秦野駅 秦野市 はだの
50%
蓮駅 飯山市 はちす
50%
八丁畷駅 川崎市 はっちょうなわて
50%
服部天神駅 豊中市 はっとりてんじん
50%
鳩ノ巣駅 奥多摩町 はとのす
50%
波根駅 大田市 はね
50%
浜厚真駅 厚真町 はまあつま
50%
浜野駅 千葉市 はまの
50%
浜村駅 鳥取市 はまむら
50%
浜山公園北口駅 出雲市 はまやまこうえんきたぐち
50%
林道駅 高松市 はやしみち
50%
原木中山駅 船橋市 ばらきなかやま
50%
播磨新宮駅 たつの市 はりましんぐう
50%
播磨徳久駅 佐用町 はりまとくさ
50%
春木場駅 雫石町 はるきば
50%
春田駅 名古屋市 はるた
50%
磐梯町駅 磐梯町 ばんだいまち
50%
東青森駅 青森市 ひがしあおもり
50%
東甘木駅 大牟田市 ひがしあまぎ
50%
東海神駅 船橋市 ひがしかいじん
50%
東金井駅 山形市 ひがしかない
50%
東宿郷停留場 宇都宮市 ひがししゅくごう
50%
東垂水駅 神戸市 ひがしたるみ
50%
東天下茶屋停留場 大阪市 ひがしてんがちゃや
50%
東日本橋駅 中央区 ひがしにほんばし
50%
東松阪駅 松阪市 ひがしまつさか
50%
東三国駅 大阪市 ひがしみくに
50%
東免田駅 あさぎり町 ひがしめんだ
50%
ひこね芹川駅 彦根市 ひこねせりかわ
50%
久屋大通駅 名古屋市 ひさやおおどおり
50%
聖高原駅 麻績村 ひじりこうげん
50%
飛騨金山駅 下呂市 ひだかなやま
50%
常陸大子駅 大子町 ひたちだいご
50%
日詰駅 紫波町 ひづめ
50%
雲雀丘花屋敷駅 宝塚市 ひばりがおかはなやしき
50%
日向新富駅 新富町 ひゅうがしんとみ
50%
開駅 みやま市 ひらき
50%
平内駅 洋野町 ひらない
50%
平端駅 大和郡山市 ひらはた
50%
鰭ヶ崎駅 流山市 ひれがさき
50%
弘前東高前駅 弘前市 ひろさきひがしこうまえ
50%
ひろせ野鳥の森駅 熊谷市 ひろせやちょうのもり
50%
広電西広島(己斐)駅 広島市 ひろでんにしひろしま(こい)
50%
広電廿日市駅 廿日市市 ひろでんはつかいち
50%
広電宮島口駅 廿日市市 ひろでんみやじまぐち
50%
深溝駅 山口市 ふかみぞ
50%
富貴駅 武豊町 ふき
50%
福音寺駅 松山市 ふくおんじ
50%
福川駅 周南市 ふくがわ
50%
福島今町駅 串間市 ふくしまいままち
50%
福田町駅 仙台市 ふくだまち
50%
藤崎宮前駅 熊本市 ふじさきぐうまえ
50%
富士見町駅 米子市 ふじみちょう
50%
二川駅 豊橋市 ふたがわ
50%
富戸駅 伊東市 ふと
50%
古口駅 戸沢村 ふるくち
50%
古国府駅 大分市 ふるごう
50%
平津駅 四日市市 へいづ
50%
辺川駅 牟岐町 へがわ
50%
逸見駅 横須賀市 へみ
50%
貿易センター駅 神戸市 ぼうえきせんたー
50%
方南町駅 杉並区 ほうなんちょう
50%
蛍池駅 豊中市 ほたるがいけ
50%
誉田駅 千葉市 ほんだ
50%
本津幡駅 津幡町 ほんつばた
50%
舞浜駅 浦安市 まいはま
50%
舞松原駅 福岡市 まいまつばら
50%
前潟駅 盛岡市 まえがた
50%
巻向駅 桜井市 まきむく
50%
升形駅 新庄市 ますかた
50%
松岡駅 永平寺町 まつおか
50%
松が谷駅 八王子市 まつがや
50%
松田町停留場 大阪市 まつだちょう
50%
松久駅 美里町 まつひさ
50%
間藤駅 日光市 まとう
50%
的場町停留場 広島市 まとばちょう
50%
万能倉駅 福山市 まなぐら
50%
真鶴駅 真鶴町 まなづる
50%
三河塩津駅 蒲郡市 みかわしおつ
50%
三河田原駅 田原市 みかわたはら
50%
三河八橋駅 豊田市 みかわやつはし
50%
三木里駅 尾鷲市 みきさと
50%
水城駅 大野城市 みずき
50%
箕田駅 鈴鹿市 みだ
50%
御幣島駅 大阪市 みてじま
50%
みどり台駅 千葉市 みどりだい
50%
南安城駅 安城市 みなみあんじょう
50%
南宇都宮駅 宇都宮市 みなみうつのみや
50%
南大嶺駅 美祢市 みなみおおみね
50%
南酒々井駅 酒々井町 みなみしすい
50%
南千歳駅 千歳市 みなみちとせ
50%
南出羽駅 山形市 みなみでわ
50%
美濃太田駅 美濃加茂市 みのおおた
50%
美濃松山駅 海津市 みのまつやま
50%
美作加茂駅 津山市 みまさかかも
50%
美作千代駅 津山市 みまさかせんだい
50%
美々津駅 日向市 みみつ
50%
海山道駅 四日市市 みやまど
50%
三好町駅 上田市 みよしちょう
50%
武庫駅 江府町 むこ
50%
陸奥沢辺駅 深浦町 むつさわべ
50%
撫養駅 鳴門市 むや
50%
村井駅 松本市 むらい
50%
明峰駅 小松市 めいほう
50%
目出駅 山陽小野田市 めで
50%
真岡駅 真岡市 もおか*
50%
用宗駅 静岡市 もちむね
50%
本蓮沼駅 板橋区 もとはすぬま
50%
守山駅 守山市 もりやま
50%
門戸厄神駅 西宮市 もんどやくじん
50%
八色駅 南魚沼市 やいろ
50%
八草駅 豊田市 やくさ
50%
八雲駅 八雲町 やくも
50%
野州平川駅 栃木市 やしゅうひらかわ
50%
安岡駅 下関市 やすおか
50%
谷田川駅 郡山市 やたがわ
50%
谷地頭停留場 函館市 やちがしら
50%
谷津駅 習志野市 やつ
50%
八津駅 仙北市 やつ
50%
柳津駅 登米市 やないづ
50%
柳小路駅 藤沢市 やなぎこうじ
50%
柳瀬駅 岩国市 やなぜ
50%
山城青谷駅 城陽市 やましろあおだに
50%
山都駅 喜多方市 やまと
50%
山中渓駅 阪南市 やまなかだに
50%
止別駅 小清水町 やむべつ
50%
弥生が丘駅 鳥栖市 やよいがおか
50%
鑓見内駅 大仙市 やりみない
50%
夕日ヶ浦木津温泉駅 京丹後市 ゆうひがうらきつおんせん
50%
湯川駅 那智勝浦町 ゆかわ
50%
遊佐駅 遊佐町 ゆざ
50%
湯瀬温泉駅 鹿角市 ゆぜおんせん
50%
柚木駅 富士市 ゆのき
50%
湯ノ峠駅 山陽小野田市 ゆのとう
50%
湯の洞温泉口駅 美濃市 ゆのほらおんせんぐち
50%
湯前駅 湯前町 ゆのまえ
50%
夢前川駅 姫路市 ゆめさきがわ
50%
八日市駅 東近江市 ようかいち
50%
呼続駅 名古屋市 よびつぎ
50%
呼野駅 北九州市 よぶの
50%
蘭留駅 比布町 らんる
50%
栗東駅 栗東市 りっとう
50%
栗林駅 高松市 りつりん
50%
六郷土手駅 大田区 ろくごうどて
50%
六町駅 足立区 ろくちょう
50%
若狭有田駅 若狭町 わかさありた
50%
若宮駅 会津坂下町 わかみや
50%
和田河原駅 南足柄市 わだがはら
50%
渡瀬駅 みやま市 わたぜ
50%
渡辺通駅 福岡市 わたなべどおり
50%
蕨駅 蕨市 わらび
50%
越河駅 白石市 こすごう
40%
蓮台寺駅 下田市 れんだいじ
40%
青塚駅 津島市 あおつか
33%
安芸長束駅 広島市 あきながつか
33%
曙町東町停留場 高知市 あけぼのちょうひがしまち
33%
荒谷前駅 遠野市 あらやまえ
33%
家久駅 越前市 いえひさ
33%
伊豆高原駅 伊東市 いずこうげん
33%
猪苗代駅 猪苗代町 いなわしろ
33%
犬島新町駅 富山市 いぬじましんまち
33%
羽前沼沢駅 小国町 うぜんぬまざわ
33%
宇島駅 豊前市 うのしま
33%
江釣子駅 北上市 えづりこ
33%
えびの駅 えびの市 えびの
33%
大富駅 瀬戸内市 おおどみ
33%
大平台駅 箱根町 おおひらだい
33%
越生駅 越生町 おごせ
33%
納内駅 深川市 おさむない
33%
甲斐常葉駅 身延町 かいときわ
33%
門真南駅 門真市 かどまみなみ
33%
金川駅 岡山市 かながわ
33%
上一万停留場 松山市 かみいちまん
33%
川越市駅 川越市 かわごえし
33%
北上尾駅 上尾市 きたあげお
33%
北水海道駅 常総市 きたみつかいどう
33%
櫛ケ浜駅 周南市 くしがはま
33%
江北駅 江北町 こうほく
33%
越ノ潟駅 射水市 こしのかた
33%
五泉駅 五泉市 ごせん
33%
小繋駅 一戸町 こつなぎ
33%
金浦駅 にかほ市 このうら
33%
佐志生駅 臼杵市 さしう
33%
山東駅 和歌山市 さんどう
33%
信濃浅野駅 長野市 しなのあさの
33%
白久駅 秩父市 しろく
33%
新馬場駅 品川区 しんばんば
33%
西神南駅 神戸市 せいしんみなみ
33%
桑園駅 札幌市 そうえん
33%
玉ノ井駅 一宮市 たまのい
33%
勅旨駅 甲賀市 ちょくし
33%
月田駅 真庭市 つきだ
33%
唐丹駅 釜石市 とうに
33%
奈古駅 阿武町 なご
33%
名越駅 貝塚市 なごせ
33%
浪花駅 いすみ市 なみはな
33%
西天下茶屋駅 大阪市 にしてんがちゃや
33%
能美根上駅 能美市 のみねあがり
33%
花堂駅 福井市 はなんどう
33%
春賀駅 大洲市 はるか
33%
東園駅 諫早市 ひがしその
33%
一日市場駅 安曇野市 ひといちば
33%
広原駅 高原町 ひろわら
33%
備後落合駅 庄原市 びんごおちあい
33%
二島駅 北九州市 ふたじま
33%
宝達駅 宝達志水町 ほうだつ
33%
保内駅 三条市 ほない
33%
本川内駅 長与町 ほんかわち
33%
三国ケ丘駅 堺市 みくにがおか
33%
三代橋駅 有田町 みだいばし
33%
三松駅 高浜町 みつまつ
33%
南千住駅 荒川区 みなみせんじゅ
33%
妻鹿駅 姫路市 めが
33%
柳生駅 加須市 やぎゅう
33%
梁川駅 大月市 やながわ
33%
ゆいの杜中央停留場 宇都宮市 ゆいのもりちゅうおう
33%
四街道駅 四街道市 よつかいどう
33%
若葉町停留場 長崎市 わかばまち
33%
我孫子町駅 大阪市 あびこちょう
25%
入生田駅 小田原市 いりうだ
25%
麻生田駅 いなべ市 おうだ
25%
大歩危駅 三好市 おおぼけ
25%
潟元駅 高松市 かたもと
25%
上相浦駅 佐世保市 かみあいのうら
25%
河戸帆待川駅 広島市 こうどほまちがわ
25%
中伏木停留場 射水市 なかふしき
25%
西滑川駅 滑川市 にしなめりかわ
25%
馬下駅 五泉市 まおろし
25%
南豊科駅 安曇野市 みなみとよしな
25%
室生口大野駅 宇陀市 むろうぐちおおの
25%
八代通停留場 いの町 やしろどおり
20%
相生山駅 名古屋市 あいおいやま
0%
合川駅 北秋田市 あいかわ
0%
会津大塩駅 金山町 あいづおおしお
0%
会津蒲生駅 只見町 あいづがもう
0%
会津川口駅 金山町 あいづかわぐち
0%
会津高原尾瀬口駅 南会津町 あいづこうげんおぜぐち
0%
会津越川駅 金山町 あいづこすがわ
0%
会津塩沢駅 只見町 あいづしおざわ
0%
会津田島駅 南会津町 あいづたじま
0%
会津豊川駅 喜多方市 あいづとよかわ
0%
会津長野駅 南会津町 あいづながの
0%
会津西方駅 三島町 あいづにしかた
0%
相野駅 三田市 あいの
0%
相浦駅 佐世保市 あいのうら
0%
あいの里教育大駅 札幌市 あいのさときょういくだい
0%
相原駅 町田市 あいはら
0%
相見駅 幸田町 あいみ
0%
アイランド北口駅 神戸市 あいらんどきたぐち
0%
青笹駅 遠野市 あおざさ
0%
青沼駅 佐久市 あおぬま
0%
青郷駅 高浜町 あおのごう
0%
青葉駅 苫小牧市 あおば
0%
あおば通駅 仙台市 あおばどおり
0%
青葉山駅 仙台市 あおばやま
0%
青原駅 津和野町 あおはら
0%
青部駅 川根本町 あおべ
0%
青海駅 江東区 あおみ
0%
青柳駅 茅野市 あおやぎ
0%
赤池駅 日進市 あかいけ
0%
赤木駅 伊那市 あかぎ
0%
赤坂田駅 八幡平市 あかさかた
0%
赤坂見附駅 港区 あかさかみつけ
0%
赤碕駅 琴浦町 あかさき
0%
赤迫停留場 長崎市 あかさこ
0%
明石駅 明石市 あかし
0%
赤瀬駅 宇土市 あかせ
0%
県駅 足利市 あがた
0%
赤塚駅 水戸市 あかつか
0%
赤羽岩淵駅 北区 あかばねいわぶち
0%
赤平駅 赤平市 あかびら
0%
赤堀駅 四日市市 あかほり
0%
赤間駅 宗像市 あかま
0%
阿川駅 下関市 あがわ
0%
安芸駅 安芸市 あき
0%
あき亀山駅 広島市 あきかめやま
0%
秋川駅 あきる野市 あきがわ
0%
安芸幸崎駅 三原市 あきさいざき
0%
秋田駅 秋田市 あきた
0%
安芸津駅 東広島市 あきつ
0%
安芸矢口駅 広島市 あきやぐち
0%
秋山駅 松戸市 あきやま
0%
鮎喰駅 徳島市 あくい
0%
阿久根駅 阿久根市 あくね
0%
上ゲ駅 武豊町 あげ
0%
上尾駅 上尾市 あげお
0%
阿下喜駅 いなべ市 あげき
0%
明戸駅 深谷市 あけと
0%
明野駅 伊勢市 あけの
0%
曙橋駅 新宿区 あけぼのばし
0%
上松駅 上松町 あげまつ
0%
浅香駅 堺市 あさか
0%
朝霞駅 朝霞市 あさか
0%
朝霞台駅 朝霞市 あさかだい
0%
安積永盛駅 郡山市 あさかながもり
0%
浅川駅 海陽町 あさかわ
0%
浅草駅 台東区 あさくさ
0%
朝倉駅 高知市 あさくら
0%
朝倉停留場 高知市 あさくら
0%
朝倉街道駅 筑紫野市 あさくらがいどう
0%
朝倉神社前停留場 高知市 あさくらじんじゃまえ
0%
朝潮橋駅 大阪市 あさしおばし
0%
安里駅 那覇市 あさと
0%
朝菜町駅 富山市 あさなまち
0%
浅海駅 松山市 あさなみ
0%
浅野駅 横浜市 あさの
0%
旭駅 旭市 あさひ
0%
朝日駅 朝日町 あさひ
0%
朝陽駅 長野市 あさひ
0%
旭川駅 旭川市 あさひかわ
0%
旭橋駅 那覇市 あさひばし
0%
朝熊駅 伊勢市 あさま
0%
浅虫温泉駅 青森市 あさむしおんせん
0%
朝里駅 小樽市 あさり
0%
浅利駅 江津市 あさり
0%
味岡駅 小牧市 あじおか
0%
阿字ヶ浦駅 ひたちなか市 あじがうら
0%
足利市駅 足利市 あしかがし
0%
芦ヶ久保駅 横瀬町 あしがくぼ
0%
海鹿島駅 銚子市 あしかじま
0%
足柄駅 小山町 あしがら
0%
安食駅 栄町 あじき
0%
阿知須駅 山口市 あじす
0%
阿品駅 廿日市市 あじな
0%
芦原町駅 大阪市 あしはらちょう
0%
芦別駅 芦別市 あしべつ
0%
足守駅 岡山市 あしもり
0%
味美駅 春日井市 あじよし
0%
網代駅 熱海市 あじろ
0%
飛鳥山停留場 北区 あすかやま
0%
東田停留場 豊橋市 あずまだ
0%
東田坂上停留場 豊橋市 あずまださかうえ
0%
安曇追分駅 安曇野市 あずみおいわけ
0%
安曇沓掛駅 大町市 あずみくつかけ
0%
足羽駅 福井市 あすわ
0%
安栖里駅 京丹波町 あせり
0%
吾桑駅 須崎市 あそう
0%
浅水駅 福井市 あそうず
0%
薊野駅 高知市 あぞうの
0%
阿蘇下田城駅 南阿蘇村 あそしもだじょう
0%
新鹿駅 熊野市 あたしか
0%
安達駅 二本松市 あだち
0%
厚保駅 美祢市 あつ
0%
厚岸駅 厚岸町 あっけし
0%
朝来駅 上富田町 あっそ
0%
熱田神宮伝馬町駅 名古屋市 あつたじんぐうてんまちょう
0%
安土駅 近江八幡市 あづち
0%
厚床駅 根室市 あっとこ
0%
厚内駅 浦幌町 あつない
0%
安比高原駅 八幡平市 あっぴこうげん
0%
安曇川駅 高島市 あどがわ
0%
穴部駅 小田原市 あなべ
0%
穴守稲荷駅 大田区 あなもりいなり
0%
阿仁合駅 北秋田市 あにあい
0%
阿仁前田温泉駅 北秋田市 あにまえだおんせん
0%
阿仁マタギ駅 北秋田市 あにまたぎ
0%
穴太駅 大津市 あのお
0%
網引駅 加西市 あびき
0%
我孫子駅 我孫子市 あびこ
0%
我孫子道停留場 大阪市 あびこみち
0%
安平駅 安平町 あびら
0%
アプトいちしろ駅 川根本町 あぷといちしろ
0%
油津駅 日南市 あぶらつ
0%
油田駅 砺波市 あぶらでん
0%
油日駅 甲賀市 あぶらひ
0%
安部駅 八頭町 あべ
0%
尼ヶ坂駅 名古屋市 あまがさか
0%
尼崎駅 尼崎市 あまがさき
0%
天津駅 宇佐市 あまつ
0%
雨晴駅 高岡市 あまはらし
0%
天見駅 河内長野市 あまみ
0%
余子駅 境港市 あまりこ
0%
安茂里駅 長野市 あもり
0%
綾川駅 綾川町 あやがわ
0%
愛子駅 仙台市 あやし
0%
綾ノ町停留場 堺市 あやのちょう
0%
綾部駅 綾部市 あやべ
0%
あやめ公園駅 長井市 あやめこうえん
0%
新井宿駅 川口市 あらいじゅく
0%
新居町駅 湖西市 あらいまち
0%
新井薬師前駅 中野区 あらいやくしまえ
0%
荒尾駅 大垣市 あらお
0%
荒河かしの木台駅 福知山市 あらがかしのきだい
0%
荒川一中前停留場 荒川区 あらかわいっちゅうまえ
0%
荒川区役所前停留場 荒川区 あらかわくやくしょまえ
0%
荒川車庫前停留場 荒川区 あらかわしゃこまえ
0%
荒川二丁目停留場 荒川区 あらかわにちょうめ
0%
新木駅 我孫子市 あらき
0%
荒子川公園駅 名古屋市 あらこがわこうえん
0%
新瑞橋駅 名古屋市 あらたまばし
0%
荒浜駅 刈羽村 あらはま
0%
荒本駅 東大阪市 あらもと
0%
新屋駅 秋田市 あらや
0%
有明テニスの森駅 江東区 ありあけてにすのもり
0%
有明湯江駅 島原市 ありあけゆえ
0%
有井川駅 黒潮町 ありいがわ
0%
有佐駅 八代市 ありさ
0%
有松駅 名古屋市 ありまつ
0%
在良駅 桑名市 ありよし
0%
安和駅 須崎市 あわ
0%
阿波赤石駅 小松島市 あわあかいし
0%
安房天津駅 鴨川市 あわあまつ
0%
阿波大宮駅 板野町 あわおおみや
0%
安房鴨川駅 鴨川市 あわかもがわ
0%
阿波川口駅 三好市 あわかわぐち
0%
安房小湊駅 鴨川市 あわこみなと
0%
阿波座駅 大阪市 あわざ
0%
粟島(大阪屋ショップ前)駅 富山市 あわじま
0%
阿波橘駅 阿南市 あわたちばな
0%
阿波富田駅 徳島市 あわとみだ
0%
阿波中島駅 阿南市 あわなかしま
0%
阿波山川駅 吉野川市 あわやまかわ
0%
芦原温泉駅 あわら市 あわらおんせん
0%
安城駅 安城市 あんじょう
0%
安針塚駅 横須賀市 あんじんづか
0%
安足間駅 愛別町 あんたろま
0%
安堂駅 柏原市 あんどう
0%
安中駅 安中市 あんなか
0%
安立町停留場 大阪市 あんりゅうまち
0%
飯井駅 萩市 いい
0%
飯坂温泉駅 福島市 いいざかおんせん
0%
飯島駅 飯島町 いいじま
0%
飯田駅 飯田市 いいだ
0%
飯田岡駅 小田原市 いいだおか
0%
飯田橋駅 千代田区 いいだばし
0%
飯塚駅 飯塚市 いいづか
0%
飯沼駅 中津川市 いいぬま
0%
飯浦駅 益田市 いいのうら
0%
医王寺前駅 福島市 いおうじまえ
0%
伊尾木駅 安芸市 いおき
0%
伊香牛駅 当麻町 いかうし
0%
伊賀神戸駅 伊賀市 いがかんべ
0%
伊賀上津駅 伊賀市 いがこうづ
0%
五十崎駅 内子町 いかざき
0%
五十島駅 阿賀町 いがしま
0%
碇ケ関駅 平川市 いかりがせき
0%
井川駅 静岡市 いかわ
0%
伊川谷駅 神戸市 いかわだに
0%
一貴山駅 糸島市 いきさん
0%
軍畑駅 青梅市 いくさばた
0%
生地駅 黒部市 いくじ
0%
生野駅 朝来市 いくの
0%
居組駅 新温泉町 いぐみ
0%
池上駅 大田区 いけがみ
0%
池尻駅 川崎町 いけじり
0%
池尻大橋駅 世田谷区 いけじりおおはし
0%
池野駅 池田町 いけの
0%
池ノ上駅 世田谷区 いけのうえ
0%
池谷駅 鳴門市 いけのたに
0%
池戸駅 三木町 いけのべ
0%
池場駅 新城市 いけば
0%
いこいの広場駅 掛川市 いこいのひろば
0%
いこいの村駅 阿蘇市 いこいのむら
0%
生駒駅 生駒市 いこま
0%
生駒山上駅 生駒市 いこまさんじょう
0%
石原駅 福知山市 いさ
0%
井細田駅 小田原市 いさいだ
0%
伊佐領駅 小国町 いさりょう
0%
石垣駅 南九州市 いしかき
0%
石川駅 弘前市 いしかわ
0%
石川プール前駅 弘前市 いしかわぷーるまえ
0%
石才駅 貝塚市 いしざい
0%
石津駅 海津市 いしづ
0%
石津停留場 堺市 いしづ
0%
石津川駅 堺市 いしづがわ
0%
石津北停留場 堺市 いしづきた
0%
石鎚山駅 西条市 いしづちやま
0%
石手川公園駅 松山市 いしてがわこうえん
0%
石鳥谷駅 花巻市 いしどりや
0%
石巻駅 石巻市 いしのまき
0%
石場駅 大津市 いしば
0%
石橋駅 下野市 いしばし
0%
石山通停留場 札幌市 いしやまどおり
0%
伊集院駅 日置市 いじゅういん
0%
一身田駅 津市 いしんでん
0%
五十鈴ケ丘駅 伊勢市 いすずがおか
0%
伊豆多賀駅 熱海市 いずたが
0%
伊豆北川駅 東伊豆町 いずほっかわ
0%
出水駅 出水市 いずみ
0%
泉郷駅 玉川村 いずみごう
0%
和泉多摩川駅 狛江市 いずみたまがわ
0%
いずみ中央駅 横浜市 いずみちゅうおう
0%
出目駅 鬼北町 いずめ
0%
出雲市駅 出雲市 いずもしでんてついずもし
0%
出雲神西駅 出雲市 いずもじんざい
0%
出雲三成駅 奥出雲町 いずもみなり
0%
出雲八代駅 奥出雲町 いずもやしろ
0%
出馬駅 浜松市 いずんま
0%
伊勢大井駅 津市 いせおおい
0%
伊勢鎌倉駅 津市 いせかまくら
0%
伊勢川島駅 四日市市 いせかわしま
0%
井関駅 津市 いせぎ
0%
伊勢市駅 伊勢市 いせし
0%
伊勢八太駅 津市 いせはた
0%
伊勢治田駅 いなべ市 いせはった
0%
伊勢原駅 伊勢原市 いせはら
0%
伊勢若松駅 鈴鹿市 いせわかまつ
0%
五十市駅 都城市 いそいち
0%
石生駅 丹波市 いそう
0%
磯子駅 横浜市 いそご
0%
磯崎駅 ひたちなか市 いそざき
0%
磯部駅 安中市 いそべ
0%
板荷駅 鹿沼市 いたが
0%
井田川駅 亀山市 いだがわ
0%
伊太祈曽駅 和歌山市 いだきそ
0%
板倉東洋大前駅 板倉町 いたくらとうようだいまえ
0%
潮来駅 潮来市 いたこ
0%
板橋駅 板橋区 いたばし
0%
板橋区役所前駅 板橋区 いたばしくやくしょまえ
0%
飯給駅 市原市 いたぶ
0%
猪田道駅 伊賀市 いだみち
0%
板持駅 長門市 いたもち
0%
市岡駅 新見市 いちおか
0%
市川大野駅 市川市 いちかわおおの
0%
市川大門駅 市川三郷町 いちかわだいもん
0%
市川本町駅 市川三郷町 いちかわほんまち
0%
一条橋停留場 高知市 いちじょうばし
0%
市城駅 中之条町 いちしろ
0%
市棚駅 延岡市 いちたな
0%
市ノ川駅 阿蘇市 いちのかわ
0%
市ノ瀬駅 身延町 いちのせ
0%
市辺駅 東近江市 いちのべ
0%
櫟本駅 天理市 いちのもと
0%
一畑口駅 出雲市 いちばたぐち
0%
市部駅 伊賀市 いちべ
0%
一社駅 名古屋市 いっしゃ
0%
一勝地駅 球磨村 いっしょうち
0%
五橋駅 仙台市 いつつばし
0%
いづろ通停留場 鹿児島市 いづろどおり
0%
井出駅 南部町 いで
0%
出光美術館駅 北九州市 いでみつびじゅつかん
0%
糸井駅 苫小牧市 いとい
0%
伊東駅 伊東市 いとう
0%
井土ヶ谷駅 横浜市 いどがや
0%
愛し野駅 北見市 いとしの
0%
糸貫駅 本巣市 いとぬき
0%
稲永駅 名古屋市 いなえい
0%
稲尾駅 大町市 いなお
0%
稲城駅 稲城市 いなぎ
0%
伊那北駅 伊那市 いなきた
0%
稲毛海岸駅 千葉市 いなげかいがん
0%
稲子駅 富士宮市 いなこ
0%
依那古駅 伊賀市 いなこ
0%
伊那小沢駅 天龍村 いなこざわ
0%
稲沢駅 稲沢市 いなざわ
0%
稲田堤駅 川崎市 いなだづつみ
0%
伊奈中央駅 伊奈町 いなちゅうおう
0%
稲積公園駅 札幌市 いなづみこうえん
0%
猪名寺駅 尼崎市 いなでら
0%
因幡社駅 鳥取市 いなばやしろ
0%
稲穂駅 札幌市 いなほ
0%
印南駅 印南町 いなみ
0%
稲村ヶ崎駅 鎌倉市 いなむらがさき
0%
稲荷口駅 豊川市 いなりぐち
0%
稲荷町駅 台東区 いなりちょう
0%
犬塚駅 久留米市 いぬづか
0%
犬吠駅 銚子市 いぬぼう
0%
犬山駅 犬山市 いぬやま
0%
犬山口駅 犬山市 いぬやまぐち
0%
犬山遊園駅 犬山市 いぬやまゆうえん
0%
居能駅 宇部市 いのう
0%
伊野駅前停留場 いの町 いのえきまえ
0%
いのつき駅 佐世保市 いのつき
0%
伊野灘駅 出雲市 いのなだ
0%
井原停留場 豊橋市 いはら
0%
井原里駅 泉佐野市 いはらのさと
0%
今井駅 長野市 いまい
0%
今池駅 名古屋市 いまいけ
0%
今池停留場 大阪市 いまいけ
0%
今伊勢駅 一宮市 いまいせ
0%
今市駅 日光市 いまいち
0%
今里駅 大阪市 いまざと
0%
今橋駅 高松市 いまばし
0%
今福鶴見駅 大阪市 いまふくつるみ
0%
今船停留場 大阪市 いまふね
0%
今宮駅 大阪市 いまみや
0%
伊万里駅 伊万里市 いまり
0%
伊予大平駅 伊予市 いよおおひら
0%
伊与喜駅 黒潮町 いよき
0%
伊予寒川駅 四国中央市 いよさんがわ
0%
伊予富田駅 今治市 いよとみた
0%
伊予中山駅 伊予市 いよなかやま
0%
伊予氷見駅 西条市 いよひみ
0%
伊予三島駅 四国中央市 いよみしま
0%
伊予三芳駅 西条市 いよみよし
0%
伊予横田駅 松前町 いよよこた
0%
伊予吉田駅 宇和島市 いよよしだ
0%
五十川駅 鶴岡市 いらがわ
0%
入明駅 高知市 いりあけ
0%
入江岡駅 静岡市 いりえおか
0%
杁ヶ池公園駅 長久手市 いりがいけこうえん
0%
いりなか駅 名古屋市 いりなか
0%
入谷駅 座間市 いりや
0%
入間市駅 入間市 いるまし
0%
入地駅 龍ケ崎市 いれじ
0%
いわき駅 いわき市 いわき
0%
磐城駅 葛城市 いわき
0%
磐城浅川駅 浅川町 いわきあさかわ
0%
磐城太田駅 南相馬市 いわきおおた
0%
磐城棚倉駅 棚倉町 いわきたなくら
0%
磐城守山駅 郡山市 いわきもりやま
0%
岩峅寺駅 立山町 いわくらじ
0%
岩沢駅 北上市 いわさわ
0%
石清水八幡宮駅 八幡市 いわしみずはちまんぐう
0%
岩代駅 みなべ町 いわしろ
0%
岩代清水駅 福島市 いわしろしみず
0%
岩瀬駅 桜川市 いわせ
0%
磐田駅 磐田市 いわた
0%
岩館駅 八峰町 いわだて
0%
岩原スキー場前駅 湯沢町 いわっぱらすきーじょうまえ
0%
岩手上郷駅 遠野市 いわてかみごう
0%
いわて沼宮内駅 岩手町 いわてぬまくない
0%
岩手二日町駅 遠野市 いわてふつかまち
0%
岩出山駅 大崎市 いわでやま
0%
岩沼駅 岩沼市 いわぬま
0%
岩根橋駅 遠野市 いわねばし
0%
岩舟駅 栃木市 いわふね
0%
岩間駅 笠間市 いわま
0%
岩松駅 大村市 いわまつ
0%
岩見沢駅 岩見沢市 いわみざわ
0%
岩室駅 新潟市 いわむろ
0%
岩本町駅 千代田区 いわもとちょう
0%
岩屋橋停留場 長崎市 いわやばし
0%
院庄駅 津山市 いんのしょう
0%
伊部駅 備前市 いんべ
0%
上田原駅 上田市 うえだはら
0%
上野駅 台東区 うえの
0%
上野芝駅 堺市 うえのしば
0%
上林駅 伊賀市 うえばやし
0%
植村駅 霧島市 うえむら
0%
魚崎駅 神戸市 うおざき
0%
魚津駅 魚津市 うおづ
0%
魚沼田中駅 魚沼市 うおぬまたなか
0%
魚沼中条駅 十日町市 うおぬまなかじょう
0%
鵜方駅 志摩市 うがた
0%
浮孔駅 大和高田市 うきあな
0%
うきは駅 うきは市 うきは
0%
浮鞭駅 黒潮町 うきぶち
0%
鶯谷駅 台東区 うぐいすだに
0%
鶯巣駅 天龍村 うぐす
0%
羽後亀田駅 由利本荘市 うごかめだ
0%
羽後境駅 大仙市 うごさかい
0%
羽後四ツ屋駅 大仙市 うごよつや
0%
牛ケ原駅 大野市 うしがはら
0%
牛久保駅 豊川市 うしくぼ
0%
牛込神楽坂駅 新宿区 うしごめかぐらざか
0%
牛込柳町駅 新宿区 うしごめやなぎちょう
0%
宇治団地前停留場 いの町 うじだんちまえ
0%
牛津駅 小城市 うしづ
0%
宇品五丁目停留場 広島市 うじなごちょうめ
0%
宇品四丁目停留場 広島市 うじなよんちょうめ
0%
牛島駅 吉野川市 うしのしま
0%
牛ノ浜駅 阿久根市 うしのはま
0%
牛渕駅 東温市 うしぶち
0%
有珠駅 伊達市 うす
0%
臼杵駅 臼杵市 うすき
0%
宇宿駅 鹿児島市 うすき
0%
鵜杉駅 最上町 うすぎ
0%
宇宿一丁目停留場 鹿児島市 うすきいっちょうめ
0%
臼田駅 佐久市 うすだ
0%
太秦駅 京都市 うずまさ
0%
太秦天神川駅 京都市 うずまさてんじんがわ
0%
羽前大山駅 鶴岡市 うぜんおおやま
0%
羽前前波駅 新庄市 うぜんぜんなみ
0%
羽前高松駅 寒河江市 うぜんたかまつ
0%
羽前千歳駅 山形市 うぜんちとせ
0%
羽前椿駅 飯豊町 うぜんつばき
0%
羽前松岡駅 小国町 うぜんまつおか
0%
羽前水沢駅 鶴岡市 うぜんみずさわ
0%
宇多津駅 宇多津町 うたづ
0%
内ケ巻駅 小千谷市 うちがまき
0%
内幸町駅 千代田区 うちさいわいちょう
0%
打田駅 紀の川市 うちた
0%
内名駅 庄原市 うちな
0%
内牧駅 阿蘇市 うちのまき
0%
打井川駅 四万十町 うついがわ
0%
現川駅 長崎市 うつつがわ
0%
宇都宮駅 宇都宮市 うつのみや
0%
宇都宮駅東口停留場 宇都宮市 うつのみやえきひがしぐち
0%
内部駅 四日市市 うつべ
0%
打保駅 飛騨市 うつぼ
0%
宇土駅 宇土市 うと
0%
鵜殿駅 紀宝町 うどの
0%
鵜沼宿駅 各務原市 うぬまじゅく
0%
畦野駅 川西市 うねの
0%
畝傍駅 橿原市 うねび
0%
畝傍御陵前駅 橿原市 うねびごりょうまえ
0%
宇野駅 玉野市 うの
0%
鵜の木駅 大田区 うのき
0%
鵜住居駅 釜石市 うのすまい
0%
宇野辺駅 茨木市 うのべ
0%
卯之町駅 西予市 うのまち
0%
祖母島駅 渋川市 うばしま
0%
鵜原駅 勝浦市 うばら
0%
宇部岬駅 宇部市 うべみさき
0%
馬立駅 市原市 うまたて
0%
馬道駅 桑名市 うまみち
0%
海浦駅 芦北町 うみのうら
0%
海ノ口駅 大町市 うみのくち
0%
海の公園南口駅 横浜市 うみのこうえんみなみぐち
0%
海ノ中道駅 福岡市 うみのなかみち
0%
梅ケ谷駅 大紀町 うめがだに
0%
梅ケ峠駅 下関市 うめがとう
0%
梅迫駅 綾部市 うめざこ
0%
梅島駅 足立区 うめじま
0%
梅田駅 大阪市 うめだ
0%
梅戸井駅 いなべ市 うめどい
0%
梅本駅 松山市 うめのもと
0%
浦川駅 浜松市 うらかわ
0%
浦宿駅 女川町 うらしゅく
0%
浦田駅 飯塚市 うらた
0%
浦本駅 糸魚川市 うらもと
0%
浦安駅 琴浦町 うらやす
0%
瓜連駅 那珂市 うりづら
0%
漆山駅 山形市 うるしやま
0%
上挙母駅 豊田市 うわごろも
0%
頴娃駅 南九州市 えい
0%
頴娃大川駅 南九州市 えいおおかわ
0%
江井ヶ島駅 明石市 えいがしま
0%
永犬丸駅 北九州市 えいのまる
0%
永福町駅 杉並区 えいふくちょう
0%
恵我ノ荘駅 羽曳野市 えがのしょう
0%
江川崎駅 四万十市 えかわさき
0%
駅前大通停留場 豊橋市 えきまえおおどおり
0%
江吉良駅 羽島市 えぎら
0%
江古田駅 練馬区 えこだ
0%
枝川駅 いの町 えだがわ
0%
枝光駅 北九州市 えだみつ
0%
愛知川駅 愛荘町 えちがわ
0%
越後大島駅 関川村 えちごおおしま
0%
越後鹿渡駅 津南町 えちごしかわたり
0%
越後須原駅 魚沼市 えちごすはら
0%
越後滝谷駅 長岡市 えちごたきや
0%
越後田中駅 津南町 えちごたなか
0%
越後広田駅 柏崎市 えちごひろた
0%
越後堀之内駅 魚沼市 えちごほりのうち
0%
越後水沢駅 十日町市 えちごみずさわ
0%
越前大野駅 大野市 えちぜんおおの
0%
越前開発駅 福井市 えちぜんかいほつ
0%
越前下山駅 大野市 えちぜんしもやま
0%
越前新保駅 福井市 えちぜんしんぼ
0%
越前高田駅 福井市 えちぜんたかだ
0%
越前竹原駅 永平寺町 えちぜんたけはら
0%
越前花堂駅 福井市 えちぜんはなんどう
0%
越前薬師駅 福井市 えちぜんやくし
0%
越中泉駅 立山町 えっちゅういずみ
0%
越中国分駅 高岡市 えっちゅうこくぶ
0%
越中中村駅 滑川市 えっちゅうなかむら
0%
越中宮崎駅 朝日町 えっちゅうみやざき
0%
越中八尾駅 富山市 えっちゅうやつお
0%
恵那駅 恵那市 えな
0%
恵庭駅 恵庭市 えにわ
0%
江波停留場 広島市 えば
0%
江端駅 福井市 えばた
0%
荏原中延駅 品川区 えばらなかのぶ
0%
江尾駅 江府町 えび
0%
恵美須町停留場 大阪市 えびすちょう
0%
胡町停留場 広島市 えびすちょう
0%
海老津駅 岡垣町 えびつ
0%
えびの上江駅 えびの市 えびのうわえ
0%
江部乙駅 滝川市 えべおつ
0%
江迎鹿町駅 佐世保市 えむかえしかまち
0%
恵良駅 九重町 えら
0%
円行寺口駅 高知市 えんぎょうじぐち
0%
猿猴橋町停留場 広島市 えんこうばしちょう
0%
円座駅 高松市 えんざ
0%
遠州小松駅 浜松市 えんしゅうこまつ
0%
遠州病院駅 浜松市 えんしゅうびょういん
0%
遠州森駅 森町 えんしゅうもり
0%
円田駅 森町 えんでん
0%
渕東駅 松本市 えんどう
0%
笈川駅 湯川村 おいかわ
0%
置賜駅 米沢市 おいたま
0%
追良瀬駅 深浦町 おいらせ
0%
追分口駅 福井市 おいわけぐち
0%
相可駅 多気町 おうか
0%
王子駅 北区 おうじ
0%
王子保駅 越前市 おうしお
0%
王子神谷駅 北区 おうじかみや
0%
王子公園駅 神戸市 おうじこうえん
0%
王寺駅 王寺町 おうじしんおうじ
0%
網田駅 宇土市 おうだ
0%
相知駅 唐津市 おうち
0%
黄檗駅 宇治市 おうばく
0%
近江塩津駅 長浜市 おうみしおつ
0%
近江神宮前駅 大津市 おうみじんぐうまえ
0%
近江高島駅 高島市 おうみたかしま
0%
近江八幡駅 近江八幡市 おうみはちまん
0%
青梅街道駅 小平市 おうめかいどう
0%
小江駅 諫早市 おえ
0%
麻植塚駅 吉野川市 おえづか
0%
大麻駅 江別市 おおあさ
0%
大洗駅 大洗町 おおあらい
0%
大池いこいの森駅 上越市 おおいけいこいのもり
0%
大井競馬場前駅 品川区 おおいけいばじょうまえ
0%
大磯駅 大磯町 おおいそ
0%
大板井駅 小郡市 おおいたい
0%
太市駅 姫路市 おおいち
0%
大岩駅 岩美町 おおいわ
0%
大内駅 宇和島市 おおうち
0%
大江駅 名古屋市 おおえ
0%
大江山口内宮駅 福知山市 おおえやまぐちないく
0%
大岡山駅 大田区 おおおかやま
0%
大神駅 日出町 おおが
0%
大形駅 新潟市 おおがた
0%
大川平駅 今別町 おおかわだい
0%
大城駅 久留米市 おおき
0%
青木駅 神戸市 おおぎ
0%
大木駅 有田町 おおぎ
0%
オークスカナルパークホテル富山前停留場 富山市 おーくすかなるぱーくほてるとやままえ
0%
大胡駅 前橋市 おおご
0%
大越駅 田村市 おおごえ
0%
大阪空港駅 豊中市 おおさかくうこう
0%
大阪狭山市駅 大阪狭山市 おおさかさやまし
0%
大阪城北詰駅 大阪市 おおさかじょうきたづめ
0%
大阪難波駅 大阪市 おおさかなんば
0%
大阪ビジネスパーク駅 大阪市 おおさかびじねすぱーく
0%
大崎駅 品川区 おおさき
0%
大沢駅 米沢市 おおさわ
0%
大沢内駅 中泊町 おおざわない
0%
大塩駅 姫路市 おおしお
0%
大島駅 江東区 おおじま
0%
大蛇駅 階上町 おおじゃ
0%
大庄駅 富山市 おおしょう
0%
大小路停留場 堺市 おおしょうじ
0%
大白川駅 魚沼市 おおしらかわ
0%
大杉駅 大豊町 おおすぎ
0%
大隅大川原駅 曽於市 おおすみおおかわら
0%
大隅夏井駅 志布志市 おおすみなつい
0%
大隅横川駅 霧島市 おおすみよこがわ
0%
大関駅 坂井市 おおぜき
0%
大曽根浦駅 尾鷲市 おおそねうら
0%
大嵐駅 浜松市 おおぞれ
0%
太田駅 太田市 おおた
0%
大平駅 外ヶ浜町 おおだい
0%
大高駅 名古屋市 おおだか
0%
大滝駅 真室川町 おおたき
0%
大田切駅 駒ヶ根市 おおたぎり
0%
大田口駅 大豊町 おおたぐち
0%
大田市駅 大田市 おおだし
0%
大館駅 大館市 おおだて
0%
大多羅駅 岡山市 おおだら
0%
大津駅 大津市 おおつ
0%
大塚駅前停留場 豊島区 おおつかえきまえ
0%
大月駅 大月市 おおつき
0%
大津町駅 出雲市 おおつまち
0%
大戸駅 香取市 おおと
0%
大通駅 札幌市 おおどおり
0%
大泊駅 熊野市 おおどまり
0%
大土呂駅 福井市 おおどろ
0%
大中駅 郡上市 おおなか
0%
大庭駅 松本市 おおにわ
0%
大沼公園駅 七飯町 おおぬまこうえん
0%
大野駅 大熊町 おおの
0%
大野下駅 玉名市 おおのしも
0%
大乗駅 竹原市 おおのり
0%
大橋駅 福岡市 おおはし
0%
大畠駅 柳井市 おおばたけ
0%
大張野駅 秋田市 おおばりの
0%
大仁駅 伊豆の国市 おおひと
0%
大平下駅 栃木市 おおひらした
0%
大府駅 大府市 おおぶ
0%
大更駅 八幡平市 おおぶけ
0%
大間駅 須崎市 おおま
0%
大前駅 嬬恋村 おおまえ
0%
大町西公園駅 仙台市 おおまちにしこうえん
0%
大甕駅 日立市 おおみか
0%
大三東駅 島原市 おおみさき
0%
大湊駅 むつ市 おおみなと
0%
大牟田駅 大牟田市 おおむた
0%
大村車両基地駅 大村市 おおむらしゃりょうきち
0%
大森町駅 大田区 おおもりまち
0%
大屋駅 上田市 おおや
0%
大藪駅 田川市 おおやぶ
0%
大山崎駅 大山崎町 おおやまざき
0%
大輪田駅 河合町 おおわだ
0%
大鰐駅 大鰐町 おおわに
0%
岡崎公園前駅 岡崎市 おかざきこうえんまえ
0%
岡崎前駅 和歌山市 おかざきまえ
0%
苧ヶ瀬駅 各務原市 おがせ
0%
岡田浦駅 泉南市 おかだうら
0%
御徒町駅 台東区 おかちまち
0%
岡寺駅 橿原市 おかでら
0%
おかどめ幸福駅 あさぎり町 おかどめこうふく
0%
岡花駅 日高村 おかばな
0%
岡谷駅 岡谷市 おかや
0%
緒川駅 東浦町 おがわ
0%
小川駅 宇城市 おがわ
0%
小城駅 小城市 おぎ
0%
荻川駅 新潟市 おぎかわ
0%
興津駅 静岡市 おきつ
0%
小木津駅 日立市 おぎつ
0%
翁島駅 猪苗代町 おきなしま
0%
荻布停留場 高岡市 おぎの
0%
沖松島駅 高松市 おきまつしま
0%
荻生駅 黒部市 おぎゅう
0%
邑久駅 瀬戸内市 おく
0%
奥阿仁駅 北秋田市 おくあに
0%
奥大井湖上駅 川根本町 おくおおいこじょう
0%
奥多摩駅 奥多摩町 おくたま
0%
奥浜名湖駅 浜松市 おくはまなこ
0%
小古曽駅 四日市市 おごそ
0%
大畑駅 人吉市 おこば
0%
大河端駅 金沢市 おこばた
0%
小作駅 羽村市 おざく
0%
長船駅 瀬戸内市 おさふね
0%
押上駅 墨田区 おしあげ
0%
小塩江駅 須賀川市 おしおえ
0%
男鹿高原駅 日光市 おじかこうげん
0%
渡島砂原駅 森町 おしまさわら
0%
渡島沼尻駅 森町 おしまぬまじり
0%
忍海駅 葛城市 おしみ
0%
長万部駅 長万部町 おしゃまんべ
0%
尾白内駅 森町 おしろない
0%
小田井駅 名古屋市 おたい
0%
小田急相模原駅 相模原市 おだきゅうさがみはら
0%
小田急多摩センター駅 多摩市 おだきゅうたませんたー
0%
大楽毛駅 釧路市 おたのしけ
0%
小田林駅 結城市 おたばやし
0%
小樽駅 小樽市 おたる
0%
小田原駅 小田原市 おだわら
0%
落居駅 市川三郷町 おちい
0%
小千谷駅 小千谷市 おぢや
0%
乙川駅 半田市 おっかわ
0%
小月駅 下関市 おづき
0%
乙供駅 東北町 おっとも
0%
追浜駅 横須賀市 おっぱま
0%
音威子府駅 音威子府村 おといねっぷ
0%
尾頭橋駅 名古屋市 おとうばし
0%
男川駅 岡崎市 おとがわ
0%
音沢駅 黒部市 おとざわ
0%
乙丸駅 金沢市 おとまる
0%
乙女駅 小諸市 おとめ
0%
踊場駅 横浜市 おどりば
0%
音羽町駅 静岡市 おとわちょう
0%
女川駅 女川町 おながわ
0%
御成門駅 港区 おなりもん
0%
鬼瀬駅 由布市 おにがせ
0%
鬼塚駅 唐津市 おにづか
0%
尾上高校前駅 平川市 おのえこうこうまえ
0%
小野田駅 山陽小野田市 おのだ
0%
雄信内駅 幌延町 おのっぷない
0%
小野新町駅 小野町 おのにいまち
0%
尾登駅 西会津町 おのぼり
0%
小野屋駅 由布市 おのや
0%
姨捨駅 千曲市 おばすて
0%
小浜駅 小浜市 おばま
0%
飫肥駅 日南市 おび
0%
小櫃駅 君津市 おびつ
0%
於福駅 美祢市 おふく
0%
男衾駅 寄居町 おぶすま
0%
尾幌駅 厚岸町 おぼろ
0%
小前田駅 深谷市 おまえだ
0%
小見川駅 香取市 おみがわ
0%
小村井駅 墨田区 おむらい
0%
思川駅 小山市 おもいがわ
0%
面影橋停留場 新宿区 おもかげばし
0%
面白山高原駅 山形市 おもしろやまこうげん
0%
親不知駅 糸魚川市 おやしらず
0%
尾山台駅 世田谷区 おやまだい
0%
折居駅 浜田市 おりい
0%
折尾駅 北九州市 おりお
0%
折壁駅 一関市 おりかべ
0%
下立駅 黒部市 おりたて
0%
下立口駅 黒部市 おりたてぐち
0%
折本駅 筑西市 おりもと
0%
折生迫駅 宮崎市 おりゅうざこ
0%
折渡駅 由利本荘市 おりわたり
0%
オレンジタウン駅 さぬき市 おれんじたうん
0%
小禄駅 那覇市 おろく
0%
卸町駅 福島市 おろしまち
0%
尾張旭駅 尾張旭市 おわりあさひ
0%
尾張一宮駅 一宮市 おわりいちのみや
0%
遠賀野駅 直方市 おんがの
0%
恩智駅 八尾市 おんぢ
0%
甲斐岩間駅 市川三郷町 かいいわま
0%
外苑前駅 港区 がいえんまえ
0%
海王丸駅 射水市 かいおうまる
0%
甲斐大島駅 身延町 かいおおしま
0%
海神駅 船橋市 かいじん
0%
皆瀬駅 佐世保市 かいぜ
0%
貝塚駅 貝塚市 かいづか
0%
貝塚市役所前駅 貝塚市 かいづかしやくしょまえ
0%
荷稲駅 黒潮町 かいな
0%
海南駅 海南市 かいなん
0%
海浜幕張駅 千葉市 かいひんまくはり
0%
海部駅 海陽町 かいふ
0%
開発駅 富山市 かいほつ
0%
開明駅 一宮市 かいめい
0%
開聞駅 指宿市 かいもん
0%
甲斐大和駅 甲州市 かいやまと
0%
加賀温泉駅 加賀市 かがおんせん
0%
加賀笠間駅 白山市 かがかさま
0%
香登駅 備前市 かがと
0%
香我美駅 香南市 かがみ
0%
鏡石駅 鏡石町 かがみいし
0%
各務ケ原駅 各務原市 かがみがはら
0%
鏡川橋停留場 高知市 かがみがわばし
0%
掛澗駅 森町 かかりま
0%
嘉川駅 山口市 かがわ
0%
柿平駅 新城市 かきだいら
0%
学園通り駅 三木町 がくえんどおり
0%
学習院下停留場 豊島区 がくしゅういんした
0%
学田駅 富良野市 がくでん
0%
岳南江尾駅 富士市 がくなんえのお
0%
岳南富士岡駅 富士市 がくなんふじおか
0%
角館駅 仙北市 かくのだて
0%
角茂谷駅 大豊町 かくもだに
0%
香久山駅 橿原市 かぐやま
0%
加古川駅 加古川市 かこがわ
0%
鹿児島駅前停留場 鹿児島市 かごしまえきまえ
0%
鹿児島中央駅 鹿児島市 かごしまちゅうおう
0%
葛西駅 江戸川区 かさい
0%
笠上黒生駅 銚子市 かさがみくろはえ
0%
笠置駅 笠置町 かさぎ
0%
笠島駅 柏崎市 かさしま
0%
風早駅 東広島市 かざはや
0%
笠間駅 笠間市 かさま
0%
加治駅 新発田市 かじ
0%
香椎駅 福岡市 かしい
0%
香椎花園前駅 福岡市 かしいかえんまえ
0%
香椎神宮駅 福岡市 かしいじんぐう
0%
梶が谷駅 川崎市 かじがや
0%
梶栗郷台地駅 下関市 かじくりごうだいち
0%
香芝駅 香芝市 かしば
0%
鹿島駅 南相馬市 かしま
0%
鹿島神宮駅 鹿嶋市 かしまじんぐう
0%
樫山駅 小野市 かしやま
0%
柏木平駅 遠野市 かしわぎだいら
0%
柏崎駅 柏崎市 かしわざき
0%
かしわ台駅 海老名市 かしわだい
0%
春日町駅 静岡市 かすがちょう
0%
春日野道駅 神戸市 かすがのみち
0%
春日部駅 春日部市 かすかべ
0%
春日山駅 上越市 かすがやま
0%
粕川駅 前橋市 かすかわ
0%
上総東駅 いすみ市 かずさあずま
0%
上総牛久駅 市原市 かずさうしく
0%
上総川間駅 市原市 かずさかわま
0%
上総清川駅 木更津市 かずさきよかわ
0%
上総鶴舞駅 市原市 かずさつるまい
0%
上総中川駅 いすみ市 かずさなかがわ
0%
上総松丘駅 君津市 かずさまつおか
0%
上総三又駅 市原市 かずさみつまた
0%
上総村上駅 市原市 かずさむらかみ
0%
上総山田駅 市原市 かずさやまだ
0%
霞ヶ浦駅 四日市市 かすみがうら
0%
烏森駅 名古屋市 かすもり
0%
葛島橋東詰停留場 高知市 かずらしまばしひがしづめ
0%
嘉瀬駅 五所川原市 かせ
0%
加勢駅 南阿蘇村 かせ
0%
禾生駅 都留市 かせい
0%
笠田駅 かつらぎ町 かせだ
0%
風合瀬駅 深浦町 かそせ
0%
片岡駅 矢板市 かたおか
0%
片貝駅 前橋市 かたかい
0%
片倉駅 八王子市 かたくら
0%
片瀬山駅 鎌倉市 かたせやま
0%
片野駅 北九州市 かたの
0%
交野市駅 交野市 かたのし
0%
片浜駅 沼津市 かたはま
0%
帷子ノ辻駅 京都市 かたびらのつじ
0%
潟町駅 上越市 かたまち
0%
勝木駅 村上市 がつぎ
0%
勝田駅 ひたちなか市 かつた
0%
勝田台駅 八千代市 かつただい
0%
塩山駅 甲州市 かつぬまぶどうきょう
0%
勝野駅 小竹町 かつの
0%
鹿角花輪駅 鹿角市 かづのはなわ
0%
勝間駅 周南市 かつま
0%
勝間田駅 勝央町 かつまだ
0%
勝山駅 勝山市 かつやま
0%
桂川駅 京都市 かつらがわ
0%
桂瀬駅 北秋田市 かつらせ
0%
家庭裁判所前停留場 広島市 かていさいばんしょまえ
0%
鹿渡駅 三種町 かど
0%
門川駅 門川町 かどがわ
0%
門田屋敷停留場 岡山市 かどたやしき
0%
門出駅 島田市 かどで
0%
角の浜駅 洋野町 かどのはま
0%
勝原駅 大野市 かどはら
0%
門松駅 粕屋町 かどまつ
0%
香取駅 香取市 かとり
0%
鼎駅 飯田市 かなえ
0%
神奈川駅 横浜市 かながわ
0%
金木駅 五所川原市 かなぎ
0%
金指駅 浜松市 かなさし
0%
金沢八景駅 横浜市 かなざわはっけい
0%
金田駅 福智町 かなだ
0%
金塚駅 新発田市 かなづか
0%
金橋駅 橿原市 かなはし
0%
金屋駅 名古屋市 かなや
0%
金山駅 名古屋市 かなやま
0%
銀山町停留場 広島市 かなやまちょう
0%
蟹江駅 蟹江町 かにえ
0%
可児川駅 可児市 かにがわ
0%
蟹田駅 外ヶ浜町 かにた
0%
金子駅 入間市 かねこ
0%
鐘釣駅 黒部市 かねつり
0%
金手駅 甲府市 かねんて
0%
加納駅 宮崎市 かのう
0%
鹿瀬駅 阿賀町 かのせ
0%
神農原駅 富岡市 かのはら
0%
蒲池駅 常滑市 かばいけ
0%
兜沼駅 豊富町 かぶとぬま
0%
河辺駅 青梅市 かべ
0%
可部駅 広島市 かべ
0%
釜石駅 釜石市 かまいし
0%
釜ヶ淵駅 立山町 かまがふち
0%
鎌ヶ谷大仏駅 鎌ケ谷市 かまがやだいぶつ
0%
蒲郡駅 蒲郡市 がまごおり
0%
鎌瀬駅 八代市 かませ
0%
鎌田駅 松山市 かまた
0%
釜戸駅 瑞浪市 かまど
0%
竈山駅 和歌山市 かまやま
0%
上麻生駅 七宗町 かみあそう
0%
上有田駅 有田町 かみありた
0%
上井草駅 杉並区 かみいぐさ
0%
上伊集院駅 鹿児島市 かみいじゅういん
0%
上伊田駅 田川市 かみいた
0%
上市駅 上市町 かみいち
0%
上臼杵駅 臼杵市 かみうすき
0%
上浦駅 朝倉市 かみうら
0%
神尾駅 島田市 かみお
0%
上大岡駅 横浜市 かみおおおか
0%
上岡駅 佐伯市 かみおか
0%
上尾幌駅 厚岸町 かみおぼろ
0%
上桂駅 京都市 かみかつら
0%
上金田駅 福智町 かみかなだ
0%
上川駅 上川町 かみかわ
0%
上神梅駅 みどり市 かみかんばい
0%
上熊谷駅 熊谷市 かみくまがや
0%
上桑名川駅 飯山市 かみくわながわ
0%
上古沢駅 九度山町 かみこさわ
0%
上栄町駅 大津市 かみさかえまち
0%
上沢駅 神戸市 かみさわ
0%
上菅谷駅 那珂市 かみすがや
0%
上杉駅 北秋田市 かみすぎ
0%
上滝駅 富山市 かみだき
0%
上戸手駅 福山市 かみとで
0%
上豊田駅 豊田市 かみとよた
0%
上長瀞駅 長瀞町 かみながとろ
0%
上ノ太子駅 羽曳野市 かみのたいし
0%
上野幌駅 札幌市 かみのっぽろ
0%
上野部駅 磐田市 かみのべ
0%
上野間駅 美浜町 かみのま
0%
かみのやま温泉駅 上山市 かみのやまおんせん
0%
上深川駅 広島市 かみふかわ
0%
上二田駅 潟上市 かみふただ
0%
上穂波駅 飯塚市 かみほなみ
0%
上保原駅 伊達市 かみほばら
0%
上幌向駅 岩見沢市 かみほろむい
0%
上本郷駅 松戸市 かみほんごう
0%
上前津駅 名古屋市 かみまえづ
0%
上町駅 世田谷区 かみまち
0%
上町二丁目停留場 高知市 かみまちにちょうめ
0%
上町四丁目停留場 高知市 かみまちよんちょうめ
0%
上万場駅 郡上市 かみまんば
0%
上三田駅 広島市 かみみた
0%
上三依塩原温泉口駅 日光市 かみみよりしおばらおんせんぐち
0%
上盛岡駅 盛岡市 かみもりおか
0%
上諸江駅 金沢市 かみもろえ
0%
上八木駅 広島市 かみやぎ
0%
上横須賀駅 西尾市 かみよこすか
0%
上米内駅 盛岡市 かみよない
0%
学文路駅 橋本市 かむろ
0%
亀嵩駅 奥出雲町 かめだけ
0%
亀甲駅 美咲町 かめのこう
0%
賀茂駅 福岡市 かも
0%
鴨居駅 横浜市 かもい
0%
蒲生駅 越谷市 がもう
0%
加茂郷駅 海南市 かもごう
0%
鴨宮駅 小田原市 かものみや
0%
加茂宮駅 さいたま市 かものみや
0%
萱島駅 寝屋川市 かやしま
0%
茅場町駅 中央区 かやばちょう
0%
栢山駅 小田原市 かやま
0%
茅町駅 伊賀市 かやまち
0%
辛皮駅 宮津市 からかわ
0%
唐崎駅 大津市 からさき
0%
辛島町停留場 熊本市 からしまちょう
0%
烏江駅 養老町 からすえ
0%
唐櫃台駅 神戸市 からとだい
0%
唐橋前駅 大津市 からはしまえ
0%
刈谷駅 刈谷市 かりや
0%
刈谷市駅 刈谷市 かりやし
0%
苅安賀駅 一宮市 かりやすか
0%
軽井沢駅 軽井沢町 かるいざわ
0%
狩留家駅 広島市 かるが
0%
苅藻駅 神戸市 かるも
0%
嘉例川駅 霧島市 かれいがわ
0%
川合高岡駅 津市 かわいたかおか
0%
河合西駅 小野市 かわいにし
0%
川内駅 宮古市 かわうち
0%
川岸駅 岡谷市 かわぎし
0%
川口駅 川口市 かわぐち
0%
河芸駅 津市 かわげ
0%
川桁駅 猪苗代町 かわげた
0%
川越駅 川越市 かわごえ
0%
川越富洲原駅 川越町 かわごえとみすはら
0%
川崎駅 川崎市 かわさき
0%
河崎口駅 米子市 かわさきぐち
0%
川路駅 飯田市 かわじ
0%
川治温泉駅 日光市 かわじおんせん
0%
川治湯元駅 日光市 かわじゆもと
0%
河瀬駅 彦根市 かわせ
0%
川添駅 大台町 かわぞえ
0%
川田駅 吉野川市 かわた
0%
川棚温泉駅 下関市 かわたなおんせん
0%
川渡温泉駅 大崎市 かわたびおんせん
0%
河内堅上駅 柏原市 かわちかたかみ
0%
河内国分駅 柏原市 かわちこくぶ
0%
河内小阪駅 東大阪市 かわちこさか
0%
河内花園駅 東大阪市 かわちはなぞの
0%
河内松原駅 松原市 かわちまつばら
0%
河内山本駅 八尾市 かわちやまもと
0%
川跡駅 出雲市 かわと
0%
川名駅 名古屋市 かわな
0%
川中島駅 長野市 かわなかじま
0%
川根温泉笹間渡駅 島田市 かわねおんせんささまど
0%
河曲駅 鈴鹿市 かわの
0%
川之江駅 四国中央市 かわのえ
0%
河原駅 八頭町 かわはら
0%
川東駅 須賀川市 かわひがし
0%
川辺駅 由利本荘市 かわべ
0%
河辺の森駅 東近江市 かわべのもり
0%
川間駅 野田市 かわま
0%
川南駅 川南町 かわみなみ
0%
川宮駅 名古屋市 かわみや
0%
香春駅 香春町 かわら
0%
香春口三萩野駅 北九州市 かわらぐちみはぎの
0%
河原田駅 四日市市 かわらだ
0%
川原湯温泉駅 長野原町 かわらゆおんせん
0%
神前駅 さぬき市 かんざき
0%
環状通東駅 札幌市 かんじょうどおりひがし
0%
岩水寺駅 浜松市 がんすいじ
0%
閑蔵駅 静岡市 かんぞう
0%
苅田駅 苅田町 かんだ
0%
感田駅 直方市 がんだ
0%
干拓の里駅 諫早市 かんたくのさと
0%
神立駅 土浦市 かんだつ
0%
神野駅 加古川市 かんの
0%
雁ノ巣駅 福岡市 がんのす
0%
神俣駅 田村市 かんまた
0%
紀伊井田駅 紀宝町 きいいだ
0%
紀伊市木駅 御浜町 きいいちぎ
0%
紀伊小倉駅 和歌山市 きいおぐら
0%
紀伊田辺駅 田辺市 きいたなべ
0%
紀伊田原駅 串本町 きいたはら
0%
紀伊姫駅 串本町 きいひめ
0%
紀伊宮原駅 有田市 きいみやはら
0%
紀伊山田駅 橋本市 きいやまだ
0%
木下駅 印西市 きおろし
0%
祇園駅 木更津市 ぎおん
0%
祇園四条駅 京都市 ぎおんしじょう
0%
祇園橋停留場 熊本市 ぎおんばし
0%
木岐駅 美波町 きき
0%
菊間駅 今治市 きくま
0%
吉舎駅 三次市 きさ
0%
私市駅 交野市 きさいち
0%
象潟駅 にかほ市 きさかた
0%
木崎駅 太田市 きざき
0%
木更津駅 木更津市 きさらづ
0%
喜志駅 富田林市 きし
0%
貴志駅 紀の川市 きし
0%
鬼子母神前停留場 豊島区 きしぼじんまえ
0%
騎射場停留場 鹿児島市 きしゃば
0%
木次駅 雲南市 きすき
0%
木曽川駅 一宮市 きそがわ
0%
北余目駅 庄内町 きたあまるめ
0%
北飯山駅 飯山市 きたいいやま
0%
北一已駅 深川市 きたいちやん
0%
北浦駅 美里町 きたうら
0%
北大石田駅 大石田町 きたおおいしだ
0%
北大垣駅 大垣市 きたおおがき
0%
北大宮駅 さいたま市 きたおおみや
0%
北柏駅 柏市 きたかしわ
0%
北方真桑駅 本巣市 きたがたまくわ
0%
北金岡駅 三種町 きたかなおか
0%
北鹿沼駅 鹿沼市 きたかぬま
0%
北金ケ沢駅 深浦町 きたかねがさわ
0%
北上駅 北上市 きたかみ
0%
北川駅 延岡市 きたがわ
0%
北河内駅 美波町 きたがわち
0%
北楠駅 四日市市 きたくす
0%
北久里浜駅 横須賀市 きたくりはま
0%
北神戸駅 神戸町 きたごうど
0%
北小金駅 松戸市 きたこがね
0%
北国分駅 市川市 きたこくぶん
0%
北五泉駅 五泉市 きたごせん
0%
北坂戸駅 坂戸市 きたさかど
0%
北品川駅 品川区 きたしながわ
0%
北信太駅 和泉市 きたしのだ
0%
北12条駅 札幌市 きたじゅうにじょう
0%
北条駅 柏崎市 きたじょう
0%
北新川駅 碧南市 きたしんかわ
0%
北新地駅 大阪市 きたしんち
0%
北須坂駅 須坂市 きたすざか
0%
北鈴蘭台駅 神戸市 きたすずらんだい
0%
北千住駅 足立区 きたせんじゅ
0%
北高岩駅 八戸市 きたたかいわ
0%
北高崎駅 高崎市 きたたかさき
0%
北巽駅 大阪市 きたたつみ
0%
北茅ケ崎駅 茅ヶ崎市 きたちがさき
0%
木太町駅 高松市 きたちょう
0%
北常盤駅 藤崎町 きたときわ
0%
北殿駅 南箕輪村 きたとの
0%
北永野田駅 霧島市 きたながのだ
0%
喜多灘駅 大洲市 きたなだ
0%
北新・松本大学前駅 松本市 きたにい・まつもとだいがくまえ
0%
北24条駅 札幌市 きたにじゅうよじょう
0%
北野駅 八王子市 きたの
0%
北能代駅 能代市 きたのしろ
0%
北野桝塚駅 岡崎市 きたのますづか
0%
北原駅 前橋市 きたはら
0%
北埠頭駅 神戸市 きたふとう
0%
北細野駅 松川村 きたほその
0%
北松戸駅 松戸市 きたまつど
0%
北真岡駅 真岡市 きたもおか*
0%
北森駅 八幡平市 きたもり
0%
北山駅 仙台市 きたやま
0%
喜多山駅 大洲市 きたやま
0%
北山形駅 山形市 きたやまがた
0%
北四番丁駅 仙台市 きたよばんちょう
0%
吉祥寺駅 武蔵野市 きちじょうじ
0%
木造駅 つがる市 きづくり
0%
狐ヶ崎駅 静岡市 きつねがさき
0%
木戸駅 楢葉町 きど
0%
衣笠駅 横須賀市 きぬがさ
0%
衣山駅 松山市 きぬやま
0%
木上駅 錦町 きのえ
0%
木ノ本駅 長浜市 きのもと
0%
吉備真備駅 倉敷市 きびのまきび
0%
岐阜駅 岐阜市 ぎふ
0%
貴生川駅 甲賀市 きぶかわ
0%
来待駅 松江市 きまち
0%
木見駅 倉敷市 きみ
0%
木屋町停留場 松山市 きやちょう
0%
気山駅 若狭町 きやま
0%
基山駅 基山町 きやま
0%
伽羅橋駅 高石市 きゃらばし
0%
九産大前駅 福岡市 きゅうさんだいまえ
0%
九州鉄道記念館駅 北九州市 きゅうしゅうてつどうきねんかん
0%
球場前駅 倉敷市 きゅうじょうまえ
0%
久宝寺口駅 八尾市 きゅうほうじぐち
0%
厳木駅 唐津市 きゅうらぎ
0%
木与駅 阿武町 きよ
0%
教会前駅 鳴門市 きょうかいまえ
0%
孝子駅 岬町 きょうし
0%
京セラ前駅 東近江市 きょうせらまえ
0%
行田市駅 行田市 ぎょうだし
0%
京田辺駅 京田辺市 きょうたなべ
0%
経塚駅 浦添市 きょうづか
0%
経田駅 魚津市 きょうでん
0%
経堂駅 世田谷区 きょうどう
0%
京都精華大前駅 京都市 きょうとせいかだいまえ
0%
京橋駅 大阪市 きょうばし
0%
京終駅 奈良市 きょうばて
0%
京町温泉駅 えびの市 きょうまちおんせん
0%
清里町駅 清里町 きよさとちょう
0%
清武駅 宮崎市 きよたけ
0%
清音駅 総社市 きよね
0%
清原地区市民センター前停留場 宇都宮市 きよはらちくしみんせんたーまえ
0%
吉良吉田駅 西尾市 きらよしだ
0%
桐原駅 長岡市 きりはら
0%
桐生駅 桐生市 きりゅう
0%
喜連瓜破駅 大阪市 きれうりわり
0%
黄波戸駅 長門市 きわど
0%
錦江駅 姶良市 きんこう
0%
銀座一丁目駅 中央区 ぎんざいっちょうめ
0%
銀山駅 仁木町 ぎんざん
0%
錦糸町駅 墨田区 きんしちょう
0%
金城ふ頭駅 名古屋市 きんじょうふとう
0%
近鉄蟹江駅 蟹江町 きんてつかにえ
0%
近鉄御所駅 御所市 きんてつごせ
0%
近鉄下田駅 香芝市 きんてつしもだ
0%
近鉄八田駅 名古屋市 きんてつはった
0%
近鉄宮津駅 京田辺市 きんてつみやづ
0%
近鉄八尾駅 八尾市 きんてつやお
0%
杭瀬駅 尼崎市 くいせ
0%
空港通り駅 高松市 くうこうどおり
0%
玖珂駅 岩国市 くが
0%
久が原駅 大田区 くがはら
0%
久喜駅 久喜市 くき
0%
久々野駅 高山市 くぐの
0%
区界駅 宮古市 くざかい
0%
草津駅 草津市 くさつ
0%
草津南駅 広島市 くさつみなみ
0%
草薙駅 静岡市 くさなぎ
0%
草道駅 薩摩川内市 くさみち
0%
久慈駅 久慈市 くじ
0%
櫛田駅 松阪市 くしだ
0%
公庄駅 福知山市 ぐじょう
0%
郡上八幡駅 郡上市 ぐじょうはちまん
0%
郡上大和駅 郡上市 ぐじょうやまと
0%
鯨波駅 柏崎市 くじらなみ
0%
釧路駅 釧路市 くしろ
0%
久代駅 浜田市 くしろ
0%
櫛原駅 久留米市 くしわら
0%
樟葉駅 枚方市 くずは
0%
楠橋駅 北九州市 くすばし
0%
久住駅 成田市 くずみ
0%
久世駅 真庭市 くせ
0%
久田野駅 白河市 くたの
0%
倶知安駅 倶知安町 くっちゃん
0%
久手駅 大田市 くて
0%
具同駅 四万十市 ぐどう
0%
久那土駅 身延町 くなど
0%
柴島駅 大阪市 くにじま
0%
国立駅 国立市 くにたち
0%
国英駅 鳥取市 くにふさ
0%
国谷駅 壬生町 くにや
0%
久根別駅 北斗市 くねべつ
0%
くびき駅 上越市 くびき
0%
頸城大野駅 糸魚川市 くびきおおの
0%
窪川駅 四万十町 くぼかわ
0%
熊谷駅 熊谷市 くまがや
0%
熊川駅 福生市 くまがわ
0%
熊崎駅 臼杵市 くまさき
0%
熊取駅 熊取町 くまとり
0%
熊野市駅 熊野市 くまのし
0%
隈之城駅 薩摩川内市 くまのじょう
0%
熊本駅前停留場 熊本市 くまもとえきまえ
0%
熊本高専前駅 合志市 くまもとこうせんまえ
0%
熊本城・市役所前停留場 熊本市 くまもとじょう・しやくしょまえ
0%
熊山駅 赤磐市 くまやま
0%
久美浜駅 京丹後市 くみはま
0%
求名駅 東金市 ぐみょう
0%
弘明寺駅 横浜市 ぐみょうじ
0%
久米駅 松山市 くめ
0%
公文明駅 三木町 くもんみょう
0%
倉賀野駅 高崎市 くらがの
0%
倉敷駅 倉敷市 くらしき
0%
鞍手駅 鞍手町 くらて
0%
蔵前駅 台東区 くらまえ
0%
倉本駅 上松町 くらもと
0%
栗丘駅 岩見沢市 くりおか
0%
栗沢駅 岩見沢市 くりさわ
0%
栗橋駅 久喜市 くりはし
0%
久里浜駅 横須賀市 くりはま
0%
厨川駅 盛岡市 くりやがわ
0%
栗山駅 栗山町 くりやま
0%
車折神社駅 京都市 くるまざきじんじゃ
0%
車道駅 名古屋市 くるまみち
0%
久留米大学前駅 久留米市 くるめだいがくまえ
0%
呉駅 呉市 くれ
0%
黒井駅 上越市 くろい
0%
黒岩駅 八雲町 くろいわ
0%
黒子駅 筑西市 くろご
0%
黒笹駅 みよし市 くろざさ
0%
黒田駅 一宮市 くろだ
0%
黒田庄駅 西脇市 くろだしょう
0%
黒薙駅 黒部市 くろなぎ
0%
黒部駅 黒部市 くろべ
0%
黒松駅 江津市 くろまつ
0%
桑野駅 阿南市 くわの
0%
桑町駅 伊賀市 くわまち
0%
神水交差点停留場 熊本市 くわみずこうさてん
0%
栗田駅 宮津市 くんだ
0%
国縫駅 長万部町 くんぬい
0%
群馬原町駅 東吾妻町 ぐんまはらまち
0%
群馬八幡駅 高崎市 ぐんまやわた
0%
蹴上駅 京都市 けあげ
0%
京王片倉駅 八王子市 けいおうかたくら
0%
京王堀之内駅 八王子市 けいおうほりのうち
0%
京急大津駅 横須賀市 けいきゅうおおつ
0%
京急川崎駅 川崎市 けいきゅうかわさき
0%
京急鶴見駅 横浜市 けいきゅうつるみ
0%
京急富岡駅 横浜市 けいきゅうとみおか
0%
京急長沢駅 横須賀市 けいきゅうながさわ
0%
計算科学センター駅 神戸市 けいさんかがくせんたー
0%
京成金町駅 葛飾区 けいせいかなまち
0%
京成立石駅 葛飾区 けいせいたていし
0%
京成千葉駅 千葉市 けいせいちば
0%
京成中山駅 船橋市 けいせいなかやま
0%
慶徳校前停留場 熊本市 けいとくこうまえ
0%
競馬場前停留場 函館市 けいばじょうまえ
0%
京阪石山駅 大津市 けいはんいしやま
0%
京阪山科駅 京都市 けいはんやましな
0%
猊鼻渓駅 一関市 げいびけい
0%
ケーブル八幡宮口駅 八幡市 けーぶるはちまんぐうぐち
0%
ケーブル八幡宮山上駅 八幡市 けーぶるはちまんぐうさんじょう
0%
毛賀駅 飯田市 けが
0%
下条駅 十日町市 げじょう
0%
月江寺駅 富士吉田市 げっこうじ
0%
下馬駅 多賀城市 げば
0%
花原市駅 宮古市 けばらいち
0%
検見川駅 千葉市 けみがわ
0%
欅平駅 黒部市 けやきだいら
0%
介良通停留場 高知市 けらどおり
0%
研究学園駅 つくば市 けんきゅうがくえん
0%
健軍校前停留場 熊本市 けんぐんこうまえ
0%
源じいの森駅 赤村 げんじいのもり
0%
原生花園駅 小清水町 げんせいかえん
0%
県総合運動場駅 静岡市 けんそうごううんどうじょう
0%
原爆資料館停留場 長崎市 げんばくしりょうかん
0%
県病院前停留場 広島市 けんびょういんまえ
0%
玄武洞駅 豊岡市 げんぶどう
0%
県立大学駅 横須賀市 けんりつだいがく
0%
県立美術館通停留場 高知市 けんりつびじゅつかんどおり
0%
鯉川駅 三種町 こいかわ
0%
小池駅 豊橋市 こいけ
0%
恋し浜駅 大船渡市 こいしはま
0%
五位堂駅 香芝市 ごいどう
0%
公園駅 佐倉市 こうえん
0%
高円寺駅 杉並区 こうえんじ
0%
合格駅 島田市 ごうかく
0%
工学部前停留場 鹿児島市 こうがくぶまえ
0%
航空公園駅 所沢市 こうくうこうえん
0%
香西駅 高松市 こうざい
0%
幸崎駅 大分市 こうざき
0%
麹町駅 千代田区 こうじまち
0%
糀谷駅 大田区 こうじや
0%
神志山駅 御浜町 こうしやま
0%
光珠内駅 美唄市 こうしゅない
0%
庚申塚停留場 豊島区 こうしんづか
0%
光善寺駅 枚方市 こうぜんじ
0%
甲立駅 安芸高田市 こうたち
0%
河内駅 東広島市 こうち
0%
小内海駅 宮崎市 こうちうみ
0%
高知城前停留場 高知市 こうちじょうまえ
0%
高知橋停留場 高知市 こうちばし
0%
郡津駅 交野市 こうづ
0%
江津駅 江津市 ごうつ
0%
交通局前停留場 熊本市 こうつうきょくまえ
0%
公津の杜駅 成田市 こうづのもり
0%
興戸駅 京田辺市 こうど
0%
顔戸駅 御嵩町 ごうど
0%
勾当台公園駅 仙台市 こうとうだいこうえん
0%
甲東中学校前停留場 鹿児島市 こうとうちゅうがっこうまえ
0%
咥内停留場 高知市 こうない
0%
江南駅 出雲市 こうなん
0%
幌南小学校前停留場 札幌市 こうなんしょうがっこうまえ
0%
高野川駅 伊予市 こうのかわ
0%
国府台駅 市川市 こうのだい
0%
河野原円心駅 上郡町 こうのはらえんしん
0%
国府宮駅 稲沢市 こうのみや
0%
鴻野山駅 那須烏山市 こうのやま
0%
郷原駅 東吾妻町 ごうばら
0%
神海駅 本巣市 こうみ
0%
光明池駅 堺市 こうみょういけ
0%
神目駅 久米南町 こうめ
0%
高野口駅 橋本市 こうやぐち
0%
高野山駅 高野町 こうやさん
0%
高野下駅 九度山町 こうやした
0%
光洋台駅 松山市 こうようだい
0%
香里園駅 寝屋川市 こうりえん
0%
郡家駅 八頭町 こおげ
0%
桑折駅 桑折町 こおり
0%
黄金駅 伊達市 こがね
0%
粉河駅 紀の川市 こかわ
0%
小川原駅 東北町 こがわら
0%
後閑駅 みなかみ町 ごかん
0%
古賀茶屋駅 久留米市 こがんちゃや
0%
小絹駅 つくばみらい市 こきぬ
0%
近義の里駅 貝塚市 こぎのさと
0%
国府駅 豊岡市 こくふ
0%
国府停留場 熊本市 こくぶ
0%
国立競技場駅 新宿区 こくりつきょうぎじょう
0%
小栗山駅 弘前市 こぐりやま
0%
蚕桑駅 白鷹町 こぐわ
0%
五香駅 松戸市 ごこう
0%
古虎渓駅 多治見市 ここけい
0%
九重駅 館山市 ここのえ
0%
古座駅 串本町 こざ
0%
小砂川駅 にかほ市 こさがわ
0%
越谷駅 越谷市 こしがや
0%
越谷レイクタウン駅 越谷市 こしがやれいくたうん
0%
腰越駅 鎌倉市 こしごえ
0%
越戸駅 豊田市 こしど
0%
五社駅 神戸市 ごしゃ
0%
五所川原駅 五所川原市 ごしょがわら
0%
小菅駅 足立区 こすげ
0%
小鳥谷駅 一戸町 こずや
0%
御所駅 御所市 ごせ
0%
小平駅 小平市 こだいら
0%
児玉駅 本庄市 こだま
0%
木知原駅 本巣市 こちぼら
0%
国会議事堂前駅 千代田区 こっかいぎじどうまえ
0%
特牛駅 下関市 こっとい
0%
小鶴新田駅 仙台市 こづるしんでん
0%
小伝馬町駅 中央区 こでんまちょう
0%
御殿山駅 枚方市 ごてんやま
0%
厚東駅 宇部市 ことう
0%
後藤駅 米子市 ごとう
0%
子供の国駅 宮崎市 こどものくに
0%
小中駅 みどり市 こなか
0%
小梨駅 一関市 こなし
0%
木葉駅 玉東町 このは
0%
粉浜駅 大阪市 こはま
0%
小林駅 印西市 こばやし
0%
古井駅 美濃加茂市 こび
0%
五百石駅 立山町 ごひゃくこく
0%
五百羅漢駅 小田原市 ごひゃくらかん
0%
呉服町駅 福岡市 ごふくまち
0%
古淵駅 相模原市 こぶち
0%
小淵沢駅 北杜市 こぶちざわ
0%
小舟渡駅 永平寺町 こぶなと
0%
小歩危駅 三好市 こぼけ
0%
河堀口駅 大阪市 こぼれぐち
0%
小幌駅 豊浦町 こぼろ
0%
高麗駅 日高市 こま
0%
狛江駅 狛江市 こまえ
0%
駒ヶ岳駅 森町 こまがたけ
0%
駒ヶ谷駅 羽曳野市 こまがたに
0%
駒ヶ林駅 神戸市 こまがばやし
0%
駒ケ嶺駅 新地町 こまがみね
0%
高麗川駅 日高市 こまがわ
0%
古町駅 松山市 こまち
0%
小町屋駅 駒ヶ根市 こまちや
0%
小松駅 小松市 こまつ
0%
駒鳴駅 伊万里市 こまなき
0%
駒場東大前駅 目黒区 こまばとうだいまえ
0%
古見駅 真庭市 こみ
0%
小宮駅 八王子市 こみや
0%
米野木駅 日進市 こめのき
0%
後免西町停留場 南国市 ごめんにしまち
0%
後免東町停留場 南国市 ごめんひがしまち
0%
菰野駅 菰野町 こもの
0%
子守唄の里高屋駅 井原市 こもりうたのさとたかや
0%
小森江駅 北九州市 こもりえ
0%
小諸駅 小諸市 こもろ
0%
木屋瀬駅 北九州市 こやのせ
0%
湖山駅 鳥取市 こやま
0%
小谷松駅 大多喜町 こやまつ
0%
御油駅 豊川市 ごゆ
0%
子吉駅 由利本荘市 こよし
0%
五郎駅 大洲市 ごろう
0%
小和清水駅 福井市 こわしょうず
0%
小和田駅 浜松市 こわだ
0%
権現前駅 松阪市 ごんげんまえ
0%
金光駅 浅口市 こんこう
0%
木尾駅 郡上市 こんの
0%
今羽駅 さいたま市 こんば
0%
金比羅前駅 鳴門市 こんぴらまえ
0%
昆布盛駅 根室市 こんぶもり
0%
犀潟駅 上越市 さいがた
0%
西金駅 大子町 さいがね
0%
犀川駅 みやこ町 さいがわ
0%
斎宮駅 明和町 さいくう
0%
財光寺駅 日向市 ざいこうじ
0%
西大寺駅 岡山市 さいだいじ
0%
西大寺町・岡山芸術創造劇場ハレノワ前停留場 岡山市 さいだいじちょう・おかやまげいじゅつそうぞうげきじょうはれのわまえ
0%
西戸崎駅 福岡市 さいとざき
0%
彩都西駅 茨木市 さいとにし
0%
西明寺駅 仙北市 さいみょうじ
0%
幸駅 諫早市 さいわい
0%
佐伯区役所前駅 広島市 さえきくやくしょまえ
0%
嵯峨嵐山駅 京都市 さがあらしやま
0%
堺市駅 堺市 さかいし
0%
坂出駅 坂出市 さかいで
0%
栄町駅 名古屋市 さかえまち
0%
酒折駅 甲府市 さかおり
0%
坂上駅 飛騨市 さかかみ
0%
逆井駅 柏市 さかさい
0%
逆瀬川駅 宝塚市 さかせがわ
0%
坂ノ市駅 大分市 さかのいち
0%
坂祝駅 坂祝町 さかほぎ
0%
相模大塚駅 大和市 さがみおおつか
0%
相模湖駅 相模原市 さがみこ
0%
相模沼田駅 南足柄市 さがみぬまた
0%
さがみ野駅 海老名市 さがみの
0%
坂元駅 山元町 さかもと
0%
坂本駅 八代市 さかもと
0%
相良藩願成寺駅 人吉市 さがらはんがんじょうじ
0%
盛駅 大船渡市 さかり
0%
さぎの宮駅 浜松市 さぎのみや
0%
崎山駅 みやこ町 さきやま
0%
左京山駅 名古屋市 さきょうやま
0%
佐久間駅 浜松市 さくま
0%
桜井駅 安城市 さくらい
0%
桜川駅 大阪市 さくらがわ
0%
桜坂駅 福岡市 さくらざか
0%
さくら夙川駅 西宮市 さくらしゅくがわ
0%
桜上水駅 世田谷区 さくらじょうすい
0%
桜ノ宮駅 大阪市 さくらのみや
0%
桜橋駅 静岡市 さくらばし
0%
桜本町駅 名古屋市 さくらほんまち
0%
桜町停留場 長崎市 さくらまち
0%
桜町前駅 西尾市 さくらまちまえ
0%
栄生駅 名古屋市 さこう
0%
佐古木駅 弥富市 さこぎ
0%
坂越駅 赤穂市 さこし
0%
砂越駅 酒田市 さごし
0%
笹貫停留場 鹿児島市 ささぬき
0%
笹原田駅 市貝町 ささはらだ
0%
笹原駅 福岡市 ささばる
0%
篠山口駅 丹波篠山市 ささやまぐち
0%
指扇駅 さいたま市 さしおうぎ
0%
佐敷駅 芦北町 さしき
0%
刺巻駅 仙北市 さしまき
0%
佐世保駅 佐世保市 させぼ
0%
佐世保中央駅 佐世保市 させぼちゅうおう
0%
撮影所前駅 京都市 さつえいしょまえ
0%
五月台駅 川崎市 さつきだい
0%
さつき野駅 新潟市 さつきの
0%
咲来駅 音威子府村 さっくる
0%
雑餉隈駅 福岡市 ざっしょのくま
0%
札弦駅 清里町 さっつる
0%
幸手駅 幸手市 さって
0%
薩摩大川駅 阿久根市 さつまおおかわ
0%
薩摩塩屋駅 南九州市 さつましおや
0%
薩摩高城駅 薩摩川内市 さつまたき
0%
左通駅 仙北市 さどおり
0%
里庄駅 里庄町 さとしょう
0%
里白石駅 浅川町 さとしらいし
0%
佐貫駅 龍ケ崎市 さぬき
0%
讃岐白鳥駅 東かがわ市 さぬきしろとり
0%
讃岐津田駅 さぬき市 さぬきつだ
0%
佐貫町駅 富津市 さぬきまち
0%
佐野市駅 佐野市 さのし
0%
鯖石駅 大鰐町 さばいし
0%
座間駅 座間市 ざま
0%
三溝駅 松本市 さみぞ
0%
佐味田川駅 河合町 さみたがわ
0%
狭山ヶ丘駅 所沢市 さやまがおか
0%
佐良山駅 津山市 さらやま
0%
猿田駅 銚子市 さるだ
0%
沢田駅 石巻市 さわだ
0%
沢目駅 八峰町 さわめ
0%
三ケ根駅 幸田町 さんがね
0%
三軒茶屋駅 世田谷区 さんげんぢゃや
0%
三才駅 長野市 さんさい
0%
三十八社駅 福井市 さんじゅうはっしゃ
0%
三瀬駅 鶴岡市 さんぜ
0%
三田本町駅 三田市 さんだほんまち
0%
サンドーム西駅 鯖江市 さんどーむにし
0%
山王駅 名古屋市 さんのう
0%
三戸駅 南部町 さんのへ
0%
三宮・花時計前駅 神戸市 さんのみや・はなどけいまえ
0%
桟橋車庫前停留場 高知市 さんばししゃこまえ
0%
桟橋通一丁目停留場 高知市 さんばしどおりいっちょうめ
0%
三本松駅 東かがわ市 さんぼんまつ
0%
三本松口駅 米子市 さんぼんまつぐち
0%
三見駅 萩市 さんみ
0%
山陽明石駅 明石市 さんようあかし
0%
山陽網干駅 姫路市 さんようあぼし
0%
山陽魚住駅 明石市 さんよううおずみ
0%
山陽塩屋駅 神戸市 さんようしおや
0%
志比堺駅 永平寺町 しいざかい
0%
椎柴駅 銚子市 しいしば
0%
椎田駅 築上町 しいだ
0%
椎名町駅 豊島区 しいなまち
0%
JR淡路駅 大阪市 じぇいあーるあわじ
0%
JR俊徳道駅 東大阪市 じぇいあーるしゅんとくみち
0%
JR難波駅 大阪市 じぇいあーるなんば
0%
JR三山木駅 京田辺市 じぇいあーるみやまき
0%
JA広島病院前駅 廿日市市 じぇいえーひろしまびょういんまえ
0%
Jヴィレッジ駅 楢葉町 じぇいびれっじ
0%
塩入駅 まんのう町 しおいり
0%
汐入駅 横須賀市 しおいり
0%
塩釜口駅 名古屋市 しおがまぐち
0%
塩川駅 喜多方市 しおかわ
0%
塩沢駅 南魚沼市 しおざわ
0%
塩尻駅 塩尻市 しおじり
0%
四方津駅 上野原市 しおつ
0%
塩塚駅 柳川市 しおつか
0%
塩浜駅 四日市市 しおはま
0%
汐見橋駅 大阪市 しおみばし
0%
鹿討駅 中富良野町 しかうち
0%
鹿家駅 糸島市 しかか
0%
鹿部駅 鹿部町 しかべ
0%
志賀本通駅 名古屋市 しがほんどおり
0%
然別駅 仁木町 しかりべつ
0%
信貴山下駅 三郷町 しぎさんした
0%
志久駅 伊奈町 しく
0%
重岡駅 佐伯市 しげおか
0%
滋野駅 東御市 しげの
0%
重原駅 知立市 しげはら
0%
重安駅 美祢市 しげやす
0%
慈眼寺駅 鹿児島市 じげんじ
0%
四郷駅 豊田市 しごう
0%
宍喰駅 海陽町 ししくい
0%
宍戸駅 笠間市 ししど
0%
四十万駅 金沢市 しじま
0%
志染駅 三木市 しじみ
0%
四所駅 舞鶴市 ししょ
0%
四条大宮駅 京都市 しじょうおおみや
0%
四条畷駅 大東市 しじょうなわて
0%
市場前駅 江東区 しじょうまえ
0%
静岡駅 静岡市 しずおか
0%
雫石駅 雫石町 しずくいし
0%
静間駅 大田市 しずま
0%
資生館小学校前停留場 札幌市 しせいかんしょうがっこうまえ
0%
市大医学部駅 横浜市 しだいいがくぶ
0%
下ノ江駅 臼杵市 したのえ
0%
七道駅 堺市 しちどう
0%
七里ヶ浜駅 鎌倉市 しちりがはま
0%
志津駅 佐倉市 しづ
0%
七宝駅 あま市 しっぽう
0%
為栗駅 天龍村 してぐり
0%
志度駅 さぬき市 しど
0%
品井沼駅 松島町 しないぬま
0%
品川シーサイド駅 品川区 しながわしーさいど
0%
信濃荒井駅 松本市 しなのあらい
0%
信濃木崎駅 大町市 しなのきざき
0%
信濃国分寺駅 上田市 しなのこくぶんじ
0%
信濃境駅 富士見町 しなのさかい
0%
信濃森上駅 白馬村 しなのもりうえ
0%
信濃吉田駅 長野市 しなのよしだ
0%
篠路駅 札幌市 しのろ
0%
芝川駅 富士宮市 しばかわ
0%
柴橋駅 寒河江市 しばはし
0%
柴原阪大前駅 豊中市 しばはらはんだいまえ
0%
柴又駅 葛飾区 しばまた
0%
柴山駅 香美町 しばやま
0%
芝山千代田駅 芝山町 しばやまちよだ
0%
渋沢駅 秦野市 しぶさわ
0%
島田駅 島田市 しまだ
0%
島高松駅 松本市 しまたかまつ
0%
島越駅 田野畑村 しまのこし
0%
島原港駅 島原市 しまばらこう
0%
島原船津駅 島原市 しまばらふなつ
0%
島松駅 恵庭市 しままつ
0%
志摩横山駅 志摩市 しまよこやま
0%
冷水浦駅 海南市 しみずうら
0%
清水川駅 平内町 しみずがわ
0%
清水原駅 一関市 しみずはら
0%
市民病院前停留場 高岡市 しみんびょういんまえ
0%
下麻生駅 川辺町 しもあそう
0%
下板橋駅 豊島区 しもいたばし
0%
下市田駅 高森町 しもいちだ
0%
下総中山駅 船橋市 しもうさなかやま
0%
下総松崎駅 成田市 しもうさまんざき
0%
下奥井駅 富山市 しもおくい
0%
下落合駅 新宿区 しもおちあい
0%
下川沿駅 大館市 しもかわぞい
0%
下川辺駅 府中市 しもかわべ
0%
下祇園駅 広島市 しもぎおん
0%
下北駅 むつ市 しもきた
0%
下北沢駅 世田谷区 しもきたざわ
0%
下切駅 可児市 しもぎり
0%
下久野駅 雲南市 しもくの
0%
下府駅 浜田市 しもこう
0%
下古沢駅 九度山町 しもこさわ
0%
下小代駅 日光市 しもごしろ
0%
下狛駅 精華町 しもこま
0%
下新庄駅 大阪市 しもしんじょう
0%
下新田駅 桐生市 しもしんでん
0%
下菅谷駅 那珂市 しもすがや
0%
下田駅 おいらせ町 しもだ
0%
下高井戸駅 世田谷区 しもたかいど
0%
下滝駅 丹波市 しもたき
0%
下館二高前駅 筑西市 しもだてにこうまえ
0%
下野花岡駅 高根沢町 しもつけはなおか
0%
下妻駅 下妻市 しもつま
0%
下永谷駅 横浜市 しもながや
0%
下新駅 松本市 しもにい
0%
下仁田駅 下仁田町 しもにた
0%
下之郷駅 上田市 しものごう
0%
下野代駅 桑名市 しものしろ
0%
下関駅 下関市 しものせき
0%
下野宮駅 大子町 しものみや
0%
下兵庫駅 橋本市 しもひょうご
0%
下兵庫こうふく駅 坂井市 しもひょうごこうふく
0%
下深谷駅 桑名市 しもふかや
0%
下深川駅 広島市 しもふかわ
0%
下部温泉駅 身延町 しもべおんせん
0%
下丸子駅 大田区 しもまるこ
0%
下山駅 京丹波町 しもやま
0%
下山門駅 福岡市 しもやまと
0%
下油井駅 白川町 しもゆい
0%
下唯野駅 大野市 しもゆいの
0%
下吉田駅 富士吉田市 しもよしだ
0%
石神井公園駅 練馬区 しゃくじいこうえん
0%
市役所前駅 千葉市 しやくしょまえ
0%
尺土駅 葛城市 しゃくど
0%
社家駅 海老名市 しゃけ
0%
自由ヶ丘駅 名古屋市 じゆうがおか
0%
修学院駅 京都市 しゅうがくいん
0%
十字街停留場 函館市 じゅうじがい
0%
十三駅 大阪市 じゅうそう
0%
守内かさ神駅 岩国市 しゅうちかさがみ
0%
十二兼駅 南木曽町 じゅうにかね
0%
十二橋駅 香取市 じゅうにきょう
0%
宿院停留場 堺市 しゅくいん
0%
宿河原駅 川崎市 しゅくがわら
0%
縮景園前停留場 広島市 しゅっけいえんまえ
0%
上越国際スキー場前駅 南魚沼市 じょうえつこくさいすきーじょうまえ
0%
上越妙高駅 上越市 じょうえつみょうこう
0%
城ヶ崎海岸駅 伊東市 じょうがさきかいがん
0%
庄川口駅 射水市 しょうがわぐち
0%
城川原駅 富山市 じょうがわら
0%
上戸駅 猪苗代町 じょうこ
0%
定光寺駅 春日井市 じょうこうじ
0%
小路駅 大阪市 しょうじ
0%
正雀駅 摂津市 しょうじゃく
0%
上州七日市駅 富岡市 じょうしゅうなのかいち
0%
勝瑞駅 藍住町 しょうずい
0%
小天橋駅 京丹後市 しょうてんきょう
0%
城東駅 前橋市 じょうとう
0%
沼南駅 上尾市 しょうなん
0%
湘南海岸公園駅 藤沢市 しょうなんかいがんこうえん
0%
正丸駅 飯能市 しょうまる
0%
縄文小ヶ田駅 北秋田市 じょうもんおがた
0%
生山駅 日南町 しょうやま
0%
昭和島駅 大田区 しょうわじま
0%
昭和町駅 高松市 しょうわちょう
0%
昭和町通停留場 長崎市 しょうわまちどおり
0%
女子大駅 佐倉市 じょしだい
0%
庶路駅 白糠町 しょろ
0%
白老駅 白老町 しらおい
0%
白木原駅 大野城市 しらきばる
0%
白庭台駅 生駒市 しらにわだい
0%
白浜駅 白浜町 しらはま
0%
白浜の宮駅 姫路市 しらはまのみや
0%
白井駅 白井市 しろい
0%
白兎駅 長井市 しろうさぎ
0%
次郎丸駅 福岡市 じろうまる
0%
治良門橋駅 太田市 じろえんばし
0%
白金高輪駅 港区 しろかねたかなわ
0%
城北公園通駅 大阪市 しろきたこうえんどおり
0%
城下駅 上田市 しろした
0%
白鳥高原駅 郡上市 しろとりこうげん
0%
城西駅 浜松市 しろにし
0%
城見ヶ丘駅 大多喜町 しろみがおか
0%
紫波中央駅 紫波町 しわちゅうおう
0%
新相ノ木駅 上市町 しんあいのき
0%
新青森駅 青森市 しんあおもり
0%
新秋津駅 東村山市 しんあきつ
0%
新石切駅 東大阪市 しんいしきり
0%
新板橋駅 板橋区 しんいたばし
0%
新井口駅 広島市 しんいのくち
0%
新上挙母駅 豊田市 しんうわごろも
0%
新王寺駅 王寺町 しんおうじ
0%
新大久保駅 新宿区 しんおおくぼ
0%
新大村駅 大村市 しんおおむら
0%
新御徒町駅 台東区 しんおかちまち
0%
新大楽毛駅 釧路市 しんおたのしけ
0%
新改駅 香美市 しんがい
0%
新開地駅 神戸市 しんかいち
0%
新金谷駅 島田市 しんかなや
0%
新鹿沼駅 鹿沼市 しんかぬま
0%
新川駅 札幌市 しんかわ
0%
新川停留場 豊橋市 しんかわ
0%
洋光台駅 横浜市 しんかわさき
0%
新蒲原駅 静岡市 しんかんばら
0%
新木停留場 高知市 しんぎ
0%
新木場駅 江東区 しんきば
0%
鍼灸大学前駅 南丹市 しんきゅうだいがくまえ
0%
新清洲駅 清須市 しんきよす
0%
神宮前駅 名古屋市 じんぐうまえ
0%
新黒部駅 黒部市 しんくろべ
0%
新家駅 泉南市 しんげ
0%
新庚申塚停留場 豊島区 しんこうしんづか
0%
新神戸駅 神戸市 しんこうべ
0%
新琴似駅 札幌市 しんことに
0%
新在家駅 神戸市 しんざいけ
0%
心斎橋駅 大阪市 しんさいばし
0%
新栄町駅 大牟田市 しんさかえまち
0%
新札幌駅 札幌市 しんさっぽろ
0%
新狭山駅 狭山市 しんさやま
0%
新島々駅 松本市 しんしましま
0%
新清水駅 静岡市 しんしみず
0%
新下関駅 下関市 しんしものせき
0%
信州中野駅 中野市 しんしゅうなかの
0%
新宿駅 新宿区 しんじゅく
0%
新宿三丁目駅 新宿区 しんじゅくさんちょうめ
0%
新庄駅 新庄市 しんじょう
0%
新白岡駅 白岡市 しんしらおか
0%
新城駅 新城市 しんしろ
0%
新水前寺駅 熊本市 しんすいぜんじ
0%
新水前寺駅前停留場 熊本市 しんすいぜんじえきまえ
0%
新須屋駅 合志市 しんすや
0%
新瀬戸駅 瀬戸市 しんせと
0%
神代駅 仙北市 じんだい
0%
新代田駅 世田谷区 しんだいた
0%
新高島平駅 板橋区 しんたかしまだいら
0%
新田辺駅 京田辺市 しんたなべ
0%
新千歳空港駅 千歳市 しんちとせくうこう
0%
新綱島駅 横浜市 しんつなしま
0%
新鶴羽駅 多良木町 しんつるば
0%
神田(交通局前)停留場 鹿児島市 しんでん(こうつうきょくまえ)
0%
新田原駅 行橋市 しんでんばる
0%
新鳥栖駅 鳥栖市 しんとす
0%
新富町駅 中央区 しんとみちょう
0%
新富町停留場 富山市 しんとみちょう
0%
新豊田駅 豊田市 しんとよた
0%
新豊橋駅 豊橋市 しんとよはし
0%
新取手駅 取手市 しんとりで
0%
新中川町停留場 長崎市 しんなかがわまち
0%
新長田駅 神戸市 しんながた
0%
新南陽駅 周南市 しんなんよう
0%
新西脇駅 西脇市 しんにしわき
0%
新日鉄前駅 東海市 しんにってつまえ
0%
新入駅 直方市 しんにゅう
0%
新能町停留場 高岡市 しんのうまち
0%
陣原駅 北九州市 じんのはる
0%
陣場駅 大館市 じんば
0%
新白島駅 広島市 しんはくしま
0%
新橋駅 港区 しんばし
0%
新浜松駅 浜松市 しんはままつ
0%
新原駅 須恵町 しんばる
0%
新深江駅 大阪市 しんふかえ
0%
新藤原駅 日光市 しんふじわら
0%
新祝園駅 精華町 しんほうその
0%
新鉾田駅 鉾田市 しんほこた
0%
神保原駅 上里町 じんぼはら
0%
新前橋駅 前橋市 しんまえばし
0%
新町駅 高崎市 しんまち
0%
新町停留場 熊本市 しんまち
0%
神町駅 東根市 じんまち
0%
新松戸駅 松戸市 しんまつど
0%
新三河島駅 荒川区 しんみかわしま
0%
新宮川駅 上市町 しんみやかわ
0%
神武寺駅 逗子市 じんむじ
0%
神明駅 鯖江市 しんめい
0%
神明町停留場 堺市 しんめいちょう
0%
新茂原駅 茂原市 しんもばら
0%
新守山駅 名古屋市 しんもりやま
0%
新八代駅 八代市 しんやつしろ
0%
吉川美南駅 吉川市 しんやはしら
0%
新八日市駅 東近江市 しんようかいち
0%
新横浜駅 横浜市 しんよこはま
0%
新吉久停留場 高岡市 しんよしひさ
0%
森林公園駅 札幌市 しんりんこうえん
0%
水前寺公園停留場 熊本市 すいぜんじこうえん
0%
水天宮前駅 中央区 すいてんぐうまえ
0%
水道町停留場 熊本市 すいどうちょう
0%
陶駅 綾川町 すえ
0%
須恵中央駅 須恵町 すえちゅうおう
0%
末続駅 いわき市 すえつぎ
0%
末野原駅 豊田市 すえのはら
0%
末広駅 鹿角市 すえひろ
0%
周防佐山駅 山口市 すおうさやま
0%
周防下郷駅 山口市 すおうしもごう
0%
須賀駅 羽島市 すか
0%
菅尾駅 豊後大野市 すがお
0%
須賀川駅 須賀川市 すかがわ
0%
須ヶ口駅 清須市 すかぐち
0%
菅野駅 市川市 すがの
0%
杉戸高野台駅 杉戸町 すぎとたかのだい
0%
杉塘停留場 熊本市 すぎども
0%
杉並町停留場 函館市 すぎなみちょう
0%
杉本町駅 大阪市 すぎもとちょう
0%
洲先駅 西宮市 すざき
0%
逗子駅 逗子市 ずし
0%
逗子・葉山駅 逗子市 ずし・はやま
0%
鈴鹿サーキット稲生駅 鈴鹿市 すずかさーきっといのう
0%
雀田駅 山陽小野田市 すずめだ
0%
雀宮駅 宇都宮市 すずめのみや
0%
鈴蘭台西口駅 神戸市 すずらんだいにしぐち
0%
周船寺駅 福岡市 すせんじ
0%
隅田駅 橋本市 すだ
0%
銭座町停留場 長崎市 すたじあむしてぃのーす
0%
砂川駅 砂川市 すながわ
0%
砂川七番駅 立川市 すながわななばん
0%
須波駅 三原市 すなみ
0%
須原駅 大桑村 すはら
0%
周布駅 浜田市 すふ
0%
スペースワールド駅 北九州市 すぺーすわーるど
0%
須磨駅 神戸市 すま
0%
澄川駅 札幌市 すみかわ
0%
住吉停留場 大阪市 すみよし
0%
住吉町駅 半田市 すみよしちょう
0%
住吉通停留場 南国市 すみよしどおり
0%
住吉東駅 大阪市 すみよしひがし
0%
摺沢駅 一関市 すりさわ
0%
諏訪神社停留場 長崎市 すわじんじゃ
0%
諏訪町駅 豊川市 すわちょう
0%
聖愛中高前駅 弘前市 せいあいちゅうこうまえ
0%
静修学園前停留場 札幌市 せいしゅうがくえんまえ
0%
西神中央駅 神戸市 せいしんちゅうおう
0%
西武園駅 東村山市 せいぶえん
0%
西武球場前駅 所沢市 せいぶきゅうじょうまえ
0%
西武新宿駅 新宿区 せいぶしんじゅく
0%
西武柳沢駅 西東京市 せいぶやぎさわ
0%
聖マリア病院前駅 久留米市 せいまりあびょういんまえ
0%
清明駅 福井市 せいめい
0%
清流新岩国駅 岩国市 せいりゅうしんいわくに
0%
清和学園前停留場 高知市 せいわがくえんまえ
0%
関駅 亀山市 せき
0%
関口駅 関市 せきぐち
0%
関下有知駅 関市 せきしもうち
0%
赤十字前駅 福井市 せきじゅうじまえ
0%
関根駅 米沢市 せきね
0%
関目成育駅 大阪市 せきめせいいく
0%
関目高殿駅 大阪市 せきめたかどの
0%
関山駅 妙高市 せきやま
0%
膳所駅 大津市 ぜぜ
0%
膳所本町駅 大津市 ぜぜほんまち
0%
瀬田駅 大津市 せた
0%
瀬高駅 みやま市 せたか
0%
清児駅 貝塚市 せちご
0%
摂津駅 摂津市 せっつ
0%
摂津本山駅 神戸市 せっつもとやま
0%
瀬戸石駅 八代市 せといし
0%
瀬戸市役所前駅 瀬戸市 せとしやくしょまえ
0%
銭函駅 小樽市 ぜにばこ
0%
妹尾駅 岡山市 せのお
0%
洗馬駅 塩尻市 せば
0%
瀬辺地駅 蓬田村 せへじ
0%
勢野北口駅 三郷町 せやきたぐち
0%
世良田駅 太田市 せらだ
0%
仙川駅 調布市 せんがわ
0%
善行駅 藤沢市 ぜんぎょう
0%
前後駅 豊明市 ぜんご
0%
前栽駅 天理市 せんざい
0%
仙崎駅 長門市 せんざき
0%
千住大橋駅 足立区 せんじゅおおはし
0%
千丈駅 八幡浜市 せんじょう
0%
洗足駅 目黒区 せんぞく
0%
洗足池駅 大田区 せんぞくいけ
0%
千旦駅 和歌山市 せんだ
0%
千駄木駅 文京区 せんだぎ
0%
千林駅 大阪市 せんばやし
0%
千本駅 たつの市 せんぼん
0%
千厩駅 一関市 せんまや
0%
千里丘駅 摂津市 せんりおか
0%
潜竜ヶ滝駅 佐世保市 せんりゅうがたき
0%
早雲の里荏原駅 井原市 そううんのさとえばら
0%
草加駅 草加市 そうか
0%
総合リハビリセンター駅 名古屋市 そうごうりはびりせんたー
0%
宗吾参道駅 酒々井町 そうごさんどう
0%
雑司が谷駅 豊島区 ぞうしがや
0%
崇城大学前駅 熊本市 そうじょうだいがくまえ
0%
崇禅寺駅 大阪市 そうぜんじ
0%
宗太郎駅 佐伯市 そうたろう
0%
宗道駅 下妻市 そうどう
0%
崇福寺停留場 長崎市 そうふくじ
0%
沢入駅 みどり市 そうり
0%
祖師ヶ谷大蔵駅 世田谷区 そしがやおおくら
0%
曽根田駅 福島市 そねだ
0%
園部駅 南丹市 そのべ
0%
曽波神駅 石巻市 そばのかみ
0%
楚原駅 いなべ市 そはら
0%
大安駅 いなべ市 だいあん
0%
大雲寺前停留場 岡山市 だいうんじまえ
0%
大学駅 佐世保市 だいがく
0%
大学前駅 上田市 だいがくまえ
0%
代官山駅 渋谷区 だいかんやま
0%
大山寺駅 岩倉市 たいさんじ
0%
太地駅 太地町 たいじ
0%
大釈迦駅 青森市 だいしゃか
0%
大聖寺駅 加賀市 だいしょうじ
0%
大神宮下駅 船橋市 だいじんぐうした
0%
大成駅 芽室町 たいせい
0%
大川寺駅 富山市 だいせんじ
0%
代田橋駅 世田谷区 だいたばし
0%
泰澄の里駅 福井市 たいちょうのさと
0%
大同町駅 名古屋市 だいどうちょう
0%
台原駅 仙台市 だいのはら
0%
大場駅 三島市 だいば
0%
当麻寺駅 葛城市 たいまでら
0%
大物駅 尼崎市 だいもつ
0%
大門駅 福山市 だいもん
0%
大谷向駅 日光市 だいやむこう
0%
多比良駅 雲仙市 たいら
0%
平館駅 八幡平市 たいらだて
0%
田尾寺駅 神戸市 たおじ
0%
高石駅 高石市 たかいし
0%
高井戸駅 杉並区 たかいど
0%
高岩駅 佐久穂町 たかいわ
0%
高尾駅 八王子市 たかお
0%
高岳駅 名古屋市 たかおか
0%
高尾山口駅 八王子市 たかおさんぐち
0%
鷹狩駅 鳥取市 たかがり
0%
高儀駅 南砺市 たかぎ
0%
高城町駅 松島町 たかぎまち
0%
高久駅 那須町 たかく
0%
高崎駅 高崎市 たかさき
0%
高崎商科大学前駅 高崎市 たかさきしょうかだいがくまえ
0%
高崎新田駅 都城市 たかさきしんでん
0%
高砂駅 江別市 たかさご
0%
高砂町停留場 松山市 たかさごちょう
0%
高師浜駅 高石市 たかしのはま
0%
高島町駅 横浜市 たかしまちょう
0%
高城駅 大分市 たかじょう
0%
高須駅 広島市 たかす
0%
高須神社停留場 堺市 たかすじんしゃ
0%
高瀬駅 山形市 たかせ
0%
多賀大社前駅 多賀町 たがたいしゃまえ
0%
高田の鉄橋駅 ひたちなか市 たかだのてっきょう
0%
高田橋駅 岐阜市 たかだばし
0%
高擶駅 天童市 たかたま
0%
高遠原駅 飯島町 たかとおばら
0%
高根木戸駅 船橋市 たかねきど
0%
高根公団駅 船橋市 たかねこうだん
0%
鷹ノ子駅 松山市 たかのこ
0%
鷹ノ巣駅 北秋田市 たかのす
0%
鷹の台駅 小平市 たかのだい
0%
鷹野橋停留場 広島市 たかのばし
0%
高橋駅 武雄市 たかはし
0%
高畠駅 高畠町 たかはた
0%
高畑駅 名古屋市 たかばた
0%
高光駅 宇和島市 たかみつ
0%
高宮駅 福岡市 たかみや
0%
高山駅 高山市 たかやま
0%
宝ケ池駅 京都市 たからがいけ
0%
宝町駅 中央区 たからちょう
0%
宝町停留場 長崎市 たからまち
0%
田川後藤寺駅 田川市 たがわごとうじ
0%
田川市立病院駅 田川市 たがわしりつびょういん
0%
多気駅 多気町 たき
0%
滝井駅 守口市 たきい
0%
滝尾駅 大分市 たきお
0%
滝沢駅 滝沢市 たきざわ
0%
滝宮駅 綾川町 たきのみや
0%
滝不動駅 船橋市 たきふどう
0%
田京駅 伊豆の国市 たきょう
0%
多久駅 多久市 たく
0%
詫間駅 三豊市 たくま
0%
竹岡駅 富津市 たけおか
0%
竹芝駅 港区 たけしば
0%
竹田駅 朝来市 たけだ
0%
武之橋停留場 鹿児島市 たけのはし
0%
武生駅 越前市 たけふ
0%
建部駅 岡山市 たけべ
0%
太宰府駅 太宰府市 だざいふ
0%
丹治部駅 新見市 たじべ
0%
田島高校前駅 南会津町 たじまこうこうまえ
0%
田尻駅 大崎市 たじり
0%
田代駅 鳥栖市 たしろ
0%
多田駅 佐野市 ただ
0%
田立駅 南木曽町 ただち
0%
忠海駅 竹原市 ただのうみ
0%
多々良駅 館林市 たたら
0%
多田羅駅 市貝町 たたら
0%
立会川駅 品川区 たちあいがわ
0%
太刀洗駅 筑前町 たちあらい
0%
立川駅 立川市 たちかわ
0%
館田駅 平川市 たちた
0%
立江駅 小松島市 たつえ
0%
巽ヶ丘駅 知多市 たつみがおか
0%
立道駅 鳴門市 たつみち
0%
立ケ花駅 長野市 たてがはな
0%
立野駅 南阿蘇村 たての
0%
館林駅 館林市 たてばやし
0%
竪堀駅 富士市 たてぼり
0%
楯山駅 山形市 たてやま
0%
館山駅 館山市 たてやま
0%
立山駅 立山町 たてやま
0%
多度駅 桑名市 たど
0%
棚方駅 佐世保市 たながた
0%
田無駅 西東京市 たなし
0%
田並駅 串本町 たなみ
0%
谷頭駅 都城市 たにがしら
0%
谷汲口駅 揖斐川町 たにぐみぐち
0%
谷浜駅 上越市 たにはま
0%
谷町六丁目駅 大阪市 たにまちろくちょうめ
0%
谷山駅 鹿児島市 たにやま
0%
谷山停留場 鹿児島市 たにやま
0%
段山町停留場 熊本市 だにやままち
0%
田主丸駅 久留米市 たぬしまる
0%
田野口駅 川根本町 たのくち
0%
田窪駅 東温市 たのくぼ
0%
田野畑駅 田野畑村 たのはた
0%
田原坂駅 熊本市 たばるざか
0%
旅伏駅 出雲市 たぶし
0%
田辺島通停留場 高知市 たべしまどおり
0%
玉垣駅 鈴鹿市 たまがき
0%
玉柏駅 岡山市 たまがし
0%
玉川駅 洋野町 たまがわ
0%
多摩川駅 大田区 たまがわ
0%
多摩湖駅 東村山市 たまこ
0%
多摩センター駅 多摩市 たませんたー
0%
田町駅 港区 たまち
0%
田町停留場 岡山市 たまち
0%
玉造駅 大阪市 たまつくり
0%
玉造温泉駅 松江市 たまつくりおんせん
0%
玉出駅 大阪市 たまで
0%
玉戸駅 筑西市 たまど
0%
玉名駅 玉名市 たまな
0%
玉水駅 井手町 たまみず
0%
玉来駅 竹田市 たまらい
0%
田丸駅 玉城町 たまる
0%
多磨霊園駅 府中市 たまれいえん
0%
多屋駅 常滑市 たや
0%
田吉駅 宮崎市 たよし
0%
多寄駅 士別市 たよろ
0%
田老駅 宮古市 たろう
0%
太郎丸エンゼルランド駅 坂井市 たろうまるえんぜるらんど
0%
俵田駅 君津市 たわらだ
0%
田原町駅 台東区 たわらまち
0%
旦過駅 北九州市 たんが
0%
丹後由良駅 宮津市 たんごゆら
0%
丹荘駅 神川町 たんしょう
0%
端野駅 北見市 たんの
0%
淡輪駅 岬町 たんのわ
0%
丹波大山駅 丹波篠山市 たんばおおやま
0%
丹波橋駅 京都市 たんばばし
0%
段原一丁目停留場 広島市 だんばらいっちょうめ
0%
丹比駅 八頭町 たんぴ
0%
田んぼアート駅 田舎館村 たんぼあーと
0%
智恵文駅 名寄市 ちえぶん
0%
近川駅 むつ市 ちかがわ
0%
千垣駅 立山町 ちがき
0%
近津駅 棚倉町 ちかつ
0%
地下鉄赤塚駅 練馬区 ちかてつあかつか
0%
近文駅 旭川市 ちかぶみ
0%
筑後大石駅 うきは市 ちくごおおいし
0%
千種駅 名古屋市 ちくさ
0%
筑紫駅 筑紫野市 ちくし
0%
地区センター駅 佐倉市 ちくせんたー
0%
筑前垣生駅 中間市 ちくぜんはぶ
0%
筑前山手駅 篠栗町 ちくぜんやまて
0%
千国駅 小谷村 ちくに
0%
筑豊香月駅 北九州市 ちくほうかつき
0%
千曲駅 千曲市 ちくま
0%
千倉駅 南房総市 ちくら
0%
稚子塚駅 立山町 ちごづか
0%
千城台駅 千葉市 ちしろだい
0%
千城台北駅 千葉市 ちしろだいきた
0%
智頭駅 智頭町 ちず
0%
知多奥田駅 美浜町 ちたおくだ
0%
知多武豊駅 武豊町 ちたたけとよ
0%
知多半田駅 半田市 ちたはんだ
0%
秩父別駅 秩父別町 ちっぷべつ
0%
千歳駅 千歳市 ちとせ
0%
千歳船橋駅 世田谷区 ちとせふなばし
0%
知波田駅 湖西市 ちばた
0%
千葉中央駅 千葉市 ちばちゅうおう
0%
千葉寺駅 千葉市 ちばでら
0%
千早口駅 河内長野市 ちはやぐち
0%
千曳駅 東北町 ちびき
0%
智北駅 名寄市 ちほく
0%
茶志内駅 美唄市 ちゃしない
0%
茶所駅 岐阜市 ちゃじょ
0%
茶内駅 浜中町 ちゃない
0%
茶屋ヶ坂駅 名古屋市 ちゃやがさか
0%
茶山・京都芸術大学駅 京都市 ちゃやま・きょうとげいじゅつだいがく
0%
茶屋町駅 倉敷市 ちゃやまち
0%
中央図書館前停留場 札幌市 ちゅうおうとしょかんまえ
0%
中央前橋駅 前橋市 ちゅうおうまえばし
0%
中京競馬場前駅 名古屋市 ちゅうきょうけいばじょうまえ
0%
中郡駅 川西町 ちゅうぐん
0%
中電前停留場 広島市 ちゅうでんまえ
0%
中納言停留場 岡山市 ちゅうなごん
0%
中部国際空港駅 常滑市 ちゅうぶこくさいくうこう
0%
千代駅 飯田市 ちよ
0%
長後駅 藤沢市 ちょうご
0%
彫刻の森駅 箱根町 ちょうこくのもり
0%
帖佐駅 姶良市 ちょうさ
0%
長府駅 下関市 ちょうふ
0%
調布駅 調布市 ちょうふ
0%
長門峡駅 山口市 ちょうもんきょう
0%
長陽駅 南阿蘇村 ちょうよう
0%
長楽寺駅 広島市 ちょうらくじ
0%
千代田駅 河内長野市 ちよだ
0%
知寄町停留場 高知市 ちよりちょう
0%
知和駅 津山市 ちわ
0%
千綿駅 東彼杵町 ちわた
0%
築城駅 築上町 ついき
0%
塚口駅 尼崎市 つかぐち
0%
塚山駅 長岡市 つかやま
0%
津軽石駅 宮古市 つがるいし
0%
津軽尾上駅 平川市 つがるおのえ
0%
津軽五所川原駅 五所川原市 つがるごしょがわら
0%
津軽中里駅 中泊町 つがるなかさと
0%
津軽浜名駅 今別町 つがるはまな
0%
津軽二股駅 今別町 つがるふたまた
0%
月ケ瀬口駅 南山城村 つきがせぐち
0%
築地駅 中央区 つきじ
0%
築地口駅 名古屋市 つきじぐち
0%
調川駅 松浦市 つきのかわ
0%
槻木駅 柴田町 つきのき
0%
つきのわ駅 滑川町 つきのわ
0%
つきみ野駅 大和市 つきみの
0%
月見山駅 神戸市 つきみやま
0%
津久田駅 渋川市 つくだ
0%
つくば駅 つくば市 つくば
0%
津久見駅 津久見市 つくみ
0%
津古駅 小郡市 つこ
0%
辻駅 三好市 つじ
0%
津島ノ宮駅 三豊市 つしまのみや
0%
都住駅 小布施町 つすみ
0%
土浦駅 土浦市 つちうら
0%
土樽駅 湯沢町 つちたる
0%
土橋駅 豊田市 つちはし
0%
通津駅 岩国市 つづ
0%
都筑駅 浜松市 つづき
0%
都筑ふれあいの丘駅 横浜市 つづきふれあいのおか
0%
榴ケ岡駅 仙台市 つつじがおか
0%
鼓ヶ浦駅 鈴鹿市 つづみがうら
0%
鼓滝駅 川西市 つづみがたき
0%
常山駅 玉野市 つねやま
0%
角川駅 飛騨市 つのがわ
0%
都野津駅 江津市 つのづ
0%
坪井川公園駅 熊本市 つぼいがわこうえん
0%
壺阪山駅 高取町 つぼさかやま
0%
鶴居駅 市川町 つるい
0%
鶴岡駅 鶴岡市 つるおか
0%
鶴形駅 能代市 つるがた
0%
鶴泊駅 鶴田町 つるどまり
0%
鶴橋駅 大阪市 つるはし
0%
鶴見駅 横浜市 つるみ
0%
津和野駅 津和野町 つわの
0%
出来島駅 大阪市 できじま
0%
天塩川温泉駅 音威子府村 てしおがわおんせん
0%
出島停留場 長崎市 でじま
0%
帝塚山三丁目停留場 大阪市 てづかやまさんちょうめ
0%
帝塚山四丁目停留場 大阪市 てづかやまよんちょうめ
0%
鉄砲町停留場 松山市 てっぽうちょう
0%
出戸駅 大阪市 でと
0%
出戸浜駅 潟上市 でとはま
0%
手原駅 栗東市 てはら
0%
出町柳駅 京都市 でまちやなぎ
0%
寺尾駅 新潟市 てらお
0%
寺下駅 上田市 てらした
0%
寺田駅 城陽市 てらだ
0%
寺田町駅 大阪市 てらだちょう
0%
寺地町停留場 堺市 てらぢちょう
0%
寺泊駅 長岡市 てらどまり
0%
寺原駅 取手市 てらはら
0%
光岡駅 日田市 てるおか
0%
天下茶屋駅 大阪市 てんがちゃや
0%
天神川駅 広島市 てんじんがわ
0%
天神ノ森停留場 大阪市 てんじんのもり
0%
天神山駅 由布市 てんじんやま
0%
天台駅 千葉市 てんだい
0%
電鉄石田駅 黒部市 でんてついしだ
0%
電鉄魚津駅 魚津市 でんてつうおづ
0%
デンテツターミナルビル前停留場 高知市 でんてつたーみなるびるまえ
0%
電鉄富山駅・エスタ前停留場 富山市 でんてつとやま・えすたまえ
0%
天道駅 飯塚市 てんとう
0%
天童駅 天童市 てんどう
0%
天童南駅 天童市 てんどうみなみ
0%
天王寺駅 大阪市 てんのうじ
0%
天王洲アイル駅 品川区 てんのうずあいる
0%
天王町駅 横浜市 てんのうちょう
0%
天拝山駅 筑紫野市 てんぱいざん
0%
天満町停留場 広島市 てんまちょう
0%
天文館通停留場 鹿児島市 てんもんかんどおり
0%
土居田駅 松山市 どいだ
0%
戸出駅 高岡市 といで
0%
東員駅 東員町 とういん
0%
東栄駅 東栄町 とうえい
0%
十日市町停留場 広島市 とうかいちまち
0%
東京駅 千代田区 とうきょう
0%
とうきょうスカイツリー駅 墨田区 とうきょうすかいつりー
0%
東京ビッグサイト駅 江東区 とうきょうびっぐさいと
0%
東郷駅 宗像市 とうごう
0%
道後温泉停留場 松山市 どうごおんせん
0%
道後山駅 庄原市 どうごやま
0%
東寺駅 京都市 とうじ
0%
同志社前駅 京田辺市 どうししゃまえ
0%
道場南口駅 神戸市 どうじょうみなみぐち
0%
塔寺駅 会津坂下町 とうでら
0%
道徳駅 名古屋市 どうとく
0%
東名駅 東松島市 とうな
0%
塔ノ沢駅 箱根町 とうのさわ
0%
唐浜駅 安田町 とうのはま
0%
唐の原駅 福岡市 とうのはる
0%
東武宇都宮駅 宇都宮市 とうぶうつのみや
0%
東武金崎駅 栃木市 とうぶかなさき
0%
東福寺駅 京都市 とうふくじ
0%
動物園前駅 大阪市 どうぶつえんまえ
0%
動物公園駅 千葉市 どうぶつこうえん
0%
東武練馬駅 板橋区 とうぶねりま
0%
東北福祉大前駅 仙台市 とうほくふくしだいまえ
0%
東葉勝田台駅 八千代市 とうようかつただい
0%
塘路駅 標茶町 とうろ
0%
十川駅 四万十町 とおかわ
0%
十島駅 南部町 とおしま
0%
遠江一宮駅 森町 とおとうみいちのみや
0%
十弗駅 豊頃町 とおふつ
0%
通谷駅 中間市 とおりたに
0%
通町筋停留場 熊本市 とおりちょうすじ
0%
栂・美木多駅 堺市 とが・みきた
0%
土岐市駅 土岐市 ときし
0%
外城田駅 多気町 ときだ
0%
時又駅 飯田市 ときまた
0%
常盤駅 宇部市 ときわ
0%
ときわ台駅 板橋区 ときわだい
0%
徳佐駅 山口市 とくさ
0%
徳重・名古屋芸大駅 北名古屋市 とくしげ・なごやげいだい
0%
徳島駅 徳島市 とくしま
0%
徳宿駅 鉾田市 とくしゅく
0%
徳力嵐山口駅 北九州市 とくりきあらしやまぐち
0%
徳和駅 松阪市 とくわ
0%
土気駅 千葉市 とけ
0%
戸越駅 品川区 とごし
0%
戸越銀座駅 品川区 とごしぎんざ
0%
戸越公園駅 品川区 とごしこうえん
0%
常滑駅 常滑市 とこなめ
0%
土佐穴内駅 大豊町 とさあなない
0%
土佐岩原駅 大豊町 とさいわはら
0%
土佐北川駅 大豊町 とさきたがわ
0%
土佐佐賀駅 黒潮町 とささが
0%
土佐昭和駅 四万十町 とさしょうわ
0%
土佐大正駅 四万十町 とさたいしょう
0%
土佐山田駅 香美市 とさやまだ
0%
唐湊停留場 鹿児島市 とそ
0%
土底浜駅 上越市 どそこはま
0%
戸田小浜駅 益田市 とだこはま
0%
戸塚駅 横浜市 とつか
0%
鳥取ノ荘駅 阪南市 とっとりのしょう
0%
戸手駅 福山市 とで
0%
土々呂駅 延岡市 ととろ
0%
砺波駅 砺波市 となみ
0%
舎人駅 足立区 とねり
0%
舎人公園駅 足立区 とねりこうえん
0%
富海駅 防府市 とのみ
0%
騰波ノ江駅 下妻市 とばのえ
0%
都府楼南駅 太宰府市 とふろうみなみ
0%
戸部駅 横浜市 とべ
0%
苫小牧駅 苫小牧市 とまこまい
0%
苫米地駅 南部町 とまべち
0%
トマム駅 占冠村 とまむ
0%
泊駅 湯梨浜町 とまり
0%
富合駅 熊本市 とみあい
0%
富岡駅 富岡町 とみおか
0%
富水駅 小田原市 とみず
0%
富田浜駅 四日市市 とみだはま
0%
富野駅 伊達市 とみの
0%
富吉駅 蟹江町 とみよし
0%
轟駅 永平寺町 どめき
0%
伴中央駅 広島市 ともちゅうおう
0%
友部駅 笠間市 ともべ
0%
富山駅停留場 富山市 とやまえき
0%
豊岡駅 磐田市 とよおか
0%
豊川駅 豊川市 とよかわ
0%
豊栄駅 新潟市 とよさか
0%
豊郷駅 豊郷町 とよさと
0%
トヨタモビリティ富山 Gスクエア五福前(五福末広町)停留場 富山市 とよたもびりてぃとやま じーすくえあごふくまえ(ごふくすえひろちょう)
0%
豊富駅 豊富町 とよとみ
0%
豊野駅 長野市 とよの
0%
豊浜駅 観音寺市 とよはま
0%
豊平公園駅 札幌市 とよひらこうえん
0%
豊幌駅 江別市 とよほろ
0%
豊実駅 阿賀町 とよみ
0%
虎ノ門駅 港区 とらのもん
0%
鳥居本駅 彦根市 とりいもと
0%
鳥ノ木駅 伊予市 とりのき
0%
トレードセンター前駅 大阪市 とれーどせんたーまえ
0%
トロッコ亀岡駅 亀岡市 とろっこかめおか
0%
トロッコ保津峡駅 京都市 とろっこほづきょう
0%
戸綿駅 森町 とわた
0%
十和田南駅 鹿角市 とわだみなみ
0%
奈井江駅 奈井江町 ないえ
0%
撫牛子駅 弘前市 ないじょうし
0%
直見駅 佐伯市 なおみ
0%
中荒井駅 南会津町 なかあらい
0%
長居駅 大阪市 ながい
0%
長井駅 長井市 ながい
0%
中井侍駅 天龍村 なかいさむらい
0%
中泉駅 直方市 なかいずみ
0%
中飯降駅 かつらぎ町 なかいぶり
0%
長尾駅 枚方市 ながお
0%
仲御徒町駅 台東区 なかおかちまち
0%
長岡天神駅 長岡京市 ながおかてんじん
0%
中萱駅 安曇野市 なかがや
0%
中川辺駅 川辺町 なかかわべ
0%
長久手古戦場駅 長久手市 ながくてこせんじょう
0%
中込駅 佐久市 なかごみ
0%
中菰野駅 菰野町 なかこもの
0%
長崎停留場 高知市 ながさき
0%
長崎大学停留場 長崎市 ながさきだいがく
0%
中崎町駅 大阪市 なかざきちょう
0%
中里駅 佐世保市 なかざと
0%
長里駅 諫早市 ながさと
0%
中沢駅 青森市 なかさわ
0%
長沢駅 舟形町 ながさわ
0%
中塩田駅 上田市 なかしおだ
0%
中島駅 広島市 なかしま
0%
長島駅 桑名市 ながしま
0%
中島公園駅 札幌市 なかじまこうえん
0%
中島公園通停留場 札幌市 なかじまこうえんどおり
0%
長島ダム駅 川根本町 ながしまだむ
0%
中斜里駅 斜里町 なかしゃり
0%
中菅谷駅 那珂市 なかすがや
0%
中洲川端駅 福岡市 なかすかわばた
0%
中筋駅 広島市 なかすじ
0%
中田駅 つがる市 なかた
0%
永田駅 大網白里市 ながた
0%
長田駅 東大阪市 ながた
0%
永田町駅 千代田区 ながたちょう
0%
長谷野駅 東近江市 ながたにの
0%
中津川駅 中津川市 なかつがわ
0%
長門大井駅 萩市 ながとおおい
0%
長門市駅 長門市 ながとし
0%
長門古市駅 長門市 ながとふるいち
0%
長門湯本駅 長門市 ながとゆもと
0%
中豊駅 棚倉町 なかとよ
0%
長瀞駅 長瀞町 ながとろ
0%
中滑川駅 滑川市 なかなめりかわ
0%
長苗代駅 八戸市 ながなわしろ
0%
長沼駅 八王子市 ながぬま
0%
中野栄駅 仙台市 なかのさかえ
0%
中之島駅 大阪市 なかのしま
0%
中ノ庄駅 大津市 なかのしょう
0%
中延駅 品川区 なかのぶ
0%
長原駅 大田区 ながはら
0%
中原駅 みやき町 なかばる
0%
中深川駅 広島市 なかふかわ
0%
中ふ頭駅 大阪市 なかふとう
0%
中富良野駅 中富良野町 なかふらの
0%
長堀橋駅 大阪市 ながほりばし
0%
中間駅 中間市 なかま
0%
長町駅 仙台市 ながまち
0%
中町(西町北)停留場 富山市 なかまち(にしちょうきた)
0%
長町一丁目駅 仙台市 ながまちいっちょうめ
0%
中名駅 鹿児島市 なかみょう
0%
中村駅 四万十市 なかむら
0%
長森駅 岐阜市 ながもり
0%
長屋駅 黒部市 ながや
0%
永山駅 旭川市 ながやま
0%
中山観音駅 宝塚市 なかやまかんのん
0%
長柄駅 天理市 ながら
0%
流山セントラルパーク駅 流山市 ながれやませんとらるぱーく
0%
椥辻駅 京都市 なぎつじ
0%
名草駅 山口市 なぐさ
0%
南桑駅 岩国市 なぐわ
0%
長太ノ浦駅 鈴鹿市 なごのうら
0%
那古船形駅 館山市 なこふなかた
0%
名古屋駅 名古屋市 なごや
0%
名古屋城駅 名古屋市 なごやじょう
0%
名古屋大学駅 名古屋市 なごやだいがく
0%
夏井駅 小野町 なつい
0%
名手駅 紀の川市 なて
0%
七尾駅 七尾市 ななお
0%
七隈駅 福岡市 ななくま
0%
七ヶ岳登山口駅 南会津町 ななつがたけとざんぐち
0%
那覇空港駅 那覇市 なはくうこう
0%
菜畑駅 生駒市 なばた
0%
奈半利駅 奈半利町 なはり
0%
名張駅 名張市 なばり
0%
鍋原駅 本巣市 なべら
0%
鯰田駅 飯塚市 なまずた
0%
浪板海岸駅 大槌町 なみいたかいがん
0%
浪岡駅 青森市 なみおか
0%
並河駅 亀岡市 なみかわ
0%
並木北駅 横浜市 なみききた
0%
滑河駅 成田市 なめがわ
0%
行川アイランド駅 勝浦市 なめがわあいらんど
0%
滑川駅 滑川市 なめりかわ
0%
名寄高校駅 名寄市 なよろこうこう
0%
成田駅 成田市 なりた
0%
鳴尾・武庫川女子大前駅 西宮市 なるお・むこがわじょしだいまえ
0%
鳴子温泉駅 大崎市 なるこおんせん
0%
鳴子北駅 名古屋市 なるこきた
0%
鳴子御殿湯駅 大崎市 なるこごてんゆ
0%
鳴谷停留場 いの町 なるたに
0%
成東駅 山武市 なるとう
0%
南郷駅 日南市 なんごう
0%
南郷13丁目駅 札幌市 なんごうじゅうさんちょうめ
0%
南蛇井駅 富岡市 なんじゃい
0%
南条駅 南越前町 なんじょう
0%
南陽市役所駅 南陽市 なんようしやくしょ
0%
新居駅 伊賀市 にい
0%
新崎駅 新潟市 にいざき
0%
新郷駅 新見市 にいざと
0%
新津駅 新潟市 にいつ
0%
新野駅 神河町 にいの
0%
仁方駅 呉市 にがた
0%
二月田駅 指宿市 にがつでん
0%
仁賀保駅 にかほ市 にかほ
0%
仁川駅 西宮市 にがわ
0%
二木島駅 熊野市 にぎしま
0%
二軒茶屋駅 京都市 にけんちゃや
0%
二軒茶屋停留場 鹿児島市 にけんぢゃや
0%
新里駅 弘前市 にさと
0%
西相生駅 相生市 にしあいおい
0%
西海鹿島駅 銚子市 にしあしかじま
0%
西阿知駅 倉敷市 にしあち
0%
西粟倉駅 西粟倉村 にしあわくら
0%
西諫早駅 諫早市 にしいさはや
0%
西出雲駅 出雲市 にしいずも
0%
西魚津駅 魚津市 にしうおづ
0%
西浦上駅 長崎市 にしうらかみ
0%
西江井ヶ島駅 明石市 にしえいがしま
0%
西尾駅 西尾市 にしお
0%
西相知駅 唐津市 にしおうち
0%
西麻植駅 吉野川市 にしおえ
0%
西大分駅 大分市 にしおおいた
0%
西大方駅 黒潮町 にしおおがた
0%
西大崎駅 大崎市 にしおおさき
0%
西大路三条駅 京都市 にしおおじさんじょう
0%
西大手駅 伊賀市 にしおおて
0%
西荻窪駅 杉並区 にしおぎくぼ
0%
西葛西駅 江戸川区 にしかさい
0%
西鹿島駅 浜松市 にしかじま
0%
西笠田駅 かつらぎ町 にしかせだ
0%
西勝間田駅 勝央町 にしかつまだ
0%
西加積駅 滑川市 にしかづみ
0%
西可児駅 可児市 にしかに
0%
西ケ方駅 四万十市 にしがほう
0%
西辛島町停留場 熊本市 にしからしまちょう
0%
西川越駅 川越市 にしかわごえ
0%
西川原駅 岡山市 にしがわら
0%
西川緑道公園停留場 岡山市 にしがわりょくどうこうえん
0%
西観音町停留場 広島市 にしかんおんまち
0%
錦岡駅 苫小牧市 にしきおか
0%
西衣山駅 松山市 にしきぬやま
0%
二色浜駅 貝塚市 にしきのはま
0%
西岐阜駅 岐阜市 にしぎふ
0%
西国立駅 立川市 にしくにたち
0%
西熊本駅 熊本市 にしくまもと
0%
西黒崎駅 北九州市 にしくろさき
0%
西小泉駅 大泉町 にしこいずみ
0%
西小坂井駅 豊川市 にしこざかい
0%
西木場駅 松浦市 にしこば
0%
西小林駅 小林市 にしこばやし
0%
西御坊駅 御坊市 にしごぼう
0%
西御料駅 旭川市 にしごりょう
0%
西寒河江駅 寒河江市 にしさがえ
0%
西里駅 熊本市 にしさと
0%
西塩釜駅 塩竈市 にししおがま
0%
西飾磨駅 姫路市 にししかま
0%
西15丁目停留場 札幌市 にしじゅうごちょうめ
0%
西18丁目駅 札幌市 にしじゅうはっちょうめ
0%
西条駅 筑北村 にしじょう
0%
西庶路駅 白糠町 にししょろ
0%
西白井駅 白井市 にししろい
0%
西新駅 福岡市 にしじん
0%
西新宿駅 新宿区 にししんじゅく
0%
西新宿五丁目駅 新宿区 にししんじゅくごちょうめ
0%
西線9条旭山公園通停留場 札幌市 にしせんくじょうあさひやまこうえんどおり
0%
西線14条停留場 札幌市 にしせんじゅうよじょう
0%
西田井駅 真岡市 にしだい
0%
西代駅 神戸市 にしだい
0%
西太子堂駅 世田谷区 にしたいしどう
0%
西高岡駅 高岡市 にしたかおか
0%
西高屋駅 東広島市 にしたかや
0%
西滝沢駅 由利本荘市 にしたきさわ
0%
西太刀洗駅 大刀洗町 にしたちあらい
0%
西立川駅 立川市 にしたちかわ
0%
西町停留場 富山市 にしちょう
0%
二十軒駅 各務原市 にじっけん
0%
西燕駅 燕市 にしつばめ
0%
西鉄香椎駅 福岡市 にしてつかしい
0%
西鉄新宮駅 新宮町 にしてつしんぐう
0%
西鉄中島駅 柳川市 にしてつなかしま
0%
西鉄二日市駅 筑紫野市 にしてつふつかいち
0%
西鉄柳川駅 柳川市 にしてつやながわ
0%
西鉄渡瀬駅 大牟田市 にしてつわたぜ
0%
西中島南方駅 大阪市 にしなかじまみなみがた
0%
西中通駅 柏崎市 にしなかどおり
0%
西ノ京駅 奈良市 にしのきょう
0%
西登戸駅 千葉市 にしのぶと
0%
西宮駅 西宮市 にしのみや
0%
西宮北口駅 西宮市 にしのみやきたぐち
0%
西宮名塩駅 西宮市 にしのみやなじお
0%
西幡豆駅 西尾市 にしはず
0%
西畑駅 大多喜町 にしはた
0%
西羽生駅 羽生市 にしはにゅう
0%
西浜町停留場 長崎市 にしはまのまち
0%
西春駅 北名古屋市 にしはる
0%
西日野駅 四日市市 にしひの
0%
西枇杷島駅 清須市 にしびわじま
0%
西府駅 府中市 にしふ
0%
西二見駅 明石市 にしふたみ
0%
西古川駅 大崎市 にしふるかわ
0%
西分駅 芸西村 にしぶん
0%
西堀端停留場 松山市 にしほりばた
0%
西舞子駅 神戸市 にしまいこ
0%
西馬込駅 大田区 にしまごめ
0%
西松任駅 白山市 にしまっとう
0%
西松本駅 松本市 にしまつもと
0%
西瑞穂駅 旭川市 にしみずほ
0%
西元町駅 神戸市 にしもとまち
0%
西焼津駅 焼津市 にしやいづ
0%
西屋敷駅 宇佐市 にしやしき
0%
二重橋前駅 千代田区 にじゅうばしまえ
0%
二条駅 京都市 にじょう
0%
二上駅 香芝市 にじょう
0%
西吉井駅 高崎市 にしよしい
0%
西4丁目停留場 札幌市 にしよんちょうめ
0%
西若松駅 会津若松市 にしわかまつ
0%
日前宮駅 和歌山市 にちぜんぐう
0%
日南駅 日南市 にちなん
0%
日原駅 津和野町 にちはら
0%
二中通停留場 鹿児島市 にちゅうどおり
0%
日華化学前駅 福井市 にっかかがくまえ
0%
日生中央駅 猪名川町 にっせいちゅうおう
0%
日立木駅 相馬市 にったき
0%
新田野駅 いすみ市 にったの
0%
新羽駅 横浜市 にっぱ
0%
日暮里駅 荒川区 にっぽり
0%
新ノ口駅 橿原市 にのくち
0%
丹生駅 東かがわ市 にぶ
0%
日本大通り駅 横浜市 にほんおおどおり
0%
二本松駅 二本松市 にほんまつ
0%
日本ライン今渡駅 可児市 にほんらいんいまわたり
0%
仁万駅 大田市 にま
0%
仁山駅 七飯町 にやま
0%
丹生川駅 いなべ市 にゅうがわ
0%
韮山駅 伊豆の国市 にらやま
0%
二里ヶ浜駅 和歌山市 にりがはま
0%
楡原駅 富山市 にれはら
0%
二郎駅 神戸市 にろう
0%
庭瀬駅 岡山市 にわせ
0%
糠沢駅 北秋田市 ぬかざわ
0%
額住宅前駅 金沢市 ぬかじゅうたくまえ
0%
糠南駅 幌延町 ぬかなん
0%
生見駅 鹿児島市 ぬくみ
0%
抜里駅 島田市 ぬくり
0%
布市駅 富山市 ぬのいち
0%
布師田駅 高知市 ぬのしだ
0%
布原駅 新見市 ぬのはら
0%
沼田駅 沼田市 ぬまた
0%
沼ノ端駅 苫小牧市 ぬまのはた
0%
根雨駅 日野町 ねう
0%
根笠駅 岩国市 ねがさ
0%
根小屋駅 高崎市 ねごや
0%
鼠ケ関駅 鶴岡市 ねずがせき
0%
根津駅 文京区 ねづ
0%
熱郛駅 黒松内町 ねっぷ
0%
根本駅 多治見市 ねもと
0%
練馬高野台駅 練馬区 ねりまたかのだい
0%
のいち駅 香南市 のいち
0%
能生駅 糸魚川市 のう
0%
農学部前駅 三木町 のうがくぶまえ
0%
能見台駅 横浜市 のうけんだい
0%
野江内代駅 大阪市 のえうちんだい
0%
直方駅 直方市 のおがた
0%
野花南駅 芦別市 のかなん
0%
野芥駅 福岡市 のけ
0%
野里駅 姫路市 のざと
0%
野沢駅 西会津町 のざわ
0%
野尻駅 大桑村 のじり
0%
能代駅 能代市 のしろ
0%
野田生駅 八雲町 のだおい
0%
野田市駅 野田市 のだし
0%
野田城駅 新城市 のだじょう
0%
野馳駅 新見市 のち
0%
能登二宮駅 中能登町 のとにのみや
0%
野々市駅 野々市市 ののいち
0%
野蒜駅 東松島市 のびる
0%
延方駅 潮来市 のぶかた
0%
延岡駅 延岡市 のべおか
0%
野辺地駅 野辺地町 のへじ
0%
野辺山駅 南牧村 のべやま
0%
ハーモニーホール駅 福井市 はーもにーほーる
0%
早岐駅 佐世保市 はいき
0%
拝島駅 昭島市 はいじま
0%
羽犬塚駅 筑後市 はいぬづか
0%
榛原駅 宇陀市 はいばら
0%
ハウステンボス駅 佐世保市 はうすてんぼす
0%
南風崎駅 佐世保市 はえのさき
0%
芳賀町工業団地管理センター前停留場 芳賀町 はがまちこうぎょうだんちかんりせんたーまえ
0%
波川駅 いの町 はかわ
0%
萩駅 萩市 はぎ
0%
萩野駅 白老町 はぎの
0%
萩の台駅 生駒市 はぎのだい
0%
萩生駅 飯豊町 はぎゅう
0%
羽咋駅 羽咋市 はくい
0%
白山長滝駅 郡上市 はくさんながたき
0%
白島停留場 広島市 はくしま
0%
柏陽駅 北見市 はくよう
0%
白楽駅 横浜市 はくらく
0%
羽倉崎駅 泉佐野市 はぐらざき
0%
柏林台駅 帯広市 はくりんだい
0%
博労町駅 米子市 ばくろうまち
0%
馬喰町駅 中央区 ばくろちょう
0%
馬喰横山駅 中央区 ばくろよこやま
0%
半家駅 四万十市 はげ
0%
八景水谷駅 熊本市 はけのみや
0%
箱崎九大前駅 福岡市 はこざききゅうだいまえ
0%
函館アリーナ前停留場 函館市 はこだてありーなまえ
0%
函館駅前停留場 函館市 はこだてえきまえ
0%
函館どつく前停留場 函館市 はこだてどっくまえ
0%
箱作駅 阪南市 はこつくり
0%
箱根ケ崎駅 瑞穂町 はこねがさき
0%
箱根湯本駅 箱根町 はこねゆもと
0%
羽衣駅 高石市 はごろも
0%
迫川駅 岡山市 はざかわ
0%
飯山満駅 船橋市 はさま
0%
羽間駅 まんのう町 はざま
0%
羽沢横浜国大駅 横浜市 はざわよこはまこくだい
0%
波子駅 江津市 はし
0%
端岡駅 高松市 はしおか
0%
階上駅 階上町 はしかみ
0%
土師ノ里駅 藤井寺市 はじのさと
0%
羽島市役所前駅 羽島市 はしましやくしょまえ
0%
柱野駅 岩国市 はしらの
0%
蓮ケ池駅 宮崎市 はすがいけ
0%
バスセンター前駅 札幌市 ばすせんたーまえ
0%
蓮田駅 蓮田市 はすだ
0%
波瀬駅 伊万里市 はぜ
0%
長谷寺駅 桜井市 はせでら
0%
幡ヶ谷駅 渋谷区 はたがや
0%
八多喜駅 大洲市 はたき
0%
畠田駅 王寺町 はたけだ
0%
波田須駅 熊野市 はだす
0%
旗の台駅 品川区 はたのだい
0%
幡屋駅 雲南市 はたや
0%
八王子駅 八王子市 はちおうじ
0%
鉢形駅 寄居町 はちがた
0%
八戸駅 八戸市 はちのへ
0%
八幡平駅 鹿角市 はちまんたい
0%
八幡前駅 和歌山市 はちまんまえ
0%
八幡山駅 杉並区 はちまんやま
0%
廿日市市役所前(平良)駅 廿日市市 はつかいちしやくしょまえ(へら)
0%
八景島駅 横浜市 はっけいじま
0%
初島駅 有田市 はつしま
0%
八丁堀駅 中央区 はっちょうぼり
0%
服部駅 総社市 はっとり
0%
服部川駅 八尾市 はっとりがわ
0%
鳩ヶ谷駅 川口市 はとがや
0%
花白温泉駅 恵那市 はなしろおんせん
0%
花田口停留場 堺市 はなたぐち
0%
花畑町停留場 熊本市 はなばたちょう
0%
花巻空港駅 花巻市 はなまきくうこう
0%
花水坂駅 福島市 はなみずざか
0%
羽生駅 羽生市 はにゅう
0%
羽生田駅 田上町 はにゅうだ
0%
羽貫駅 伊奈町 はぬき
0%
羽田空港第3ターミナル駅 大田区 はねだくうこうだいさんたーみなる
0%
羽田空港第2ターミナル駅 大田区 はねだくうこうだいにたーみなる
0%
羽ノ浦駅 阿南市 はのうら
0%
埴生駅 山陽小野田市 はぶ
0%
浜川崎駅 川崎市 はまかわさき
0%
浜河内駅 山陽小野田市 はまごうち
0%
浜崎駅 唐津市 はまさき
0%
浜田山駅 杉並区 はまだやま
0%
浜町駅 中央区 はまちょう
0%
浜寺駅前停留場 堺市 はまでらえきまえ
0%
浜町アーケード停留場 長崎市 はまのまちあーけーど
0%
浜の宮駅 加古川市 はまのみや
0%
浜松駅 浜松市 はままつ
0%
浜吉田駅 亘理町 はまよしだ
0%
芳養駅 田辺市 はや
0%
早来駅 安平町 はやきた
0%
林駅 高岡市 はやし
0%
林崎松江海岸駅 明石市 はやしさきまつえかいがん
0%
林野駅 美作市 はやしの
0%
早戸駅 三島町 はやと
0%
隼駅 八頭町 はやぶさ
0%
羽床駅 綾川町 はゆか
0%
原駅 沼津市 はら
0%
原木駅 伊豆の国市 ばらき
0%
原宿駅 渋谷区 はらじゅく
0%
原当麻駅 相模原市 はらたいま
0%
原野駅 木曽町 はらの
0%
原谷駅 掛川市 はらのや
0%
原水駅 菊陽町 はらみず
0%
播磨駅 桑名市 はりま
0%
はりま勝原駅 姫路市 はりまかつはら
0%
播磨下里駅 加西市 はりましもさと
0%
播磨高岡駅 姫路市 はりまたかおか
0%
播磨町駅 播磨町 はりまちょう
0%
播磨横田駅 加西市 はりまよこた
0%
原田駅 筑紫野市 はるだ
0%
はるひ野駅 川崎市 はるひの
0%
原町駅 粕屋町 はるまち
0%
番田駅 相模原市 ばんだ
0%
阪東橋駅 横浜市 ばんどうばし
0%
母野駅 郡上市 はんの
0%
日宇駅 佐世保市 ひう
0%
緋牛内駅 北見市 ひうしない
0%
比延駅 西脇市 ひえ
0%
東青原駅 津和野町 ひがしあおはら
0%
東青山駅 津市 ひがしあおやま
0%
東秋留駅 あきる野市 ひがしあきる
0%
東我孫子駅 我孫子市 ひがしあびこ
0%
東池袋駅 豊島区 ひがしいけぶくろ
0%
東池袋四丁目停留場 豊島区 ひがしいけぶくろよんちょうめ
0%
東生駒駅 生駒市 ひがしいこま
0%
東石黒駅 南砺市 ひがしいしぐろ
0%
東一身田駅 津市 ひがしいしんでん
0%
東市来駅 日置市 ひがしいちき
0%
東岩瀬駅 富山市 ひがしいわせ
0%
東浦和駅 さいたま市 ひがしうらわ
0%
東大島駅 江東区 ひがしおおじま
0%
東大手駅 名古屋市 ひがしおおて
0%
東小浜駅 小浜市 ひがしおばま
0%
東開聞駅 指宿市 ひがしかいもん
0%
東加古川駅 加古川市 ひがしかこがわ
0%
東金沢駅 金沢市 ひがしかなざわ
0%
東唐津駅 唐津市 ひがしからつ
0%
東川口駅 川口市 ひがしかわぐち
0%
東岸和田駅 岸和田市 ひがしきしわだ
0%
東清川駅 木更津市 ひがしきよかわ
0%
東久根別駅 北斗市 ひがしくねべつ
0%
東久留米駅 東久留米市 ひがしくるめ
0%
東下条駅 阿賀町 ひがしげじょう
0%
東高円寺駅 杉並区 ひがしこうえんじ
0%
東郡家駅 八頭町 ひがしこおげ
0%
東粉浜停留場 大阪市 ひがしこはま
0%
東犀川三四郎駅 みやこ町 ひがしさいがわさんしろう
0%
東三条駅 三条市 ひがしさんじょう
0%
東塩釜駅 塩竈市 ひがししおがま
0%
東新川駅 宇部市 ひがししんかわ
0%
東新宿駅 新宿区 ひがししんじゅく
0%
東新湊駅 射水市 ひがししんみなと
0%
東宿毛駅 宿毛市 ひがしすくも
0%
東総社駅 総社市 ひがしそうじゃ
0%
東高崎駅 都城市 ひがしたかさき
0%
東滝川駅 滝川市 ひがしたきかわ
0%
東館駅 矢祭町 ひがしだて
0%
東田平駅 平戸市 ひがしたびら
0%
東多良木駅 多良木町 ひがしたらぎ
0%
東都筑駅 浜松市 ひがしつづき
0%
東所沢駅 所沢市 ひがしところざわ
0%
東戸塚駅 横浜市 ひがしとつか
0%
東屯田通停留場 札幌市 ひがしとんでんどおり
0%
東中神駅 昭島市 ひがしなかがみ
0%
東長崎駅 豊島区 ひがしながさき
0%
東中津駅 中津市 ひがしなかつ
0%
東成岩駅 半田市 ひがしならわ
0%
東成田駅 成田市 ひがしなりた
0%
東新潟駅 新潟市 ひがしにいがた
0%
東新津駅 新潟市 ひがしにいつ
0%
東根駅 東根市 ひがしね
0%
東野駅 恵那市 ひがしの
0%
東能代駅 能代市 ひがしのしろ
0%
東萩駅 萩市 ひがしはぎ
0%
東白楽駅 横浜市 ひがしはくらく
0%
東羽衣駅 高石市 ひがしはごろも
0%
東觜崎駅 たつの市 ひがしはしさき
0%
東幡豆駅 西尾市 ひがしはず
0%
東八町停留場 豊橋市 ひがしはっちょう
0%
東飯能駅 飯能市 ひがしはんのう
0%
東姫路駅 姫路市 ひがしひめじ
0%
東枇杷島駅 名古屋市 ひがしびわじま
0%
東福島駅 福島市 ひがしふくしま
0%
東総元駅 大多喜町 ひがしふさもと
0%
東藤島駅 福井市 ひがしふじしま
0%
東藤原駅 いなべ市 ひがしふじわら
0%
東二見駅 明石市 ひがしふたみ
0%
東府中駅 府中市 ひがしふちゅう
0%
東福生駅 福生市 ひがしふっさ
0%
東船岡駅 柴田町 ひがしふなおか
0%
東船橋駅 船橋市 ひがしふなばし
0%
東本願寺前停留場 札幌市 ひがしほんがんじまえ
0%
東松原駅 世田谷区 ひがしまつばら
0%
東水巻駅 水巻町 ひがしみずまき
0%
東三日市駅 黒部市 ひがしみっかいち
0%
東湊停留場 堺市 ひがしみなと
0%
東向日駅 向日市 ひがしむこう
0%
東室蘭駅 室蘭市 ひがしむろらん
0%
東森駅 森町 ひがしもり
0%
東山駅 生駒市 ひがしやま
0%
東山・おかでんミュージアム駅停留場 岡山市 ひがしやま・おかでんみゅーじあむえき
0%
東山北駅 山北町 ひがしやまきた
0%
東山代駅 伊万里市 ひがしやましろ
0%
東山田駅 横浜市 ひがしやまた
0%
東山梨駅 山梨市 ひがしやまなし
0%
東矢本駅 東松島市 ひがしやもと
0%
東結城駅 結城市 ひがしゆうき
0%
東淀川駅 大阪市 ひがしよどがわ
0%
光が丘駅 練馬区 ひかりがおか
0%
氷川台駅 練馬区 ひかわだい
0%
引治駅 九重町 ひきじ
0%
蟇目駅 宮古市 ひきめ
0%
ひぐち駅 筑西市 ひぐち
0%
曳馬駅 浜松市 ひくま
0%
引田駅 東かがわ市 ひけた
0%
肥後大津駅 大津町 ひごおおづ
0%
肥後高田駅 八代市 ひごこうだ
0%
肥後長浜駅 宇土市 ひごながはま
0%
肥後西村駅 錦町 ひごにしのむら
0%
肥後橋駅 大阪市 ひごばし
0%
肥後二見駅 八代市 ひごふたみ
0%
比地大駅 三豊市 ひじだい
0%
比島駅 勝山市 ひしま
0%
美章園駅 大阪市 びしょうえん
0%
日代駅 津久見市 ひしろ
0%
肥前旭駅 鳥栖市 ひぜんあさひ
0%
肥前飯田駅 鹿島市 ひぜんいいだ
0%
備前一宮駅 岡山市 びぜんいちのみや
0%
肥前大浦駅 太良町 ひぜんおおうら
0%
備前片岡駅 岡山市 びぜんかたおか
0%
肥前古賀駅 長崎市 ひぜんこが
0%
備前田井駅 玉野市 びぜんたい
0%
肥前長野駅 伊万里市 ひぜんながの
0%
肥前七浦駅 鹿島市 ひぜんななうら
0%
肥前浜駅 鹿島市 ひぜんはま
0%
備前原駅 岡山市 びぜんはら
0%
日田駅 日田市 ひた
0%
飛騨小坂駅 下呂市 ひだおさか
0%
日立駅 日立市 ひたち
0%
常陸多賀駅 日立市 ひたちたが
0%
左石駅 佐世保市 ひだりいし
0%
左堰駅 青森市 ひだりせき
0%
備中呉妹駅 倉敷市 びっちゅうくれせ
0%
備中高松駅 岡山市 びっちゅうたかまつ
0%
日出谷駅 阿賀町 ひでや
0%
一橋学園駅 小平市 ひとつばしがくえん
0%
人丸駅 長門市 ひとまる
0%
人丸前駅 明石市 ひとまるまえ
0%
人吉駅 人吉市 ひとよし
0%
人吉温泉駅 人吉市 ひとよしおんせん
0%
比奈駅 富士市 ひな
0%
日永駅 四日市市 ひなが
0%
日奈久温泉駅 八代市 ひなぐおんせん
0%
日当駅 本巣市 ひなた
0%
日当山駅 霧島市 ひなたやま
0%
日向和田駅 青梅市 ひなたわだ
0%
涸沼駅 鉾田市 ひぬま
0%
日根野駅 泉佐野市 ひねの
0%
日ノ出町駅 横浜市 ひのでちょう
0%
日登駅 雲南市 ひのぼり
0%
日御子駅 白山市 ひのみこ
0%
陽羽里駅 白山市 ひばり
0%
ひばりヶ丘駅 西東京市 ひばりがおか
0%
ひばりが丘駅 札幌市 ひばりがおか
0%
日向大束駅 串間市 ひゅうがおおつか
0%
日向北方駅 串間市 ひゅうがきたかた
0%
日向沓掛駅 宮崎市 ひゅうがくつかけ
0%
日向長井駅 延岡市 ひゅうがながい
0%
日向前田駅 都城市 ひゅうがまえだ
0%
表木山駅 霧島市 ひょうきやま
0%
瓢箪山駅 名古屋市 ひょうたんやま
0%
屏風浦駅 横浜市 びょうぶがうら
0%
日吉町駅 静岡市 ひよしちょう
0%
比良駅 大津市 ひら
0%
平石停留場 宇都宮市 ひらいし
0%
平石中央小学校前停留場 宇都宮市 ひらいしちゅうおうしょうがっこうまえ
0%
平泉駅 平泉町 ひらいずみ
0%
平岡駅 天龍村 ひらおか
0%
枚岡駅 東大阪市 ひらおか
0%
枚方公園駅 枚方市 ひらかたこうえん
0%
平岸駅 赤平市 ひらぎし
0%
平木田駅 胎内市 ひらきだ
0%
平田町駅 鈴鹿市 ひらたちょう
0%
平塚駅 平塚市 ひらつか
0%
平針駅 名古屋市 ひらばり
0%
比羅夫駅 倶知安町 ひらふ
0%
平福駅 佐用町 ひらふく
0%
平間駅 川崎市 ひらま
0%
平山駅 君津市 ひらやま
0%
平山城址公園駅 日野市 ひらやまじょうしこうえん
0%
広木駅 鹿児島市 ひろき
0%
広神戸駅 神戸町 ひろごうど
0%
広島港停留場 広島市 ひろしまこう
0%
広田駅 会津若松市 ひろた
0%
広大附属学校前停留場 広島市 ひろだいふぞくがっこうまえ
0%
広野駅 広野町 ひろの
0%
日羽駅 総社市 ひわ
0%
日和田駅 郡山市 ひわだ
0%
備後赤坂駅 福山市 びんごあかさか
0%
備後西城駅 庄原市 びんごさいじょう
0%
備後庄原駅 庄原市 びんごしょうばら
0%
備後本庄駅 福山市 びんごほんじょう
0%
備後三日市駅 庄原市 びんごみっかいち
0%
備後矢野駅 府中市 びんごやの
0%
備後八幡駅 庄原市 びんごやわた
0%
深浦駅 深浦町 ふかうら
0%
深江駅 神戸市 ふかえ
0%
深戸駅 郡上市 ふかど
0%
深堀町停留場 函館市 ふかぼりちょう
0%
吹上駅 鴻巣市 ふきあげ
0%
福井駅 福井市 ふくい
0%
福井口駅 福井市 ふくいぐち
0%
福岡駅 高岡市 ふくおか
0%
福岡空港駅 福岡市 ふくおかくうこう
0%
福神駅 大淀町 ふくがみ
0%
福島駅 福島市 ふくしま
0%
福島学院前駅 福島市 ふくしまがくいんまえ
0%
福知山駅 福知山市 ふくちやま
0%
福野駅 南砺市 ふくの
0%
福原駅 笠間市 ふくはら
0%
福吉駅 糸島市 ふくよし
0%
吹浦駅 遊佐町 ふくら
0%
袋倉駅 嬬恋村 ふくろぐら
0%
袋町停留場 広島市 ふくろまち
0%
福渡駅 岡山市 ふくわたり
0%
深日港駅 岬町 ふけこう
0%
深郷田駅 中泊町 ふこうだ
0%
房前駅 高松市 ふさざき
0%
総元駅 大多喜町 ふさもと
0%
富士駅 富士市 ふじ
0%
藤枝駅 藤枝市 ふじえだ
0%
藤崎駅 藤崎町 ふじさき
0%
藤沢本町駅 藤沢市 ふじさわほんまち
0%
藤棚駅 直方市 ふじたな
0%
藤ノ木駅 北九州市 ふじのき
0%
伏見駅 京都市 ふしみ
0%
ふじみ野駅 富士見市 ふじみの
0%
伏屋駅 名古屋市 ふしや
0%
藤生駅 岩国市 ふじゅう
0%
武州中川駅 秩父市 ぶしゅうなかがわ
0%
武州長瀬駅 毛呂山町 ぶしゅうながせ
0%
豊前松江駅 豊前市 ぶぜんしょうえ
0%
豊前善光寺駅 宇佐市 ぶぜんぜんこうじ
0%
附属中学前駅 長野市 ふぞくちゅうがくまえ
0%
普代駅 普代村 ふだい
0%
札木停留場 豊橋市 ふだぎ
0%
二ツ井駅 能代市 ふたつい
0%
二ツ杁駅 清須市 ふたついり
0%
二塚駅 高岡市 ふたつか
0%
二名駅 宇和島市 ふたな
0%
青梅駅 青梅市 ふたまたお
0%
二俣尾駅 青梅市 ふたまたお
0%
二俣新町駅 市川市 ふたまたしんまち
0%
二俣本町駅 浜松市 ふたまたほんまち
0%
渕高駅 愛西市 ふちだか
0%
府中競馬正門前駅 府中市 ふちゅうけいばせいもんまえ
0%
吹越駅 横浜町 ふっこし
0%
仏生山駅 高松市 ぶっしょうざん
0%
不動院前駅 広島市 ふどういんまえ
0%
太美駅 当別町 ふとみ
0%
太海駅 鴨川市 ふとみ
0%
舟入川口町停留場 広島市 ふないりかわぐちちょう
0%
舟入幸町停留場 広島市 ふないりさいわいちょう
0%
舟入本町停留場 広島市 ふないりほんまち
0%
舟入町停留場 広島市 ふないりまち
0%
舟入南停留場 広島市 ふないりみなみ
0%
船尾駅 田川市 ふなお
0%
文挟駅 日光市 ふばさみ
0%
古市駅 丹波篠山市 ふるいち
0%
古江駅 広島市 ふるえ
0%
古川橋駅 門真市 ふるかわばし
0%
古山駅 由仁町 ふるさん
0%
古庄駅 静岡市 ふるしょう
0%
古高松駅 高松市 ふるたかまつ
0%
古館駅 紫波町 ふるだて
0%
古津駅 新潟市 ふるつ
0%
ふれあい生力駅 福智町 ふれあいしょうりき
0%
豊後荻駅 竹田市 ぶんごおぎ
0%
豊後竹田駅 竹田市 ぶんごたけた
0%
豊後豊岡駅 日出町 ぶんごとよおか
0%
平城駅 奈良市 へいじょう
0%
平成駅 熊本市 へいせい
0%
平和台駅 練馬区 へいわだい
0%
別所温泉駅 上田市 べっしょおんせん
0%
別当賀駅 根室市 べっとが
0%
別府駅 別府市 べっぷ
0%
ベル前駅 福井市 べるまえ
0%
弁天島駅 浜松市 べんてんじま
0%
宝木駅 鳥取市 ほうぎ
0%
伯耆大山駅 米子市 ほうきだいせん
0%
方谷駅 高梁市 ほうこく
0%
宝積寺駅 高根沢町 ほうしゃくじ
0%
北条町駅 加西市 ほうじょうまち
0%
豊水すすきの駅 札幌市 ほうすいすすきの
0%
祝園駅 精華町 ほうその
0%
防府駅 防府市 ほうふ
0%
保谷駅 西東京市 ほうや
0%
ポートタウン東駅 大阪市 ぽーとたうんひがし
0%
北勢中央公園口駅 四日市市 ほくせいちゅうおうこうえんぐち
0%
北鉄金沢駅 金沢市 ほくてつかなざわ
0%
北濃駅 郡上市 ほくのう
0%
ほくほく大島駅 上越市 ほくほくおおしま
0%
母恋駅 室蘭市 ぼこい
0%
糒駅 田川市 ほしい
0%
星置駅 札幌市 ほしおき
0%
星川駅 横浜市 ほしかわ
0%
上枝駅 高山市 ほずえ
0%
細野駅 松川村 ほその
0%
細呂木駅 あわら市 ほそろぎ
0%
保田駅 鋸南町 ほた
0%
穂高駅 安曇野市 ほたか
0%
蛍茶屋停留場 長崎市 ほたるぢゃや
0%
蛍橋停留場 高知市 ほたるばし
0%
布袋駅 江南市 ほてい
0%
保原駅 伊達市 ほばら
0%
堀江駅 松山市 ほりえ
0%
堀川小泉停留場 富山市 ほりかわこいずみ
0%
堀切駅 足立区 ほりきり
0%
堀米駅 佐野市 ほりごめ
0%
堀内駅 普代村 ほりない
0%
幌延駅 幌延町 ほろのべ
0%
幌平橋駅 札幌市 ほろひらばし
0%
幌別駅 登別市 ほろべつ
0%
本諫早駅 諫早市 ほんいさはや
0%
本川町停留場 広島市 ほんかわちょう
0%
本鵠沼駅 藤沢市 ほんくげぬま
0%
本黒田駅 西脇市 ほんくろだ
0%
本郷駅 三原市 ほんごう
0%
本郷台駅 横浜市 ほんごうだい
0%
本塩釜駅 塩竈市 ほんしおがま
0%
本所吾妻橋駅 墨田区 ほんじょあづまばし
0%
本通駅 広島市 ほんどおり
0%
本町駅 大阪市 ほんまち
0%
本町四丁目停留場 松山市 ほんまちよんちょうめ
0%
本吉原駅 富士市 ほんよしわら
0%
蒔田駅 横浜市 まいた
0%
舞田駅 上田市 まいた
0%
馬出九大病院前駅 福岡市 まいだしきゅうだいびょういんまえ
0%
前川駅 長岡市 まえかわ
0%
前郷駅 由利本荘市 まえごう
0%
前平公園駅 美濃加茂市 まえひらこうえん
0%
馬替駅 金沢市 まがえ
0%
勾金駅 香春町 まがりかね
0%
巻駅 新潟市 まき
0%
牧落駅 箕面市 まきおち
0%
マキノ駅 高島市 まきの
0%
牧之郷駅 伊豆市 まきのこう
0%
馬来田駅 木更津市 まくた
0%
真倉駅 舞鶴市 まぐら
0%
枕崎駅 枕崎市 まくらざき
0%
馬込駅 大田区 まごめ
0%
馬込沢駅 船橋市 まごめざわ
0%
松前駅 松前町 まさき
0%
真申駅 佐世保市 まさる
0%
馬路駅 大田市 まじ
0%
増尾駅 柏市 ますお
0%
益生駅 桑名市 ますお
0%
真菅駅 橿原市 ますが
0%
馬田駅 朝倉市 まだ
0%
真滝駅 一関市 またき
0%
町屋駅 荒川区 まちや
0%
町屋駅前停留場 荒川区 まちやえきまえ
0%
松井田駅 安中市 まついだ
0%
松江駅 松江市 まつえ
0%
松江イングリッシュガーデン前駅 松江市 まつえいんぐりっしゅがーでんまえ
0%
松江フォーゲルパーク駅 松江市 まつえふぉーげるぱーく
0%
松尾八幡平駅 八幡平市 まつおはちまんたい
0%
松神駅 深浦町 まつかみ
0%
松川駅 福島市 まつかわ
0%
松岸駅 銚子市 まつぎし
0%
松木平駅 弘前市 まつきたい
0%
松下駅 伊勢市 まつした
0%
松島海岸駅 松島町 まつしまかいがん
0%
まつだい駅 十日町市 まつだい
0%
松塚駅 大和高田市 まつづか
0%
松戸駅 松戸市 まつど
0%
松任駅 白山市 まっとう
0%
松橋駅 宇城市 まつばせ
0%
松原湖駅 小海町 まつばらこ
0%
松飛台駅 松戸市 まつひだい
0%
松山町駅 大崎市 まつやままち
0%
的形駅 姫路市 まとがた
0%
馬流駅 小海町 まながし
0%
馬庭駅 高崎市 まにわ
0%
馬橋駅 松戸市 まばし
0%
間々田駅 小山市 ままだ
0%
真室川駅 真室川町 まむろがわ
0%
摩耶駅 神戸市 まや
0%
丸岡駅 坂井市 まるおか
0%
丸瀬布駅 遠軽町 まるせっぷ
0%
丸ノ内駅 清須市 まるのうち
0%
丸の内停留場 富山市 まるのうち
0%
丸渕駅 稲沢市 まるぶち
0%
円山公園駅 札幌市 まるやまこうえん
0%
稀府駅 伊達市 まれっぷ
0%
万ケ塚駅 都城市 まんがつか
0%
万富駅 岡山市 まんとみ
0%
万場駅 郡上市 まんば
0%
美合駅 岡崎市 みあい
0%
三井寺駅 大津市 みいでら
0%
三柿野駅 各務原市 みかきの
0%
御影駅 清水町 みかげ
0%
三日月駅 佐用町 みかづき
0%
三門駅 いすみ市 みかど
0%
美加の台駅 河内長野市 みかのだい
0%
三河大野駅 新城市 みかわおおの
0%
三河上郷駅 豊田市 みかわかみごう
0%
三河島駅 荒川区 みかわしま
0%
三河内駅 佐世保市 みかわち
0%
三河東郷駅 新城市 みかわとうごう
0%
三河槙原駅 新城市 みかわまきはら
0%
三国駅 大阪市 みくに
0%
三国が丘駅 小郡市 みくにがおか
0%
御厨駅 磐田市 みくりや
0%
御来屋駅 大山町 みくりや
0%
三ヶ山口駅 貝塚市 みけやまぐち
0%
御崎駅 室蘭市 みさき
0%
三咲駅 船橋市 みさき
0%
御崎公園駅 神戸市 みさきこうえん
0%
水窪駅 浜松市 みさくぼ
0%
御陵駅 京都市 みささぎ
0%
三郷駅 三郷市 みさと
0%
三郷中央駅 三郷市 みさとちゅうおう
0%
三島田町駅 三島市 みしまたまち
0%
水沢駅 奥州市 みずさわ
0%
水島駅 倉敷市 みずしま
0%
水尻駅 坂町 みずしり
0%
水成川駅 南九州市 みずなりかわ
0%
水野駅 瀬戸市 みずの
0%
水橋駅 富山市 みずはし
0%
瑞穂運動場東駅 名古屋市 みずほうんどうじょうひがし
0%
みずほ台駅 富士見市 みずほだい
0%
三潴駅 久留米市 みずま
0%
美薗中央公園駅 浜松市 みそのちゅうおうこうえん
0%
三鷹駅 三鷹市 みたか
0%
御嵩駅 御嵩町 みたけ
0%
御嵩口駅 御嵩町 みたけぐち
0%
美談駅 出雲市 みだみ
0%
道上駅 福山市 みちのうえ
0%
道ノ尾駅 長崎市 みちのお
0%
三ツ石駅 合志市 みついし
0%
三ヶ日駅 浜松市 みっかび
0%
三ツ境駅 横浜市 みつきょう
0%
三口駅 金沢市 みつくち
0%
三越前駅 中央区 みつこしまえ
0%
三沢駅 小郡市 みつさわ
0%
三ツ沢上町駅 横浜市 みつざわかみちょう
0%
三関駅 湯沢市 みつせき
0%
三妻駅 常総市 みつま
0%
三俣駅 前橋市 みつまた
0%
三峰口駅 秩父市 みつみねぐち
0%
水戸駅 水戸市 みと
0%
御堂駅 岩手町 みどう
0%
緑駅 清里町 みどり
0%
水鳥駅 本巣市 みどり
0%
緑井駅 広島市 みどりい
0%
緑が丘駅 旭川市 みどりがおか
0%
みどり湖駅 塩尻市 みどりこ
0%
緑町駅 小田原市 みどりちょう
0%
緑橋駅 大阪市 みどりばし
0%
美袋駅 総社市 みなぎ
0%
水口駅 甲賀市 みなくち
0%
水口石橋駅 甲賀市 みなくちいしばし
0%
水口城南駅 甲賀市 みなくちじょうなん
0%
水口松尾駅 甲賀市 みなくちまつお
0%
湊駅 堺市 みなと
0%
港区役所駅 名古屋市 みなとくやくしょ
0%
港町駅 川崎市 みなとちょう
0%
みなと元町駅 神戸市 みなともとまち
0%
港山駅 松山市 みなとやま
0%
皆野駅 皆野町 みなの
0%
南阿佐ケ谷駅 杉並区 みなみあさがや
0%
南阿蘇白川水源駅 南阿蘇村 みなみあそしらかわすいげん
0%
南阿蘇水の生まれる里白水高原駅 南阿蘇村 みなみあそみずのうまれるさとはくすいこうげん
0%
南石井駅 矢祭町 みなみいしい
0%
南石下駅 常総市 みなみいしげ
0%
南伊東駅 伊東市 みなみいとう
0%
南今庄駅 南越前町 みなみいまじょう
0%
南魚崎駅 神戸市 みなみうおざき
0%
南大分駅 大分市 みなみおおいた
0%
南太田駅 横浜市 みなみおおた
0%
南大高駅 名古屋市 みなみおおだか
0%
南大町駅 大町市 みなみおおまち
0%
南小谷駅 小谷村 みなみおたり
0%
南角田駅 角田市 みなみかくだ
0%
南柏駅 柏市 みなみかしわ
0%
南方駅 宮崎市 みなみかた
0%
南神城駅 白馬村 みなみかみしろ
0%
美並苅安駅 郡上市 みなみかりやす
0%
南区役所前停留場 広島市 みなみくやくしょまえ
0%
南公園駅 神戸市 みなみこうえん
0%
南河内駅 岩国市 みなみごうち
0%
みなみ子宝温泉駅 郡上市 みなみこだからおんせん
0%
南小松島駅 小松島市 みなみこまつしま
0%
南酒出駅 那珂市 みなみさかいで
0%
南寒河江駅 寒河江市 みなみさがえ
0%
南桜井駅 春日部市 みなみさくらい
0%
南宿駅 羽島市 みなみじゅく
0%
南新宿駅 渋谷区 みなみしんじゅく
0%
南新庄駅 新庄市 みなみしんじょう
0%
南砂町駅 江東区 みなみすなまち
0%
南瀬高駅 みやま市 みなみせたか
0%
南摂津駅 摂津市 みなみせっつ
0%
南平駅 日野市 みなみだいら
0%
南高田駅 上越市 みなみたかだ
0%
南田辺駅 大阪市 みなみたなべ
0%
南多摩駅 稲城市 みなみたま
0%
南富山駅前停留場 富山市 みなみとやまえきまえ
0%
南長井駅 長井市 みなみながい
0%
南中川駅 山陽小野田市 みなみなかがわ
0%
南永山駅 旭川市 みなみながやま
0%
南野駅 庄内町 みなみの
0%
南鳩ヶ谷駅 川口市 みなみはとがや
0%
南三原駅 南房総市 みなみはら
0%
南堀端停留場 松山市 みなみほりばた
0%
南幌延駅 幌延町 みなみほろのべ
0%
南万騎が原駅 横浜市 みなみまきがはら
0%
皆実町二丁目停留場 広島市 みなみまちにちょうめ
0%
皆実町六丁目停留場 広島市 みなみまちろくちょうめ
0%
南森町駅 大阪市 みなみもりまち
0%
南守谷駅 守谷市 みなみもりや
0%
南由布駅 由布市 みなみゆふ
0%
南吉田駅 燕市 みなみよしだ
0%
南米沢駅 米沢市 みなみよねざわ
0%
みなみ寄居駅 寄居町 みなみよりい
0%
南若松駅 会津若松市 みなみわかまつ
0%
峰停留場 宇都宮市 みね
0%
峰延駅 美唄市 みねのぶ
0%
峰吉川駅 大仙市 みねよしかわ
0%
美濃赤坂駅 大垣市 みのあかさか
0%
箕面駅 箕面市 みのお
0%
箕面萱野駅 箕面市 みのおかやの
0%
箕面船場阪大前駅 箕面市 みのおせんばはんだいまえ
0%
美濃川合駅 美濃加茂市 みのかわい
0%
美濃市駅 美濃市 みのし
0%
箕島駅 有田市 みのしま
0%
美濃高田駅 養老町 みのたかだ
0%
箕谷駅 神戸市 みのたに
0%
美乃浜学園駅 ひたちなか市 みのはまがくえん
0%
見能林駅 阿南市 みのばやし
0%
美濃青柳駅 大垣市 みのやなぎ
0%
みのり台駅 松戸市 みのりだい
0%
三ノ輪駅 台東区 みのわ
0%
見晴台駅 南阿蘇村 みはらしだい
0%
三春駅 三春町 みはる
0%
壬生駅 壬生町 みぶ
0%
三保三隅駅 浜田市 みほみすみ
0%
三間坂駅 武雄市 みまさか
0%
美作江見駅 美作市 みまさかえみ
0%
美作河井駅 津山市 みまさかかわい
0%
美作滝尾駅 津山市 みまさかたきお
0%
美作土居駅 美作市 みまさかどい
0%
耳成駅 橿原市 みみなし
0%
三室戸駅 宇治市 みむろど
0%
実籾駅 習志野市 みもみ
0%
宮内串戸駅 廿日市市 みやうちくしど
0%
宮ケ浜駅 指宿市 みやがはま
0%
宮川駅 伊勢市 みやがわ
0%
宮木駅 辰野町 みやき
0%
宮城野通駅 仙台市 みやぎのどおり
0%
三宅八幡駅 京都市 みやけはちまん
0%
美夜古泉駅 行橋市 みやこいずみ
0%
都通停留場 鹿児島市 みやこどおり
0%
都城駅 都城市 みやこのじょう
0%
宮崎駅 宮崎市 みやざき
0%
宮崎台駅 川崎市 みやざきだい
0%
宮田町停留場 松山市 みやたちょう
0%
宮ノ下駅 箱根町 みやのした
0%
美山駅 福井市 みやま
0%
宮前駅 和歌山市 みやまえ
0%
三山木駅 京田辺市 みやまき
0%
宮村駅 宮津市 みやむら
0%
宮本武蔵駅 美作市 みやもとむさし
0%
宮守駅 遠野市 みやもり
0%
宮山駅 寒川町 みややま
0%
御幸辻駅 橋本市 みゆきつじ
0%
御幸橋停留場 広島市 みゆきばし
0%
明覚駅 ときがわ町 みょうかく
0%
明見橋停留場 高知市 みょうけんばし
0%
妙興寺駅 一宮市 みょうこうじ
0%
妙心寺駅 京都市 みょうしんじ
0%
名谷駅 神戸市 みょうだに
0%
三次駅 三次市 みよし
0%
御代志駅 合志市 みよし
0%
御代田駅 御代田町 みよた
0%
三良坂駅 三次市 みらさか
0%
三輪崎駅 新宮市 みわさき*
0%
三厩駅 外ヶ浜町 みんまや
0%
向河原駅 川崎市 むかいがわら
0%
向瀬上駅 福島市 むかいせのうえ
0%
向市場駅 浜松市 むかいちば
0%
向原停留場 豊島区 むかいはら
0%
向山駅 おいらせ町 むかいやま
0%
鵡川駅 むかわ町 むかわ
0%
椋野駅 岩国市 むくの
0%
向ヶ丘遊園駅 川崎市 むこうがおかゆうえん
0%
向日町駅 向日市 むこうまち
0%
武庫川駅 西宮市 むこがわ
0%
武庫川団地前駅 西宮市 むこがわだんちまえ
0%
武庫之荘駅 尼崎市 むこのそう
0%
武佐駅 釧路市 むさ
0%
武蔵五日市駅 あきる野市 むさしいつかいち
0%
武蔵小山駅 品川区 むさしこやま
0%
武蔵境駅 武蔵野市 むさしさかい
0%
武蔵新城駅 川崎市 むさししんじょう
0%
武蔵砂川駅 立川市 むさしすながわ
0%
武蔵関駅 練馬区 むさしせき
0%
武蔵塚駅 熊本市 むさしづか
0%
武蔵野台駅 府中市 むさしのだい
0%
武蔵引田駅 あきる野市 むさしひきだ
0%
六十谷駅 和歌山市 むそた
0%
六田駅 大淀町 むだ
0%
六会日大前駅 藤沢市 むつあいにちだいまえ
0%
陸奥市川駅 八戸市 むついちかわ
0%
陸奥森田駅 つがる市 むつもりた
0%
陸奥柳田駅 深浦町 むつやなぎた
0%
務田駅 宇和島市 むでん
0%
村上駅 村上市 むらかみ
0%
紫駅 筑紫野市 むらさき
0%
村野駅 枚方市 むらの
0%
牟礼駅 飯綱町 むれ
0%
室見駅 福岡市 むろみ
0%
室蘭駅 室蘭市 むろらん
0%
名城公園駅 名古屋市 めいじょうこうえん
0%
名鉄岐阜駅 岐阜市 めいてつぎふ
0%
名鉄名古屋駅 名古屋市 めいてつなごや
0%
名電各務原駅 各務原市 めいでんかかみがはら
0%
めがね橋停留場 長崎市 めがねばし
0%
目黒駅 品川区 めぐろ
0%
めじろ台駅 八王子市 めじろだい
0%
売布神社駅 宝塚市 めふじんじゃ
0%
舞木駅 郡山市 もうぎ
0%
最上駅 最上町 もがみ
0%
茂吉記念館前駅 上山市 もきちきねんかんまえ
0%
百草園駅 日野市 もぐさえん
0%
藻琴駅 網走市 もこと
0%
用瀬駅 鳥取市 もちがせ
0%
持田駅 行田市 もちだ
0%
餅原駅 三股町 もちばる
0%
元山上口駅 平群町 もとさんじょうぐち
0%
本宿駅 岡崎市 もとじゅく
0%
元善光寺駅 飯田市 もとぜんこうじ
0%
元町・中華街駅 横浜市 もとまち・ちゅうかがい
0%
本輪西駅 室蘭市 もとわにし
0%
茂辺地駅 北斗市 もへじ
0%
桃谷駅 大阪市 ももだに
0%
桃川駅 伊万里市 もものかわ
0%
桃山御陵前駅 京都市 ももやまごりょうまえ
0%
桃山南口駅 京都市 ももやまみなみぐち
0%
森駅 森町 もり
0%
森上駅 稲沢市 もりかみ
0%
守口市駅 守口市 もりぐちし
0%
森下駅 名古屋市 もりした
0%
森小路駅 大阪市 もりしょうじ
0%
杜せきのした駅 名取市 もりせきのした
0%
守恒駅 北九州市 もりつね
0%
森町病院前駅 森町 もりまちびょういんまえ
0%
森本駅 金沢市 もりもと
0%
森山駅 諫早市 もりやま
0%
モレラ岐阜駅 本巣市 もれらぎふ
0%
毛呂駅 毛呂山町 もろ
0%
諸寄駅 新温泉町 もろよせ
0%
門田駅 会津若松市 もんでん
0%
焼津駅 焼津市 やいづ
0%
八戸ノ里駅 東大阪市 やえのさと
0%
八家駅 姫路市 やか
0%
矢掛駅 矢掛町 やかげ
0%
矢加部駅 柳川市 やかべ
0%
八川駅 奥出雲町 やかわ
0%
谷河原駅 常陸太田市 やがわら
0%
八木駅 南丹市 やぎ
0%
八木崎駅 春日部市 やぎさき
0%
八木沢駅 上田市 やぎさわ
0%
八木沢・宮古短大駅 宮古市 やぎさわ・みやこたんだい
0%
八木西口駅 橿原市 やぎにしぐち
0%
矢切駅 松戸市 やぎり
0%
薬院駅 福岡市 やくいん
0%
薬師堂駅 由利本荘市 やくしどう
0%
矢口渡駅 大田区 やぐちのわたし
0%
矢倉駅 東吾妻町 やぐら
0%
八栗口駅 高松市 やくりぐち
0%
八栗新道駅 高松市 やくりしんみち
0%
焼石駅 下呂市 やけいし
0%
弥五島駅 下郷町 やごしま
0%
八事日赤駅 名古屋市 やごとにっせき
0%
谷在家駅 足立区 やざいけ
0%
八坂駅 東村山市 やさか
0%
八潮駅 八潮市 やしお
0%
屋島駅 高松市 やしま
0%
野州山辺駅 足利市 やしゅうやまべ
0%
屋代駅 千曲市 やしろ
0%
社町駅 加東市 やしろちょう
0%
安来駅 安来市 やすぎ
0%
八頭高校前駅 八頭町 やずこうこうまえ
0%
安武駅 久留米市 やすたけ
0%
安塚駅 壬生町 やすづか
0%
安野屋停留場 富山市 やすのや
0%
八瀬比叡山口駅 京都市 やせひえいざんぐち
0%
八十場駅 坂出市 やそば
0%
矢田駅 名古屋市 やだ
0%
八千代中央駅 八千代市 やちよちゅうおう
0%
八千代緑が丘駅 八千代市 やちよみどりがおか
0%
八ツ島駅 福井市 やつしま
0%
八積駅 長生村 やつみ
0%
弥富駅 弥富市 やとみ
0%
梁瀬駅 朝来市 やなせ
0%
簗場駅 大町市 やなば
0%
矢野駅 広島市 やの
0%
矢野口駅 稲城市 やのくち
0%
八柱駅 松戸市 やばしら
0%
八橋駅 琴浦町 やばせ
0%
弥彦駅 弥彦村 やひこ
0%
養父駅 養父市 やぶ
0%
藪神駅 魚沼市 やぶかみ
0%
藪原駅 木祖村 やぶはら
0%
山岡駅 恵那市 やまおか
0%
山方宿駅 常陸大宮市 やまがたじゅく
0%
山河内駅 美波町 やまがわち
0%
山岸駅 盛岡市 やまぎし
0%
山隈駅 筑前町 やまぐま
0%
山越駅 八雲町 やまこし
0%
山下駅 山元町 やました
0%
山城多賀駅 井手町 やましろたが
0%
山田駅 八王子市 やまだ
0%
山田上口駅 伊勢市 やまだかみぐち
0%
山谷駅 有田町 やまだに
0%
山田西町駅 香美市 やまだにしまち
0%
矢祭山駅 矢祭町 やまつりやま
0%
山手駅 横浜市 やまて
0%
山寺駅 山形市 やまでら
0%
大和朝倉駅 桜井市 やまとあさくら
0%
大和上市駅 吉野町 やまとかみいち
0%
大和西大寺駅 奈良市 やまとさいだいじ
0%
大和高田駅 大和高田市 やまとたかだ
0%
山の田駅 佐世保市 やまのた
0%
山ノ目駅 一関市 やまのめ
0%
山鼻19条停留場 札幌市 やまはなじゅうくじょう
0%
谷村町駅 都留市 やむらまち
0%
弥生駅 倉敷市 やよい
0%
ゆいの杜西停留場 宇都宮市 ゆいのもりにし
0%
ゆいの杜東停留場 宇都宮市 ゆいのもりひがし
0%
由宇駅 岩国市 ゆう
0%
結城駅 結城市 ゆうき
0%
結崎駅 川西町 ゆうざき
0%
勇知駅 稚内市 ゆうち
0%
祐天寺駅 目黒区 ゆうてんじ
0%
有備館駅 大崎市 ゆうびかん
0%
有楽町駅 千代田区 ゆうらくちょう
0%
行波駅 岩国市 ゆかば
0%
湯河原駅 湯河原町 ゆがわら
0%
油木駅 庄原市 ゆき
0%
弓削駅 久米南町 ゆげ
0%
湯島駅 文京区 ゆしま
0%
油須原駅 赤村 ゆすばる
0%
湯田温泉駅 山口市 ゆだおんせん
0%
湯田村駅 福山市 ゆだむら
0%
湯西川温泉駅 日光市 ゆにしがわおんせん
0%
湯野駅 福山市 ゆの
0%
湯浦駅 芦北町 ゆのうら
0%
湯尾駅 南越前町 ゆのお
0%
湯野上温泉駅 下郷町 ゆのかみおんせん
0%
湯の川停留場 函館市 ゆのかわ
0%
温泉津駅 大田市 ゆのつ
0%
湯平駅 由布市 ゆのひら
0%
湯檜曽駅 みなかみ町 ゆびそ
0%
弓ケ浜駅 米子市 ゆみがはま
0%
由良駅 北栄町 ゆら
0%
八鹿駅 養父市 ようか
0%
遙堪駅 出雲市 ようかん
0%
余戸駅 松山市 ようご
0%
暘谷駅 日出町 ようこく
0%
陽東3丁目停留場 宇都宮市 ようとうさんちょうめ
0%
養老渓谷駅 市原市 ようろうけいこく
0%
横磯駅 深浦町 よこいそ
0%
横尾駅 福山市 よこお
0%
横川駅 安中市 よこかわ
0%
横川一丁目停留場 広島市 よこがわいっちょうめ
0%
横川駅停留場 広島市 よこがわえき
0%
横倉駅 栄村 よこくら
0%
横田駅 袖ケ浦市 よこた
0%
横堤駅 大阪市 よこづつみ
0%
横浜駅 横浜市 よこはま
0%
横間駅 八幡平市 よこま
0%
横山駅 かほく市 よこやま
0%
与謝野駅 与謝野町 よさの
0%
葭池温泉前駅 富士吉田市 よしいけおんせんまえ
0%
よしかわ駅 香南市 よしかわ
0%
葭川公園駅 千葉市 よしかわこうえん
0%
吉田駅 燕市 よしだ
0%
吉田口駅 安芸高田市 よしだぐち
0%
吉塚駅 福岡市 よしづか
0%
吉富駅 南丹市 よしとみ
0%
吉成駅 徳島市 よしなり
0%
吉野ケ里公園駅 吉野ヶ里町 よしのがりこうえん
0%
吉野神宮駅 吉野町 よしのじんぐう
0%
吉野町駅 横浜市 よしのちょう
0%
吉野生駅 松野町 よしのぶ
0%
吉浜駅 高浜市 よしはま
0%
吉久停留場 高岡市 よしひさ
0%
吉原駅 富士市 よしわら
0%
四ツ小屋駅 秋田市 よつごや
0%
四辻駅 山口市 よつつじ
0%
四ツ谷駅 新宿区 よつや
0%
四谷三丁目駅 新宿区 よつやさんちょうめ
0%
淀江駅 米子市 よどえ
0%
淀屋橋駅 大阪市 よどやばし
0%
米内沢駅 北秋田市 よないざわ
0%
米子空港駅 境港市 よなごくうこう
0%
米川駅 岩国市 よねかわ
0%
米島口停留場 高岡市 よねじまぐち
0%
米津駅 西尾市 よねづ
0%
与野駅 さいたま市 よの
0%
夜ノ森駅 富岡町 よのもり
0%
呼人駅 網走市 よびと
0%
夜間瀬駅 山ノ内町 よませ
0%
読売ランド前駅 川崎市 よみうりらんどまえ
0%
蓬田駅 蓬田村 よもぎた
0%
代々木八幡駅 渋谷区 よよぎはちまん
0%
寄居駅 寄居町 よりい
0%
来迎寺駅 長岡市 らいこうじ
0%
礼拝駅 柏崎市 らいはい
0%
嵐電嵯峨駅 京都市 らんでんさが
0%
陸前赤井駅 東松島市 りくぜんあかい
0%
陸前赤崎駅 大船渡市 りくぜんあかさき
0%
陸前白沢駅 仙台市 りくぜんしらさわ
0%
陸前浜田駅 利府町 りくぜんはまだ
0%
陸前山下駅 石巻市 りくぜんやました
0%
陸中大里駅 鹿角市 りくちゅうおおさと
0%
陸中折居駅 奥州市 りくちゅうおりい
0%
陸中川井駅 宮古市 りくちゅうかわい
0%
陸中門崎駅 一関市 りくちゅうかんざき
0%
陸中中野駅 洋野町 りくちゅうなかの
0%
陸中夏井駅 久慈市 りくちゅうなつい
0%
栗林公園駅 高松市 りつりんこうえん
0%
栗林公園北口駅 高松市 りつりんこうえんきたぐち
0%
竜王駅 甲斐市 りゅうおう
0%
龍ケ崎市駅 龍ケ崎市 りゅうがさきし
0%
竜ケ水駅 鹿児島市 りゅうがみず
0%
龍谷大前深草駅 京都市 りゅうこくだいまえふかくさ
0%
龍谷富山高校前(永楽町)停留場 富山市 りゅうこくとやまこうこうまえ(えいらくちょう)
0%
領石通停留場 高知市 りょうせきどおり
0%
りんくう常滑駅 常滑市 りんくうとこなめ
0%
梨郷駅 南陽市 りんごう
0%
霊丘公園体育館駅 島原市 れいきゅうこうえんたいいくかん
0%
令和コスタ行橋駅 行橋市 れいわこすたゆくはし
0%
礼文駅 豊浦町 れぶん
0%
蓮花寺駅 桑名市 れんげじ
0%
六反地駅 四万十町 ろくたんじ
0%
六渡寺駅 射水市 ろくどうじ
0%
六万寺駅 高松市 ろくまんじ
0%
六輪駅 稲沢市 ろくわ
0%
六軒駅 松阪市 ろっけん
0%
六甲道駅 神戸市 ろっこうみち
0%
六本木駅 港区 ろっぽんぎ
0%
YRP野比駅 横須賀市 わいあーるぴーのび
0%
若江岩田駅 東大阪市 わかえいわた
0%
若葉駅 坂戸市 わかば
0%
若葉台駅 川崎市 わかばだい
0%
和歌山市駅 和歌山市 わかやまし
0%
掖上駅 御所市 わきがみ
0%
脇本駅 男鹿市 わきもと
0%
鷲津駅 湖西市 わしづ
0%
鷲宮駅 久喜市 わしのみや
0%
鷲別駅 登別市 わしべつ
0%
和白駅 福岡市 わじろ
0%
早稲田駅 新宿区 わせだ
0%
和多田駅 唐津市 わただ
0%
和田塚駅 鎌倉市 わだづか
0%
渡波駅 石巻市 わたのは
0%
和田町駅 横浜市 わだまち
0%
和田山駅 朝来市 わだやま
0%
亘理駅 亘理町 わたり
0%
和渕駅 石巻市 わぶち
0%
割出駅 金沢市 わりだし
0%
No matching quizzes found
Score Distribution
Percent of People with Each Score
Percentile by Number Answered
Your Score History
You have not taken this quiz